{"text_format":"3","workbook":"xlsx","n_sheets":116,"sheets":["SUMMARY","SCHED 1A-1_ANDM","SCHED 1A-2_ANDM","SCHED 1A-3_ANDM","SCHEDULE 2A-BOQ","SCHEDULE 3A-1_ANDM","SCHEDULE 3A-2_ANDM","SCHEDULE 4","WORK ORDERS  01 LAETITIA BAM CH","JOSE PEARSON TB HOSPITAL (02)","NEW BRIGHTON MORTUARY (03)","DORA NGIZA HOSPITAL (04)","LAETITIA BAM CHC (05)","MOTHERWELL CHC (06)","MOTHERWEL CHC (07)","ORSMOND TB HOSPITAL (08)","JOSE PEARSON TB HOSPITAL (09)","LIVINGSTONE HOSPITAL (10)","LAETITIA BAM CHC (11)","WEST END (12)","PORT ELIZABETH PRO.(13)","DORA NGIZA HOSP (14)","ORSMOND TB HOSP (15)","MOUNT RD MORT. (16)","PARMACEUTICA DEP (17)","DORA NGIZA HOSP (18)","DORA NGIZA (19)","LIVINGSTONE HOSPITAL (20)","PE PROV. HOSPITAL (21)","GQEBERA CHC (22)","PORT EZIABERTH MEDIC DEPOT(23)","LIVINGSTONE HOSPITAL (24)","MOTHERWELL CHC (25)","LIVINGSTONE HOSPITAL (26)","GQEBERA CHC (27)","DORA NGINZA HOSPITAL (28)","ELIZABETH DOKIN HOSP(29)","PORT ELIZABETH PROV (30)","MOUNTROAD MORTUARY (31)","UITENHAGE PRO.HOSPITAL (32)","JOSE PEARSON TB HSPITAL (33)","LAETITA BAM CHC (34)","MOTHEWELL CHC (35)","LAETITA BAM CHC (36)","PE PROV. (37)","ORSMOND TB HOSP. (38)","Gqebera CHC (39)","Dora Ngiza (40)","PE Pronvincial Hospital (41)","Motherwell CHC (42)","Westend Clinic (43)","Dora Ngiza (44)","Elizabeth Hospital (45)","Jose Pearson (46)","Livingstone Hospital (47)","PE Pro. Hosp (48)","Elizabeth Donken hosp.(49)","Dora Ngiza (50)","Dora Ngiza (51)","West End (52)","Elizabeth Hospital (53)","Orsmond TB Hosp.(54)","Port Elizabeth (55)","Livingston Hosp (56)","New Brighton M.(57)","West End (58)","Dora Ngiza chc (59)","New Brighston (60)","Jose Pearson TB Hosp (61)","Jose Pearson TB Hosp (62)","Livingstone Hosp (63)","Jose Pearson TB Hosp (64)","Motherwell chc (65)","Dora Ngiza (66)","Orsmond TB Hosp (66)","Dora Ngiza Hosp (67)","Uitenhage Forensic (68)","Dora Ngiza Hospital (70)","Jose Pearson Sant (71)","Gqebera chc (72)","Dora Ngiza Hospital (73)","Jose Pearson Sant (74)","Livingston Hospital (75)","Leticia Bam Hospital (76)","Unitenhage Pro (69)","Gqebera chc (77)","PE Prov (78)","Linvingston (79)","Dora Ngiza (80)","Dora Ngiza (81)","Galvendale Foresic (83)","Struandale Depot (84)","PE Prov (85)","West End (86)","Livingston Hospital (87)","Dora Ngiza (88)","Mt Road (82)","West End (89)","Walton Conyng (90)","Uitenhage Hospital  (91)","Jose Pearson Hospital (92)","Motherwell Hospital (93)","West End chc (94)","Qoutation ","Jose Pearson Hospital (95)","Qoutation Jose Pearson","Jose Pearson","Dora Ngiza (96)","Uitenhage Pro (97)","Jose Pearson (98)","Dora Ngiza (99)","Gqebera chc (100)","Jose Pearson (101)","Dora Ngiza (102)","PE PRO. (103)","West End (104)"],"not_rendered":{"images":1,"external_links":2,"defined_names":34,"comments":1},"read":"whole","date_system":"1900"}

{"sheet":"SUMMARY","index":0,"n_rows":27,"n_cols":6,"rows_kept":27,"merged":[[5,1,5,2],[5,3,5,5],[6,1,6,4],[7,2,7,4],[22,2,22,4],[24,1,24,4],[25,1,25,4],[26,1,26,4]]}
[]
[null,"ECDOH GENERAL ELECTRICAL LV MAINTENANCE AND REPAIR CONTRACT "]
[]
[null,"CONTRACT REF. NO:",null,null,"Cluster/District:","ALFRED NZO DM"]
[]
[null,{"$f":"'SCHED 1A-1_ANDM'!B4","v":"ASSET TYPE:"},null,{"$f":"'SCHED 1A-1_ANDM'!D4","v":"LV INSTALLATIONS"}]
[]
[null,"SCHEDULE NUMBER","DESCRIPTION",null,null,"TENDER AMOUNT"]
[]
[null,"1A-1","ALFRED NZO DM","FUNCTIONAL REPAIR SCHEDULE "]
[]
[null,"1A-2","ALFRED NZO DM","FUNCTIONAL REPAIR SCHEDULE  (SPECIALIST EQUIPMENT)"]
[]
[null,"1A-3","ALFRED NZO DM","FUNCTIONAL REPAIR SCHEDULE  (SPECIALIST EQUIPMENT)"]
[]
[null,"2","SCHEDULE OF RATES"]
[]
[null,"3A-1","ALFRED NZO DM","MAINTENANCE SERVICE SCHEDULE"]
[]
[null,"3A-2","ALFRED NZO DM","MAINTENANCE SERVICE SCHEDULE (SPECIALIST EQUIPMENT)"]
[]
[null,4,"TERM REPAIRS SUBJECT TO APPROVAL OF QUOTATION OF THE WORKS "]
[]
[]
[null,"SUBTOTAL AMOUNT OF WORKS (EXCL VAT)"]
[null,"ALLOWANCE FOR VAT AT 15.0%"]
[null,"TOTAL AMOUNT OF WORKS (INCL VAT) - ENTER THIS AMOUNT TO FORM OF OFFER"]

{"sheet":"SCHED 1A-1_ANDM","index":1,"n_rows":123,"n_cols":8,"rows_kept":123,"merged":[[2,4,2,5]]}
[]
[null,{"$f":"SUMMARY!B2","v":"ECDOH GENERAL ELECTRICAL LV MAINTENANCE AND REPAIR CONTRACT "}]
[null,"CONTRACT REF. NO:",null,null,"Cluster/District:",null,"ALFRED NZO DM"]
[null,"ASSET TYPE:",null,"LV INSTALLATIONS"]
[]
[null,"SCHEDULE 1A-1: ",null,"FUNCTIONAL REPAIR SCHEDULE "]
[]
[null,"ITEM Nr.","PAYMENT REFERS","DESCRIPTION","UNIT","QTY","RATE","AMOUNT"]
[null,"1A-1",null,"FUNCTIONAL CONDITION ASSESSMENT : Perform Functional Condition Assessment (Inspection and Testing) all buildings within the listed Health Facilities included in the Tender"]
[{"$nulls":3},"COMPILE FUNCTIONAL CONDITION ASSESSMENT REPORT: Compile Functional Condition Assessment Report including quotation to repair each Health Facilities included in the Tender to enable issuing of Certificate of Compliance."]
[{"$nulls":3},"Rate shall include for all costs to complete task; such as labour, travelling, accommodation, subsistence allowance, etc."]
[null,"1A-1.1",null,"Greenville Hospital","Item",1]
[null,"1A-1.2",null,"Khotsong TB Hospital","Item",1]
[null,"1A-1.3",null,"Tayler Bequest Hospital (Matatiele)","Item",1]
[null,"1A-1.4",null,"Madzikane kaZulu Memorial Hospital","Item",1]
[null,"1A-1.5",null,"Mount Ayliff Hospital","Item",1]
[null,"1A-1.6",null,"Sipetu Hospital","Item",1]
[null,"1A-1.7",null,"St Patrick's Hospital","Item",1]
[null,"1A-1.8",null,"Community Health Care Centres"]
[null,"1A-1.9",null,"ec Maluti CHC","Hrs",1]
[null,"1A-1.10",null,"ec Tabankulu CHC","Item",1]
[null,"1A-1.11",null,"CLINICS: Maluti Health sub-District"]
[null,"1A-1.12",null,"ec Afsondering Clinic","Item",1]
[null,"1A-1.13",null,"ec Elukholweni Clinic","Item",1]
[null,"1A-1.14",null,"ec Isilindini Clinic","Item",1]
[null,"1A-1.15",null,"ec Likhetlane Clinic","Item",1]
[null,"1A-1.16",null,"ec Madlangala Clinic","Item",1]
[null,"1A-1.17",null,"ec Magadla Clinic","Item",1]
[null,"1A-1.18",null,"ec Matatiele Community Clinic","Item",1]
[null,"1A-1.19",null,"ec Mount Hargreaves Clinic","Item",1]
[null,"1A-1.20",null,"ec Mpharane Clinic","Item",1]
[null,"1A-1.21",null,"ec Mvenyane Clinic","Item",1]
[null,"1A-1.22",null,"ec Mzongwana Clinic","Item",1]
[null,"1A-1.23",null,"ec Ntlola Clinic","Item",1]
[null,"1A-1.24",null,"ec Nyaniso Clinic","Item",1]
[null,"1A-1.25",null,"ec Paballong Clinic","Item",1]
[null,"1A-1.26",null,"ec Queen's Mercy Clinic","Item",1]
[null,"1A-1.27",null,"ec Rolweni Clinic","Item",1]
[null,"1A-1.28",null,"ec Shepherds Hope Clinic","Item",1]
[null,"1A-1.29",null,"ec Thabachicha Clinic","Item",1]
[null,"1A-1.30",null,"ec Umtumase Clinic","Item",1]
[null,"1A-1.31",null,"CLINICS: Umzimvubu Health sub-District"]
[null,"1A-1.32",null,"ec Amadiba Clinic","Item",1]
[null,"1A-1.33",null,"ec Amandengane Clinic","Item",1]
[null,"1A-1.34",null,"ec Amantshangase Clinic","Item",1]
[null,"1A-1.35",null,"ec Baleni Clinic","Item",1]
[null,"1A-1.36",null,"ec Cancele Clinic","Item",1]
[null,"1A-1.37",null,"ec Daliwonga Clinic","Item",1]
[null,"1A-1.38",null,"ec Dundee Clinic","Item",1]
[null,"1A-1.39",null,"ec Dungu Clinic","Item",1]
[null,"1A-1.40",null,"ec Greenville Gateway Clinic","Item",1]
[null,"1A-1.41",null,"ec Hlamandana Clinic","Item",1]
[null,"1A-1.42",null,"ec Imizizi Clinic","Item",1]
[null,"1A-1.43",null,"ec Isikelo Clinic","Item",1]
[null,"1A-1.44",null,"ec Kanyayo (Bizana) Clinic","Item",1]
[null,"1A-1.45",null,"ec Lubaleko Clinic","Item",1]
[null,"1A-1.46",null,"ec Lugangeni Clinic","Item",1]
[null,"1A-1.47",null,"ec Luyengweni Clinic","Item",1]
[null,"1A-1.48",null,"ec Machibini Clinic (Kwabhaca)","Item",1]
[null,"1A-1.49",null,"ec Makwantini Clinic","Item",1]
[null,"1A-1.50",null,"ec Malongwana Clinic","Item",1]
[null,"1A-1.51",null,"ec Mangqamzeni Clinic","Item",1]
[null,"1A-1.52",null,"ec Mapheleni Clinic","Item",1]
[null,"1A-1.53",null,"ec Matubeni Clinic","Item",1]
[null,"1A-1.54",null,"ec Meje Clinic","Item",1]
[null,"1A-1.55",null,"ec Mfundambini Clinic","Item",1]
[null,"1A-1.56",null,"ec Mfundisweni Clinic","Item",1]
[null,"1A-1.57",null,"ec Mhlotsheni Clinic","Item",1]
[null,"1A-1.58",null,"ec Mkemane Clinic","Item",1]
[null,"1A-1.59",null,"ec Mnceba Clinic","Item",1]
[null,"1A-1.60",null,"ec Mngungu Clinic","Item",1]
[null,"1A-1.61",null,"ec Mntwana Clinic","Item",1]
[null,"1A-1.62",null,"ec Mount Ayliff Gateway Clinic","Item",1]
[null,"1A-1.63",null,"ec Mount Frere Gateway Clinic","Item",1]
[null,"1A-1.64",null,"ec Mpetsheni Clinic","Item",1]
[null,"1A-1.65",null,"ec Mpoza Clinic (Mount Frere)","Item",1]
[null,"1A-1.66",null,"ec Mwaca Clinic","Item",1]
[null,"1A-1.67",null,"ec Ndawenzima Clinic","Item",1]
[null,"1A-1.68",null,"ec Ndela Clinic","Item",1]
[null,"1A-1.69",null,"ec Ntlabeni Clinic","Item",1]
[null,"1A-1.70",null,"ec Ntlenzi Clinic","Item",1]
[null,"1A-1.71",null,"ec Ntshentshe Clinic","Item",1]
[null,"1A-1.72",null,"ec Ntsizwa Clinic","Item",1]
[null,"1A-1.73",null,"ec Qaqa Clinic","Item",1]
[null,"1A-1.74",null,"ec Qasa Clinic","Item",1]
[null,"1A-1.75",null,"ec Qobo Clinic","Item",1]
[null,"1A-1.76",null,"ec Qwidlana Clinic","Item",1]
[null,"1A-1.77",null,"ec Rode Clinic","Item",1]
[null,"1A-1.78",null,"ec Sigidi Clinic","Item",1]
[null,"1A-1.79",null,"ec Sipetu Gateway Clinic","Item",1]
[null,"1A-1.80",null,"ec St Patrick's Gateway Clinic","Item",1]
[null,"1A-1.81",null,"ec Tela Clinic","Item",1]
[null,"1A-1.82",null,"ec Tsawana Clinic","Item",1]
[null,"1A-1.83",null,"ec Tshungwana Clinic","Item",1]
[null,"1A-1.84",null,"ec Zulu Clinic","Item",1]
[null,"1A-1.85",null,"ec Sebeni Clinic","Item",1]
[]
[]
[null,"1A-2.2",null,"OCCUPATIONAL HEALTH AND SAFETY ACT COMPLIANCE COST : The Contractor must comply to the project Health and Safety Specification specific to the type of work that he will be performing on site as per C3.2","Month",36]
[null,"1A-2.3",null,"INSURANCE : LIMITATION OF LIABILITY (Amounts applicable for whole Contract)"]
[null,"1A-2.3.1",null,"The minimum amount of cover for insurance against loss and damage caused by the Contractor to the Employer’s property liability limit of R5 000 000 to cover requirements of Clause 83.1 in Contract Data","Month",36]
[null,"1A-2.4",null,"The insurance against loss of or damage to the works, Plant and Materials is to include cover for Plant and Materials provided by the Employer to a Minimum liability limit of R5 000 000 to cover requirements of Clause 83.1 in Contract Data","Month",36]
[null,"1A-2.4.1",null,"The minimum amount of cover for insurance in respect of loss of or damage to property  and liability for bodily injury to or death of a person to a Minimum liability limit of R5 000 000  to cover requirements of Clause 83.1 in Contract Data","Month",36]
[null,"1A-2.5",null,"PERFORMANCE BOND (Amounts applicable for whole Contract)"]
[null,"1A-2.5.1",null,"Provision for a Performance bond of not less than 2,5% of the Tender Value","Month",36]
[]
[null,"1A-2.6",null,"IN-SERVICE TRAINING OF GRADUATES AND INTERNS : Provisional Sum to pay the costs associated with employing nominated Interns and Graduates for the duration of the Contract"]
[null,"1A-2.6.1",null,"Interns","Months",36,{"v":5000,"d":"R5,000.00"},{"$f":"G108*F108","v":{"v":180000,"d":"R180,000.00"}}]
[null,"1A-2.6.2",null,"Graduates","Months",36,{"v":7000,"d":"R7,000.00"},{"$f":"G109*F109","v":{"v":252000,"d":"R252,000.00"}}]
[null,"1A-2.6.3",null,"Direct Fee Percentage (Mark-up) to be charged by Contractor on amount in items 6.1 and 6.2 above","%"]
[null,"1A-2.7",null,"PROVISION OF ASSET APPLICABLE ACCREDITED TRAINING : Arranging of Accredited Asset Applicable Training for Operating and Maintenance Staff as per SS16","Psum",1,{"v":345000,"d":"R345,000.00"},{"$f":"G111*F111","v":{"v":345000,"d":"R345,000.00"}}]
[null,"1A-2.7.1",null,"Direct Fee Percentage (Mark-up) to be charged by Contractor on amount above","%"]
{"$rows_empty":10}
[null,"TOTAL CARRIED FORWARD TO SUMMARY "]

{"sheet":"SCHED 1A-2_ANDM","index":2,"n_rows":66,"n_cols":8,"rows_kept":66,"merged":[[2,4,2,5]]}
[]
[null,{"$f":"SUMMARY!B2","v":"ECDOH GENERAL ELECTRICAL LV MAINTENANCE AND REPAIR CONTRACT "}]
[null,"CONTRACT REF. NO:",null,{"$f":"SUMMARY!D4","v":0},"Cluster/District:",null,"ALFRED NZO DM"]
[null,"ASSET TYPE:",null,"LV INSTALLATIONS"]
[]
[null,"SCHEDULE 1A-2: ",null,"FUNCTIONAL REPAIR SCHEDULE (SPECIALIST EQUIPMENT)"]
[]
[null,"ITEM Nr.","PAYMENT REFERS","DESCRIPTION","UNIT","QTY","RATE","AMOUNT"]
[{"$nulls":3},"SPECIALIST EQUIPMENT: FUNCTIONAL CONDITION ASSESSMENT : Perform Functional Condition Assessment (Inspection and Testing) on all listed assets at all Health Facilities included in the Tender"]
[{"$nulls":3},"COMPILE FUNCTIONAL CONDITION ASSESSMENT REPORT: Compile Functional Condition Assessment Report including quotation to repair each Health Facilities included in the Tender."]
[{"$nulls":3},"Rate shall include for all costs to complete task; such as labour, travelling, accommodation, subsistence allowance, etc."]
[null,"1A-2.1",null,"NURSE CALL SYSTEM"]
[null,"1A-2.1.2",null,"Khotsong TB Hospital","Item",1]
[null,"1A-2.1.3",null,"Tayler Bequest Hospital (Matatiele)","Item",1]
[null,"1A-2.1.4",null,"Madzikane kaZulu Memorial Hospital","Item",1]
[null,"1A-2.1.6",null,"Sipetu Hospital","Item",1]
[null,"1A-2.1.7",null,"St Patrick's Hospital","Item",1]
[null,"1A-2.2",null,"UNINTERRUPTED POWER SUPPLY SYSTEMS (UPS)"]
[null,"1A-2.2.1",null,"Greenville Hospital","Item",1]
[null,"1A-2.2.2",null,"Khotsong TB Hospital","Item",1]
[null,"1A-2.2.3",null,"Tayler Bequest Hospital (Matatiele)","Item",1]
[null,"1A-2.2.4",null,"Madzikane kaZulu Memorial Hospital","Item",1]
[null,"1A-2.2.5",null,"Mount Ayliff Hospital","Item",1]
[null,"1A-2.2.6",null,"Sipetu Hospital","Item",1]
[null,"1A-2.2.7",null,"St Patrick's Hospital","Item",1]
[null,"1A-2.1",null,"CCTV"]
[null,"1A-2.3.2",null,"Khotsong TB Hospital","Item",1]
[null,"1A-2.4.",null,"Public Announcement (PA) System "]
[null,"1A-2.4.2",null,"Khotsong TB Hospital","Item",1]
[null,"1A-2.4.3",null," Tayler Bequest Hospital (Matatiele)","Item",1]
[null,"1A-2.4.4",null,"Madzikane kaZulu Memorial Hospital","Item",1]
[null,"1A-2.4.5",null,"Mount Ayliff Hospital","Item",1]
[null,"1A-2.4.6",null,"Sipetu Hospital","Item",1]
[null,"1A-2.4.7",null,"St Patrick's Hospital","Item",1]
[null,"1A-2.5",null,"ACCESS CONTROL "]
[null,"1A-2.5.1",null,"Khotsong TB Hospital","Item",1]
[null,"1A-2.5.2",null,"Madzikane kaZulu Memorial Hospital","Item",1]
[null,"1A-2.5.3",null,"Mount Ayliff Hospital","Item",1]
[null,"1A-2.5.4",null,"Sipetu Hospital","Item",1]
[null,"1A-2.5.5",null,"St Patrick's Hospital","Item",1]
{"$rows_empty":25}
[null,"TOTAL CARRIED FORWARD TO SUMMARY "]

{"sheet":"SCHED 1A-3_ANDM","index":3,"n_rows":47,"n_cols":8,"rows_kept":47,"merged":[[2,4,2,5]]}
[]
[null,{"$f":"[1]SUMMARY!B2","v":"ECDOH GENERAL ELECTRICAL MV MAINTENANCE AND REPAIR CONTRACT "}]
[null,"CONTRACT REF. NO:",null,null,"Cluster/District:",null,"ALFRED NZO DM"]
[null,"ASSET TYPE:",null,"LV INSTALLATIONS"]
[]
[null,"SCHEDULE 1A-3: ",null,"FUNCTIONAL REPAIR SCHEDULE (SPECIALIST EQUIPMENT)"]
[]
[null,"ITEM Nr.","PAYMENT REFERS","DESCRIPTION","UNIT","QTY","RATE","AMOUNT"]
[null,"1A-3",null,"COMPILING OF OPERATING AND MAINTENANCE MANUALS : Compile three sets of O&M Manuals per Facility. "]
[{"$nulls":3},"COMPILING OF DETAILED REPAIR SCHEDULE : Compile detailed, comprehensive repair schedule including defect description, recommended repair method, detailed quote including priced spare parts, outsourced work, and provisional work program, for each Health Facility."]
[{"$nulls":3},"Rate shall include for all costs to complete task; such as labour, travelling, accommodation, subsistence allowance, etc."]
[null,"1A-3.1",null,"NURSE CALL SYSTEM"]
[null,"1A-3.1.2",null,"Khotsong TB Hospital","Item",1]
[null,"1A-3.1.3",null,"Tayler Bequest Hospital (Matatiele)","Item",1]
[null,"1A-3.1.4",null,"Madzikane kaZulu Memorial Hospital","Item",1]
[null,"1A-3.1.6",null,"Sipetu Hospital","Item",1]
[null,"1A-3.1.7",null,"St Patrick's Hospital","Item",1]
[null,"1A-3.2",null,"UNINTERRUPTED POWER SUPPLY SYSTEMS (UPS)"]
[null,"1A-3.2.1",null,"Greenville Hospital","Item",1]
[null,"1A-3.2.2",null,"Khotsong TB Hospital","Item",1]
[null,"1A-3.2.3",null,"Tayler Bequest Hospital (Matatiele)","Item",1]
[null,"1A-3.2.4",null,"Madzikane kaZulu Memorial Hospital","Item",1]
[null,"1A-3.2.5",null,"Mount Ayliff Hospital","Item",1]
[null,"1A-3.2.6",null,"Sipetu Hospital","Item",1]
[null,"1A-3.2.7",null,"St Patrick's Hospital","Item",1]
[null,"1A-3.3",null,"CCTV"]
[null,"1A-3.3.2",null,"Khotsong TB Hospital","Item",1]
[null,"1A-3.4",null,"Public Announcement (PA) System "]
[null,"1A-3.4.2",null,"Khotsong TB Hospital","Item",1]
[null,"1A-3.4.3",null," Tayler Bequest Hospital (Matatiele)","Item",1]
[null,"1A-3.4.4",null,"Madzikane kaZulu Memorial Hospital","Item",1]
[null,"1A-3.4.5",null,"Mount Ayliff Hospital","Item",1]
[null,"1A-3.4.6",null,"Sipetu Hospital","Item",1]
[null,"1A-3.4.7",null,"St Patrick's Hospital","Item",1]
[null,"1A-3.5",null,"PHOTO VOLTAIC SYSTEM "]
[null,"1A-3.6",null,"ACCESS CONTROL "]
[null,"1A-3.6.2",null,"Khotsong TB Hospital","Item",1]
[null,"1A-3.6.4",null,"Madzikane kaZulu Memorial Hospital","Item",1]
[null,"1A-3.6.5",null,"Mount Ayliff Hospital","Item",1]
[null,"1A-3.6.6",null,"Sipetu Hospital","Item",1]
[null,"1A-3.6.7",null,"St Patrick's Hospital","Item",1]
[]
[]
[]
[]
[]
[null,"TOTAL CARRIED FORWARD TO SUMMARY "]

{"sheet":"SCHEDULE 2A-BOQ","index":4,"n_rows":1195,"n_cols":9,"rows_kept":1195,"merged":[[5,1,6,1],[5,2,6,2],[5,3,6,3],[5,4,6,4],[5,5,6,5],[5,6,5,7]]}
[null,"ECDOH GENERAL ELECTRICAL LV MAINTENANCE AND REPAIR CONTRACT "]
[null,"CONTRACT REF. NO:",null,{"$f":"SUMMARY!D3","v":0},"Cluster/District:",{"$nulls":3},{"$f":"SUMMARY!F4","v":"ALFRED NZO DM"}]
[null,"ASSET TYPE:",null,"LV INSTALLATIONS"]
[]
[null,"SCHEDULE 2 : ",null,"SCHEDULE OF RATES"]
[null,"ITEM","REF NO","DESCRIPTION","UNIT","TOTAL QTY","RATE",null,"AMOUNT"]
[{"$nulls":6},"MATERIAL","LABOUR","R"]
[]
[]
[{"$nulls":3},"SCHEDULE NO. 2"]
[null,null,"R.2.248"]
[null,"2","R.2.254","LOW VOLTAGE  CABLE"]
[null,null,"R.2.255","1000V PVC/SWA/PVC copper cables."]
[]
[null,"2.109","R.2.256","120mm² x 4-core","m",1]
[null,"2.110","R.2.257","95mm² x 4-core","m",1]
[null,"2.111","R.2.258","70mm² x 4-core","m",1]
[null,"2.112","R.2.259","50mm² x 4-core","m",90]
[null,"2.113","R.2.260","35mm² x 4-core","m",90]
[null,"2.114","R.2.261","25mm² x 4-core","m",106]
[null,"2.115","R.2.262","16mm² x 4-core","m",106]
[null,"2.116","R.2.263","16mm² x 3-core","m",106]
[null,"2.117","R.2.264","10mm² x 4-core","m",106]
[null,"2.118","R.2.265","10mm² x 3-core","m",42]
[null,"2.119","R.2.266","6mm² x 4-core","m",42]
[null,"2.120","R.2.267","6mm² x 3-core","m",42]
[null,"2.121","R.2.268","4mm² x 4-core","m",42]
[null,"2.122","R.2.269","4mm² x 3-core","m",42]
[null,"2.123","R.2.270","2,5mm² x 4-core","m",42]
[null,"2.124","R.2.271","2,5mm² x 3-core","m",42]
[null,"2.125","R.2.272","1,5mm² x 4-core","m",42]
[null,"2.126","R.2.273","1,5mm² x 3-core","m",42]
[null,null,"R.2.274","LOW VOLTAGE  CABLE TERMINATION",null,0]
[null,null,"R.2.275","Terminate 1 000V PVC/SWA/PVC cable ",null,0]
[null,"2.127","R.2.276","120mm² x 4-core","ea.",1]
[null,"2.128","R.2.277","95mm² x 4-core","ea.",1]
[null,"2.129","R.2.278","70mm² x 4-core","ea.",1]
[null,"2.130","R.2.279","50mm² x 4-core","ea.",10]
[null,"2.131","R.2.280","35mm² x 4-core","ea.",10]
[null,"2.132","R.2.281","25mm² x 4-core","ea.",12]
[null,"2.133","R.2.282","16mm² x 4-core","ea.",12]
[null,"2.134","R.2.283","16mm² x 3-core","ea.",12]
[null,"2.135","R.2.284","10mm² x 4-core","ea.",12]
[null,"2.136","R.2.285","10mm² x 3-core","ea.",12]
[null,"2.137","R.2.286","6mm² x 4-core","ea.",12]
[null,"2.138","R.2.287","6mm² x 3-core","ea.",12]
[null,"2.139","R.2.288","4mm² x 4-core","ea.",12]
[null,"2.140","R.2.289","4mm² x 3-core","ea.",12]
[null,"2.141","R.2.290","2,5mm² x 4-core","ea.",7]
[null,"2.142","R.2.291","2,5mm² x 3-core","ea.",7]
[null,"2.143","R.2.292","1,5mm² x 4-core","ea.",7]
[null,"2.144","R.2.293","1,5mm² x 3-core","ea.",7]
[null,null,"R.2.294","LOW VOLTAGE  CABLE JOINTS",null,0]
[null,null,"R.2.295","Joint 1 000V PVC/SWA/PVC cables ",null,0]
[null,"2.145","R.2.296","120mm² x 4-core","ea.",1]
[null,"2.146","R.2.297","95mm² x 4-core","ea.",1]
[null,"2.147","R.2.298","70mm² x 4-core","ea.",1]
[null,"2.148","R.2.299","50mm² x 4-core","ea.",7]
[null,"2.149","R.2.300","35mm² x 4-core","ea.",7]
[null,"2.150","R.2.301","25mm² x 4-core","ea.",7]
[null,"2.151","R.2.302","16mm² x 4-core","ea.",7]
[null,"2.152","R.2.303","16mm² x 3-core","ea.",7]
[null,"2.153","R.2.304","10mm² x 4-core","ea.",7]
[null,"2.154","R.2.305","10mm² x 3-core","ea.",7]
[null,"2.155","R.2.306","6mm² x 4-core","ea.",7]
[null,"2.156","R.2.307","6mm² x 3-core","ea.",7]
[null,"2.157","R.2.308","4mm² x 4-core","ea.",7]
[null,"2.158","R.2.309","4mm² x 3-core","ea.",7]
[null,"2.159","R.2.310","2,5mm² x 4-core","ea.",7]
[null,"2.160","R.2.311","2,5mm² x 3-core","ea.",7]
[null,"2.161","R.2.312","1,5mm² x 4-core","ea.",7]
[null,"2.162","R.2.313","1,5mm² x 3-core","ea.",7]
[null,null,"R.2.314","DISCONNECT SUPPLY CABLE",null,0]
[null,null,"R.2.315","Switch off and disconnect the three or single phase supply cable.",null,0]
[null,"2.163","R.2.316","50mm² -120mm²","ea.",7]
[null,"2.164","R.2.317","16mm² -35mm²","ea.",12]
[null,"2.165","R.2.318","1,5mm² -10mm²","ea.",12]
[null,null,"R.2.319","CABLE PROTECTION KICKER PIPES",null,0]
[null,null,"R.2.320","2.5m long galvanised cable protection kicker pipe",null,0]
[null,"2.166","R.2.321","75mm dia","ea.",12]
[null,"2.167","R.2.322","50mm dia","ea.",7]
[null,"2.168","R.2.323","40mm dia","ea.",7]
[null,"2.169","R.2.324","32mm dia","ea.",12]
[null,"2.170","R.2.325","25mm dia","ea.",12]
[null,"2.171","R.2.326","20mm dia","ea.",12]
[null,null,"R.2.327","EARTHING",null,0]
[null,"2.172","R.2.328","Test transformer earth submit an earth reading.","ea.",17]
[null,"2.173","R.2.329","1,5m earth electrode, depth of 600mm below final ground level.","ea.",17]
[null,"2.174","R.2.330","70mm sq. earth wire with earth electrodes.","m",74]
[null,null,"R.2.331","BARE COPPER EARTH WIRES",null,0]
[null,null,"R.2.332","Provide and install bare copper earth wires through cable sleeves,.",null,0]
[null,"2.175","R.2.333","70mm² ","m",1]
[null,"2.176","R.2.334","50 mm² ","m",1]
[null,"2.177","R.2.335","35 mm² ","m",360]
[null,"2.178","R.2.336","25 mm² ","m",420]
[null,"2.179","R.2.337","16 mm² ","m",420]
[null,"2.180","R.2.338","10 mm² ","m",420]
[null,"2.181","R.2.339","6 mm²","m",420]
[null,"2.182","R.2.340","4 mm² ","m",420]
[null,null,"R.2.341","CABLE TRENCHES",null,0]
[null,null,"R.2.342","Excavate and back-fill cable trenches, 300mm wide x 650mm deep.",null,0]
[null,"2.183","R.2.343","Earth   (Pickable)","m3",64]
[null,"2.184","R.2.344","Soft rock (Pneumatic)","m3",12]
[null,"2.185","R.2.345","Hard rock (Blasting)","m3",12]
[null,"2.186","R.2.346","Soft soil backfilling material","m3",42]
[null,"2.187","R.2.347","Excavate and open existing LV cables. ","m3",126]
[null,"2.188","R.2.348","Price for excavation to remove an existing 7 to 11m pole. ","ea",22]
[null,null,"R.2.349","CABLE MARKER TAPE",null,0]
[null,"2.189","R.2.350","Cable marker tape above cables.","m",316]
[null,null,"R.2.355","PVC SLEEVES",null,0]
[null,null,"R.2.356","The following sleeves -black of the KABELFLEX type. ",null,0]
[null,"2.192","R.2.357","160mm dia","m",18]
[null,"2.193","R.2.358","110mm dia","m",22]
[null,"2.194","R.2.359","75mm dia","m",22]
[null,"2.195","R.2.359","32mm dia","m",64]
[null,null,"R.2.360","SLOW BENDS",null,0]
[null,null,"R.2.361","Slow bends through a wall and floor.",null,0]
[null,"2.196","R.2.362","110mm dia PVC. slow bends.","ea.",7]
[null,"2.197","R.2.363","75mm dia PVC slow bends.","ea.",7]
[null,"2.198","R.2.364","50mm dia PVC slow bends.","ea.",7]
[null,"2.199","R.2.365","40mm dia PVC slow bends.","ea.",7]
[null,"2.200","R.2.366","32mm dia PVC slow bends.","ea.",7]
[null,"2.201","R.2.367","25mm dia PVC slow bends.","ea.",7]
[null,null,"R.2.368","SEAL CABLE SLEEVES",null,0]
[null,"2.202","R.2.369","Seal off cable sleeve ends. ","ea.",42]
[null,null,"R.2.370",null,null,0]
[null,null,"R.2.371","Cut the following branches to clear overhead lines. ",null,0]
[null,"2.202","R.2.372","Branches up to 100mm dia.","ea.",0]
[null,"2.203","R.2.373","Branches up to 200mm dia.","ea.",0]
[null,"2.204","R.2.374","Branches up to 300mm dia.","ea.",0]
[null,"2.205","R.2.375","Branches above 300mm dia.","ea.",0]
[null,null,"R.2.383","DISTRIBUTION KIOSK",null,0]
[null,null,"R.2.384","Distribution kiosks complete without switchgear ",null,0]
[null,"2.206","R.2.385","A new 6-way (meters) ±40 way (MCB'S) outdoor, ventilated, fibre glass distribution kiosk  ±600mm x 600mm x 350mm deep including fibre glass plinth. ","ea.",7]
[null,"2.207","R.2.386"," A new 9-way (meters) ±60 way (MCB'S), fibre glass distribution kiosk  ±1000mm x 600mm x 350mm deep including fibre glass plinth. .","ea.",7]
[null,"2.208","R.2.387","A new 12-way (meters) ±100 way (MCB'S) outdoor, fibre glass distribution kiosk  ±1000mm x 1000mm x 350mm deep including fibre glass plinth. ","ea.",7]
[null,"2.209","R.2.388","A new  6-way (meters) ±40 way (MCB'S)  2mm mild steel distribution kiosk  ±600mm x 600mm x 350mm deep.","ea.",7]
[null,"2.210","R.2.389","A new 9-way (meters) ±60 way (MCB'S) outdoor,2mm mild steel ventilated  distribution kiosk  ±1000mm x 600mm x 350mm deep.","ea.",7]
[null,"2.211","R.2.390","A new 12-way (meters) ±100 way (MCB'S), 2mm mild steel baked ventilated distribution kiosk  ±1000mm x 1000mm x 350mm deep.","ea.",7]
[null,null,"R.2.392","SURFACE WALL MOUNTED DISTRIBUTION KIOSK/DISTRIBUTION BOARD",null,0]
[null,"2.213","R.2.393","1000mm x 1000mm x 350mm, ventilated  distribution kiosk.","ea.",7]
[null,null,"R.2.394","REPLACE EXISTING DISTRIBUTION KIOSK",null,0]
[null,"2.214","R.2.395","Disconnect and remove existing cables, remove existing distribution kiosk. Disconnect switchgear re-install into new distribution kiosk and re-wire.","ea.",7]
[null,null,"R.2.396","SERVICE AND TIDY EXISTING DISTRIBUTION KIOSK",null,0]
[null,"2.215","R.2.397","Tidy, make safe and label","ea.",12]
[null,"2.216","R.2.398","Clean sand paper and spray paint an existing distribution kiosk - e.g.1000mmx1000mmx350mm.","m²",12]
[null,"2.217","R.2.399","Hasp and staple at a distribution kiosk.","ea.",12]
[null,"2.218","R.2.400","Key alike lock for a distribution kiosk. (Viro Type 50mm)","ea.",12]
[null,null,"R.2.401","METERING EQUIPMENT",null,0]
[null,"2.219","R.2.402","Supply and replace 5A electronic meter similar to existing meter","ea.",7]
[null,null,"R.2.403","STREET LIGHT CONTROL",null,0]
[null,"2.220","R.2.404","Replace a street light control in a distribution kiosk or distribution board.","ea.",12]
[null,"2.221","R.2.405","Replace a street light installation timer. ","ea.",12]
[null,"2.221","R.2.405","Replace a street light photocell","ea.",22]
[null,null,"R.2.406","STREET LIGHT POLE",null,0]
[null,null,"R.2.407","Provide and install hot dipped galvanised streetlight poles.",null,0]
[null,"2.222","R.2.408","8m mounting height ","item",7]
[null,"2.222","R.2.408","10m mounting height ","item",7]
[null,"2.223","R.2.409","11m mounting height ","item",7]
[null,null,"R.2.410","POLE CAPS AND ACCESS DOORS",null,0]
[null,null,"R.2.411","Provide and install the pole caps and access doors.",null,0]
[null,"2.224","R.2.412","Pole cap for two streetlight fittings mounted horizontal.","ea",7]
[null,"2.225","R.2.413","Pole cap for a single streetlight fittings mounted  at 15°","ea",7]
[null,"2.225","R.2.413","Pole access doors","ea",22]
[null,null,"R.2.414","STREETLIGHT POLE WIRING",null,0]
[null,"2.226","R.2.415","Provide and install streetlight pole wiring.","ea",22]
[null,"2.226","R.2.415","Provide and install 5A MCCB for streetlight pole.","ea",22]
[null,null,"R.2.416","EXCAVATION AND BACKFILLING FOR A STREET LIGHT POLE",null,0]
[null,"2.227","R.2.417","Price for excavation and backfilling of a street light pole (+-1,5m).  Back filling shall be compacted in 150mm layers.","ea",12]
[null,null,"R.2.418","CABLE MARKER",null,0]
[null,"2.228","R.2.419","Provide and install concrete cable route markers - 300mm high, 150mm x 150mm at the top and 250 x 250mm at the bottom.","ea",12]
[{"$nulls":5},0]
[{"$nulls":3},"SCHEDULE NO 3",null,0]
[{"$nulls":5},0]
[null,3,null,"GENERAL ELECTRICAL INSTALLATION:",null,0]
[null,null,"R.3.1","DISTRIBUTION BOARDS",null,0]
[null,null,"R.3.16","REPLACE EXISTING DISTRIBUTION BOARD",null,0]
[null,null,"R.3.23","As above but for the following surface distribution boards:",null,0]
[null,"3.8","R.3.24","Up to 24 way 13mm","ea.",7]
[null,"3.9","R.3.25","Up to 36 way 13mm","ea.",7]
[null,"3.10","R.3.26","Up to 36 way 3-phase 13mm","ea.",7]
[null,"3.11","R.3.27","Up to 60 way 3-phase 13mm","ea.",7]
[null,"3.12","R.3.28","Up to 144 way 3-phase 13mm","ea.",7]
[null,null,"R.3.29","CLEAN AND PAINT AN EXISTING DISTRIBUTION BOARD",null,0]
[null,null,"R.3.30","Clean, sandpaper, spray paint and make good existing distribution boards.  ",null,0]
[null,"3.13","R.3.31","Up to 24 way 13mm","ea.",7]
[null,"3.14","R.3.32","Up to 36 way 13mm","ea.",12]
[null,"3.15","R.3.33","Up to 36 way 3-phase 13mm","ea.",7]
[null,"3.16","R.3.34","Up to 60 way 3-phase 13mm","ea.",12]
[null,"3.17","R.3.35","Up to 144 way 3-phase 13mm","ea.",12]
[null,null,"R.3.37",null,null,0]
[null,"3.18","R.3.38","Up to 24 way 13mm","ea.",0]
[null,"3.19","R.3.39","Up to 36 way 13mm","ea.",0]
[null,"3.20","R.3.40","Up to 36 way 3-phase 13mm","ea.",0]
[null,"3.21","R.3.41","Up to 60 way 3-phase 13mm","ea.",0]
[null,"3.22","R.3.42","Up to 144 way 3-phase 13mm","ea.",0]
[null,"3.23","R.3.44","Ready board with three plugs, one light, earth leakage (main) and 2x 20A (plugs) circuit breakers.","ea.",0]
[null,"3.24","R.3.45","Ready board with three plugs, earth leakage (main), 1x10A (light) and 1x 20A (plugs) circuit breakers.","ea.",0]
[null,"3.25","R.3.46","Ready board with, earth leakage (main), 1x10A (light) and 1x 20A (plugs) circuit breakers.","ea.",0]
[null,null,"R.3.47","X-RAY DISTRIBUTION BOARD",null,0]
[null,"3.26","R.3.48","6-way surface mounted CLIPSAL or GEM board including 100A 3P 5kA (CBI) isolator ","ea",0]
[null,null,"R.3.49","KIOSK/DB FRONT PANELS",null,0]
[null,null,"R.3.50",null,null,0]
[null,"3.27","R.3.51","Up to 24 way 13mm","ea.",0]
[null,"3.28","R.3.52","Up to 36 way 13mm","ea.",0]
[null,"3.29","R.3.53","Up to 36 way 3-phase 13mm","ea.",0]
[null,"3.30","R.3.54","Up to 60 way 3-phase 13mm","ea.",0]
[null,"3.31","R.3.55","Up to 144 way 3-phase 13mm","ea.",0]
[null,null,"R.3.56","CLEAN AND PAINT AN EXISTING DISTRIBUTION BOARD",null,0]
[null,"3.32","R.3.57","Clean, sandpaper and spray paint an existing distribution board.  ","ea.",7]
[null,null,"R.3.58","HASP AND STAPLE",null,0]
[null,"3.33","R.3.59","Hasp and staple at a distribution board.","ea.",7]
[null,null,"R.3.60","KEY-ALIKE LOCK",null,0]
[null,"3.34","R.3.61","Key-alike lock for a distribution board. (50mm Viro Type)","ea.",12]
[null,null,"R.3.62","CHECK DISTRIBUTION BOARD EARTH",null,0]
[null,"3.35","R.3.63","Check earthing at each distribution board and provide a written report inline with SANS 10142-1 Earthing and Bonding.","ea.",32]
[null,null,"R.3.64","SWITCHGEAR",null,0]
[null,null,"R.3.65","Connect, test and commission the following switchgear to be installed shall match existing. All DB cover plates should close. (Safety).",null,0]
[null,null,"R.3.66","CIRCUIT BREAKERS",null,0]
[null,null,"R.3.67",null,null,0]
[null,null,"R.3.68",null,null,0]
[null,"3.36","R.3.69","1A, 2A 1P 5kA - din rail or mini rail, Curve 2 - single space - 13mm","ea.",7]
[null,"3.37","R.3.70","5A to 25A 1P 5kA - din rail or mini rail, Curve 2 - single space - 13mm ","ea.",42]
[null,"3.38","R.3.71","1-PHASE+NEUTRAL - 10A to 25A 5kA - din rail or mini rail, Curve 2 - single space - 26mm ","ea.",22]
[null,"3.39","R.3.72","10A to 25A 2P 5kA - din rail or mini rail, Curve 2 - single space - 26mm  ","ea.",32]
[null,"3.40","R.3.73","10A to 25A 3P 5kA - din rail or mini rail, Curve 2 - single space - 39mm ","ea.",64]
[null,null,"R.3.74",null,null,0]
[null,"3.41","R.3.75","10A to 25A 1P 5kA - din rail or mini rail, Curve 1 - single space - 13mm ","ea.",12]
[null,"3.42","R.3.76","10A to 25A 3P 5kA - din rail or mini rail, Curve 1 - single space - 39mm ","ea.",12]
[null,null,"R.3.77",null,null,0]
[null,"3.43","R.3.78","1A, 2A 1P 5kA - din rail or mini rail, Curve 2 - double space - 26mm","ea.",7]
[null,"3.44","R.3.79","5A to 63A 1P 5kA - din rail or mini rail, Curve 2 - double space - 26mm ","ea.",42]
[null,"3.45","R.3.80","80A to 100A 1P 5kA - din rail or mini rail, Curve 2 - double space - 26mm  ","ea.",42]
[null,"3.46","R.3.81","10A to 63A  2P 5kA - din rail or mini rail, Curve 2 - double space - 52mm  ","ea.",42]
[null,"3.47","R.3.84","1-PHASE +NEUTRAL - 10A to 63A 5kA - din rail or mini rail, Curve 2 - double space - 52mm ","ea.",22]
[null,"3.48","R.3.85","10A to 63A  3P 5kA - din rail or mini rail, Curve 2 - double space - 78mm ","ea.",42]
[null,"3.49","R.3.86","80A 3P 5kA - din rail or mini rail, Curve 2 - double space - 78mm ","ea.",22]
[null,"3.50","R.3.87","100A  3P 5kA - din rail or mini rail, Curve 2 - double space - 78mm ","ea.",12]
[null,null,"R.3.88",null,null,0]
[null,"3.51","R.3.89","10A to 63A  1P 5kA - din rail or mini rail, Curve 1 - double space - 26mm ","ea.",12]
[null,"3.52","R.3.90","80A 1P 5kA - din rail or mini rail, Curve 1 - double space - 26mm   ","ea.",22]
[null,"3.53","R.3.92","10A to 63A  3P 5kA - din rail or mini rail, Curve 1 - double space - 78mm ","ea.",12]
[null,"3.54","R.3.93","80A 3P 5kA - din rail or mini rail, Curve 1 - double space - 78mm ","ea.",12]
[null,"3.55","R.3.94","100A  3P 5kA - din rail or mini rail, Curve 1 - double space - 78mm ","ea.",12]
[null,null,"R.3.95",null,null,0]
[null,"3.56","R.3.96","10A to 60A 1P 5kA - surface, Curve 2 - double space - 26mm ","ea.",22]
[null,"3.57","R.3.97","70A to 100A  1P 5kA - surface, Curve 2 - double space - 26mm ","ea.",22]
[null,"3.58","R.3.98","10A to 60A  3P 5kA - surface, Curve 2 - double space - 78mm ","ea.",22]
[null,"3.59","R.3.99","70A & 80A 3P 5kA - surface, Curve 2 - double space - 78mm ","ea.",12]
[null,"3.60","R.3.100","90A & 100A  3P 5kA - surface, Curve 2 - double space - 78mm ","ea.",12]
[null,null,"R.3.101",null,null,0]
[null,"3.61","R.3.102","10A to 60A 1P 5kA - surface, Curve 1 - double space - 26mm ","ea.",32]
[null,"3.62","R.3.103","70A & 80A 1P 5kA - surface, Curve 1 - double space - 26mm   ","ea.",22]
[null,"3.63","R.3.104","90A & 100A  1P 5kA - surface, Curve 1 - double space - 26mm ","ea.",7]
[null,"3.64","R.3.105","10A to 60A 3P 5kA - surface, Curve 1 - double space - 78mm ","ea.",7]
[null,"3.65","R.3.106","70A & 80A 3P 5kA - surface, Curve 1 - double space - 78mm ","ea.",17]
[null,"3.66","R.3.107","90A & 100A  3P 5kA - surface, Curve 1 - double space - 78mm ","ea.",7]
[null,null,"R.3.108",null,null,0]
[null,"3.67","R.3.109","10A to 60A 1P 10kA - mini rail, Curve 2 - double space - 26mm ","ea.",12]
[null,"3.68","R.3.110","70A & 80A 1P 10kA - mini rail, Curve 2 - double space - 26mm  ","ea.",12]
[null,"3.69","R.3.115","1-PHASE +NEUTRAL - 10A to 60A 10kA - mini rail, Curve 2 - double space - 52mm ","ea.",7]
[null,"3.70","R.3.118","10A to 60A  3P 10kA - mini rail, Curve 2 - double space - 78mm ","ea.",7]
[null,"3.71","R.3.119","70A & 80A 3P 10kA - mini rail, Curve 2 - double space - 78mm ","ea.",7]
[null,"3.72","R.3.120","100A  3P 10kA - mini rail, Curve 2 - double space - 78mm ","ea.",7]
[null,null,"R.3.121",null,null,0]
[null,"3.73","R.3.122","10A to 60A  1P 10kA - mini rail, Curve 1 - double space - 26mm ","ea.",7]
[null,"3.74","R.3.123","70A & 80A 1P 10kA - mini rail, Curve 1 - double space - 26mm   ","ea.",7]
[null,"3.75","R.3.125","10A to 60A  3P 10kA - mini rail, Curve 1 - double space - 78mm ","ea.",7]
[null,"3.76","R.3.126","70A to 100A 3P 10kA - mini rail, Curve 1 - double space - 78mm ","ea.",7]
[null,null,"R.3.127",null,null,0]
[null,"3.77","R.3.128","15A to 60A 1P 15kA - surface mounted thermal magnetic","ea",22]
[null,"3.78","R.3.129","70A to 100A 1P 15kA - surface mounted thermal magnetic","ea",12]
[null,"3.79","R.3.130","15A to 60A 3P 15kA - surface mounted thermal magnetic","ea",12]
[null,"3.80","R.3.131","70A to 100A 3P 15kA - surface mounted thermal magnetic","ea",12]
[null,"3.81","R.3.132","125A 3P 15kA - surface mounted thermal magnetic","ea",7]
[null,"3.82","R.3.133","150A to 160A 3P 15kA -surface mounted  thermal magnetic","ea",7]
[null,"3.83","R.3.134","175A to 225A 3P 15kA - surface mounted thermal magnetic","ea",7]
[null,null,"R.3.135",null,null,0]
[null,"3.84","R.3.136","300A 3P 20kA - surface mounted hydraulic magnetic","ea",7]
[null,"3.85","R.3.137","350A & 400A 3P 20kA - surface mounted hydraulic magnetic","ea",7]
[null,"3.86","R.3.138","450A & 500A 3P 20kA - surface mounted hydraulic magnetic","ea",7]
[null,"3.87","R.3.139","600A 3P 20kA - surface mounted hydraulic magnetic","ea",7]
[null,"3.88","R.3.141","15A to 60A 1P 25kA - thermal magnetic","ea",7]
[null,"3.89","R.3.142","70A to 100A 1P 25kA - thermal magnetic","ea",7]
[null,"3.90","R.3.143","15A to 60A 3P 25kA - thermal magnetic","ea",7]
[null,"3.91","R.3.144","70A to 100A 3P 25kA - thermal magnetic","ea",7]
[null,"3.92","R.3.145","125A 3P 25kA - thermal magnetic","ea",7]
[null,"3.93","R.3.146","150A to 160A 3P 25kA - thermal magnetic","ea",7]
[null,"3.94","R.3.147","175A to 225A 3P 25kA - thermal magnetic","ea",7]
[null,"3.95","R.3.148","250A 3P 25kA - thermal magnetic","ea",7]
[null,"3.96","R.3.149","300A to 400A  3P 25kA - thermal magnetic","ea",7]
[null,null,"R.3.150","25kA hydraulic magnetic surface mounted circuit breakers.",null,0]
[null,"3.97","R.3.151","15A to 60A 3P 25kA - hydraulic magnetic surface mounted circuit breakers.","ea",7]
[null,"3.98","R.3.152","70A to 100A 3P 25kA - hydraulic magnetic surface mounted circuit breakers.","ea",7]
[null,"3.99","R.3.153","125A 3P 25kA - hydraulic magnetic surface mounted circuit breakers.","ea",7]
[null,"3.100","R.3.154","150A 3P 25kA - hydraulic magnetic surface mounted circuit breakers.","ea",7]
[null,"3.101","R.3.155","160A to 200A 3P 25kA - hydraulic magnetic surface mounted circuit breakers.","ea",7]
[null,"3.102","R.3.156","225A 3P 25kA - hydraulic magnetic surface mounted circuit breakers.","ea",7]
[null,"3.103","R.3.157","250A 3P 25kA - hydraulic magnetic surface mounted circuit breakers.","ea",7]
[null,null,"R.3.173",null,null,0]
[null,"3.104","R.3.174","300A to 630A, 35kA surface mounted adjustable circuit breakers.","ea",7]
[null,"3.105","R.3.175","400A to 800A, 35kA min surface mounted adjustable circuit breakers.","ea",7]
[null,null,"R.3.178","CIRCUIT BREAKER ACCESSORIES",null,0]
[null,null,"R.3.179","MECHANICAL INTERLOCKED AUTOMATED CHANGE OVER CIRCUIT BREAKER ASSEMBLIES ",null,0]
[null,null,"R.3.180","CIRCUIT BREAKER AUXILIARY SWITCH",null,0]
[null,null,"R.3.181",null,null,0]
[null,"3.106","R.3.182","For 15A to 225A 15kA to 35kA circuit breakers e.g. CBI - F35D","ea.",7]
[null,"3.107","R.3.183","For 100A to 400A 25kA to 35kA circuit breakers e.g. CBI - K35D","ea.",7]
[null,null,"R.3.184","CIRCUIT BREAKER SOLENOID OPERATOR ",null,0]
[null,null,"R.3.185",null,null,0]
[null,"3.108","R.3.186","For 15A to 225A 15kA to 35kA circuit breakers e.g. CBI - F35D","ea.",7]
[null,"3.109","R.3.187","For 100A to 400A 25kA to 35kA circuit breakers e.g. CBI - K35D","ea.",7]
[null,null,"R.3.188","MECHANICAL INTERLOCK AND BASE PLATE",null,0]
[null,null,"R.3.189",null,null,0]
[null,"3.110","R.3.190","For 15A to 225A 15kA to 35kA circuit breakers e.g. CBI - F35D","ea.",7]
[null,"3.111","R.3.191","For 100A to 400A 25kA to 35kA circuit breakers e.g. CBI - K35D","ea.",7]
[null,null,"R.3.192","CYLINDRICAL LOCK",null,0]
[null,"3.112","R.3.193","A cylindrical lock with different key for a 100A to 400A 25kA to 35kA circuit breaker e.g. CBI - K35D","ea",7]
[null,null,"R.3.193.1","MOTORISED CHANGE OVER",null,0]
[null,null,"R.3.193.2",null,null,0]
[null,"3.113","R.3.193.3","125A 3-pole motorised changeover - SOCOMEC ATyS 3s type.","ea",3]
[null,"3.114","R.3.193.4","160A 3-pole motorised changeover - SOCOMEC ATyS 3s type.","ea",3]
[null,"3.115","R.3.193.5","250A 3-pole motorised changeover - SOCOMEC ATyS 3s type.","ea",3]
[null,"3.116","R.3.193.6","400A 3-pole motorised changeover - SOCOMEC ATyS 3s type.","ea",3]
[null,"3.117","R.3.193.7","630A 3-pole motorised changeover - SOCOMEC ATyS 3s type.","ea",3]
[null,"3.118","R.3.193.8","800A 3-pole motorised changeover - SOCOMEC ATyS 3s type.","ea",3]
[null,null,"R.3.194","ISOLATORS / SWITCH DISCONNECTORS",null,0]
[null,null,"R.3.195",null,null,0]
[null,"3.119","R.3.196","63A 2P 5kA - din or mini rail - single space 26mm","ea.",22]
[null,"3.120","R.3.197","63A 2P 5kA - din or mini rail - double space 52mm","ea.",64]
[null,"3.121","R.3.198","100A 2P 5kA - din or mini rail - double space 52mm","ea.",7]
[null,"3.122","R.3.199","63A 3P 5kA - din or mini rail - single space 39mm","ea.",22]
[null,"3.123","R.3.200","63A 3P 5kA - din or mini rail - double space 78mm","ea.",42]
[null,"3.124","R.3.201","100A 3P 5kA - din or mini rail - double space 78mm","ea.",22]
[null,"3.125","R.3.202","60A 2P 10kA - din or mini rail - double space 52mm","ea.",22]
[null,"3.126","R.3.203","100A 2P 10kA - din or mini rail - double space 52mm","ea.",7]
[null,"3.127","R.3.204","60A 3P 10kA - din or mini rail - double space 78mm","ea.",22]
[null,"3.128","R.3.205","100A 3P 10kA - din or mini rail - double space 78mm","ea.",12]
[null,null,"R.3.206",null,null,0]
[null,"3.129","R.3.207","250A 3P 20kA - surface mounted","ea",7]
[null,"3.130","R.3.208","300A 3P 20kA - surface mounted","ea",7]
[null,"3.131","R.3.209","400A 3P 20kA - surface mounted","ea",7]
[null,"3.132","R.3.210","450A 3P 20kA - surface mounted","ea",7]
[null,"3.133","R.3.211","500A 3P 20kA - surface mounted","ea",7]
[null,"3.134","R.3.212","600A 3P 20kA - surface mounted isolators/disconnectors.","ea",7]
[null,null,"R.3.223","PHOTO CELL BY-PASS SWITCH",null,0]
[null,"3.135","R.3.224","5kA (Test switch) single space 13mm - din or mini rail mounted.","ea.",22]
[null,"3.136","R.3.225","5kA (Test switch) double space 26mm - din or mini rail mounted.","ea.",22]
[null,"3.137","R.3.226","10A, 1-Pole 5kA MCB (Test switch) double space 26mm - surface mounted in distribution board behind the front panel.","ea.",22]
[null,null,"R.3.227","EARTH LEAKAGE UNITS",null,0]
[null,"3.138","R.3.228","30mA, three phase earth leakage 60A isolator type 5kA - single space 78mm.","ea.",12]
[null,"3.139","R.3.229","30mA, three phase earth leakage 80A isolator type 5kA - double space 117mm.","ea.",12]
[null,"3.140","R.3.230","30mA, single phase earth leakage 60A isolator type 5kA - single space 26mm.","ea.",22]
[null,"3.141","R.3.231","30mA, single phase earth leakage 60A/100A isolator type 5kA - double space 65mm.","ea.",22]
[null,"3.142","R.3.232","30mA, single phase earth leakage 20A circuit breaker type 5kA - single space 26mm.","ea.",22]
[null,"3.143","R.3.233","30mA, single phase earth leakage 20A circuit breaker type 5kA - double space 65mm.","ea.",12]
[null,null,"R.3.234","FUSES",null,0]
[null,null,"R.3.235","New din rail or mini rail mounted HRC fuse complete",null,0]
[null,"3.144","R.3.236","0 - 10A din rail or mini rail mounted HRC fuse.","ea.",7]
[null,"3.145","R.3.237","10-20A din rail or mini rail mounted HRC fuse.","ea.",7]
[null,null,"R.3.237.1",null,null,0]
[null,"3.146","R.3.237.2","100A to 250A HRC fuse in an existing fused switch.","ea",7]
[null,null,"R.3.237.3","Metering/control HRC fuse complete with base and fuse.",null,0]
[null,"3.147","R.3.237.4","6-10A","ea",7]
[null,null,"R.3.237.5","Replace an existing metering/control HRC fuse",null,0]
[null,"3.148","R.3.237.6","6-10A","ea",7]
[null,null,"R.3.238","CIRCUIT BREAKER SPACE BLANK PLATES",null,0]
[null,"3.149","R.3.239","Circuit breaker space blank plate.","ea.",526]
[null,null,"R.3.240","CONTACTORS",null,0]
[null,null,"R.3.241",null,null,0]
[null,"3.150","R.3.242","630A 3P AC3 rating - 2 x n/o & 2 x n/c aux. contact ","ea.",7]
[null,"3.151","R.3.243","400 - 450A 3P AC3 rating - 2 x n/o & 2 x n/c aux. contact ","ea.",7]
[null,"3.152","R.3.244","310 - 320A 3P AC3 rating - 2 x n/o & 2 x n/c aux. contact ","ea.",7]
[null,"3.153","R.3.245","250 - 265A 3P AC3 rating - 2 x n/o & 2 x n/c aux. contact ","ea.",7]
[null,"3.154","R.3.247","150A 3P AC3 rating - 2 x n/o & 2 x n/c aux. contact ","ea.",7]
[null,"3.155","R.3.249","95 - 105A 3P AC3 rating - 2 x n/o & 2 x n/c aux. contact ","ea.",7]
[null,"3.156","R.3.250","80-85 A 3P AC3 rating - 2 x n/o & 2 x n/c aux. contact ","ea.",7]
[null,"3.157","R.3.251","60 - 65A 3P AC3 rating - 2 x n/o & 2 x n/c aux. contact ","ea.",7]
[null,"3.158","R.3.254","30 - 32A 3P AC3 rating - 2 x n/o & 2 x n/c aux. contact ","ea.",7]
[null,"3.159","R.3.255","20 - 25A 3P AC3 rating - 1 x n/o & 1 x n/c aux. contact","ea.",7]
[null,"3.160","R.3.256","15A - 16A 3P AC3 rating - 1 x n/o & 1 x n/c aux. contact","ea.",7]
[null,"3.161","R.3.257","10 - 12A 3P AC3 rating - 1 x n/o & 1 x n/c aux. contact","ea.",7]
[null,"3.162","R.3.258","10 - 20A 3P AC1 rating surface, mini rail or din rail mounted - 1 x n/o & 1 x n/c aux. contact","ea.",7]
[null,null,"R.3.259","CONTACTOR COILS",null,0]
[null,null,"R.3.260",null,null,0]
[null,"3.163","R.3.261","630A 3P","ea.",7]
[null,"3.164","R.3.262","400 - 450A ","ea.",7]
[null,"3.165","R.3.263","310 - 320A 3P","ea.",7]
[null,"3.166","R.3.264","250 - 265A 3P","ea.",7]
[null,"3.167","R.3.266","150A 3P","ea.",7]
[null,"3.168","R.3.268","95 - 105A 3P","ea.",7]
[null,"3.169","R.3.269","80-85 A 3P","ea.",7]
[null,"3.170","R.3.270","60 - 65A 3P","ea.",7]
[null,"3.171","R.3.273","30 - 32A 3P","ea.",7]
[null,"3.172","R.3.274","20 - 25A 3P","ea.",7]
[null,"3.173","R.3.275","15A - 16A 3P","ea.",7]
[null,"3.174","R.3.276","10 - 12A 3P","ea.",7]
[null,null,"R.3.277","CONTACT KIT FOR CONTACTORS",null,0]
[null,null,"R.3.278",null,null,0]
[null,"3.175","R.3.279","630A 3P","ea.",7]
[null,"3.176","R.3.280","400 - 450A 3P","ea.",7]
[null,"3.177","R.3.281","310 - 320A 3P","ea.",7]
[null,"3.178","R.3.282","250 - 265A 3P","ea.",7]
[null,"3.179","R.3.284","150A 3P","ea.",7]
[null,"3.180","R.3.286","95 - 105A 3P","ea.",7]
[null,"3.181","R.3.287","80-85 A 3P","ea.",7]
[null,"3.182","R.3.288","60 - 65A 3P","ea.",7]
[null,null,"R.3.290","THERMAL OVERLOAD RELAYS",null,0]
[null,null,"R.3.291","Thermal overload relay",null,0]
[null,"3.183","R.3.292","For contactors up to 16A (AC3)","ea.",7]
[null,"3.184","R.3.293","For contactors up to 40A (AC3)","ea.",7]
[null,null,"R.3.294","MECHANICAL INTERLOCK FOR CHANGE OVER CONTACTORS",null,0]
[null,null,"R.3.295","mechanical interlock",null,0]
[null,"3.185","R.3.296","0 - 50A","ea.",7]
[null,"3.186","R.3.297","90-125A","ea.",12]
[null,"3.187","R.3.298","160-800A","ea.",7]
[null,null,"R.3.299","GENERATOR CONTROLLER",null,0]
[null,"3.188","R.3.300"," LOVATO RGK 60 type generator controller.","ea",7]
[null,null,"R.3.301","MODEM FOR GENERATOR CONTROLLER ",null,0]
[null,"3.189","R.3.302","New WAVECOM type modem in C/O panel","ea.",7]
[null,null,"R.3.303","REGULATOR FOR GENERATOR ",null,0]
[null,"3.190","R.3.304","Generator regulator (excitation) on existing alternator or in control board. ","ea.",7]
[null,null,"R.3.305","CONTROL RELAYS",null,0]
[null,null,"R.3.306",null,null,0]
[null,"3.191","R.3.307","11-pin, 10A, plug in control relay complete with base  ","ea.",12]
[null,"3.192","R.3.308","Automotive solenoid control relay 24V DC","ea.",12]
[null,"3.193","R.3.309","Starter solenoid control relay","ea.",12]
[null,null,"R.3.310","SELECTOR SWITCHES THREE-WAY ",null,0]
[null,null,"R.3.311",null,"ea.",0]
[null,"3.194","R.3.312","Up to 30A, 3P, 3-way.","ea.",7]
[null,"3.195","R.3.313","Up to 100A, 3P, 3-way","ea.",7]
[null,"3.196","R.3.314","Up to 200A, 3P, 3-way","ea.",7]
[null,"3.197","R.3.315","Up to 250A, 3P, 3-way ","ea.",7]
[null,"3.198","R.3.316","Up to 500A, 3P, 3-way","ea.",7]
[null,null,"R.3.317","BY-PASS SWITCH IN GENERATOR CHANGE OVER PANEL ",null,0]
[null,null,"R.3.318",null,null,0]
[null,"3.199","R.3.319","Up to 100A, 3P","ea.",3]
[null,"3.200","R.3.320","Up to 160A, 3P","ea.",3]
[null,"3.201","R.3.321","Up to 250A, 3P","ea.",3]
[null,"3.202","R.3.322","Up to 500A, 3P","ea.",3]
[null,"3.203","R.3.323","Up to 630A, 3P","ea.",3]
[null,null,"R.3.325","TIMER",null,0]
[null,"3.204","R.3.326","Rail mounted timer","ea.",12]
[null,null,"R.3.327","SURGE PROTECTION IN DISTRIBUTION BOARDS",null,0]
[null,null,"R.3.328",null,null,0]
[null,"3.206","R.3.330","Lightning protection surge arrester - 1P 20kA","ea",42]
[null,null,"R.3.331","230V/12/24V TRANSFORMER",null,0]
[null,"3.207","R.3.332","Supply and replace 300VA 230/24V or 230/12V isolation transformer.","ea.",12]
[null,null,"R.3.333","kVA and kWh METERS ",null,0]
[null,null,"R.3.334",null,null,0]
[null,"3.208",null,"Three Phase Power Quality Meter: Electronic3-phase:-LCD display-1//5A, 63/110..230/400V, 50 Hz-Class 0.5-Bi-directional (kWh+; kWh) active energy, 4-quadrant reactive energy, Max Demand-Multi-rate, Real-time clock &historical registers-Load profile-Optical communication &Communication modules-Pulse output","ea.",7]
[null,"3.209","R.3.335","Three phase 40 - 100A surface mounted kVA meter","ea.",1]
[null,"3.210","R.3.336","Single phase 20 - 80A surface mounted kWh","ea.",1]
[null,"3.211","R.3.337","Three phase 40A - 100A surface mounted kWh","ea.",1]
[null,"3.212","R.3.338","Single phase 65A rail mounted (1P+N) kWh","ea.",1]
[null,"3.213","R.3.339","Three phase 65A rail mounted (3P+N) kWh","ea.",1]
[null,null,"R.3.340","REPLACE METERING CURRENT TRANSFORMERS",null,0]
[null,null,"R.3.341",null,null,0]
[null,"3.213","R.3.342","Up to 650:5A","ea.",9]
[null,"3.214","R.3.343","Up to 500:5A","ea.",9]
[null,"3.215","R.3.344","Up to 300:5A","ea.",3]
[null,"3.216","R.3.345","Up to 100:5A","ea.",17]
[null,null,"R.3.346","INDICATING METERS IN KIOSKS/DISTRIBUTION BOARDS",null,0]
[null,"3.217","R.3.347","Indicating AC volt meter","ea.",22]
[null,"3.218","R.3.348","Direct and maximum demand indicating AC ammeter","ea.",22]
[null,"3.219","R.3.349","DC volt meter","ea.",22]
[null,"3.220","R.3.350","Direct indicating DC ammeter (96x96).","ea.",22]
[null,null,"R.3.351","VOLT METER ROTARY SWITCH",null,0]
[null,"3.221","R.3.352","7-way volt meter rotary switch ","ea.",22]
[null,null,"R.3.353","TERMINAL BLOCKS",null,0]
[null,null,"R.3.354","Din rail mounted terminal blocks",null,0]
[null,"3.222","R.3.355","Terminal blocks up to 15A - 2.5mm² wire p.m","ea.",22]
[null,"3.223","R.3.356","Terminal blocks up to 30A - 6mm² wire p.m","ea.",22]
[null,"3.224","R.3.357","Terminal blocks up to 60A - 16mm² wire p.m","ea.",22]
[null,"3.225","R.3.358","Terminal blocks up to 80A - 25mm² wire p.m","ea.",22]
[null,"3.226","R.3.359","Terminal blocks up to 150A - 70mm² wire p.m","ea.",22]
[null,"3.227","R.3.360","Terminal blocks up to 225A - 120mm² wire p.m","ea.",22]
[null,null,"R.3.361","PIN INSULATORS",null,0]
[null,null,"R.3.362",null,null,0]
[null,"3.228","R.3.363","Up to 60A pin insulators","ea.",0]
[null,"3.229","R.3.364","Up to 100A pin insulators","ea.",0]
[null,"3.230","R.3.365","Up to 200A pin insulators","ea.",0]
[null,"3.231","R.3.366","Up to 400A pin insulators","ea.",0]
[null,"3.232","R.3.367","Up to 600A pin insulators","ea.",0]
[null,null,"R.3.368","TRACING OF CIRCUITS AND PRINTING OF LEGEND CARDS",null,0]
[null,"3.233","R.3.369","Trace existing circuits for each Distribution Board.","ea.",106]
[{"$nulls":3},"Supply and install Legend card ","ea.",106]
[null,null,"R.3.370","AS BUILT DRAWINGS IN KIOSKS AND DISTRIBUTION BOARDS",null,0]
[null,null,"R.3.371"," \"As Built\" ",null,0]
[null,"3.234","R.3.372","A4 paper size  \"As Built\" ","ea.",106]
[null,"3.235","R.3.373","A3 paper size \"As Built\" ","ea.",106]
[null,null,"R.3.374","LAMINATED  CIRCUIT LABEL",null,0]
[null,"3.236","R.3.375","New label - minimum 9mm with 5mm letter height, Brother P-Touch ","ea.",316]
[null,null,"R.3.376","CONDUIT AND ACCESSORIES",null,0]
[null,null,"R.3.377",null,null,0]
[null,null,"R.3.378",null,null,0]
[null,"3.237","R.3.381","32mm dia PVC conduit chased into a wall","m",22]
[null,"3.238","R.3.382","25mm dia PVC conduit chased into a wall.","m",64]
[null,"3.239","R.3.383","20mm dia PVC conduit chased into a wall.","m",74]
[null,null,"R.3.384",null,null,0]
[null,"3.240","R.3.385","50mm dia PVC conduit surface in roof space. ","m",64]
[null,"3.241","R.3.387","32mm dia PVC conduit surface in roof space.","m",64]
[null,"3.242","R.3.388","25mm dia PVC conduit surface in roof space.","m",84]
[null,"3.243","R.3.389","20mm dia PVC conduit surface in roof space.","m",420]
[null,null,"R.3.390","conduit surface inside.",null,0]
[null,"3.244","R.3.392","32mm dia PVC conduit surface inside on wall etc.","m",42]
[null,"3.245","R.3.393","25mm dia PVC conduit surface inside on wall etc.","m",74]
[null,"3.246","R.3.394","20mm dia PVC conduit surface inside on wall etc.","m",148]
[null,null,"R.3.395","Galvanised surface outside",null,0]
[null,"3.247","R.3.397","32mm dia galvanised conduit surface outside.","m",22]
[null,"3.248","R.3.398","25mm dia galvanised conduit surface outside.","m",42]
[null,"3.249","R.3.399","20mm dia galvanised conduit surface outside.","m",42]
[null,null,"R.3.400","Slow bends for conduit",null,0]
[null,"3.250","R.3.402","32mm dia galvanised conduit slow bend in roof space.","ea",7]
[null,"3.251","R.3.403","50mm dia PVC conduit slow bend in roof space. ","ea",7]
[null,"3.252","R.3.404","32mm dia PVC conduit slow bend in roof space.","ea",7]
[null,"3.253","R.3.405","50mm dia PVC conduit slow bend chased into a wall and floor. ","ea",7]
[null,"3.254","R.3.406","32mm dia PVC conduit slow bend chased into a wall and floor.","ea",7]
[null,null,"R.3.407","2.5m long PVC flexible conduit",null,0]
[null,"3.255","R.3.408","32mm dia 2.5m long PVC flexible conduit connection including adaptors.","m",12]
[null,"3.256","R.3.409","25mm dia 2.5m long PVC flexible conduit connection including adaptors.","m",22]
[null,"3.257","R.3.410","20mm dia 2.5m long PVC flexible conduit connection including adaptors.","m",32]
[null,null,"R.3.411","2.5m long steel PVC coated flexible",null,0]
[null,"3.258","R.3.412","32mm dia 2.5m long steel PVC coated flexible conduit connection including adaptors.","ea",7]
[null,"3.259","R.3.413","25mm dia 2.5m long steel PVC coated flexible conduit connection including adaptors.","ea.",7]
[null,"3.260","R.3.414","20mm dia 2.5m long steel PVC coated flexible conduit connection including adaptors.","ea.",12]
[null,null,"R.3.415","CONDUIT BOXES",null,0]
[null,null,"R.3.416",null,null,0]
[null,null,"R.3.417",null,null,0]
[null,"3.261","R.3.418","20 and 25mm dia round galvanised steel,1-4 way or back entry - chased into a wall ","ea.",54]
[null,"3.262","R.3.419","100x50mm  galvanised steel - chased into a wall ","ea.",168]
[null,"3.263","R.3.420","100x100mm galvanised steel - chased into a wall  ","ea.",126]
[null,null,"R.3.425",null,null,0]
[null,"3.264","R.3.426","20 and 25mm dia galvanised steel round box - in roof space","ea.",32]
[null,"3.265","R.3.427","100x50mm galvanised - in roof space ","ea.",32]
[null,"3.266","R.3.428","100x100mm galvanised - in roof space ","ea.",32]
[null,"3.267","R.3.429","150 x 150 x 100 mm galvanised with lid - in roof space","ea.",7]
[null,"3.268","R.3.430","200 x 200 x 100 mm galvanised with lid - in roof space ","ea.",42]
[null,"3.269","R.3.431","300 x 300 x 150 mm galvanised with lid - in roof space ","ea.",12]
[null,null,"R.3.433",null,null,0]
[null,"3.270","R.3.434","20 and 25mm dia galvanised steel round - installed surface. ","ea.",42]
[null,"3.271","R.3.435","100x50mm galvanised - installed surface.","ea.",22]
[null,"3.272","R.3.436","100x100mm galvanised - installed surface. ","ea.",32]
[null,null,"R.3.441",null,null,0]
[null,"3.273","R.3.442","20 and 25mm dia round PVC - chased into a wall.","ea.",32]
[null,"3.274","R.3.443","100x50mm  PVC - chased into a wall.","ea.",42]
[null,"3.275","R.3.444","100x100mm PVC - chased into a wall. ","ea.",84]
[null,null,"R.3.445",null,null,0]
[null,"3.276","R.3.446","20 and 25mm dia PVC round box - in roof space.","ea.",210]
[null,"3.277","R.3.447","100x50mm PVC - in roof space.","ea.",42]
[null,"3.278","R.3.448","100x100mm PVC - in roof space.  ","ea.",42]
[null,null,"R.3.449",null,null,0]
[null,"3.279","R.3.450","20 and 25mm dia PVC round box - surface as draw box.","ea.",42]
[null,"3.280","R.3.451","100x50mm PVC - surface as draw box. ","ea.",42]
[null,"3.281","R.3.452","100x100mm PVC - surface as draw box. ","ea.",64]
[null,null,"R.3.453","EXTENSION BOXES",null,0]
[null,null,"R.3.454",null,null,0]
[null,"3.282","R.3.455","100 x 50 x 50mm - metal extension boxes.  ","ea.",54]
[null,"3.283","R.3.456","100 x 100 x 50mm - metal extension boxes.","ea.",54]
[null,null,"R.3.457",null,null,0]
[null,"3.284","R.3.458","100 x 50 x 50mm PVC extension boxes","ea.",64]
[null,"3.285","R.3.459","100 x 100 x 50mm PVC extension boxes","ea.",64]
[null,null,"R.3.460","CONDUIT BOX COVER PLATES",null,0]
[null,null,"R.3.461",null,null,0]
[null,"3.286","R.3.462","Blank galvanised round box cover plates. ","ea.",32]
[null,"3.287","R.3.463","Blank white or ivory round box cover plates. ","ea.",64]
[null,"3.288","R.3.464","Blank PVC round box cover plates. ","ea.",64]
[null,"3.289","R.3.465","Blank galvanised over size round box cover plates. ","ea.",22]
[null,"3.290","R.3.466","Blank over size white or ivory round box cover plates. ","ea.",22]
[null,"3.291","R.3.467","Blank PVC over size round box cover plates. ","ea.",22]
[null,"3.292","R.3.468","Blank 100x50 white or ivory cover plates PVC or steel.","ea.",42]
[null,"3.293","R.3.469","Blank 100x100 white or ivory cover plates PVC or steel.","ea.",64]
[null,null,"R.3.473","POWER SKIRTING AND POWER TRUNKING",null,0]
[null,null,"R.3.474","METAL POWER SKIRTING",null,0]
[null,null,"R.3.475","(Brand name/codes are based on equipment found on site. Similar approved equal products shall be accepted)",null,0]
[null,"3.294","R.3.476","Single compartment P802  - installed on a wall.   ","m",42]
[null,"3.295","R.3.477","Two compartment P801  - installed on a wall","m",106]
[null,"3.296","R.3.478","Galvanised wiring duct P8000 in roof space","m",42]
[null,"3.297","R.3.479","Galvanised wiring duct P9000 in roof space.","m",42]
[null,"3.298","R.3.480","Galvanised P2000 wiring channel in roof space.","m",106]
[null,null,"R.3.481","Replace an existing or provide and install the following new 90° flat elbow for the following:",null,0]
[null,"3.299","R.3.482","P802 90° flat elbow. ","ea.",12]
[null,"3.300","R.3.483","P801  90° flat elbow.","ea.",12]
[null,"3.301","R.3.484","P8000  90° flat elbow. ","ea.",12]
[null,"3.302","R.3.485","P9000  90° flat elbow. ","ea.",12]
[null,null,"R.3.486","Replace an existing or provide and install the following new 90° inner- or outer corner piece for the following metal power skirting or power trunking:",null,0]
[null,"3.303","R.3.487","P802 90° inner- or outer corner piece.  ","ea.",12]
[null,"3.304","R.3.488","P801 90° inner- or outer corner piece. ","ea.",12]
[null,"3.305","R.3.489","P8000 90° inner- or outer corner piece","ea.",12]
[null,"3.306","R.3.490","P9000 90° inner- or outer corner piece.  ","ea.",12]
[null,null,"R.3.491","Replace an existing or provide and install the following new end-caps for the following metal power skirting or power trunking:",null,0]
[null,"3.307","R.3.492","P802 end-caps.  ","ea.",22]
[null,"3.308","R.3.493","P801 end-caps. ","ea.",22]
[null,"3.309","R.3.494","P8000 end-caps.","ea.",22]
[null,"3.310","R.3.495","P9000 end-caps.  ","ea.",22]
[null,null,"R.3.496","PVC POWER SKIRTING",null,0]
[null,null,"R.3.512","Cabstrut Jupiter ",null,0]
[{"$nulls":3},"(Brand name/codes are based on equipment found on site. Similar approved equal products shall be accepted)"]
[null,"3.311","R.3.513","Single cover single compartment PVC (BD152).","m",106]
[null,"3.312","R.3.514","Two compartment, two cover  PVC (BD162).","m",106]
[null,null,"R.3.515","90° inner- or outer corner piece for the following PVC power skirting:",null,0]
[null,"3.313","R.3.516","Single cover single compartment PVC(BD152 )90° inner- or outer corner piece.","ea.",54]
[null,"3.314","R.3.517","Two compartment, two cover  PVC (BD162) 90° inner- or outer corner piece.","ea.",64]
[null,null,"R.3.518","end-caps",null,0]
[null,"3.315","R.3.519","Single cover single compartment PVC  (BD152) end-caps.","ea.",42]
[null,"3.316","R.3.520","Two compartment, two cover  PVC (BD162) end-caps.","ea.",42]
[null,null,"R.3.521","HOLES THROUGH WALLS FOR POWER SKIRTING",null,0]
[null,null,"R.3.522",null,null,0]
[null,"3.317","R.3.523","110mm brick wall","ea.",22]
[null,"3.318","R.3.524","220mm brick wall","ea.",22]
[null,null,"R.3.525","PVC DUCTING",null,0]
[null,null,"R.3.526","(Brand name/codes are based on equipment found on site. Similar approved equal products shall be accepted)",null,0]
[null,"3.319","R.3.527","YT1 ducting","m",106]
[null,"3.320","R.3.528","YT2 ducting","m",106]
[null,"3.321","R.3.529","YT3 ducting","m",106]
[null,"3.322","R.3.530","YT4 ducting","m",106]
[null,"3.323","R.3.531","YT5 ducting","m",42]
[null,null,"R.3.533","End cap for PVC ducting",null,0]
[null,"3.324","R.3.534","End cap for YT1 ","ea.",42]
[null,"3.325","R.3.535","End cap for YT2","ea.",42]
[null,"3.326","R.3.536","End cap for YT3","ea.",42]
[null,"3.327","R.3.537","End cap for YT4","ea.",42]
[null,"3.328","R.3.538","End cap for YT5","ea.",12]
[null,null,"R.3.540","CABLE TRAY",null,0]
[null,null,"R.3.541","surface mounted",null,0]
[null,"3.329","R.3.542","50mm in roof space or surface mounted.","m",168]
[null,"3.330","R.3.543","76mm in roof space or surface mounted.","m",168]
[null,"3.331","R.3.544","100mm in roof space or surface mounted.","m",168]
[null,"3.332","R.3.545","150mm in roof space or surface mounted.","m",168]
[null,"3.333","R.3.546","200mm in roof space or surface mounted.","m",168]
[null,null,"R.3.547","PVC INSULATED CONDUCTOR",null,0]
[null,null,"R.3.548",null,null,0]
[null,"3.334","R.3.550","35mm² PVC conductors","m",126]
[null,"3.335","R.3.551","25mm² PVC conductors","m",126]
[null,"3.336","R.3.552","16mm² PVC conductors","m",126]
[null,"3.337","R.3.553","10mm² PVC conductors","m",126]
[null,"3.338","R.3.554","6mm² PVC conductors","m",126]
[null,"3.339","R.3.555","4mm² PVC conductors","m",168]
[null,"3.340","R.3.556","2,5mm² PVC conductors","m",{"v":1260,"d":"1,260"}]
[null,"3.341","R.3.557","1.5mm² PVC conductors","m",{"v":1260,"d":"1,260"}]
[null,null,"R.3.558","BARE COPPER EARTH CONDUCTOR",null,0]
[null,null,"R.3.559",null,null,0]
[null,"3.342","R.3.560","25 mm² bare copper earth conductors.","m",210]
[null,"3.343","R.3.561","16 mm² bare copper earth conductors.","m",210]
[null,"3.344","R.3.562","10 mm² bare copper earth conductors.","m",420]
[null,"3.345","R.3.563","6 mm² bare copper earth conductors.","m",210]
[null,"3.346","R.3.564","4.0 mm² bare copper earth conductors.","m",420]
[null,"3.347","R.3.565","2.5 mm² bare copper earth conductors.","m",{"v":4200,"d":"4,200"}]
[null,null,"R.3.566","PVC INSULATED EARTH CONDUCTOR",null,0]
[null,null,"R.3.567",null,null,0]
[null,"3.348","R.3.568","10 mm² PVC insulated earth conductor","m",210]
[null,"3.349","R.3.569","6 mm² PVC insulated earth conductor","m",210]
[null,"3.350","R.3.570","4 mm² PVC insulated earth conductor","m",420]
[null,"3.351","R.3.571","2.5 mm² PVC insulated earth conductor","m",420]
[null,null,"R.3.572","DRAW WIRE",null,0]
[null,"3.352","R.3.573","1,5mm² rust proof draw wire ","m",210]
[null,"3.353","R.3.574","2mm² rust proof draw wire ","m",210]
[null,null,"R.3.575","TRAILING CABLES",null,0]
[null,null,"R.3.576",null,null,0]
[null,"3.354","R.3.577","2.5mm² x 4 core copper trailing cable.","m",0]
[null,"3.355","R.3.578","2.5mm² x 7 core copper trailing cable","m",0]
[null,"3.356","R.3.579","4.0mm² x 4 core copper trailing cable","m",0]
[null,"3.357","R.3.580","6.0mm² x 3 core copper trailing cable","m",0]
[null,"3.358","R.3.581","10mm² x 3 core copper trailing cable","m",0]
[null,null,"R.3.582",null,null,0]
[null,"3.359","R.3.583","Gripper gland for a 2.5mm² x 4 core trailing cable.","ea.",0]
[null,"3.360","R.3.584","Gripper gland for a 2.5mm² x 7 core trailing cable.","ea",0]
[null,"3.361","R.3.585","Gripper gland for a 4.0mm² x 4 core trailing cable.","ea.",0]
[null,"3.362","R.3.586","Gripper gland for a 6.0mm² x 3 core trailing cable.","ea.",0]
[null,"3.363","R.3.587","Gripper gland for a 10mm² x 3 core trailing cable.","ea.",0]
[null,null,"R.3.588","SCREENED WIRING",null,0]
[null,null,"R.3.589",null,null,0]
[null,"3.364","R.3.590","1,5mm² x 2 core + E - Surfix","m",210]
[null,"3.365","R.3.591","1,5mm² x 4 core + E - Surfix","m",106]
[null,"3.366","R.3.592","2,5mm² x 2 core + E - Surfix","m",316]
[null,"3.367","R.3.593","2,5mm² x 4 core + E - Surfix","m",168]
[null,"3.368","R.3.594","4mm² x 2 core + E - Surfix","m",168]
[null,"3.369","R.3.595","4mm² x 4 core + E - Surfix","m",168]
[null,null,"R.3.598",null,null,0]
[null,"3.370","R.3.599","Gripper gland for a 1,5mm² x 2 core + E - Surfix cable.","ea",64]
[null,"3.371","R.3.600","Gripper gland for a 1,5mm² x 4 core + E - Surfix cable.","ea",12]
[null,"3.372","R.3.601","Gripper gland for a 2,5mm² x 2 core + E - Surfix cable.","ea",64]
[null,"3.373","R.3.602","Gripper gland for a 2,5mm² x 4 core + E - Surfix cable.","ea",42]
[null,"3.374","R.3.603","Gripper gland for a 4mm² x 2 core + E - Surfix cable.","ea",42]
[null,"3.375","R.3.604","Gripper gland for a 4mm² x 4 core + E - Surfix cable.","ea",42]
[null,null,"R.3.607","FLAT TWIN AND EARTH WIRING",null,0]
[null,null,"R.3.608",null,null,0]
[null,"3.376","R.3.609","1,5mm² x 2 core + E - twin and earth","m",630]
[null,"3.377","R.3.610","2,5mm² x 2 core + E - twin and earth","m",{"v":1050,"d":"1,050"}]
[null,"3.378","R.3.611","4mm² x 2 core + E - twin and earth","m",840]
[null,null,"R.3.613",null,null,0]
[null,"3.379","R.3.614","Gripper gland for 1,5mm² x 2 core + E - twin and earth","ea.",64]
[null,"3.380","R.3.615","Gripper gland for 2,5mm² x 2 core + E - twin and earth","ea.",126]
[null,"3.381","R.3.616","Gripper gland for 4mm² x 2 core + E - twin and earth","ea.",42]
[null,null,"R.3.618","CABTYRE FLEX",null,0]
[null,null,"R.3.619","(Brand name/codes are based on equipment found on site. Similar approved equal products shall be accepted)",null,0]
[null,"3.382","R.3.620","1,0 mm² x 3 core (2 + E) Cabtyre flex.","m",12]
[null,"3.383","R.3.622","1,5 mm² x 3 core (2 + E) Cabtyre flex.","m",12]
[null,"3.384","R.3.623","1,5 mm² x 5 core (4 + E) Cabtyre flex.","m",12]
[null,"3.385","R.3.624","2,5 mm² x 3 core (2 + E) Cabtyre flex.","m",12]
[null,"3.386","R.3.625","2,5 mm² x 5 core (4 + E) Cabtyre flex.","m",12]
[null,"3.387","R.3.626","2.5 mm² x 7 core (6 + E) Cabtyre flex.","m",12]
[null,null,"R.3.628","WELDING CABLE",null,0]
[null,null,"R.3.629",null,null,0]
[null,"3.388","R.3.630","95mm² welding cable inside a distribution board.","m",0]
[null,"3.389","R.3.631","70mm² welding cable inside a distribution board.","m",0]
[null,"3.390","R.3.632","50mm² welding cable inside a distribution board.","m",0]
[null,null,"R.3.633","LIGHT FITTINGS",null,0]
[null,null,"R.3.634","(Brand name/codes are based on equipment found on site. Similar approved equal products shall be accepted)",null,0]
[null,null,"R.3.635","Type A",null,0]
[null,"3.391","R.3.636","Fluorescent - 2 x 58W industrial type open channel (wings) - conventional ballast.","ea.",0]
[null,null,"R.3.637","Type B",null,0]
[null,"3.392","R.3.638","Fluorescent - 2 x 58W industrial type open channel (wings) - electronic ballast.","ea.",126]
[null,null,"R.3.639","Type C",null,0]
[null,"3.393","R.3.640","Fluorescent - 1x58W open channel - conventional ballast.","ea.",0]
[null,null,"R.3.641","Type D",null,0]
[null,"3.394","R.3.642","Fluorescent 1x58W open channel - electronic ballast. ","ea.",64]
[null,null,"R.3.643","Type E",null,0]
[null,"3.395","R.3.644","Fluorescent - 2 x 58W open channel - conventional ballast.","ea.",0]
[null,null,"R.3.645","Type F",null,0]
[null,"3.396","R.3.646","Fluorescent - 2 x 58W open channel - electronic ballast.","ea.",64]
[null,null,"R.3.647","Type G",null,0]
[null,"3.397","R.3.648","Fluorescent - 1 x 36W open channel - conventional ballast.","ea.",0]
[null,null,"R.3.649","Type H",null,0]
[null,"3.398","R.3.650","Fluorescent - 1 x 36W open channel - electronic ballast.","ea.",64]
[null,null,"R.3.651","Type I",null,0]
[null,"3.399","R.3.652","Fluorescent - 2 x 36W open channel - conventional ballast.","ea.",0]
[null,null,"R.3.653","Type J      ",null,0]
[null,"3.400","R.3.654","Fluorescent - 2 x 36W open channel - electronic ballast.","ea.",64]
[null,null,"R.3.655","Type K     ",null,0]
[null,"3.401","R.3.656","Fluorescent, theatre ambient - 1,5m - conventional ballasts and  2x58W cool white lamps.","ea.",0]
[null,null,"R.3.657","Type L",null,0]
[null,"3.402","R.3.658","Fluorescent, theatre ambient - 1,5m - electronic ballasts and 2x58W.","ea.",12]
[null,null,"R.3.659","Type M",null,0]
[null,"3.403","R.3.660","Fluorescent, theatre ambient - 1,2m - conventional ballasts and 2x36W. ","ea.",0]
[null,null,"R.3.661","Type N",null,0]
[null,"3.404","R.3.662","Fluorescent, theatre ambient - 1,2m - electronic ballasts and 2x36W. ","ea.",22]
[null,null,"R.3.663","Type O     ",null,0]
[null,"3.405","R.3.664","Emergency fluorescent - 2 x 58W open channel - electronic ballasts.","ea.",7]
[null,null,"R.3.665","Type P    ",null,0]
[null,"3.406","R.3.666","Emergency fluorescent - 2 x 36W open channel - electronic ballasts.","ea.",12]
[null,null,"3.666.1","Type P.1",null,0]
[null,"3.407","3.666.2","Emergency fluorescent luminaire 2 x 10W - WACO.","ea.",12]
[null,null,"R.3.667","Type Q",null,0]
[null,"3.408","R.3.668","Corrosion proof fluorescent - - water tight diffuser, conventional ballast, 2 x 58W.","ea.",0]
[null,null,"R.3.669","Type R",null,0]
[null,"3.409","R.3.670","Corrosion proof fluorescent -, water tight diffuser, electronic ballast 2 x 58W. ","ea.",32]
[null,null,"R.3.671","Type S",null,0]
[null,"3.410","R.3.672","Corrosion proof fluorescent - water tight diffuser, conventional ballast, 1 x 58W. ","ea.",0]
[null,null,"R.3.673","Type T",null,0]
[null,"3.411","R.3.674","Corrosion proof fluorescent - water tight diffuser, electronic ballast, 1 x 58W.","ea.",12]
[null,null,"R.3.675","Type U",null,0]
[null,"3.412","R.3.676","Corrosion proof fluorescent -, water tight diffuser, conventional ballast, 2 x 36W. ","ea.",0]
[null,null,"R.3.677","Type V",null,0]
[null,"3.413","R.3.678","Corrosion proof fluorescent - water tight diffuser, electronic ballast, 2 x 36W.","ea.",32]
[null,null,"R.3.679","Type W",null,0]
[null,"3.414","R.3.680","Corrosion fluorescent -,water tight diffuser, conventional ballast, 1 x 36W. ","ea.",0]
[null,null,"R.3.681","Type X",null,0]
[null,"3.415","R.3.682","Corrosion proof fluorescent -, water tight diffuser, electronic ballast, 1 x 36W.","ea.",22]
[null,null,"R.3.683","Type Y",null,0]
[null,"3.416","R.3.684","Flame proof fluorescent electronic ballasts, 2x36W. ","ea.",12]
[null,null,"R.3.689","Type AB",null,0]
[null,"3.417","R.3.690","Fluorescent - recessed 1200mmx600mm,low brightness diffuser, conventional ballast 3x36W. ","ea.",0]
[null,null,"R.3.691","Type AC",null,0]
[null,"3.418","R.3.692","Fluorescent - recessed 1200mmx600mm - low brightness diffuser, electronic ballast and 3x36W. ","ea.",42]
[null,null,"R.3.693","Type AD",null,0]
[null,"3.419","R.3.694","Fluorescent - recessed 600mmx600mm - low brightness diffuser, conventional ballast and 3x18W.","ea.",0]
[null,null,"R.3.695","Type AE",null,0]
[null,"3.420","R.3.696","Fluorescent - recessed 600mmx600mm - low brightness diffuser, electronic ballast and 3x18W. ","ea.",22]
[null,null,"R.3.697","Type AF",null,0]
[null,"3.421","R.3.698","Fluorescent - recessed 1200mmx600mm - acrylic, prismatic diffuser, conventional ballast and 3x36W. ","ea.",0]
[null,null,"R.3.699","Type AG",null,0]
[null,"3.422","R.3.700","Fluorescent - recessed decorative 1200mmx600mm acrylic, prismatic diffuser, electronic ballast and 3x36W. ","ea.",54]
[null,null,"R.3.701","Type AH",null,0]
[null,"3.423","R.3.702","Fluorescent - recessed 1200mmx600mm - single parabolic white louvre - 12 cross blades, conventional ballast and 3x36W. ","ea.",0]
[null,null,"R.3.703","Type AI",null,0]
[null,"3.424","R.3.704","Fluorescent - recessed 1200mmx600mm - single parabolic white louvre - 12 cross blades, electronic ballast and 3x36W. ","ea.",32]
[null,null,"R.3.705","Type AJ",null,0]
[null,"3.425","R.3.706","Fluorescent - recessed 600mmx600mm - single parabolic white louvre - 6 cross blades, conventional ballast and 3x18W. ","ea.",0]
[null,null,"R.3.707","Type AK",null,0]
[null,"3.426","R.3.708","Fluorescent - recessed 600mmx600mm - single parabolic white louvre - 6 cross blades, electronic ballast and 3x18W. ","ea.",22]
[null,null,"R.3.709","Type AL",null,0]
[null,"3.427","R.3.710","Fluorescent - surface mounted - low brightness diffuser, conventional ballast, 2x58W. ","ea.",0]
[null,null,"R.3.711","Type AM",null,0]
[null,"3.428","R.3.712","Fluorescent - surface mounted - low brightness diffuser, electronic ballast, 2x58W.","ea.",42]
[null,null,"R.3.713","Type AN",null,0]
[null,"3.429","R.3.714","Fluorescent - surface mounted - low brightness diffuser, conventional ballast, 3x36W. ","ea.",0]
[null,null,"R.3.715","Type AO",null,0]
[null,"3.430","R.3.716","Fluorescent - surface mounted - low brightness diffuser, electronic ballast, 3x36W. ","ea.",32]
[null,null,"R.3.717","Type AP",null,0]
[null,"3.431","R.3.718","Fluorescent - surface mounted - acrylic prismatic diffuser, conventional ballast, 2x58W. ","ea.",0]
[null,null,"R.3.719","Type AQ",null,0]
[null,"3.432","R.3.720","Fluorescent - surface mounted - acrylic prismatic diffuser, electronic ballast, 2x58W. ","ea.",22]
[null,null,"R.3.721","Type AR",null,0]
[null,"3.433","R.3.722","Fluorescent - surface mounted - acrylic prismatic diffuser, conventional ballast, 3x36W. ","ea.",0]
[null,null,"R.3.723","Type AS",null,0]
[null,"3.434","R.3.724","Fluorescent - surface mounted - acrylic prismatic diffuser, electronic ballast, 3x36W. ","ea.",22]
[null,null,"R.3.725","Type AT",null,0]
[null,"3.435","R.3.726","Fluorescent - surface mounted - acrylic prismatic diffuser, conventional ballast, 2x36W. ","ea.",0]
[null,null,"R.3.727","Type AU",null,0]
[null,"3.436","R.3.728","Fluorescent - surface mounted - acrylic prismatic diffuser, electronic ballast, 2x36W. ","ea.",32]
[null,null,"R.3.729","Type AV",null,0]
[null,"3.437","R.3.730","Bowl type 200 dia glass IP55 bathroom fitting 20W energy saving BC/ES lamp.","ea.",12]
[null,null,"R.3.731","Type AW",null,0]
[null,"3.438","R.3.732","Bowl type 150, polycarbonate 13W energy saving BC/ES lamp.","ea.",12]
[null,null,"R.3.733","Type AX",null,0]
[null,"3.439","R.3.734","Bowl type polycarbonate 200, 20W energy saving.","ea.",42]
[null,null,"R.3.735","Type AY",null,0]
[null,"3.440","R.3.736","Bowl type open bowl 150 dia polycarbonate bathroom fitting 13W energy saving","ea.",42]
[null,null,"R.3.737","Type AZ",null,0]
[null,"3.441","R.3.738","Bowl type open bowl 200 dia polycarbonate bathroom fitting 20W energy saving ","ea.",42]
[null,null,"R.3.739","Type BA",null,0]
[null,"3.442","R.3.740","Pendant. 1 light complete 13W, 15W or 20W energy saving BC/ES lamp.","ea.",7]
[null,null,"R.3.741","Type BB",null,0]
[null,"3.443","R.3.742","Pendant 2 light 13W, 15W or 20W energy saving BC/ES lamps.","ea.",7]
[null,null,"R.3.743","Type BC",null,0]
[null,"3.444","R.3.744","Pendant 3 light 13W, 15W or 20W energy saving BC/ES lamps.","ea.",7]
[null,null,"R.3.747","Type BE",null,0]
[null,"3.445","R.3.748","Incandescent external water tight - bottle type glass 13W, 15W or 20W energy saving BC/ES lamp.","ea.",0]
[null,null,"R.3.749","Type BF",null,0]
[null,"3.446","R.3.750","Bulkhead luminaire with 2xTC9W lamps, 2-ballasts, ","ea.",126]
[null,null,"R.3.751","Type BG",null,0]
[null,"3.447","R.3.752","Bulkhead luminaire with 1xTC-D 26W lamp, ","ea.",12]
[null,null,"R.3.753","Type BH",null,0]
[null,"3.448","R.3.754","Bulkhead wall mounted light fitting - type BEKA AZIMUTH 125W MV.","ea.",0]
[null,null,"R.3.755","Type BI",null,0]
[null,"3.449","R.3.756","Bulkhead wall mounted light fitting - type BEKA AZIMUTH 2xTC-D 26W lamps.","ea.",12]
[null,null,"R.3.757","Type BJ",null,0]
[null,"3.450","R.3.758","Bulkhead wall mounted, rectangular - opal diffuser - BEKA 41126 with TC-D 26W lamp.","ea.",32]
[null,null,"R.3.759","Type BK",null,0]
[null,"3.451","R.3.760","Recessed downlighter - 1xTC-D 26W, 2m cord set including 5A 3-pin plug top. ","ea.",12]
[null,null,"R.3.761","Type BL",null,0]
[null,"3.452","R.3.762","Recessed downlighter - 2xTC-D 26W, 2m cord set including 5A 3-pin plug top.","ea.",42]
[null,null,"R.3.763","Type BM",null,0]
[null,"3.453","R.3.764","Downlighter - 1 x 5W PL lamp - in the ceiling with 2m cord set including 5A 3-pin plug top.","ea.",7]
[null,null,"R.3.765","Type BN",null,0]
[null,"3.454","R.3.766","Surface downlighter - 1xTC-D 26W compact fluorescent lamp.","ea.",7]
[null,null,"R.3.767","Type BO",null,0]
[null,"3.455","R.3.768","Safe light - red surface (max 120x120mm) with 230V LED/s.","ea.",7]
[null,null,"R.3.769","Type BP",null,0]
[null,"3.456","R.3.770","Emergency exit luminaire, charge indicating LED,  1x26W PL lamp.","ea.",12]
[null,null,"R.3.771","Type BQ",null,0]
[null,"3.457","R.3.772","Infra red dark room,  safe light. 15W 230V \"Pearl\" type pygmy ES lamp cord set - 5A 3-pin plug top.","ea.",7]
[null,null,"R.3.773","Type BR",null,0]
[null,"3.458","R.3.774","Over door or ceiling mounted prism LED lamp.","ea.",12]
[null,null,"R.3.774.1","Type BR.1",null,0]
[null,"3.459","R.3.774.2"," Flood light wall mounted,  70W MH (external igniter).","ea."]
[null,null,"R.3.775","Type BS"]
[null,"3.460","R.3.776"," Flood light wall mounted,  70W HPS (external igniter).","ea."]
[null,null,"R.3.777","Type BT"]
[null,"3.461","R.3.778","Flood light wall mounted, 100W metal halide lamp. ","ea."]
[null,null,"R.3.778.1","Type BT.1"]
[null,"3.462","R.3.778.2","Flood light wall mounted, BEKAMAX-F-250W     MH-T. ","ea."]
[null,null,"R.3.779","Type BU"]
[null,"3.463","R.3.780","Flood light wall mounted, BEKAMAX-F-250W HPS/T. ","ea."]
[null,null,"R.3.781","Type BV"]
[null,"3.464","R.3.782","Flood light pole or wall mounted, BEKABEAM-250W HPS/T. ","ea."]
[null,null,"R.3.783","Type BW"]
[null,"3.465","R.3.784","Flood light pole or wall mounted, BEKABEAM-400W HPS/T. ","ea."]
[null,null,"R.3.785","Type BX"]
[null,"3.466","R.3.786","Flood light pole or wall mounted, BEKABEAM-250W MH-T.","ea."]
[null,null,"R.3.786.1","Type BX.1"]
[null,"3.467","R.3.786.2","Flood light pole or wall mounted, BEKABEAM-400W MH-T. ","ea."]
[null,null,"R.3.793","Type CB"]
[null,"3.468","R.3.794","Post top BEKARAY 100W MH.  ","ea."]
[null,null,"R.3.795","Type CD"]
[null,"3.469","R.3.796","Post top  BEKARAY  70W HPS.  ","ea."]
[null,null,"R.3.797","Type CE"]
[null,"3.470","R.3.798","Post top  BEKARAY 100W HPS.  ","ea."]
[null,null,"R.3.798.1","Type CE.1"]
[null,"3.471","R.3.798.2","Post top area light of the BEKA BEKAWAY 100W MH type.  Pole measured elsewhere.","ea."]
[null,null,"R.3.799","Type CF"]
[null,"3.472","R.3.800","Post top BEKAWAY 70W HPS.","ea."]
[null,null,"R.3.801","Type CG"]
[null,"3.473","R.3.802","Post top BEKAWAY 100W HPS. ","ea."]
[null,null,"R.3.804.1","Type CH.1"]
[null,"3.474","R.3.804.2","Streetlight, bottom or side entry - BEKALUX 70W MH/MCB or ILM-SL-AP-70MH-BE-SE-MCB.","ea."]
[null,null,"R.3.805","Type CI"]
[null,"3.475","R.3.806","Streetlight, bottom or side entry - BEKALUX 70W HPS/T-MCB or ILM-SL-AP-70HPS/T-BE-SE-MCB.","ea."]
[null,null,"R.3.806.1","Type CI.1"]
[null,"3.476","R.3.806.2","Streetlight, bottom or side entry - BEKALUX 100W MH/MCB or ILM-SL-AP-100MH-BE-SE-MCB.","ea."]
[null,null,"R.3.807","Type CJ"]
[null,"3.477","R.3.808","Streetlight, bottom or side entry - BEKALUX 100W HPS/T-MCB or ILM-SL-AP-100HPS/T-BE-SE-MCB.","ea."]
[null,null,"R.3.808.1","Type CJ.1"]
[null,"3.478","R.3.808.2","Streetlight, bottom or side entry - BEKASTRADA SUPRA 250W MH-T/MCB.","ea."]
[null,null,"R.3.809","Type CK"]
[null,"3.479","R.3.810","Streetlight, bottom or side entry - BEKASTRADA SUPRA 250W HPS/T-MCB.","ea."]
[null,"3.480","R.3.810.2","Streetlight, bottom or side entry - BEKASTRADA SUPRA 400W MH-T/MCB.","ea."]
[null,null,"R.3.811","Type CL"]
[null,"3.481","R.3.812","Streetlight, bottom or side entry - BEKASTRADA SUPRA 400W HPS/T-MCB.","ea."]
[null,null,"R.3.813","Type CM",null,0]
[null,"3.482","R.3.814","Wall mounted medical inspection luminaire.","ea.",12]
[null,null,"R.3.815","Type CN",null,0]
[null,"3.483","R.3.816","Ceiling mounted examination light.","ea.",12]
[null,null,"R.3.817","Type CO",null,0]
[null,"3.484","R.3.818","Surface wall mounted X-ray viewing box for viewing one (1) radiographic image ","ea.",12]
[null,null,"R.3.819","Type CP",null,0]
[null,"3.485","R.3.820","Surface wall mounted X-ray viewing box for viewing two (2) radiographic images (350x430mm each). ","ea.",7]
[null,null,"R.3.819","Type CP",null,0]
[null,"3.486","R.3.820","Surface wall mounted X-ray viewing box for viewing two (2) radiographic images (350x430mm each). ","ea.",7]
[null,null,"R.3.821","Type CQ",null,0]
[null,"3.487","R.3.822","Up light in bedhead trunking 1x58W, electronic ballast.","ea",7]
[null,null,"R.3.823","Type CR",null,0]
[null,"3.488","R.3.824","Night light in bedhead trunking  5W compact fluorescent or LED lamp.","ea",7]
[null,null,"R.3.825","Type CS",null,0]
[null,"3.489","R.3.826","Reading light in the bedhead trunking - 1x26W PL lamp.","ea",7]
[null,null,"R.3.827","Type CT",null,0]
[null,"3.490","R.3.828","Ultraviolet Germicidal Irradiation (UVGI) fitting of the R1 type ","ea.",7]
[null,null,"R.3.829","Type CU",null,0]
[null,"3.491","R.3.830","Ultraviolet Germicidal Irradiation (UVGI) fitting of the R2 type ","ea.",12]
[{"$nulls":3},"LED LIGHT FITTINGS (FOR REPLACEMENT)",null,0]
[{"$nulls":3},"(Brand name/codes are based on equipment found on site. Similar approved equal products shall be accepted)"]
[null,"3.492",null,"Type A,B,E,F : 5FT - T8 Dual Open Channel Fitting Pre-wired for LED Tubes - Must include Removable Fuse ","ea.",32]
[null,"3.493",null,"Type A,B,E,F : 2 x 5ft - 24W T8 LED Tube Frosted Glass housing 1Kv Surge Protection 220V Power to one side (Cool white -840) ","ea.",32]
[null,"3.494",null,"Type C,D : 5FT - T8 Single Open Channel Fitting Pre-wired for LED Tubes - Must include Removable Fuse ","ea.",32]
[null,"3.495",null,"Type A,B,C,D,E,F : 5ft - 24W T8 LED Tube Frosted Glass housing 1Kv Surge Protection 220V Power to one side (Cool white -840)","ea.",32]
[null,"3.496",null,"Type G, H : 4ft - T8 Single Open Channel Fitting Pre-wired for LED Tubes - Must include Removable Fuse ","ea.",32]
[null,"3.497",null,"Type G, H : 4ft - 18W T8 LED Tube Frosted Glass housing 1Kv Surge Protection 220V Power to one side (Cool white -840) ","ea.",32]
[null,"3.498",null,"Type I, J : 4ft - T8 Dual Open Channel Fitting Pre-wired for LED Tubes - Must include Removable Fuse ","ea.",32]
[null,"3.499",null,"Type I, J : 2 x 4ft - 18W T8 LED Tube Frosted Glass housing 1Kv Surge Protection 220V Power to one side (Cool white -840)","ea.",32]
[null,"3.500",null,"Type K, L, N : 4ft Easybat Surface Mount LED batten with a steel body and polycarbonate diffuser. CTC - 3000K, 4000K, 6500K. (6200lm) ","ea.",22]
[null,"3.501",null,"Type O : 5ft DBL Open Channel With 2 x LED Tubes. Cosine ES Conversion Kit Emergency Lighting 1Hr Maintained 25W","ea.",22]
[null,"3.502",null,"Type P : 4ft DBL Open Channel With 2 x LED Tubes. Cosine ES Conversion Kit Emergency Lighting 1Hr Maintained 25W","ea.",22]
[null,"3.503",null,"Type P.1 : Cosine LED Emergency Bulkhead Maintained. 100% light 3Hr Emergency. IP65 ","ea.",22]
[null,"3.504",null,"Type Q,R,S,T : Kuda IP65 5ft 3CCT 50/25W Linear Batten White (6000-3000lm)","ea.",22]
[null,"3.505",null,"Type U,V,W,X : Kuda IP65 4ft 3CCT 36/18W Linear Batten White (4320-2160lm)","ea.",22]
[null,"3.506",null,"Type Y : N60LED-Ex 4ft 500mA 98w. Zone 1/2/21/22 hazardous area vapour proof luminaire","ea.",7]
[null,"3.507",null,"Type AB, AC : Mantra 72W External Driver 1200 x 600 Backlit LED Panel 4000k (7900lm) 5yr Warranty","ea.",22]
[null,"3.508",null,"Type AD, AE : Mantra 40W External Driver 600 x 600 Backlit LED Panel 4000k (4000lm) 5yr Warranty","ea.",12]
[null,"3.509",null,"Type AF, AG,AH : Mantra 72W External Driver 1200 x 600 Backlit LED Panel 4000k (7900lm) 5yr Warranty","ea.",12]
[null,"3.510",null,"Type AI : Mantra 72W External Driver 1200 x 600 Backlit LED Panel 4000k (7900lm) 5yr Warranty","ea.",12]
[null,"3.511",null,"Type AJ, AK : Mantra 40W External Driver 600 x 600 Backlit LED Panel 4000k (4000lm) 5yr Warranty","ea.",7]
[null,"3.512",null,"Type AL, AM : 4ft Easybat Sur Mnt LED batten with steel body and polycarbonate diffuser. CTC - 3000K, 4000K, 6500K. (6200lm) ","ea.",7]
[null,"3.513",null,"Type AN, AO : Mantra 72W External Driver 1200 x 600 Backlit LED Panel 4000k (7900lm) With 12x6 Surface Mnt Kit ","ea.",7]
[null,"3.514",null,"Type AP, AQ : 4ft Easybat Sur Mnt LED batten with steel body and polycarbonate diffuser. CTC - 3000K, 4000K, 6500K. (6200lm)","ea.",7]
[null,"3.515",null,"Type AR, AS : Mantra 72W External Driver 1200 x 600 Backlit LED Panel 4000k (7900lm) With 12x6 Surface Mnt Kit (Lighthaus)","ea.",7]
[null,"3.516",null,"Type AT, AU : 4ft Easybat Sur Mnt LED batten with steel body and polycarbonate diffuser. CTC - 3000K, 4000K, 6500K. (6200lm)","ea.",7]
[null,"3.517",null,"Type AV, AX : Hero Bulkhead - 3CCT (6000k/4000k/3000k) PC Coastal Grade Wattage Dipswitch","ea.",7]
[null,"3.518",null,"Type AW, AY, AZ : Hero Bulkhead - 3CCT (6000k/4000k/3000k) PC Coastal Grade Wattage Dipswitch","ea.",7]
[null,"3.519",null,"Type BE, BF, BG : Hero Round Bulkhead - 3CCT (6000k/4000k/3000k) PC Coastal Grade Wattage Dipswitch ","ea.",7]
[null,"3.520",null,"Type BH, BI, BJ : Hero Square Bulkhead - 3CCT (6000k/4000k/3000k) PC Coastal Grade Wattage Dipswitch ","ea.",7]
[null,"3.521",null,"Type BK, BL : 35W Punch LED Downlighter 4000k. 2k Surge Protection Ip40. 4200lm ","ea.",7]
[null,"3.522",null,"Type BN : 24W Iris Round LED Panel. Surfaced Mounted. 4000k 2250lm. 1kV Surge Protection","ea.",7]
[null,"3.523",null,"Type BP : LED exit sign with metal body and acrylic diffuser, includes LED driver and 4 pictograms. 3 Hour emergency backup.","ea.",7]
[null,"3.524",null,"Type BS : 100W Nana Evo LED Floodlight. 10 000lm, 4kV Surge Protection IP65. 6000k","ea.",7]
[null,"3.525",null,"Type BU : 200W Nana Evo LED Floodlight. 20 000lm, 4kV Surge Protection IP65. 6000k","ea.",7]
[null,"3.526",null,"Type BV : 200W Thor Coastal Heavy-Duty Floodlight, Incl Pole Holder (84Dia). 26000lm. 6000k","ea.",7]
[null,"3.527",null,"Type BW : 500W Thor Coastal Heavy-Duty Floodlight, Incl Pole Holder (84Dia). 75000lm. 6000k","ea.",7]
[null,"3.528",null,"Type CD, CE, CF, CG : 43/54W Argo LED Post Top. Mounting height 3.5m to 6m. Spigot entry 76mm Ø at a depth of 40mm. 4000k","ea.",7]
[null,"3.529",null,"Type CI : 60W Strada LED Street Light 5700k/4000k 150 Lumen/Watt. 10kV Surge Protection","ea.",7]
[null,"3.530",null,"Type CJ : 100W Strada LED Street Light 5700k/4000k 150 Lumen/Watt. 10kV Surge Protection","ea.",7]
[{"$nulls":5},0]
[null,null,"R.3.845","DISCHARGE EMERGENCY FITTING BATTERIES ",null,0]
[null,"3.497","R.3.846","Discharge and recharge existing emergency light fitting batteries. ","ea.",12]
[null,null,"R.3.847","AREA LIGHT POLE",null,0]
[null,"3.498","R.3.848"," Fibreglass reinforced polyester pole 3,5m mounting height (4,1m) ","ea.",7]
[null,null,"R.3.849","12M SCISSORS MAST POLE",null,0]
[null,"3.499","R.3.850","12 meter hot dip galvanised - allow for the mounting of 3x400W flood lights. ","item",7]
[null,null,"R.3.851","BASE FOR SCISSORS MAST",null,0]
[null,"3.500","R.3.852","Flanged planting piece and base plate.","item",7]
[null,"3.501","R.3.853","Concrete base for the 12 meter scissors mast including a 1.5m 76 dia PVC sleeve. ","item",7]
[null,null,"R.3.854","LUMINAIRE AND LAMP MAINTENANCE",null,0]
[null,null,"R.3.855","LIGHT FITTING SPARES",null,0]
[null,null,"R.3.856",null,null,0]
[null,"3.502","R.3.857","Porcelain or fiber glass gallery 84,5mm","ea.",7]
[null,"3.503","R.3.858","Porcelain or fiber glass gallery 99mm ","ea.",7]
[null,"3.504","R.3.859","200mm bowl,","ea.",12]
[null,"3.505","R.3.860","150mm bowl. ","ea.",12]
[null,"3.506","R.3.861","200mm bowl. ","ea.",12]
[null,"3.507","R.3.862","200mm open bowl. ","ea.",12]
[null,"3.508","R.3.863","150mm open bowl. ","ea.",12]
[null,"3.509","R.3.864","200mm open bowl. ","ea.",22]
[null,"3.510","R.3.865","ES brass lamp holder - all types.","ea.",22]
[null,"3.511","R.3.866","SES brass lamp holder","ea.",12]
[null,"3.512","R.3.867","BC brass lamp holder.","ea.",12]
[null,"3.513","R.3.868","BC or ES Porcelain lamp holder.","ea.",12]
[null,"3.514","R.3.869","Opal dome diffuser - Beka series 30","ea.",22]
[null,null,"R.3.870","EMERGENCY FLUORESCENT BATTERY",null,0]
[null,"3.515","R.3.871"," 5' or 4' emergency fluorescent fitting battery (1 hour @ 20%).","ea.",22]
[null,"3.516","R.3.871.1","Replace a battery pack for a WACO type 2 x 10W fluorescent emergency light fitting.","ea",7]
[null,null,"R.3.872","LAMPS",null,0]
[null,null,"R.3.873",null,null,0]
[null,"3.517","R.3.874","120W 24V halogen operating luminaire","ea.",34]
[null,"3.518","R.3.875","50W spot halogen lamp with integral metal reflector.","ea.",42]
[null,"3.519","R.3.876","50W/75W 12V pre-focused spot halogen lamp.","ea.",42]
[null,"3.520","R.3.877","40W BC/ES ","ea.",106]
[null,"3.521","R.3.878","60W BC/ES ","ea.",106]
[null,"3.522","R.3.879","100W BC/ES ","ea.",106]
[null,"3.523","R.3.880","150W BC/ES ","ea.",64]
[null,"3.524","R.3.881","200W BC/ES ","ea.",64]
[null,"3.525","R.3.882","500W GES  (giant )","ea.",22]
[null,"3.526","R.3.883","15W BC/ES Pigmy ","ea.",22]
[null,"3.527","R.3.884","40W & 60W SBC/ SES  (small)","ea.",22]
[null,"3.528","R.3.885","40W & 60W BC/ES candle -  (small)","ea.",22]
[null,"3.529","R.3.886","Fluorescent slimline 2,4m cool white.","ea.",168]
[null,"3.530","R.3.887","Fluorescent switch start 1,5m cool white.","ea.",168]
[null,"3.531","R.3.888","Fluorescent switch start 1,2m cool white.","ea.",168]
[null,"3.532","R.3.889","Fluorescent switch start 1,5m warm white.","ea.",168]
[null,"3.533","R.3.890","Fluorescent switch start 1,2m warm white.","ea.",168]
[null,"3.534","R.3.891","Fluorescent 1,5m colour 21, 58W.","ea.",420]
[null,"3.535","R.3.892","Fluorescent 1,2m colour  21, 36W.","ea.",420]
[null,"3.536","R.3.893","Fluorescent 0.6m colour 21, 18W.","ea.",168]
[null,"3.537","R.3.894","Fluorescent PL9","ea.",168]
[null,"3.538","R.3.895","Fluorescent PL13","ea.",168]
[null,"3.539","R.3.896","Fluorescent PL18","ea.",126]
[null,"3.540","R.3.897","Fluorescent PL26","ea.",126]
[null,"3.541","R.3.898","PAR 38 - all types","ea.",12]
[null,"3.542","R.3.899","70W HPS","ea.",7]
[null,"3.543","R.3.900","100W HPS","ea.",7]
[null,"3.544","R.3.901","150W HPS/T","ea.",7]
[null,"3.545","R.3.902","250W HPS/T","ea.",7]
[null,"3.546","R.3.903","400W HPS/T","ea.",7]
[null,"3.547","R.3.904","160W Mercury blended","ea.",7]
[null,"3.548","R.3.905","250W Mercury blended","ea.",7]
[null,"3.549","R.3.906","80W HP Mercury vapour ","ea.",7]
[null,"3.550","R.3.907","125W HP Mercury vapour ","ea.",7]
[null,"3.551","R.3.908","250W HP Mercury vapour ","ea.",7]
[null,"3.552","R.3.909","400W HP Mercury vapour ","ea.",7]
[null,"3.553","R.3.910","500W Quarts Halogen floodlight lamp.","ea.",7]
[null,"3.554","R.3.911","70W Metal halide MH-T","ea.",7]
[null,"3.555","R.3.912","100W Metal halide MH-T","ea.",7]
[null,"3.556","R.3.913","250W Metal halide MH-T","ea.",7]
[null,"3.557","R.3.914","400W Metal halide MH-T","ea.",7]
[null,"3.558",null,"58W T8 LED 1,5m","ea.",210]
[null,"3.559",null,"36W T8 LED 1,2m","ea.",210]
[null,"3.560",null,"24W T8 LED 1,2m","ea.",210]
[null,"3.561",null,"9W T8 LED 0,6m","ea.",210]
[null,null,"R.3.915","STARTER",null,0]
[null,"3.558","R.3.916","FSU fluorescent lamp starter.","ea.",168]
[null,null,"R.3.917","BALLASTS",null,0]
[null,null,"R.3.918",null,null,0]
[null,"3.559","R.3.919","Switch start for 1 lamp 1,5m.","ea.",168]
[null,"3.560","R.3.920","Switch start for 1 lamp 1,2m.","ea.",168]
[null,"3.561","R.3.921","For PL9 lamp","ea.",168]
[null,"3.562","R.3.922","For PL11 & PL13 lamp","ea.",168]
[null,"3.563","R.3.923","For PL18 lamp","ea.",126]
[null,"3.564","R.3.924","For PL26 lamp","ea.",126]
[null,"3.565","R.3.925","For 70W HPS/T lamp","ea.",22]
[null,"3.566","R.3.926","For 150W HPS/T lamp","ea.",7]
[null,"3.567","R.3.927","For 250W HPS/T lamp","ea.",12]
[null,"3.568","R.3.928","For 400W HPS/T lamp","ea.",12]
[null,"3.569","R.3.929","For 80W HP Mercury Vapour lamp","ea.",7]
[null,"3.570","R.3.930","For 125W HP Mercury Vapour lamp","ea.",22]
[null,"3.571","R.3.931","For 250W HP Mercury Vapour lamp","ea.",7]
[null,"3.572","R.3.932","For 400W HP Mercury Vapour lamp","ea.",7]
[null,"3.573","R.3.933","250W Metal Halide","ea.",12]
[null,"3.574","R.3.934","400W Metal Halide","ea.",12]
[null,null,"R.3.935","IGNITERS",null,0]
[null,null,"R.3.936",null,null,0]
[null,"3.575","R.3.937","For 70W HPS/T lamp","ea.",7]
[null,"3.576","R.3.938","For 150W HPS/T lamp","ea.",7]
[null,"3.577","R.3.939","For 250W HPS/T lamp","ea.",7]
[null,"3.578","R.3.940","For 400W HPS/T lamp","ea.",7]
[null,"3.579","R.3.941","For 250W Metal Halide lamp","ea.",7]
[null,"3.580","R.3.942","For 400W Metal Halide lamp","ea.",7]
[null,null,"R.3.943","CAPACITORS ",null,0]
[null,null,"R.3.944",null,null,0]
[null,"3.581","R.3.945","12 MFD for 70W HPS lamp","ea.",7]
[null,"3.582","R.3.946","1 x 20MFD for 150W HPS lamp","ea.",7]
[null,"3.583","R.3.947","2 x 20MFD for 250W HPS lamp","ea.",7]
[null,"3.584","R.3.948","For 400W HPS lamp","ea.",7]
[null,"3.585","R.3.949","8MFD for 80W HP Mercury Vapour lamp","ea.",7]
[null,"3.586","R.3.950","For 125W HP Mercury Vapour lamp","ea.",7]
[null,"3.587","R.3.951","20MFD for 250W HP Mercury Vapour lamp","ea.",7]
[null,"3.588","R.3.952","For 400W HP Mercury Vapour lamp","ea.",7]
[null,"3.589","R.3.953","2 x 20MFD for 250W Metal Halide lamp","ea.",7]
[null,"3.590","R.3.954","2 x 20MFD for 400W Metal Halide lamp","ea.",7]
[null,null,"R.3.955","SWITCHES",null,0]
[null,null,"R.3.956",null,null,0]
[null,"3.591","R.3.957","16A single lever switch (Conduit box existing).","ea.",42]
[null,"3.592","R.3.958","16A two lever switch (Conduit box existing).","ea.",42]
[null,"3.593","R.3.959","16A three lever switch (Conduit box existing).","ea.",42]
[null,"3.594","R.3.960","16A four lever switch (Conduit box existing).","ea.",7]
[null,"3.595","R.3.961","16A two-way switch (Conduit box existing).","ea.",42]
[null,"3.596","R.3.962","16A intermediate switch (Conduit box existing).","ea.",12]
[null,"3.597","R.3.963","16A limit switch for darkroom film hopper protection. ","ea.",7]
[null,null,"R.3.964","PULL SWITCH",null,0]
[null,"3.598","R.3.965","Replace 16A pull switch ","ea.",22]
[null,"3.599","R.3.965.1","Replace a canopy pull switch with nylon cord.","ea",22]
[null,null,"R.3.966","SURFACE INDUSTRIAL SWITCHES",null,0]
[null,null,"R.3.967",null,null,0]
[null,"3.600","R.3.968","16A single lever switch.","ea.",22]
[null,"3.601","R.3.969","16A two lever switch.","ea.",22]
[null,null,"R.3.970","DIMMER SWITCHES",null,0]
[null,null,"R.3.971","100 x 50mm flush draw box.  ",null,0]
[null,"3.602","R.3.972","1000W dimmer switch (Conduit box existing)","ea.",12]
[null,"3.603","R.3.973","2000W dimmer switch (Conduit box existing)","ea.",12]
[null,"3.604","R.3.974","1200W dimmer + 1x1 lever switch (Conduit box existing).","ea.",12]
[null,null,"R.3.975","WATER TIGHT SWITCHES",null,0]
[null,"3.605","R.3.976","16A Water tight switch - silicon sealer","ea.",22]
[null,null,"R.3.977","DEVELOPMENT ROOM SWITCH",null,0]
[null,"3.606","R.3.978"," 1 lever double pole switch.","ea.",7]
[null,null,"R.3.979","BELL PUSH",null,0]
[null,"3.607","R.3.980","16A single lever bell push.","ea.",12]
[null,null,"R.3.981","TOGGLE SWITCH",null,0]
[null,"3.608","R.3.982","20A single pole single throw toggle switch","ea.",12]
[null,null,"R.3.983","STOP LOCK",null,0]
[null,"3.609","R.3.984","Industrial stop lock push button.","ea",7]
[null,null,"R.3.985","PHOTOCELL",null,0]
[null,"3.610","R.3.986","16A, plug in day light switch.","ea.",42]
[null,"3.611","R.3.987","16A bracket mounted day light switch.","ea.",12]
[null,"3.612","R.3.988","Day light switch in bulkhead luminaire - dummy - Beka.","ea.",12]
[null,null,"R.3.989","SOCKET OUTLETS",null,0]
[null,null,"R.3.990","in existing draw box",null,0]
[null,"3.613","R.3.991","16A 3-pin single socket outlet in existing draw box","ea.",168]
[null,"3.614","R.3.992","16A 3-pin double socket outlet in existing draw box ","ea.",168]
[null,"3.615","R.3.993","16A 3-pin single socket outlet with circuit breaker in existing draw box","ea.",22]
[null,"3.616","R.3.994","16A 3-pin dedicated single socket outlet in existing draw box ","ea.",32]
[null,"3.617","R.3.995","16A 3-pin dedicated double in existing 100x100mm box, ","ea.",22]
[null,"3.619","R.3.997","5A 3-pin single unswitched socket outlet in a existing 50mm dia round box.","ea.",42]
[null,null,"R.3.998","in power skirting ",null,0]
[null,"3.620","R.3.999","16A 3-pin single socket outlet in power skirting","ea.",168]
[null,"3.621","R.3.1000","16A 3-pin dedicated single socket outlet (D-pin - top) in power skirting ","ea.",106]
[null,"3.622","R.3.1001","16A 3-pin single socket outlet, double pole isolator switched in power skirting","ea.",12]
[null,null,"R.3.1002","in bedhead trunking",null,0]
[null,"3.623","R.3.1003","16A 3-pin single socket outlet in bedhead trunking","ea.",126]
[null,"3.624","R.3.1004","16A 3-pin dedicated single socket outlet in bedhead trunking ","ea.",84]
[null,"3.625","R.3.1005","16A 3-pin single socket outlet, double pole isolator switched in bedhead trunking ","ea.",22]
[null,null,"R.3.1006","SURFACE INDUSTRIAL SWITCHED SOCKET OUTLETS",null,0]
[null,null,"R.3.1007",null,null,0]
[null,"3.626","R.3.1008","16A 3-pin single plug -  industrial type","ea.",64]
[null,"3.627","R.3.1009","16A 3-pin double plug -  industrial type","ea.",42]
[null,null,"R.3.1010","SOCKET OUTLET IN YORK BOX",null,0]
[null,"3.628","R.3.1011","Single socket outlet in a S15 York box.","ea",12]
[null,null,"R.3.1014","ISOLATOR SWITCHES",null,0]
[null,null,"R.3.1015","FLUSH ISOLATOR SWITCHES",null,0]
[null,null,"R.3.1016",null,null,0]
[null,"3.630","R.3.1017","60A 3P  isolator in existing conduit box. ","ea.",29]
[null,"3.631","R.3.1018","60A 2P  isolator in existing conduit box. ","ea.",126]
[null,"3.632","R.3.1019","30A 3P  isolator in existing conduit box. ","ea.",42]
[null,"3.633","R.3.1020","30A 2P  isolator in existing conduit box. ","ea.",210]
[null,"3.634","R.3.1021","30A 2P with cord grip for A/C / Heaters in existing conduit box. ","ea.",84]
[null,"3.635","R.3.1022","45A stove isolator with indication light in existing conduit box. ","ea.",7]
[null,"3.636","R.3.1023","30A 2P isolator in power skirting with or without cord grip.","ea.",42]
[null,null,"R.3.1024","INDOOR SURFACE ISOLATOR SWITCHES",null,0]
[null,null,"R.3.1025",null,null,0]
[null,"3.637","R.3.1026","60A 3P surface isolator including box.","ea.",12]
[null,"3.638","R.3.1027","60A 2P surface isolator including box.","ea.",12]
[null,"3.639","R.3.1028","30A 3P surface isolator including box.","ea.",12]
[null,"3.640","R.3.1029","30A 2P surface isolator including box.","ea.",7]
[null,"3.641","R.3.1030","30A 2P with cord grip for A/C / Heaters -  surface isolator including box.","ea.",12]
[null,"3.642","R.3.1031","Stove isolator surface isolator including box. ","ea.",12]
[null,null,"R.3.1032","WATER TIGHT ISOLATOR SWITCHES",null,0]
[null,"3.643","R.3.1033","Water tight surface double pole - CLIPSAL 56SW232GY","ea.",12]
[null,"3.644","R.3.1034","Water tight surface mounted 32A, 3-pole isolator - CLIPSAL 56SW332GY","ea.",12]
[null,null,"R.3.1035","INDUSTRIAL SOCKET OUTLETS",null,0]
[null,null,"R.3.1036",null,null,0]
[null,"3.645","R.3.1037","32A 5-pole of the CLIPSAL LUMEX 75252-6 RED type (plus socket).","ea.",7]
[null,"3.646","R.3.1038","63A 5-pole of the CLIPSAL LUMEX 75352-6 RED type (plus socket).","ea.",7]
[null,null,"R.3.1039","FLOOR MOUNTED PEDESTAL",null,0]
[null,"3.647","R.3.1040","2mm mild steel baked powder epoxy coated floor mounted pedestal 1200mm high ","ea",7]
[null,null,"R.3.1041","FLOOR BOX FOR SOCKET OUTLETS",null,0]
[null,"3.648","R.3.1042","Floor box - Cabstrut FD3 type including  2 x double 16A 3-pin socket outlet covers.  Socket outlets measured elsewhere.  ","ea",7]
[null,"3.663","R.3.1062","Dark room fan - 230mm dia Woods Xpelair Cat no GX 9.","ea.",7]
[null,"3.664","R.3.1063","Dark room fan speed regulator Woods Xpelair Cat No. DC 9.","ea.",7]
[null,null,"R.3.1064","ISOLATING TRANSFORMER ",null,0]
[null,"3.665","R.3.1065","5kVA centre tap isolating transformer and support platform","ea.",12]
[null,null,"R.3.1067","ISOLOC/EARLY BIRD",null,0]
[null,"3.666","R.3.1068","Line isolation monitor -  ISOLOC or EARLYBIRD","ea.",7]
[null,"3.667","R.3.1068.1","Line isolation monitor - Iso-GardA by Square D - Schneider Electric.","ea.",7]
[null,null,"R.3.1069","THEATRE EARTHING INSTALLATION TEST",null,0]
[null,"3.668","R.3.1070","Insulated earthing test on a theatre, etc. by a Master Electrician. ","ea.",17]
[]
[{"$nulls":3},"TOOLBOX SET"]
[null,"3.706","R.3.1147","Pliers set – 3 off – pliers, side cutter, long nose","ea",6]
[null,"3.707","R.3.1148","Hammer ball / pein 500g","ea",11]
[null,"3.708","R.3.1149","Pliers - water pump 300mm","ea",6]
[null,"3.709","R.3.1150","File set - - flat, round, triangle, flat/round,","ea",6]
[null,"3.710","R.3.1151","Vice grip","ea",6]
[null,"3.711","R.3.1152","Utility knife","ea",6]
[null,"3.712","R.3.1153","Scriber - two points","ea",6]
[null,"3.713","R.3.1154","Engineering square","ea",6]
[null,"3.714","R.3.1155","Hacksaw – frame e.g. Mitco","ea",6]
[null,"3.715","R.3.1156","Combination square","ea",6]
[null,"3.716","R.3.1157","Earth leakage circuit breaker polarity tester ","ea",6]
[null,"3.717","R.3.1158","Digital clamp meter e.g. MAJORTECH 600V MODEL 2017 ","ea",6]
[null,null,"R.3.1159","BEDHEAD TRUNKING",null,0]
[null,null,"R.3.1160","Installation of additional bedhead trunking and bedhead trunking equipment will form part of this contract. The bedhead trunking installation will be finalised on site with the user department and engineer. ",null,0]
[null,"3.718",null,"General Ward: 1-bed Horizontal Bedhead Trunking (refer to Standard ECDOH Guideline Drawings)","ea",5]
[null,"3.719",null,"General Ward: 2-bed Horizontal Bedhead Trunking (refer to Standard ECDOH Guideline Drawings)","ea",5]
[null,"3.720",null,"General Ward: 3-bed Horizontal Bedhead Trunking (refer to Standard ECDOH Guideline Drawings)","ea",5]
[]
[]
[null,null,"R.3.1164","LIGHT FITTINGS FOR EXISTING BEDHEAD TRUNKING",null,0]
[null,"3.721","R.3.1165","Up light luminaire in the bedhead trunking with 1x58W colour 21 fluorescent lamp, electronic ballast and BJB type lamp holder of the HUTZ type.","ea",25]
[null,"3.722","R.3.1166"," Night light luminaire in the bedhead trunking with 5W compact fluorescent or LED lamp of the HUTZ type.","ea",25]
[null,"3.723","R.3.1167"," Reading light luminaire in the bedhead trunking with 1x26W PL lamp of the HUTZ type.","ea",10]
[null,null,"R.3.1168","SOCKET OUTLETS FOR EXISTING BEDHEAD TRUNKING",null,0]
[null,"3.724","R.3.1169"," 16A 3-pin single socket outlet in a bedhead duct, normal (white cover), essential (red cover) or UPS power (blue cover).","ea.",25]
[null,"3.725","R.3.1170","16A 3-pin dedicated single socket outlet (D-pin - top) in bedhead duct, normal or essential with red cover plate.","ea.",46]
[null,"3.726","R.3.1171","16A 3-pin single socket outlet, double pole isolator switched, with insulated earth and white cover plate in bedhead ducting.","ea.",25]
[]
[]
[]
[null,null,"7.26","TOTAL CARRIED FORWARD TO SUMMARY "]

{"sheet":"SCHEDULE 3A-1_ANDM","index":5,"n_rows":21,"n_cols":10,"rows_kept":21,"merged":[[2,4,2,7]]}
[]
[null,{"$f":"SUMMARY!B2","v":"ECDOH GENERAL ELECTRICAL LV MAINTENANCE AND REPAIR CONTRACT "}]
[null,{"$f":"'[2]SCHED 1A-1_NM'!B3","v":"CONTRACT REF. NO:"},null,{"$f":"SUMMARY!D4","v":0},"Cluster/District:",{"$nulls":3},{"$f":"'SCHED 1A-1_ANDM'!G3","v":"ALFRED NZO DM"}]
[null,{"$f":"'[2]SCHED 1A-1_NM'!B4","v":"ASSET TYPE:"},null,"LV EQUIPMENT"]
[]
[null,"SCHEDULE 3A-1 : ",null,"MAINTENANCE SERVICE SCHEDULE"]
[]
[null,"ITEM Nr.","PAYMENT REFERS","DESCRIPTION","UNIT","Per  Facility","No. of Services","QTY (A)","RATE          (B)","AMOUNT                (C) = (A) x (B)"]
[null,"3A-1",null,"Routine Inspections : the full installation on site will be visually inspected for general compliance with SANS 10142-1. An inspection report will be submitted by the contractor upon completion of the inspection and signed off by the engineer."]
[{"$nulls":3},"Routine Inspection : Price per Six Monthly Inspection per Facility."]
[{"$nulls":3},"Rate shall include for all costs to complete task; such as labour, travelling, accommodation, subsistence allowance, etc."]
[null,"3A-1.1",null,"Greenville Hospital","No",1,4,4]
[null,"3A-1.2",null,"Khotsong TB Hospital","No",1,4,4]
[null,"3A-1.3",null,"Tayler Bequest Hospital (Matatiele)","No",1,4,4]
[null,"3A-1.4",null,"Madzikane kaZulu Memorial Hospital","No",1,4,4]
[null,"3A-1.5",null,"Mount Ayliff Hospital","No",1,4,4]
[null,"3A-1.6",null,"Sipetu Hospital","No",1,4,4]
[null,"3A-1.7",null,"St Patrick's Hospital","No",1,4,4]
[]
[]
[null,"TOTAL CARRIED FORWARD TO SUMMARY "]

{"sheet":"SCHEDULE 3A-2_ANDM","index":6,"n_rows":48,"n_cols":10,"rows_kept":48,"merged":[[2,4,2,7]]}
[]
[null,{"$f":"SUMMARY!B2","v":"ECDOH GENERAL ELECTRICAL LV MAINTENANCE AND REPAIR CONTRACT "}]
[null,{"$f":"'[2]SCHED 1A-1_NM'!B3","v":"CONTRACT REF. NO:"},null,{"$f":"SUMMARY!D4","v":0},"Cluster/District:",{"$nulls":3},{"$f":"'SCHED 1A-1_ANDM'!G3","v":"ALFRED NZO DM"}]
[null,{"$f":"'[2]SCHED 1A-1_NM'!B4","v":"ASSET TYPE:"},null,"LV EQUIPMENT"]
[]
[null,"SCHEDULE 3A-2 : ",null,"MAINTENANCE SERVICE SCHEDULE (SPECIALIST EQUIPMENT)"]
[]
[null,"ITEM Nr.","PAYMENT REFERS","DESCRIPTION","UNIT","Per/ Facility","No. of Services","QTY (A)","RATE          (B)","AMOUNT                (C) = (A) x (B)"]
[null,"3A-2",null,"Routine Inspections : the full installation on site will be visually inspected for general compliance. An inspection report and repair quote will be submitted by the contractor upon completion of the inspection and signed off by the engineer."]
[{"$nulls":3},"Rate shall include for all costs to complete task; such as labour, travelling, accommodation, subsistence allowance, etc."]
[{"$nulls":3},"Khotsong TB Hospital"]
[{"$nulls":3},"Routine Inspection : Price per Six Monthly/Annual Inspection per Facility."]
[null,"3A-2.1.1",null,"NURSE CALL SYSTEM","No",1,4,{"$f":"G13*F13","v":4}]
[null,"3A-2.1.2",null,"UNINTERRUPTED POWER SUPPLY SYSTEMS (UPS)","No",1,4,{"$f":"G14*F14","v":4}]
[null,"3A-2.1.3",null,"CCTV","No",1,4,4]
[null,"3A-2.1.4",null,"PUBLIC ADDRESS SYSTEM (PA)","No",1,4,4]
[null,"3A-2.1.6",null,"ACCESS CONTROL ","No",1,4,4]
[{"$nulls":3},"Greenville Hospital"]
[{"$nulls":3},"Routine Inspection : Price per Six Monthly/Annual Inspection per Facility."]
[null,"3A-2.2.2",null,"UNINTERRUPTED POWER SUPPLY SYSTEMS (UPS)","No",1,4,{"$f":"G20*F20","v":4}]
[{"$nulls":3}," Tayler Bequest Hospital (Matatiele)"]
[{"$nulls":3},"Routine Inspection : Price per Six Monthly/Annual Inspection per Facility."]
[null,"3A-2.3.1",null,"NURSE CALL SYSTEM","No",1,4,{"$f":"G23*F23","v":4}]
[null,"3A-2.3.2",null,"UNINTERRUPTED POWER SUPPLY SYSTEMS (UPS)","No",1,4,{"$f":"G24*F24","v":4}]
[null,"3A-2.3.4",null,"PUBLIC ADDRESS SYSTEM (PA)","No",1,4,4]
[{"$nulls":3},"Madzikane kaZulu Memorial Hospital"]
[{"$nulls":3},"Routine Inspection : Price per Six Monthly/Annual Inspection per Facility."]
[null,"3A-2.4.1",null,"NURSE CALL SYSTEM","No",1,4,{"$f":"G28*F28","v":4}]
[null,"3A-2.4.2",null,"UNINTERRUPTED POWER SUPPLY SYSTEMS (UPS)","No",1,4,{"$f":"G29*F29","v":4}]
[null,"3A-2.4.4",null,"PUBLIC ADDRESS SYSTEM (PA)","No",1,4,4]
[null,"3A-2.4.6",null,"ACCESS CONTROL ","No",1,4,4]
[{"$nulls":3},"Mount Ayliff Hospital"]
[{"$nulls":3},"Routine Inspection : Price per Six Monthly/Annual Inspection per Facility."]
[null,"3A-2.5.2",null,"UNINTERRUPTED POWER SUPPLY SYSTEMS (UPS)","No",1,4,{"$f":"G34*F34","v":4}]
[{"$nulls":3},"Sipetu Hospital"]
[{"$nulls":3},"Routine Inspection : Price per Six Monthly/Annual Inspection per Facility."]
[null,"3A-2.6.1",null,"NURSE CALL SYSTEM","No",1,4,{"$f":"G37*F37","v":4}]
[null,"3A-2.6.2",null,"UNINTERRUPTED POWER SUPPLY SYSTEMS (UPS)","No",1,4,{"$f":"G38*F38","v":4}]
[null,"3A-2.6.4",null,"PUBLIC ADDRESS SYSTEM (PA)","No",1,4,4]
[null,"3A-2.6.6",null,"ACCESS CONTROL ","No",1,4,4]
[{"$nulls":3},"St Patrick's Hospital"]
[{"$nulls":3},"Routine Inspection : Price per Six Monthly/Annual Inspection per Facility."]
[null,"3A-2.7.1",null,"NURSE CALL SYSTEM","No",1,4,{"$f":"G43*F43","v":4}]
[null,"3A-2.7.2",null,"UNINTERRUPTED POWER SUPPLY SYSTEMS (UPS)","No",1,4,{"$f":"G44*F44","v":4}]
[null,"3A-2.7.4",null,"PUBLIC ADDRESS SYSTEM (PA)","No",1,4,4]
[null,"3A-2.7.6",null,"ACCESS CONTROL ","No",1,4,4]
[]
[null,"TOTAL CARRIED FORWARD TO SUMMARY "]

{"sheet":"SCHEDULE 4","index":7,"n_rows":27,"n_cols":8,"rows_kept":27,"merged":[[2,4,2,5]]}
[]
[null,{"$f":"SUMMARY!B2","v":"ECDOH GENERAL ELECTRICAL LV MAINTENANCE AND REPAIR CONTRACT "}]
[null,"CONTRACT REF. NO:",null,{"$f":"SUMMARY!D4","v":0},"Cluster/District:",null,{"$f":"SUMMARY!F4","v":"ALFRED NZO DM"}]
[null,"ASSET TYPE:",null,"LV INSTALLATIONS"]
[]
[null,"SCHEDULE 4 : ",null,"TERM REPAIRS SUBJECT TO APPROVAL OF QUOTATION OF THE WORKS "]
[]
[null,"ITEM Nr.","PAYMENT REFERS","DESCRIPTION","UNIT","QTY","RATE","AMOUNT"]
[null,4.1,null,"LABOUR RATES APPLICABLE TO UNSCHEDULED WORK: Labour rates that Contractor will charge for additional adhoc work that is not contained in Schedules 1 to 3."]
[null,"4.1.1",null,"Electrical Maintenance Supervisor","Hr",{"$f":"F11*0.5","v":396}]
[null,"4.1.2",null,"Artisan (Trade Tested)","Hr",{"$f":"((4*36)*11)/2","v":792}]
[null,"4.1.3",null,"Artisan Aid","Hr",{"$f":"((4*36)*11)/2","v":792}]
[]
[null,4.2,null,"TRAVELLING : Travelling cost will be as per the rates for reimbursable expenses published monthly by the National Department of Public Works at the time of rendering the service/repair. (To be paid on proven cost)"]
[null,"4.2.1",null,"Vehicle Travelling Estimate","Km",{"$f":" ((180*2)*36)*9","v":{"v":116640,"d":"116,640"}}]
[null,4.3,null,"ACCOMMODATION AND SUBSISTENCE : Daily Rates per person that the Contractor will claim for approved trips lasting more than one day at a time. (To be paid on proven cost)"]
[null,"4.3.1",null,"Accommodation ","Per/night",{"$f":"2*36","v":72}]
[]
[{"$nulls":3},"HOSPITALS AND CHC'S: SPECIALIST EQUIPMENT AT HOSPITALS "]
[null,"4.4",null,"PROVISION TO COVER REPAIRS DURING THE TERM OF THE CONTRACT (SPECIALIST EQUIPMENT) : Lump Sum Provision to cover repairs, breakdowns and routine maintenance during the course of the Contract in addition to the agreed routine servicing of the Assets.","PSum",1,{"v":2135154,"d":"R2,135,154.00"},{"$f":"F20*G20","v":{"v":2135154,"d":"R2,135,154.00"}}]
[null,"4.4.1",null,"DIRECT FEE PERCENTAGE (MARK-UP) ON MATERIALS AND SERVICES THAT IS NOT INCLUDED IN PRICE LISTS : Mark-up on proven cost for materials and/or Outsourced Services based on the Provisional sum listed in Item 4.5 above.  (Apply % to provisional sum in Item 4.5 above when pricing the tender)","%"]
[{"$nulls":3},"CLINICS"]
[null,"4.5",null,"PROVISION TO COVER REPAIRS DURING THE TERM OF THE CONTRACT (CLINICS) : Lump Sum Provision to cover repairs and breakdowns during the course of the Contract in addition to the agreed routine servicing of the Assets.","PSum",1,{"v":2997000,"d":"R2,997,000.00"},{"$f":"F23*G23","v":{"v":2997000,"d":"R2,997,000.00"}}]
[]
[]
[]
[null,"TOTAL CARRIED FORWARD TO SUMMARY "]

{"sheet":"WORK ORDERS  01 LAETITIA BAM CH","index":8,"n_rows":54,"n_cols":13,"rows_kept":54,"hidden":true,"merged":[[8,0,8,4],[8,5,8,6],[8,7,8,8],[9,5,9,6],[9,7,9,8],[10,5,10,6],[10,7,10,8],[11,5,11,6],[11,7,11,8],[12,5,12,6],[12,7,12,8],[13,5,13,6],[13,7,13,8],[14,0,14,8],[15,0,15,8],[17,1,17,3],[18,1,18,3],[19,1,19,3],[20,0,20,7],[21,0,21,8],[23,1,23,4],[24,1,24,4],[25,1,25,4],[26,1,26,4],[27,1,27,4],[28,1,28,4],[29,1,29,4],[30,1,30,4],[31,0,31,7],[32,0,32,8],[33,1,33,3],[33,4,33,5],[34,1,34,3],[34,4,34,5],[35,1,35,3],[35,4,35,5],[36,1,36,3],[36,4,36,5],[37,1,37,3],[37,4,37,5],[38,1,38,3],[38,4,38,5],[39,1,39,3],[39,4,39,5],[40,1,40,3],[41,1,41,3],[42,1,42,3],[43,0,43,7],[44,0,44,8],[45,1,45,3],[45,4,45,5],[46,1,46,3],[46,4,46,5],[47,1,47,3],[47,4,47,5],[48,1,48,3],[48,4,48,5],[49,0,49,7],[51,0,51,1],[51,2,51,4],[51,6,51,7],[52,0,52,1],[52,2,52,4],[53,0,53,1],[53,2,53,4],[53,6,53,7],[54,2,54,5]]}
{"$rows_empty":8}
["QUOTE TO :",{"$nulls":4},"Qoute No           ",null,1]
["Department of Health",{"$nulls":4},"Date                   ",null,"2019-11-01"]
["717 Dukumbana Building",{"$nulls":4},"Facility              ",null,"LAETITIA BAM CHC"]
["Independent Avenue",{"$nulls":4},"Work Order     ",null,39138]
["Bhisho",{"$nulls":4},"Tender No       ",null,"SCMU3 - 17/18-0303 - HO",{"$nulls":4}," "]
[{"$nulls":5},"Contract Term ",null,"24 MONTHS"]
["WORK  REQUEST : Generator is faulty."]
["SCHEDULED WORK"]
["Item 1","Discription",null,null,"Unit","Sch No","Quantity","Rate","Amount"]
[{"$nulls":8},{"$f":"SUM(G18*H18)","v":0}]
[{"$nulls":8},{"$f":"SUM(G19*H19)","v":0}]
[{"$nulls":8},0]
["Sub Total A",{"$nulls":7},{"$f":"SUM(I18:I20)","v":0}]
["NON SCHEDULED WORK"]
["Item 2","Discription",{"$nulls":3},"Quantity","Mark -Up","Rate","Amount"]
[1,"RELAY 11 PIN 12V  DC",{"$nulls":3},2,{"v":0.15,"d":"15%"},{"v":110,"d":"R 110.00"},{"$f":"H24*F24*1.15","v":{"v":252.99999999999997,"d":"R 253.00"}}]
[2,"RELAY BASE",{"$nulls":3},2,{"v":0.15,"d":"15%"},{"v":65,"d":"R 65.00"},{"$f":"H25*F25*1.15","v":{"v":149.5,"d":"R 149.50"}}]
[3,"DEEPSEA CONTROLLER",{"$nulls":3},1,{"v":0.15,"d":"15%"},{"v":6239,"d":"R 6,239.00"},{"$f":"H26*F26*1.15","v":{"v":7174.849999999999,"d":"R 7,174.85"}}]
[4,"MCB 6A SP",{"$nulls":3},2,{"v":0.15,"d":"15%"},{"v":21.6,"d":"R 21.60"},{"$f":"H27*F27*1.15","v":{"v":49.68,"d":"R 49.68"}}]
[5,"RED STOP TWIST RELEASE",{"$nulls":3},2,{"v":0.15,"d":"15%"},{"v":65.5,"d":"R 65.50"},{"$f":"H28*F28*1.15","v":{"v":150.64999999999998,"d":"R 150.65"}}]
[6,"CONTACT BLOCK 1N/0 + 1N/C",{"$nulls":3},2,{"v":0.15,"d":"15%"},{"v":68.5,"d":"R 68.50"},{"v":157.54999999999998,"d":"R 157.55"}]
[]
[]
["Sub Total B",{"$nulls":7},{"$f":"SUM(I24:I31)","v":{"v":7935.23,"d":"R 7,935.23"}}]
["LABOUR"]
["Item 3"," (Normal Rate)",null,null,"Unit",null,"Quantity","Rate","Amount"]
[1,"Techinician",null,null,"HRS",null,15,{"v":450,"d":"R450.00"},{"$f":"SUM(G35*H35)","v":{"v":6750,"d":"R 6,750.00"}}]
[2," Senior Artisan  ",null,null,"HRS",null,null,{"v":350,"d":"R350.00"},{"$f":"SUM(G36*H36)","v":0}]
[3,"Artisan  (Trade Tested)",null,null,"HRS",null,null,{"v":300,"d":"R300.00"},0]
[4,"Utility Man (Non - Trade Tested)",null,null,"HRS",null,15,{"v":200,"d":"R200.00"},{"v":3000,"d":"R 3,000.00"}]
[5,"Artisan  Aid",null,null,"HRS",null,null,{"v":200,"d":"R200.00"},0]
[6,"General Worker",null,null,"HRS",null,null,{"v":140,"d":"R140.00"},0]
[]
[]
[]
["Sub Total C",{"$nulls":7},{"$f":"SUM(I35:I43)","v":{"v":9750,"d":"R 9,750.00"}}]
["TRANSPORT"]
["Item 4","Destinantion",null,null,"No of Trips",null,"KMs","Rate","Amount"]
[12,"Port Elizabeth office to Laetitia Bam"]
[null,"  CHC and back.",null,null,2,null,154.4,{"v":5,"d":"R 5.00"},{"$f":"H48*G48","v":{"v":772,"d":"R 772.00"}}]
[]
["Sub Total D",{"$nulls":7},{"$f":"SUM(I47:I49)","v":{"v":772,"d":"R 772.00"}}]
[]
[{"$nulls":6}," Sub Total (A+B+C+D)",null,{"$f":"I50+I44+I32+I21","v":{"v":18457.23,"d":"R 18,457.23"}}]
[]
[{"$nulls":6},"Sub Total",null,{"$f":"I52+I53","v":{"v":18457.23,"d":"R 18,457.23"}}]

{"sheet":"JOSE PEARSON TB HOSPITAL (02)","index":9,"n_rows":54,"n_cols":13,"rows_kept":54,"hidden":true,"merged":[[8,0,8,4],[8,5,8,6],[8,7,8,8],[9,5,9,6],[9,7,9,8],[10,5,10,6],[10,7,10,8],[11,5,11,6],[11,7,11,8],[12,5,12,6],[12,7,12,8],[13,5,13,6],[13,7,13,8],[14,0,14,8],[15,0,15,8],[17,1,17,3],[18,1,18,3],[19,1,19,3],[20,0,20,7],[21,0,21,8],[23,1,23,4],[24,1,24,4],[25,1,25,4],[26,1,26,4],[27,1,27,4],[28,1,28,4],[29,1,29,4],[30,1,30,4],[31,0,31,7],[32,0,32,8],[33,1,33,3],[33,4,33,5],[34,1,34,3],[34,4,34,5],[35,1,35,3],[35,4,35,5],[36,1,36,3],[36,4,36,5],[37,1,37,3],[37,4,37,5],[38,1,38,3],[38,4,38,5],[39,1,39,3],[39,4,39,5],[40,1,40,3],[41,1,41,3],[42,1,42,3],[43,0,43,7],[44,0,44,8],[45,1,45,3],[45,4,45,5],[46,1,46,3],[46,4,46,5],[47,1,47,3],[47,4,47,5],[48,1,48,3],[48,4,48,5],[49,0,49,7],[51,0,51,1],[51,2,51,4],[51,6,51,7],[52,0,52,1],[52,2,52,4],[53,0,53,1],[53,2,53,4],[53,6,53,7],[54,2,54,5]]}
{"$rows_empty":8}
["QUOTE TO :",{"$nulls":4},"Qoute No           ",null,2]
["Department of Health",{"$nulls":4},"Date                   ",null,"2019-02-02"]
["717 Dukumbana Building",{"$nulls":4},"Facility              ",null,"JOSE PEARSON TB HOSPITAL"]
["Independent Avenue",{"$nulls":4},"Work Order     ",null,40578]
["Bhisho",{"$nulls":4},"Tender No       ",null,"SCMU3 - 17/18-0303 - HO",{"$nulls":4}," "]
[{"$nulls":5},"Contract Term ",null,"24 MONTHS"]
["WORK  REQUEST : Phamarcy building dep needs to be connected to the gen"]
["SCHEDULED WORK"]
["Item 1","Discription",null,null,"Unit","Sch No","Quantity","Rate","Amount"]
[{"$nulls":8},{"$f":"SUM(G18*H18)","v":0}]
[{"$nulls":8},{"$f":"SUM(G19*H19)","v":0}]
[{"$nulls":8},0]
["Sub Total A",{"$nulls":7},{"$f":"SUM(I18:I20)","v":0}]
["NON SCHEDULED WORK"]
["Item 2","Discription",{"$nulls":3},"Quantity","MarK UP","Rate","Amount"]
{"$rows_empty":8}
["Sub Total B",{"$nulls":7},{"$f":"SUM(I24:I31)","v":0}]
["LABOUR"]
["Item 3"," (Normal Rate)",null,null,"Unit",null,"Quantity","Rate","Amount"]
[1,"Techinician",null,null,"HRS",null,6,{"v":450,"d":"R450.00"},{"$f":"SUM(G35*H35)","v":{"v":2700,"d":"R 2,700.00"}}]
[2," Senior Artisan  ",null,null,"HRS",null,null,{"v":350,"d":"R350.00"},{"$f":"SUM(G36*H36)","v":0}]
[3,"Artisan  (Trade Tested)",null,null,"HRS",null,null,{"v":300,"d":"R300.00"},0]
[4,"Utility Man (Non - Trade Tested)",null,null,"HRS",null,6,{"v":200,"d":"R200.00"},{"v":1200,"d":"R 1,200.00"}]
[5,"Artisan  Aid",null,null,"HRS",null,null,{"v":200,"d":"R200.00"},0]
[6,"General Worker",null,null,"HRS",null,null,{"v":140,"d":"R140.00"},0]
[]
[]
[]
["Sub Total C",{"$nulls":7},{"$f":"SUM(I35:I43)","v":{"v":3900,"d":"R 3,900.00"}}]
["TRANSPORT"]
["Item 4","Destinantion",null,null,"No of Trips",null,"KMs","Rate","Amount"]
[12,"Port Elizabeth office to Jose Pearson"]
[null," TB Hospital and back.",null,null,1,null,47,{"v":5,"d":"R 5.00"},{"$f":"H48*G48","v":{"v":235,"d":"R 235.00"}}]
[]
["Sub Total D",{"$nulls":7},{"$f":"SUM(I47:I49)","v":{"v":235,"d":"R 235.00"}}]
[]
[{"$nulls":6}," Sub Total (A+B+C+D)",null,{"$f":"I50+I44+I32+I21","v":{"v":4135,"d":"R 4,135.00"}}]
[]
[{"$nulls":6},"Sub Total",null,{"$f":"I52","v":{"v":4135,"d":"R 4,135.00"}}]

{"sheet":"NEW BRIGHTON MORTUARY (03)","index":10,"n_rows":54,"n_cols":13,"rows_kept":54,"hidden":true,"merged":[[8,0,8,4],[8,5,8,6],[8,7,8,8],[9,5,9,6],[9,7,9,8],[10,5,10,6],[10,7,10,8],[11,5,11,6],[11,7,11,8],[12,5,12,6],[12,7,12,8],[13,5,13,6],[13,7,13,8],[14,0,14,8],[15,0,15,8],[17,1,17,3],[18,1,18,3],[19,1,19,3],[20,0,20,7],[21,0,21,8],[23,1,23,4],[24,1,24,4],[25,1,25,4],[26,1,26,4],[27,1,27,4],[28,1,28,4],[29,1,29,4],[30,1,30,4],[31,0,31,7],[32,0,32,8],[33,1,33,3],[33,4,33,5],[34,1,34,3],[34,4,34,5],[35,1,35,3],[35,4,35,5],[36,1,36,3],[36,4,36,5],[37,1,37,3],[37,4,37,5],[38,1,38,3],[38,4,38,5],[39,1,39,3],[39,4,39,5],[40,1,40,3],[41,1,41,3],[42,1,42,3],[43,0,43,7],[44,0,44,8],[45,1,45,3],[45,4,45,5],[46,1,46,3],[46,4,46,5],[47,1,47,3],[47,4,47,5],[48,1,48,3],[48,4,48,5],[49,0,49,7],[51,0,51,1],[51,2,51,4],[51,6,51,7],[52,0,52,1],[52,2,52,4],[53,0,53,1],[53,2,53,4],[53,6,53,7],[54,2,54,5]]}
{"$rows_empty":8}
["QUOTE TO :",{"$nulls":4},"Qoute No           ",null,3]
["Department of Health",{"$nulls":4},"Date                   ",null,"2019-12-02"]
["717 Dukumbana Building",{"$nulls":4},"Facility              ",null,"NEW BRIGHTON MORTUARY"]
["Independent Avenue",{"$nulls":4},"Work Order     ",null,41253]
["Bhisho",{"$nulls":4},"Tender No       ",null,"SCMU3 - 17/18-0303 - HO",{"$nulls":4}," "]
[{"$nulls":5},"Contract Term ",null,"24 MONTHS"]
["WORK  REQUEST : Gen  does not start."]
["SCHEDULED WORK"]
["Item 1","Discription",null,null,"Unit","Sch No","Quantity","Rate","Amount"]
[{"$nulls":8},{"$f":"SUM(G18*H18)","v":0}]
[{"$nulls":8},{"$f":"SUM(G19*H19)","v":0}]
[{"$nulls":8},0]
["Sub Total A",{"$nulls":7},{"$f":"SUM(I18:I20)","v":0}]
["NON SCHEDULED WORK"]
["Item 2","Discription",{"$nulls":3},"Quantity","MarK UP","Rate","Amount"]
{"$rows_empty":8}
["Sub Total B",{"$nulls":7},{"$f":"SUM(I24:I31)","v":0}]
["LABOUR"]
["Item 3"," (Normal Rate)",null,null,"Unit",null,"Quantity","Rate","Amount"]
[1,"Techinician",null,null,"HRS",null,1.5,{"v":450,"d":"R450.00"},{"$f":"SUM(G35*H35)","v":{"v":675,"d":"R 675.00"}}]
[2," Senior Artisan  ",null,null,"HRS",null,null,{"v":350,"d":"R350.00"},{"$f":"SUM(G36*H36)","v":0}]
[3,"Artisan  (Trade Tested)",null,null,"HRS",null,null,{"v":300,"d":"R300.00"},0]
[4,"Utility Man (Non - Trade Tested)",null,null,"HRS",null,1.5,{"v":200,"d":"R200.00"},{"v":300,"d":"R 300.00"}]
[5,"Artisan  Aid",null,null,"HRS",null,null,{"v":200,"d":"R200.00"},0]
[6,"General Worker",null,null,"HRS",null,null,{"v":140,"d":"R140.00"},0]
[]
[]
[]
["Sub Total C",{"$nulls":7},{"$f":"SUM(I35:I43)","v":{"v":975,"d":"R 975.00"}}]
["TRANSPORT"]
["Item 4","Destinantion",null,null,"No of Trips",null,"KMs","Rate","Amount"]
[12,"Port Elizabeth office to New Brighton "]
[null," Mortuary and back.",null,null,1,null,21.4,{"v":5,"d":"R 5.00"},{"$f":"H48*G48","v":{"v":107,"d":"R 107.00"}}]
[]
["Sub Total D",{"$nulls":7},{"$f":"SUM(I47:I49)","v":{"v":107,"d":"R 107.00"}}]
[]
[{"$nulls":6}," Sub Total (A+B+C+D)",null,{"$f":"I50+I44+I32+I21","v":{"v":1082,"d":"R 1,082.00"}}]
[]
[{"$nulls":6},"Sub Total",null,{"$f":"I52+I53","v":{"v":1082,"d":"R 1,082.00"}}]

{"sheet":"DORA NGIZA HOSPITAL (04)","index":11,"n_rows":54,"n_cols":13,"rows_kept":54,"hidden":true,"merged":[[8,0,8,4],[8,5,8,6],[8,7,8,8],[9,5,9,6],[9,7,9,8],[10,5,10,6],[10,7,10,8],[11,5,11,6],[11,7,11,8],[12,5,12,6],[12,7,12,8],[13,5,13,6],[13,7,13,8],[14,0,14,8],[15,0,15,8],[16,1,16,3],[17,1,17,3],[18,1,18,3],[19,1,19,3],[20,0,20,7],[21,0,21,8],[23,1,23,4],[24,1,24,4],[25,1,25,4],[26,1,26,4],[27,1,27,4],[28,1,28,4],[29,1,29,4],[30,1,30,4],[31,0,31,7],[32,0,32,8],[33,1,33,3],[33,4,33,5],[34,1,34,3],[34,4,34,5],[35,1,35,3],[35,4,35,5],[36,1,36,3],[36,4,36,5],[37,1,37,3],[37,4,37,5],[38,1,38,3],[38,4,38,5],[39,1,39,3],[39,4,39,5],[40,1,40,3],[41,1,41,3],[42,1,42,3],[43,0,43,7],[44,0,44,8],[45,1,45,3],[45,4,45,5],[46,1,46,3],[46,4,46,5],[47,1,47,3],[47,4,47,5],[48,1,48,3],[48,4,48,5],[49,0,49,7],[51,0,51,1],[51,2,51,4],[51,6,51,7],[52,0,52,1],[52,2,52,4],[53,0,53,1],[53,2,53,4],[53,6,53,7],[54,2,54,5]]}
{"$rows_empty":8}
["QUOTE TO :",{"$nulls":4},"Qoute No           ",null,4]
["Department of Health",{"$nulls":4},"Date                   ",null,"2019-11-02"]
["717 Dukumbana Building",{"$nulls":4},"Facility              ",null,"DORA NGINZA HOSPITAL"]
["Independent Avenue",{"$nulls":4},"Work Order     ",null,41177]
["Bhisho",{"$nulls":4},"Tender No       ",null,"SCMU3 - 17/18-0303 - HO",{"$nulls":4}," "]
[{"$nulls":5},"Contract Term ",null,"24 MONTHS"]
["WORK  REQUEST : Request to repair faulty cable connecting to thechange over switch."]
["SCHEDULED WORK"]
["Item 1","Discription",null,null,"Unit","Sch No","Quantity","Rate","Amount"]
[{"$nulls":8},{"$f":"SUM(G18*H18)","v":0}]
[{"$nulls":8},{"$f":"SUM(G19*H19)","v":0}]
[{"$nulls":8},0]
["Sub Total A",{"$nulls":7},{"$f":"SUM(I18:I20)","v":0}]
["NON SCHEDULED WORK"]
["Item 2","Discription",{"$nulls":3},"Quantity","Mark - Up","Rate","Amount"]
[1,"ELECTRO PHASE FAILER RELAY 400V ",{"$nulls":3},1,{"v":0.15,"d":"15%"},{"v":396,"d":"R 396.00"},{"$f":"H24*F24*1.15","v":{"v":455.4,"d":"R 455.40"}}]
[2,"10 X 38mm FUSE 100KVA",{"$nulls":3},1,{"v":0.15,"d":"15%"},{"v":12,"d":"R 12.00"},{"$f":"H25*F25*1.15","v":{"v":13.799999999999999,"d":"R 13.80"}}]
[]
[]
[]
[]
[]
[]
["Sub Total B",{"$nulls":7},{"$f":"SUM(I24:I31)","v":{"v":469.2,"d":"R 469.20"}}]
["LABOUR"]
["Item 3"," (Normal Rate)",null,null,"Unit",null,"Quantity","Rate","Amount"]
[1,"Techinician",null,null,"HRS",null,2,{"v":450,"d":"R450.00"},{"$f":"SUM(G35*H35)","v":{"v":900,"d":"R 900.00"}}]
[2," Senior Artisan  ",null,null,"HRS",null,null,{"v":350,"d":"R350.00"},{"$f":"SUM(G36*H36)","v":0}]
[3,"Artisan  (Trade Tested)",null,null,"HRS",null,null,{"v":300,"d":"R300.00"},0]
[4,"Utility Man (Non - Trade Tested)",null,null,"HRS",null,2,{"v":200,"d":"R200.00"},{"v":400,"d":"R 400.00"}]
[5,"Artisan  Aid",null,null,"HRS",null,null,{"v":200,"d":"R200.00"},0]
[6,"General Worker",null,null,"HRS",null,null,{"v":140,"d":"R140.00"},0]
[]
[]
[]
["Sub Total C",{"$nulls":7},{"$f":"SUM(I35:I43)","v":{"v":1300,"d":"R 1,300.00"}}]
["TRANSPORT"]
["Item 4","Destinantion",null,null,"No of Trips",null,"KMs","Rate","Amount"]
[1,"Port Elizabeth office to Dora Nginza"]
[null,"Hospital and back.",null,null,1,null,28.6,{"v":5,"d":"R 5.00"},{"$f":"H48*G48","v":{"v":143,"d":"R 143.00"}}]
[]
["Sub Total D",{"$nulls":7},{"$f":"SUM(I47:I49)","v":{"v":143,"d":"R 143.00"}}]
[]
[{"$nulls":6}," Sub Total (A+B+C+D)",null,{"$f":"I50+I44+I32+I21","v":{"v":1912.2,"d":"R 1,912.20"}}]
[]
[{"$nulls":6},"Sub Total",null,{"$f":"I52+I53","v":{"v":1912.2,"d":"R 1,912.20"}}]

{"sheet":"LAETITIA BAM CHC (05)","index":12,"n_rows":54,"n_cols":13,"rows_kept":54,"hidden":true,"merged":[[8,0,8,4],[8,5,8,6],[8,7,8,8],[9,5,9,6],[9,7,9,8],[10,5,10,6],[10,7,10,8],[11,5,11,6],[11,7,11,8],[12,5,12,6],[12,7,12,8],[13,5,13,6],[13,7,13,8],[14,0,14,8],[15,0,15,8],[16,1,16,3],[17,1,17,3],[18,1,18,3],[19,1,19,3],[20,0,20,7],[21,0,21,8],[22,1,22,4],[22,5,22,6],[23,1,23,4],[23,5,23,6],[24,1,24,4],[24,5,24,6],[25,1,25,4],[25,5,25,6],[26,1,26,4],[26,5,26,6],[27,1,27,4],[27,5,27,6],[28,1,28,4],[28,5,28,6],[29,1,29,4],[29,5,29,6],[30,1,30,4],[31,0,31,7],[32,0,32,8],[33,1,33,3],[33,4,33,5],[34,1,34,3],[34,4,34,5],[35,1,35,3],[35,4,35,5],[36,1,36,3],[36,4,36,5],[37,1,37,3],[37,4,37,5],[38,1,38,3],[38,4,38,5],[39,1,39,3],[39,4,39,5],[40,1,40,3],[41,1,41,3],[42,1,42,3],[43,0,43,7],[44,0,44,8],[45,1,45,3],[45,4,45,5],[46,1,46,3],[46,4,46,5],[47,1,47,3],[47,4,47,5],[48,1,48,3],[48,4,48,5],[49,0,49,7],[51,0,51,1],[51,2,51,4],[51,6,51,7],[52,0,52,1],[52,2,52,4],[53,0,53,1],[53,2,53,4],[53,6,53,7],[54,2,54,5]]}
{"$rows_empty":8}
["QUOTE TO :",{"$nulls":4},"Qoute No           ",null,5]
["Department of Health",{"$nulls":4},"Date                   ",null,"2019-10-02"]
["717 Dukumbana Building",{"$nulls":4},"Facility              ",null,"LAETITIA BAM CHC"]
["Independent Avenue",{"$nulls":4},"Work Order     ",null,41140]
["Bhisho",{"$nulls":4},"Tender No       ",null,"SCMU3 - 17/18-0303 - HO",{"$nulls":4}," "]
[{"$nulls":5},"Contract Term ",null,"24 MONTHS"]
["WORK  REQUEST : Gen did not start."]
["SCHEDULED WORK"]
["Item 1","Discription",null,null,"Unit","Sch No","Quantity","Rate","Amount"]
[{"$nulls":8},{"$f":"SUM(G18*H18)","v":0}]
[{"$nulls":8},{"$f":"SUM(G19*H19)","v":0}]
[{"$nulls":8},0]
["Sub Total A",{"$nulls":7},{"$f":"SUM(I18:I20)","v":0}]
["NON SCHEDULED WORK"]
["Item 2","Discription",{"$nulls":3},"Quantity",null,"Rate","Amount"]
{"$rows_empty":8}
["Sub Total B",{"$nulls":7},{"$f":"SUM(I24:I31)","v":0}]
["LABOUR"]
["Item 3"," (Normal Rate)",null,null,"Unit",null,"Quantity","Rate","Amount"]
[1,"Techinician",null,null,"HRS",null,1,{"v":450,"d":"R450.00"},{"$f":"SUM(G35*H35)","v":{"v":450,"d":"R 450.00"}}]
[2," Senior Artisan  ",null,null,"HRS",null,null,{"v":350,"d":"R350.00"},{"$f":"SUM(G36*H36)","v":0}]
[3,"Artisan  (Trade Tested)",null,null,"HRS",null,null,{"v":300,"d":"R300.00"},0]
[4,"Utility Man (Non - Trade Tested)",null,null,"HRS",null,1,{"v":200,"d":"R200.00"},{"v":200,"d":"R 200.00"}]
[5,"Artisan  Aid",null,null,"HRS",null,null,{"v":200,"d":"R200.00"},0]
[6,"General Worker",null,null,"HRS",null,null,{"v":140,"d":"R140.00"},0]
[]
[]
[]
["Sub Total C",{"$nulls":7},{"$f":"SUM(I35:I43)","v":{"v":650,"d":"R 650.00"}}]
["TRANSPORT"]
["Item 4","Destinantion",null,null,"No of Trips",null,"KMs","Rate","Amount"]
[1,"Port Elizabeth office to Laetitia Bam "]
[null,"CHC and back.",null,null,1,null,77.2,{"v":5,"d":"R 5.00"},{"$f":"H48*G48","v":{"v":386,"d":"R 386.00"}}]
[]
["Sub Total D",{"$nulls":7},{"$f":"SUM(I47:I49)","v":{"v":386,"d":"R 386.00"}}]
[]
[{"$nulls":6}," Sub Total (A+B+C+D)",null,{"$f":"I50+I44+I32+I21","v":{"v":1036,"d":"R 1,036.00"}}]
[]
[{"$nulls":6},"Sub Total",null,{"$f":"I52+I53","v":{"v":1036,"d":"R 1,036.00"}}]

{"sheet":"MOTHERWELL CHC (06)","index":13,"n_rows":54,"n_cols":13,"rows_kept":54,"hidden":true,"merged":[[8,0,8,4],[8,5,8,6],[8,7,8,8],[9,5,9,6],[9,7,9,8],[10,5,10,6],[10,7,10,8],[11,5,11,6],[11,7,11,8],[12,5,12,6],[12,7,12,8],[13,5,13,6],[13,7,13,8],[14,0,14,8],[15,0,15,8],[17,1,17,3],[18,1,18,3],[19,1,19,3],[20,0,20,7],[21,0,21,8],[22,5,22,6],[23,1,23,4],[23,5,23,6],[24,1,24,4],[24,5,24,6],[25,1,25,4],[25,5,25,6],[26,1,26,4],[26,5,26,6],[27,1,27,4],[27,5,27,6],[28,1,28,4],[28,5,28,6],[29,1,29,4],[29,5,29,6],[30,1,30,4],[30,5,30,6],[31,0,31,7],[32,0,32,8],[33,1,33,3],[33,4,33,5],[34,1,34,3],[34,4,34,5],[35,1,35,3],[35,4,35,5],[36,1,36,3],[36,4,36,5],[37,1,37,3],[37,4,37,5],[38,1,38,3],[38,4,38,5],[39,1,39,3],[39,4,39,5],[40,1,40,3],[41,1,41,3],[42,1,42,3],[43,0,43,7],[44,0,44,8],[45,1,45,3],[45,4,45,5],[46,1,46,3],[46,4,46,5],[47,1,47,3],[47,4,47,5],[48,1,48,3],[48,4,48,5],[49,0,49,7],[51,0,51,1],[51,2,51,4],[51,6,51,7],[52,0,52,1],[52,2,52,4],[53,0,53,1],[53,2,53,4],[53,6,53,7],[54,2,54,5]]}
{"$rows_empty":8}
["QUOTE TO :",{"$nulls":4},"Qoute No           ",null,6]
["Department of Health",{"$nulls":4},"Date                   ",null,"13/2/2019"]
["717 Dukumbana Building",{"$nulls":4},"Facility              ",null,"MOTHERWELL CHC"]
["Independent Avenue",{"$nulls":4},"Work Order     ",null,41408]
["Bhisho",{"$nulls":4},"Tender No       ",null,"SCMU3 - 17/18-0303 - HO",{"$nulls":4}," "]
[{"$nulls":5},"Contract Term ",null,"24 MONTHS"]
["WORK  REQUEST : Request to repair gen ,not staring."]
["SCHEDULED WORK"]
["Item 1","Discription",null,null,"Unit","Sch No","Quantity","Rate","Amount"]
[{"$nulls":8},{"$f":"SUM(G18*H18)","v":0}]
[{"$nulls":8},{"$f":"SUM(G19*H19)","v":0}]
[{"$nulls":8},0]
["Sub Total A",{"$nulls":7},{"$f":"SUM(I18:I20)","v":0}]
["NON SCHEDULED WORK"]
["Item 2","Discription",{"$nulls":3},"Quantity",null,"Rate","Amount"]
{"$rows_empty":8}
["Sub Total B",{"$nulls":7},{"$f":"SUM(I24:I31)","v":0}]
["LABOUR"]
["Item 3"," (Normal Rate)",null,null,"Unit",null,"Quantity","Rate","Amount"]
[1,"Techinician",null,null,"HRS",null,1,{"v":450,"d":"R450.00"},{"$f":"SUM(G35*H35)","v":{"v":450,"d":"R 450.00"}}]
[2," Senior Artisan  ",null,null,"HRS",null,null,{"v":350,"d":"R350.00"},{"$f":"SUM(G36*H36)","v":0}]
[3,"Artisan  (Trade Tested)",null,null,"HRS",null,null,{"v":300,"d":"R300.00"},0]
[4,"Utility Man (Non - Trade Tested)",null,null,"HRS",null,1,{"v":200,"d":"R200.00"},{"v":200,"d":"R 200.00"}]
[5,"Artisan  Aid",null,null,"HRS",null,null,{"v":200,"d":"R200.00"},0]
[6,"General Worker",null,null,"HRS",null,null,{"v":140,"d":"R140.00"},0]
[]
[]
[]
["Sub Total C",{"$nulls":7},{"$f":"SUM(I35:I43)","v":{"v":650,"d":"R 650.00"}}]
["TRANSPORT"]
["Item 4","Destinantion",null,null,"No of Trips",null,"KMs","Rate","Amount"]
[12,"Port Elizabeth office to Motherwell "]
[null,"CHC and back.",null,null,1,null,48.8,{"v":5,"d":"R 5.00"},{"$f":"H48*G48","v":{"v":244,"d":"R 244.00"}}]
[]
["Sub Total D",{"$nulls":7},{"$f":"SUM(I47:I49)","v":{"v":244,"d":"R 244.00"}}]
[]
[{"$nulls":6}," Sub Total (A+B+C+D)",null,{"$f":"I50+I44+I32+I21","v":{"v":894,"d":"R 894.00"}}]
[]
[{"$nulls":6},"Sub Total",null,{"$f":"I52+I53","v":{"v":894,"d":"R 894.00"}}]

{"sheet":"MOTHERWEL CHC (07)","index":14,"n_rows":54,"n_cols":13,"rows_kept":54,"hidden":true,"merged":[[8,0,8,4],[8,5,8,6],[8,7,8,8],[9,5,9,6],[9,7,9,8],[10,5,10,6],[10,7,10,8],[11,5,11,6],[11,7,11,8],[12,5,12,6],[12,7,12,8],[13,5,13,6],[13,7,13,8],[14,0,14,8],[15,0,15,8],[17,1,17,3],[18,1,18,3],[19,1,19,3],[20,0,20,7],[21,0,21,8],[22,5,22,6],[23,1,23,4],[23,5,23,6],[24,1,24,4],[24,5,24,6],[25,1,25,4],[25,5,25,6],[26,1,26,4],[26,5,26,6],[27,1,27,4],[27,5,27,6],[28,1,28,4],[28,5,28,6],[29,1,29,4],[29,5,29,6],[30,1,30,4],[30,5,30,6],[31,0,31,7],[32,0,32,8],[33,1,33,3],[33,4,33,5],[34,1,34,3],[34,4,34,5],[35,1,35,3],[35,4,35,5],[36,1,36,3],[36,4,36,5],[37,1,37,3],[37,4,37,5],[38,1,38,3],[38,4,38,5],[39,1,39,3],[39,4,39,5],[40,1,40,3],[41,1,41,3],[42,1,42,3],[43,0,43,7],[44,0,44,8],[45,1,45,3],[45,4,45,5],[46,1,46,3],[46,4,46,5],[47,1,47,3],[47,4,47,5],[48,1,48,3],[48,4,48,5],[49,0,49,7],[51,0,51,1],[51,2,51,4],[51,6,51,7],[52,0,52,1],[52,2,52,4],[53,0,53,1],[53,2,53,4],[53,6,53,7],[54,2,54,5]]}
{"$rows_empty":8}
["QUOTE TO :",{"$nulls":4},"Qoute No           ",null,7]
["Department of Health",{"$nulls":4},"Date                   ",null,"18/2/2019"]
["717 Dukumbana Building",{"$nulls":4},"Facility              ",null,"MOTHERWELL CHC"]
["Independent Avenue",{"$nulls":4},"Work Order     ",null,43238]
["Bhisho",{"$nulls":4},"Tender No       ",null,"SCMU3 - 17/18-0303 - HO",{"$nulls":4}," "]
[{"$nulls":5},"Contract Term ",null,"24 MONTHS"]
["WORK  REQUEST : Repair to faulty gen keeps on tripping."]
["SCHEDULED WORK"]
["Item 1","Discription",null,null,"Unit","Sch No","Quantity","Rate","Amount"]
[{"$nulls":8},{"$f":"SUM(G18*H18)","v":0}]
[{"$nulls":8},{"$f":"SUM(G19*H19)","v":0}]
[{"$nulls":8},0]
["Sub Total A",{"$nulls":7},{"$f":"SUM(I18:I20)","v":0}]
["NON SCHEDULED WORK"]
["Item 2","Discription",{"$nulls":3},"Quantity",null,"Rate","Amount"]
{"$rows_empty":8}
["Sub Total B",{"$nulls":7},{"$f":"SUM(I24:I31)","v":0}]
["LABOUR"]
["Item 3"," (Normal Rate)",null,null,"Unit",null,"Quantity","Rate","Amount"]
[1,"Techinician",null,null,"HRS",null,1.5,{"v":450,"d":"R450.00"},{"$f":"SUM(G35*H35)","v":{"v":675,"d":"R 675.00"}}]
[2," Senior Artisan  ",null,null,"HRS",null,null,{"v":350,"d":"R350.00"},{"$f":"SUM(G36*H36)","v":0}]
[3,"Artisan  (Trade Tested)",null,null,"HRS",null,null,{"v":300,"d":"R300.00"},0]
[4,"Utility Man (Non - Trade Tested)",null,null,"HRS",null,1.5,{"v":200,"d":"R200.00"},{"v":300,"d":"R 300.00"}]
[5,"Artisan  Aid",null,null,"HRS",null,null,{"v":200,"d":"R200.00"},0]
[6,"General Worker",null,null,"HRS",null,null,{"v":140,"d":"R140.00"},0]
[]
[]
[]
["Sub Total C",{"$nulls":7},{"$f":"SUM(I35:I43)","v":{"v":975,"d":"R 975.00"}}]
["TRANSPORT"]
["Item 4","Destinantion",null,null,"No of Trips",null,"KMs","Rate","Amount"]
[1,"Port Elizabeth office to Motherwell "]
[null,"CHC and back.",null,null,1,null,48.8,{"v":5,"d":"R 5.00"},{"$f":"H48*G48","v":{"v":244,"d":"R 244.00"}}]
[]
["Sub Total D",{"$nulls":7},{"$f":"SUM(I47:I49)","v":{"v":244,"d":"R 244.00"}}]
[]
[{"$nulls":6}," Sub Total (A+B+C+D)",null,{"$f":"I50+I44+I32+I21","v":{"v":1219,"d":"R 1,219.00"}}]
[]
[{"$nulls":6},"Sub Total",null,{"$f":"I52+I53","v":{"v":1219,"d":"R 1,219.00"}}]

{"sheet":"ORSMOND TB HOSPITAL (08)","index":15,"n_rows":54,"n_cols":13,"rows_kept":54,"hidden":true,"merged":[[8,0,8,4],[8,5,8,6],[8,7,8,8],[9,5,9,6],[9,7,9,8],[10,5,10,6],[10,7,10,8],[11,5,11,6],[11,7,11,8],[12,5,12,6],[12,7,12,8],[13,5,13,6],[13,7,13,8],[14,0,14,8],[15,0,15,8],[17,1,17,3],[18,1,18,3],[19,1,19,3],[20,0,20,7],[21,0,21,8],[23,1,23,4],[24,1,24,4],[25,1,25,4],[26,1,26,4],[27,1,27,4],[28,1,28,4],[29,1,29,4],[30,1,30,4],[31,0,31,7],[32,0,32,8],[33,1,33,3],[33,4,33,5],[34,1,34,3],[34,4,34,5],[35,1,35,3],[35,4,35,5],[36,1,36,3],[36,4,36,5],[37,1,37,3],[37,4,37,5],[38,1,38,3],[38,4,38,5],[39,1,39,3],[39,4,39,5],[40,1,40,3],[41,1,41,3],[42,1,42,3],[43,0,43,7],[44,0,44,8],[45,1,45,3],[45,4,45,5],[46,1,46,3],[46,4,46,5],[47,1,47,3],[47,4,47,5],[48,1,48,3],[48,4,48,5],[49,0,49,7],[51,0,51,1],[51,2,51,4],[51,6,51,7],[52,0,52,1],[52,2,52,4],[53,0,53,1],[53,2,53,4],[53,6,53,7],[54,2,54,5]]}
{"$rows_empty":8}
["QUOTE TO :",{"$nulls":4},"Qoute No           ",null,8]
["Department of Health",{"$nulls":4},"Date                   ",null,"16/2/2019"]
["717 Dukumbana Building",{"$nulls":4},"Facility              ",null,"ORSMOND TB HOSPITAL"]
["Independent Avenue",{"$nulls":4},"Work Order     ",null,43191]
["Bhisho",{"$nulls":4},"Tender No       ",null,"SCMU3 - 17/18-0303 - HO",{"$nulls":4}," "]
[{"$nulls":5},"Contract Term ",null,"24 MONTHS"]
["WORK  REQUEST : Gen faulty."]
["SCHEDULED WORK"]
["Item 1","Discription",null,null,"Unit","Sch No","Quantity","Rate","Amount"]
[{"$nulls":8},{"$f":"SUM(G18*H18)","v":0}]
[{"$nulls":8},{"$f":"SUM(G19*H19)","v":0}]
[{"$nulls":8},0]
["Sub Total A",{"$nulls":7},{"$f":"SUM(I18:I20)","v":0}]
["NON SCHEDULED WORK"]
["Item 2","Discription",{"$nulls":3},"Quantity","Mark - Up","Rate","Amount"]
{"$rows_empty":8}
["Sub Total B",{"$nulls":7},{"$f":"SUM(I24:I31)","v":0}]
["LABOUR"]
["Item 3"," (Normal Rate)",null,null,"Unit",null,"Quantity","Rate","Amount"]
[1,"Techinician",null,null,"HRS",null,2.5,{"v":450,"d":"R450.00"},{"$f":"SUM(G35*H35)","v":{"v":1125,"d":"R 1,125.00"}}]
[2," Senior Artisan  ",null,null,"HRS",null,null,{"v":350,"d":"R350.00"},{"$f":"SUM(G36*H36)","v":0}]
[3,"Artisan  (Trade Tested)",null,null,"HRS",null,null,{"v":300,"d":"R300.00"},0]
[4,"Utility Man (Non - Trade Tested)",null,null,"HRS",null,2.5,{"v":200,"d":"R200.00"},{"v":500,"d":"R 500.00"}]
[5,"Artisan  Aid",null,null,"HRS",null,null,{"v":200,"d":"R200.00"},0]
[6,"General Worker",null,null,"HRS",null,null,{"v":140,"d":"R140.00"},0]
[]
[]
[]
["Sub Total C",{"$nulls":7},{"$f":"SUM(I35:I43)","v":{"v":1625,"d":"R 1,625.00"}}]
["TRANSPORT"]
["Item 4","Destinantion",null,null,"No of Trips",null,"KMs","Rate","Amount"]
[1,"Port Elizabeth office to Orsmmon TB hospital "]
[null,"and back.",null,null,1,null,81.4,{"v":5,"d":"R 5.00"},{"$f":"H48*G48","v":{"v":407,"d":"R 407.00"}}]
[]
["Sub Total D",{"$nulls":7},{"$f":"SUM(I47:I49)","v":{"v":407,"d":"R 407.00"}}]
[]
[{"$nulls":6}," Sub Total (A+B+C+D)",null,{"$f":"I50+I44+I32+I21","v":{"v":2032,"d":"R 2,032.00"}}]
[]
[{"$nulls":6},"Sub Total",null,{"$f":"I52+I53","v":{"v":2032,"d":"R 2,032.00"}}]

{"sheet":"JOSE PEARSON TB HOSPITAL (09)","index":16,"n_rows":54,"n_cols":13,"rows_kept":54,"hidden":true,"merged":[[8,0,8,4],[8,5,8,6],[8,7,8,8],[9,5,9,6],[9,7,9,8],[10,5,10,6],[10,7,10,8],[11,5,11,6],[11,7,11,8],[12,5,12,6],[12,7,12,8],[13,5,13,6],[13,7,13,8],[14,0,14,8],[15,0,15,8],[17,1,17,3],[18,1,18,3],[19,1,19,3],[20,0,20,7],[21,0,21,8],[23,1,23,4],[24,1,24,4],[25,1,25,4],[26,1,26,4],[27,1,27,4],[28,1,28,4],[29,1,29,4],[30,1,30,4],[31,0,31,7],[32,0,32,8],[33,1,33,3],[33,4,33,5],[34,1,34,3],[34,4,34,5],[35,1,35,3],[35,4,35,5],[36,1,36,3],[36,4,36,5],[37,1,37,3],[37,4,37,5],[38,1,38,3],[38,4,38,5],[39,1,39,3],[39,4,39,5],[40,1,40,3],[41,1,41,3],[42,1,42,3],[43,0,43,7],[44,0,44,8],[45,1,45,3],[45,4,45,5],[46,1,46,3],[46,4,46,5],[47,1,47,3],[47,4,47,5],[48,1,48,3],[48,4,48,5],[49,0,49,7],[51,0,51,1],[51,2,51,4],[51,6,51,7],[52,0,52,1],[52,2,52,4],[53,0,53,1],[53,2,53,4],[53,6,53,7],[54,2,54,5]]}
{"$rows_empty":8}
["QUOTE TO :",{"$nulls":4},"Qoute No           ",null,9]
["Department of Health",{"$nulls":4},"Date                   ",null,"2019-06-02"]
["717 Dukumbana Building",{"$nulls":4},"Facility              ",null,"JOSE PEARSON TB HOSPITAL"]
["Independent Avenue",{"$nulls":4},"Work Order     ",null,42608]
["Bhisho",{"$nulls":4},"Tender No       ",null,"SCMU3 - 17/18-0303 - HO",{"$nulls":4}," "]
[{"$nulls":5},"Contract Term ",null,"24 MONTHS"]
["WORK  REQUEST : Repair to a faulty  gen and diesel pump."]
["SCHEDULED WORK"]
["Item 1","Discription",null,null,"Unit","Sch No","Quantity","Rate","Amount"]
[{"$nulls":8},{"$f":"SUM(G18*H18)","v":0}]
[{"$nulls":8},{"$f":"SUM(G19*H19)","v":0}]
[{"$nulls":8},0]
["Sub Total A",{"$nulls":7},{"$f":"SUM(I18:I20)","v":0}]
["NON SCHEDULED WORK"]
["Item 2","Discription",{"$nulls":3},"Quantity","Mark -Up","Rate","Amount"]
[1,"ROTARY PUMP",{"$nulls":3},1,{"v":0.15,"d":"15%"},{"v":239.13,"d":"R 239.13"},{"$f":"H24*F24*1.15","v":{"v":274.99949999999995,"d":"R 275.00"}}]
[2,"BOND ADHESIVE ",{"$nulls":3},1,{"v":0.15,"d":"15%"},{"v":52.17,"d":"R 52.17"},{"$f":"H25*F25*1.15","v":{"v":59.9955,"d":"R 60.00"}}]
[]
[]
[]
[]
[]
[]
["Sub Total B",{"$nulls":7},{"$f":"SUM(I24:I31)","v":{"v":334.99499999999995,"d":"R 335.00"}}]
["LABOUR"]
["Item 3"," (Normal Rate)",null,null,"Unit",null,"Quantity","Rate","Amount"]
[1,"Techinician",null,null,"HRS",null,2,{"v":450,"d":"R450.00"},{"$f":"SUM(G35*H35)","v":{"v":900,"d":"R 900.00"}}]
[2," Senior Artisan  ",null,null,"HRS",null,null,{"v":350,"d":"R350.00"},{"$f":"SUM(G36*H36)","v":0}]
[3,"Artisan  (Trade Tested)",null,null,"HRS",null,null,{"v":300,"d":"R300.00"},0]
[4,"Utility Man (Non - Trade Tested)",null,null,"HRS",null,2,{"v":200,"d":"R200.00"},{"v":400,"d":"R 400.00"}]
[5,"Artisan  Aid",null,null,"HRS",null,null,{"v":200,"d":"R200.00"},0]
[6,"General Worker",null,null,"HRS",null,null,{"v":140,"d":"R140.00"},0]
[]
[]
[]
["Sub Total C",{"$nulls":7},{"$f":"SUM(I35:I43)","v":{"v":1300,"d":"R 1,300.00"}}]
["TRANSPORT"]
["Item 4","Destinantion",null,null,"No of Trips",null,"KMs","Rate","Amount"]
[1,"Port Elizabeth office to Jose Pearson "]
[null,"  TB and back.",null,null,1,null,47,{"v":5,"d":"R 5.00"},{"$f":"H48*G48","v":{"v":235,"d":"R 235.00"}}]
[]
["Sub Total D",{"$nulls":7},{"$f":"SUM(I47:I49)","v":{"v":235,"d":"R 235.00"}}]
[]
[{"$nulls":6}," Sub Total (A+B+C+D)",null,{"$f":"I50+I44+I32+I21","v":{"v":1869.995,"d":"R 1,870.00"}}]
[]
[{"$nulls":6},"Sub Total",null,{"$f":"I52+I53","v":{"v":1869.995,"d":"R 1,870.00"}}]

{"sheet":"LIVINGSTONE HOSPITAL (10)","index":17,"n_rows":54,"n_cols":13,"rows_kept":54,"hidden":true,"merged":[[8,0,8,4],[8,5,8,6],[8,7,8,8],[9,5,9,6],[9,7,9,8],[10,5,10,6],[10,7,10,8],[11,5,11,6],[11,7,11,8],[12,5,12,6],[12,7,12,8],[13,5,13,6],[13,7,13,8],[14,0,14,8],[15,0,15,8],[17,1,17,3],[18,1,18,3],[19,1,19,3],[20,0,20,7],[21,0,21,8],[22,1,22,4],[23,1,23,4],[24,1,24,4],[25,1,25,4],[26,1,26,4],[27,1,27,4],[28,1,28,4],[29,1,29,4],[30,1,30,4],[31,0,31,7],[32,0,32,8],[33,1,33,3],[33,4,33,5],[34,1,34,3],[34,4,34,5],[35,1,35,3],[35,4,35,5],[36,1,36,3],[36,4,36,5],[37,1,37,3],[37,4,37,5],[38,1,38,3],[38,4,38,5],[39,1,39,3],[39,4,39,5],[40,1,40,3],[41,1,41,3],[42,1,42,3],[43,0,43,7],[44,0,44,8],[45,1,45,3],[45,4,45,5],[46,1,46,3],[46,4,46,5],[47,1,47,3],[47,4,47,5],[48,1,48,3],[48,4,48,5],[49,0,49,7],[51,0,51,1],[51,2,51,4],[51,6,51,7],[52,0,52,1],[52,2,52,4],[53,0,53,1],[53,2,53,4],[53,6,53,7],[54,2,54,5]]}
{"$rows_empty":8}
["QUOTE TO :",{"$nulls":4},"Qoute No           ",null,10]
["Department of Health",{"$nulls":4},"Date                   ",null,"2019-06-03"]
["717 Dukumbana Building",{"$nulls":4},"Facility              ",null,"LIVINGSTONE HOSPITAL"]
["Independent Avenue",{"$nulls":4},"Work Order     ",null,42600]
["Bhisho",{"$nulls":4},"Tender No       ",null,"SCMU3 - 17/18-0303 - HO",{"$nulls":4}," "]
[{"$nulls":5},"Contract Term ",null,"24 MONTHS"]
["WORK  REQUEST : Repair to faulty gen."]
["SCHEDULED WORK"]
["Item 1","Discription",null,null,"Unit","Sch No","Quantity","Rate","Amount"]
[{"$nulls":8},{"$f":"SUM(G18*H18)","v":0}]
[{"$nulls":8},{"$f":"SUM(G19*H19)","v":0}]
[{"$nulls":8},0]
["Sub Total A",{"$nulls":7},{"$f":"SUM(I18:I20)","v":0}]
["NON SCHEDULED WORK"]
["Item 2","Discription",{"$nulls":3},"Quantity","Mark - Up","Rate","Amount"]
[1,"BATTERY 689 SHD",{"$nulls":3},4,{"v":0.15,"d":"15%"},{"v":3346,"d":"R 3,346.00"},{"$f":"H24*F24*1.15","v":{"v":15391.599999999999,"d":"R 15,391.60"}}]
[2,"BATTERY 689 ",{"$nulls":3},4,{"v":0.15,"d":"15%"},{"v":2213,"d":"R 2,213.00"},{"$f":"H25*F25*1.15","v":{"v":10179.8,"d":"R 10,179.80"}}]
[]
[]
[]
[]
[]
[]
["Sub Total B",{"$nulls":7},{"$f":"SUM(I24:I31)","v":{"v":25571.399999999998,"d":"R 25,571.40"}}]
["LABOUR"]
["Item 3"," (Normal Rate)",null,null,"Unit",null,"Quantity","Rate","Amount"]
[1,"Techinician",null,null,"HRS",null,4,{"v":450,"d":"R450.00"},{"$f":"SUM(G35*H35)","v":{"v":1800,"d":"R 1,800.00"}}]
[2," Senior Artisan  ",null,null,"HRS",null,null,{"v":350,"d":"R350.00"},{"$f":"SUM(G36*H36)","v":0}]
[3,"Artisan  (Trade Tested)",null,null,"HRS",null,null,{"v":300,"d":"R300.00"},0]
[4,"Utility Man (Non - Trade Tested)",null,null,"HRS",null,4,{"v":200,"d":"R200.00"},{"v":800,"d":"R 800.00"}]
[5,"Artisan  Aid",null,null,"HRS",null,null,{"v":200,"d":"R200.00"},0]
[6,"General Worker",null,null,"HRS",null,null,{"v":140,"d":"R140.00"},0]
[]
[]
[]
["Sub Total C",{"$nulls":7},{"$f":"SUM(I35:I43)","v":{"v":2600,"d":"R 2,600.00"}}]
["TRANSPORT"]
["Item 4","Destinantion",null,null,"No of Trips",null,"KMs","Rate","Amount"]
[1,"Port Elizabeth office to Livingstone"]
[null," Hospital  and back.",null,null,1,null,23,{"v":5,"d":"R 5.00"},{"$f":"H48*G48","v":{"v":115,"d":"R 115.00"}}]
[]
["Sub Total D",{"$nulls":7},{"$f":"SUM(I47:I49)","v":{"v":115,"d":"R 115.00"}}]
[]
[{"$nulls":6}," Sub Total (A+B+C+D)",null,{"$f":"I50+I44+I32+I21","v":{"v":28286.399999999998,"d":"R 28,286.40"}}]
[]
[{"$nulls":6},"Sub Total",null,{"$f":"I52+I53","v":{"v":28286.399999999998,"d":"R 28,286.40"}}]

{"sheet":"LAETITIA BAM CHC (11)","index":18,"n_rows":56,"n_cols":13,"rows_kept":56,"hidden":true,"merged":[[8,0,8,4],[8,5,8,6],[8,7,8,8],[9,5,9,6],[9,7,9,8],[10,5,10,6],[10,7,10,8],[11,5,11,6],[11,7,11,8],[12,5,12,6],[12,7,12,8],[13,5,13,6],[13,7,13,8],[14,0,14,8],[15,0,15,8],[17,1,17,3],[18,1,18,3],[19,1,19,3],[20,0,20,7],[21,0,21,8],[22,1,22,4],[23,1,23,4],[24,1,24,4],[25,1,25,4],[26,1,26,4],[27,1,27,4],[28,1,28,4],[29,1,29,4],[30,1,30,4],[31,0,31,7],[32,0,32,7],[33,0,33,7],[34,0,34,8],[35,1,35,3],[35,4,35,5],[36,1,36,3],[36,4,36,5],[37,1,37,3],[37,4,37,5],[38,1,38,3],[38,4,38,5],[39,1,39,3],[39,4,39,5],[40,1,40,3],[40,4,40,5],[41,1,41,3],[41,4,41,5],[42,1,42,3],[43,1,43,3],[44,1,44,3],[45,0,45,7],[46,0,46,8],[47,1,47,3],[47,4,47,5],[48,1,48,3],[48,4,48,5],[49,1,49,3],[49,4,49,5],[50,1,50,3],[50,4,50,5],[51,0,51,7],[53,0,53,1],[53,2,53,4],[53,6,53,7],[54,0,54,1],[54,2,54,4],[55,0,55,1],[55,2,55,4],[55,6,55,7],[56,2,56,5]]}
[]
[]
[]
[]
[]
[]
[{"$nulls":11}," "]
[]
["QUOTE TO :",{"$nulls":4},"Qoute No           ",null,11]
["Department of Health",{"$nulls":4},"Date                   ",null,"28/3/2019"]
["717 Dukumbana Building",{"$nulls":4},"Facility              ",null,"LAETITIA BAM CHC"]
["Independent Avenue",{"$nulls":4},"Work Order     ",null,43269]
["Bhisho",{"$nulls":4},"Tender No       ",null,"    SCMU3 - 17/18-0303 - HO"]
[{"$nulls":5},"Contract Term ",null,"24 MONTHS",{"$nulls":4}," "]
["WORK  REQUEST : Generator does not kick start."]
["SCHEDULED WORK"]
["Item 1","Description",null,null,"Unit","Sch No","Quantity","Rate","Amount"]
[{"$nulls":8},{"$f":"SUM(G18*H18)","v":0}]
[{"$nulls":8},{"$f":"SUM(G19*H19)","v":0}]
[{"$nulls":8},0]
["Sub Total A",{"$nulls":7},{"$f":"SUM(I18:I20)","v":0}]
["NON SCHEDULED WORK"]
["Item 2","Description",{"$nulls":4},"Quantity","Rate","Amount"]
{"$rows_empty":8}
["Sub  Total",{"$nulls":7},{"$f":"SUM(I24:I31)","v":0}]
["Mark - Up 15%",{"$nulls":7},{"$f":"I32*0.15","v":0}]
["SUb  Total  B",{"$nulls":7},{"$f":"I32+I33","v":0}]
["LABOUR"]
["Item 3"," (Normal Rate)",null,null,"Unit",null,"Quantity","Rate","Amount"]
[1,"Techinician",null,null,"HRS",null,2,{"v":450,"d":"R450.00"},{"$f":"SUM(G37*H37)","v":{"v":900,"d":"R 900.00"}}]
[2," Senior Artisan  ",null,null,"HRS",null,null,{"v":350,"d":"R350.00"},{"$f":"SUM(G38*H38)","v":0}]
[3,"Artisan  (Trade Tested)",null,null,"HRS",null,null,{"v":300,"d":"R300.00"},0]
[4,"Utility Man (Non - Trade Tested)",null,null,"HRS",null,2,{"v":200,"d":"R200.00"},{"v":400,"d":"R 400.00"}]
[5,"Artisan  Aid",null,null,"HRS",null,null,{"v":200,"d":"R200.00"},0]
[6,"General Worker",null,null,"HRS",null,null,{"v":140,"d":"R140.00"},0]
[]
[]
[]
["Sub Total C",{"$nulls":7},{"$f":"SUM(I37:I45)","v":{"v":1300,"d":"R 1,300.00"}}]
["TRANSPORT"]
["Item 4","Destinantion",null,null,"No of Trips",null,"KMs","Rate","Amount"]
[1,"Port Elizabeth office to Laetitia CHC"]
[null,"and back.",null,null,1,null,77.4,{"v":5,"d":"R 5.00"},{"$f":"H50*G50","v":{"v":387,"d":"R 387.00"}}]
[]
["Sub Total D",{"$nulls":7},{"$f":"SUM(I49:I51)","v":{"v":387,"d":"R 387.00"}}]
[]
[{"$nulls":6}," Sub Total (A+B+C+D)",null,{"$f":"I52+I46+I34","v":{"v":1687,"d":"R 1,687.00"}}]
[]
[{"$nulls":6},"Sub Total",null,{"$f":"I54+I55","v":{"v":1687,"d":"R 1,687.00"}}]

{"sheet":"WEST END (12)","index":19,"n_rows":56,"n_cols":13,"rows_kept":56,"hidden":true,"merged":[[8,0,8,4],[8,5,8,6],[8,7,8,8],[9,5,9,6],[9,7,9,8],[10,5,10,6],[10,7,10,8],[11,5,11,6],[11,7,11,8],[12,7,12,8],[13,5,13,6],[13,7,13,8],[14,0,14,8],[15,0,15,8],[17,1,17,3],[18,1,18,3],[19,1,19,3],[20,0,20,7],[21,0,21,8],[22,1,22,4],[23,1,23,4],[24,1,24,4],[25,1,25,4],[26,1,26,4],[27,1,27,4],[28,1,28,4],[29,1,29,4],[30,1,30,4],[31,0,31,7],[32,0,32,7],[33,0,33,7],[34,0,34,8],[35,1,35,3],[35,4,35,5],[36,1,36,3],[36,4,36,5],[37,1,37,3],[37,4,37,5],[38,1,38,3],[38,4,38,5],[39,1,39,3],[39,4,39,5],[40,1,40,3],[40,4,40,5],[41,1,41,3],[41,4,41,5],[42,1,42,3],[43,1,43,3],[44,1,44,3],[45,0,45,7],[46,0,46,8],[47,1,47,3],[47,4,47,5],[48,1,48,3],[48,4,48,5],[49,1,49,3],[49,4,49,5],[50,1,50,3],[50,4,50,5],[51,0,51,7],[53,0,53,1],[53,2,53,4],[53,6,53,7],[54,0,54,1],[54,2,54,4],[55,0,55,1],[55,2,55,4],[55,6,55,7],[56,2,56,5]]}
{"$rows_empty":8}
["QUOTE TO :",{"$nulls":4},"Qoute No           ",null,12]
["Department of Health",{"$nulls":4},"Date                   ",null,"22/3/2019"]
["717 Dukumbana Building",{"$nulls":4},"Facility              ",null,"West End CHC"]
["Independent Avenue",{"$nulls":4},"Work Order     ",null,43444]
["Bhisho",{"$nulls":4},"Tender No       ",null,"SCMU3 - 17/18-0303 - HO"]
[{"$nulls":5},"Contract Term ",null,"24 MONTHS",{"$nulls":4}," "]
["WORK  REQUEST : The generator is leaking oil."]
["SCHEDULED WORK"]
["Item 1","Description",null,null,"Unit","Sch No","Quantity","Rate","Amount"]
[{"$nulls":8},{"$f":"SUM(G18*H18)","v":0}]
[{"$nulls":8},{"$f":"SUM(G19*H19)","v":0}]
[{"$nulls":8},0]
["Sub Total A",{"$nulls":7},{"$f":"SUM(I18:I20)","v":0}]
["NON SCHEDULED WORK"]
["Item 2","Description",{"$nulls":4},"Quantity","Rate","Amount"]
[1,"REAR OIL SEAL  (6105)",{"$nulls":4},1,{"v":172.17,"d":"R 172.17"},{"$f":"H24*G24","v":{"v":172.17,"d":"R 172.17"}}]
[2,"RIMULA R4 X 15W40 ",{"$nulls":4},1,{"v":665.1,"d":"R 665.10"},{"$f":"H25*G25","v":{"v":665.1,"d":"R 665.10"}}]
[]
[]
[]
[]
[]
[]
["Sub  Total",{"$nulls":7},{"$f":"SUM(I24:I31)","v":{"v":837.27,"d":"R 837.27"}}]
["Mark - Up 15%",{"$nulls":7},{"$f":"I32*0.15","v":{"v":125.59049999999999,"d":"R 125.59"}}]
["SUb  Total  B",{"$nulls":7},{"$f":"I32+I33","v":{"v":962.8605,"d":"R 962.86"}}]
["LABOUR"]
["Item 3"," (Normal Rate)",null,null,"Unit",null,"Quantity","Rate","Amount"]
[1,"Techinician",null,null,"HRS",null,9,{"v":450,"d":"R450.00"},{"$f":"SUM(G37*H37)","v":{"v":4050,"d":"R 4,050.00"}}]
[2," Senior Artisan  ",null,null,"HRS",null,null,{"v":350,"d":"R350.00"},{"$f":"SUM(G38*H38)","v":0}]
[3,"Artisan  (Trade Tested)",null,null,"HRS",null,null,{"v":300,"d":"R300.00"},0]
[4,"Utility Man (Non - Trade Tested)",null,null,"HRS",null,9,{"v":200,"d":"R200.00"},{"v":1800,"d":"R 1,800.00"}]
[5,"Artisan  Aid",null,null,"HRS",null,null,{"v":200,"d":"R200.00"},0]
[6,"General Worker",null,null,"HRS",null,null,{"v":140,"d":"R140.00"},0]
[]
[]
[]
["Sub Total C",{"$nulls":7},{"$f":"SUM(I37:I45)","v":{"v":5850,"d":"R 5,850.00"}}]
["TRANSPORT"]
["Item 4","Destinantion",null,null,"No of Trips",null,"KMs","Rate","Amount"]
[1,"Port Elizabeth office to West End"]
[null,"Mortuary and back.",null,null,1,null,73.6,{"v":5,"d":"R 5.00"},{"$f":"H50*G50","v":{"v":368,"d":"R 368.00"}}]
[]
["Sub Total D",{"$nulls":7},{"$f":"SUM(I49:I51)","v":{"v":368,"d":"R 368.00"}}]
[]
[{"$nulls":6}," Sub Total (A+B+C+D)",null,{"$f":"I52+I46+I34+I21","v":{"v":7180.8605,"d":"R 7,180.86"}}]
[]
[{"$nulls":6},"Sub Total",null,{"$f":"I54+I55","v":{"v":7180.8605,"d":"R 7,180.86"}}]

{"sheet":"PORT ELIZABETH PRO.(13)","index":20,"n_rows":56,"n_cols":13,"rows_kept":56,"hidden":true,"merged":[[8,0,8,4],[8,5,8,6],[8,7,8,8],[9,5,9,6],[9,7,9,8],[10,5,10,6],[10,7,10,8],[11,5,11,6],[11,7,11,8],[12,7,12,8],[13,5,13,6],[13,7,13,8],[14,0,14,8],[15,0,15,8],[17,1,17,3],[18,1,18,3],[19,1,19,3],[20,0,20,7],[21,0,21,8],[22,1,22,4],[23,1,23,4],[24,1,24,4],[25,1,25,4],[26,1,26,4],[27,1,27,4],[28,1,28,4],[29,1,29,4],[30,1,30,4],[31,0,31,7],[32,0,32,7],[33,0,33,7],[34,0,34,8],[35,1,35,3],[35,4,35,5],[36,1,36,3],[36,4,36,5],[37,1,37,3],[37,4,37,5],[38,1,38,3],[38,4,38,5],[39,1,39,3],[39,4,39,5],[40,1,40,3],[40,4,40,5],[41,1,41,3],[41,4,41,5],[42,1,42,3],[43,1,43,3],[44,1,44,3],[45,0,45,7],[46,0,46,8],[47,1,47,3],[47,4,47,5],[48,1,48,3],[48,4,48,5],[49,1,49,3],[49,4,49,5],[50,1,50,3],[50,4,50,5],[51,0,51,7],[53,0,53,1],[53,2,53,4],[53,6,53,7],[54,0,54,1],[54,2,54,4],[55,0,55,1],[55,2,55,4],[55,6,55,7],[56,2,56,5]]}
{"$rows_empty":8}
["QUOTE TO :",{"$nulls":4},"Qoute No           ",null,13]
["Department of Health",{"$nulls":4},"Date                   ",null,"29/3/2019"]
["717 Dukumbana Building",{"$nulls":4},"Facility              ",null,"PORT ELIZABETH HOSPITAL PROV"]
["Independent Avenue",{"$nulls":4},"Work Order     ",null,43856]
["Bhisho",{"$nulls":4},"Tender No       ",null,"SCMU3 - 17/18-0303 - HO"]
[{"$nulls":5},"Contract Term ",null,"24 MONTHS",{"$nulls":4}," "]
["WORK  REQUEST : The back up generator is faulty."]
["SCHEDULED WORK"]
["Item 1","Description",null,null,"Unit","Sch No","Quantity","Rate","Amount"]
[{"$nulls":8},{"$f":"SUM(G18*H18)","v":0}]
[{"$nulls":8},{"$f":"SUM(G19*H19)","v":0}]
[{"$nulls":8},0]
["Sub Total A",{"$nulls":7},{"$f":"SUM(I18:I20)","v":0}]
["NON SCHEDULED WORK"]
["Item 2","Description",{"$nulls":4},"Quantity","Rate","Amount"]
[1,"12 V REALY",{"$nulls":4},1,{"v":110,"d":"R 110.00"},{"$f":"H24*G24","v":{"v":110,"d":"R 110.00"}}]
{"$rows_empty":7}
["Sub  Total",{"$nulls":7},{"$f":"SUM(I24:I31)","v":{"v":110,"d":"R 110.00"}}]
["Mark - Up 15%",{"$nulls":7},{"$f":"I32*0.15","v":{"v":16.5,"d":"R 16.50"}}]
["SUb  Total  B",{"$nulls":7},{"$f":"I32+I33","v":{"v":126.5,"d":"R 126.50"}}]
["LABOUR"]
["Item 3"," (Normal Rate)",null,null,"Unit",null,"Quantity","Rate","Amount"]
[1,"Techinician",null,null,"HRS",null,2,{"v":450,"d":"R450.00"},{"$f":"SUM(G37*H37)","v":{"v":900,"d":"R 900.00"}}]
[2," Senior Artisan  ",null,null,"HRS",null,null,{"v":350,"d":"R350.00"},{"$f":"SUM(G38*H38)","v":0}]
[3,"Artisan  (Trade Tested)",null,null,"HRS",null,null,{"v":300,"d":"R300.00"},0]
[4,"Utility Man (Non - Trade Tested)",null,null,"HRS",null,2,{"v":200,"d":"R200.00"},{"v":400,"d":"R 400.00"}]
[5,"Artisan  Aid",null,null,"HRS",null,null,{"v":200,"d":"R200.00"},0]
[6,"General Worker",null,null,"HRS",null,null,{"v":140,"d":"R140.00"},0]
[]
[]
[]
["Sub Total C",{"$nulls":7},{"$f":"SUM(I37:I45)","v":{"v":1300,"d":"R 1,300.00"}}]
["TRANSPORT"]
["Item 4","Destinantion",null,null,"No of Trips",null,"KMs","Rate","Amount"]
[1,"Port Elizabeth office to Prort Elizabeth Prov"]
[null,"Hospital and back.",null,null,1,null,1.9,{"v":5,"d":"R 5.00"},{"$f":"H50*G50","v":{"v":9.5,"d":"R 9.50"}}]
[]
["Sub Total D",{"$nulls":7},{"$f":"SUM(I49:I51)","v":{"v":9.5,"d":"R 9.50"}}]
[]
[{"$nulls":6}," Sub Total (A+B+C+D)",null,{"$f":"I52+I46+I34+I21","v":{"v":1436,"d":"R 1,436.00"}}]
[]
[{"$nulls":6},"Sub Total",null,{"$f":"I54+I55","v":{"v":1436,"d":"R 1,436.00"}}]

{"sheet":"DORA NGIZA HOSP (14)","index":21,"n_rows":56,"n_cols":13,"rows_kept":56,"hidden":true,"merged":[[8,0,8,4],[8,5,8,6],[8,7,8,8],[9,5,9,6],[9,7,9,8],[10,5,10,6],[10,7,10,8],[11,5,11,6],[11,7,11,8],[12,7,12,8],[13,5,13,6],[13,7,13,8],[14,0,14,8],[15,0,15,8],[17,1,17,3],[18,1,18,3],[19,1,19,3],[20,0,20,7],[21,0,21,8],[22,1,22,4],[23,1,23,4],[24,1,24,4],[25,1,25,4],[26,1,26,4],[27,1,27,4],[28,1,28,4],[29,1,29,4],[30,1,30,4],[31,0,31,7],[32,0,32,7],[33,0,33,7],[34,0,34,8],[35,1,35,3],[35,4,35,5],[36,1,36,3],[36,4,36,5],[37,1,37,3],[37,4,37,5],[38,1,38,3],[38,4,38,5],[39,1,39,3],[39,4,39,5],[40,1,40,3],[40,4,40,5],[41,1,41,3],[41,4,41,5],[42,1,42,3],[43,1,43,3],[44,1,44,3],[45,0,45,7],[46,0,46,8],[47,1,47,3],[47,4,47,5],[48,1,48,3],[48,4,48,5],[49,1,49,3],[49,4,49,5],[50,1,50,3],[50,4,50,5],[51,0,51,7],[53,0,53,1],[53,2,53,4],[53,6,53,7],[54,0,54,1],[54,2,54,4],[55,0,55,1],[55,2,55,4],[55,6,55,7],[56,2,56,5]]}
{"$rows_empty":8}
["QUOTE TO :",{"$nulls":4},"Qoute No           ",null,14]
["Department of Health",{"$nulls":4},"Date                   ",null,"16/4/2019"]
["717 Dukumbana Building",{"$nulls":4},"Facility              ",null,"DORA  HOSPITAL PROVINCIAL"]
["Independent Avenue",{"$nulls":4},"Work Order     ",null,43167]
["Bhisho",{"$nulls":4},"Tender No       ",null,"SCMU3 - 17/18-0303 - HO"]
[{"$nulls":5},"Contract Term ",null,"24 MONTHS",{"$nulls":4}," "]
["WORK  REQUEST : Casuality generator has a faulty pre - heater."]
["SCHEDULED WORK"]
["Item 1","Discription",null,null,"Unit","Sch No","Quantity","Rate","Amount"]
[{"$nulls":8},{"$f":"SUM(G18*H18)","v":0}]
[{"$nulls":8},{"$f":"SUM(G19*H19)","v":0}]
[{"$nulls":8},0]
["Sub Total A",{"$nulls":7},{"$f":"SUM(I18:I20)","v":0}]
["NON SCHEDULED WORK"]
["Item 2","Description",{"$nulls":4},"Quantity","Rate","Amount"]
[1,"ELEMENT (2KW)",{"$nulls":4},1,{"v":254.18,"d":"R 254.18"},{"$f":"H24*G24","v":{"v":254.18,"d":"R 254.18"}}]
[2,"THERMOSTAT",{"$nulls":4},1,{"v":250.12,"d":"R 250.12"},{"$f":"H25*G25","v":{"v":250.12,"d":"R 250.12"}}]
[3,"ANTIFREEZE",{"$nulls":4},15,{"v":39.81,"d":"R 39.81"},{"$f":"H26*G26","v":{"v":597.1500000000001,"d":"R 597.15"}}]
[4,"100A (MCB)",{"$nulls":4},1,{"v":1646.25,"d":"R 1,646.25"},{"$f":"H27*G27","v":{"v":1646.25,"d":"R 1,646.25"}}]
[5,"SAMITE ADAPTOR PLATE",{"$nulls":4},2,{"v":18.9,"d":"R 18.90"},{"v":37.8,"d":"R 37.80"}]
[{"$nulls":8},0]
[{"$nulls":8},0]
[]
["Sub  Total",{"$nulls":7},{"$f":"SUM(I24:I31)","v":{"v":2785.5,"d":"R 2,785.50"}}]
["Mark - Up 15%",{"$nulls":7},{"$f":"I32*0.15","v":{"v":417.825,"d":"R 417.83"}}]
["SUb  Total  B",{"$nulls":7},{"$f":"I32+I33","v":{"v":3203.325,"d":"R 3,203.33"}}]
["LABOUR"]
["Item 3"," (Normal Rate)",null,null,"Unit",null,"Quantity","Rate","Amount"]
[1,"Techinician",null,null,"HRS",null,6,{"v":450,"d":"R450.00"},{"$f":"SUM(G37*H37)","v":{"v":2700,"d":"R 2,700.00"}}]
[2," Senior Artisan  ",null,null,"HRS",null,null,{"v":350,"d":"R350.00"},{"$f":"SUM(G38*H38)","v":0}]
[3,"Artisan  (Trade Tested)",null,null,"HRS",null,null,{"v":300,"d":"R300.00"},0]
[4,"Utility Man (Non - Trade Tested)",null,null,"HRS",null,6,{"v":200,"d":"R200.00"},{"v":1200,"d":"R 1,200.00"}]
[5,"Artisan  Aid",null,null,"HRS",null,null,{"v":200,"d":"R200.00"},0]
[6,"General Worker",null,null,"HRS",null,null,{"v":140,"d":"R140.00"},0]
[]
[]
[]
["Sub Total C",{"$nulls":7},{"$f":"SUM(I37:I45)","v":{"v":3900,"d":"R 3,900.00"}}]
["TRANSPORT"]
["Item 4","Destinantion",null,null,"No of Trips",null,"KMs","Rate","Amount"]
[1,"Port Elizabeth office to  Dora   Ngiza "]
[null,"Hospital and back.",null,null,1,null,28.6,{"v":5,"d":"R 5.00"},{"$f":"H50*G50","v":{"v":143,"d":"R 143.00"}}]
[]
["Sub Total D",{"$nulls":7},{"$f":"SUM(I49:I51)","v":{"v":143,"d":"R 143.00"}}]
[]
[{"$nulls":6}," Sub Total (A+B+C+D)",null,{"$f":"I52+I46+I34+I21","v":{"v":7246.325,"d":"R 7,246.33"}}]
[]
[{"$nulls":6},"Sub Total",null,{"$f":"I54+I55","v":{"v":7246.325,"d":"R 7,246.33"}}]

{"sheet":"ORSMOND TB HOSP (15)","index":22,"n_rows":56,"n_cols":13,"rows_kept":56,"hidden":true,"merged":[[8,0,8,4],[8,5,8,6],[8,7,8,8],[9,5,9,6],[9,7,9,8],[10,5,10,6],[10,7,10,8],[11,5,11,6],[11,7,11,8],[12,7,12,8],[13,5,13,6],[13,7,13,8],[14,0,14,8],[15,0,15,8],[17,1,17,3],[18,1,18,3],[19,1,19,3],[20,0,20,7],[21,0,21,8],[22,1,22,4],[23,1,23,4],[24,1,24,4],[25,1,25,4],[26,1,26,4],[27,1,27,4],[28,1,28,4],[29,1,29,4],[30,1,30,4],[31,0,31,7],[32,0,32,7],[33,0,33,7],[34,0,34,8],[35,1,35,3],[35,4,35,5],[36,1,36,3],[36,4,36,5],[37,1,37,3],[37,4,37,5],[38,1,38,3],[38,4,38,5],[39,1,39,3],[39,4,39,5],[40,1,40,3],[40,4,40,5],[41,1,41,3],[41,4,41,5],[42,1,42,3],[43,1,43,3],[44,1,44,3],[45,0,45,7],[46,0,46,8],[47,1,47,3],[47,4,47,5],[48,1,48,3],[48,4,48,5],[49,1,49,3],[49,4,49,5],[50,1,50,3],[50,4,50,5],[51,0,51,7],[53,0,53,1],[53,2,53,4],[53,6,53,7],[54,0,54,1],[54,2,54,4],[55,0,55,1],[55,2,55,4],[55,6,55,7],[56,2,56,5]]}
{"$rows_empty":8}
["QUOTE TO :",{"$nulls":4},"Qoute No           ",null,15]
["Department of Health",{"$nulls":4},"Date                   ",null,"16/3/2019"]
["717 Dukumbana Building",{"$nulls":4},"Facility              ",null,"ORSMOND TB HOSPITAL"]
["Independent Avenue",{"$nulls":4},"Work Order     ",null,44769]
["Bhisho",{"$nulls":4},"Tender No       ",null,"SCMU3 - 17/18-0303 - HO"]
[{"$nulls":5},"Contract Term ",null,"24 MONTHS",{"$nulls":4}," "]
["WORK  REQUEST : Back up generator does not start."]
["SCHEDULED WORK"]
["Item 1","Discription",null,null,"Unit","Sch No","Quantity","Rate","Amount"]
[{"$nulls":8},{"$f":"SUM(G18*H18)","v":0}]
[{"$nulls":8},{"$f":"SUM(G19*H19)","v":0}]
[{"$nulls":8},0]
["Sub Total A",{"$nulls":7},{"$f":"SUM(I18:I20)","v":0}]
["NON SCHEDULED WORK"]
["Item 2","Description",{"$nulls":4},"Quantity","Rate","Amount"]
[1,"BATTERY (674)",{"$nulls":4},1,{"v":1430,"d":"R 1,430.00"},{"$f":"H24*G24","v":{"v":1430,"d":"R 1,430.00"}}]
{"$rows_empty":7}
["Sub  Total",{"$nulls":7},{"$f":"SUM(I24:I31)","v":{"v":1430,"d":"R 1,430.00"}}]
["Mark - Up 15%",{"$nulls":7},{"$f":"I32*0.15","v":{"v":214.5,"d":"R 214.50"}}]
["SUb  Total  B",{"$nulls":7},{"$f":"I32+I33","v":{"v":1644.5,"d":"R 1,644.50"}}]
["LABOUR"]
["Item 3"," (Normal Rate)",null,null,"Unit",null,"Quantity","Rate","Amount"]
[1,"Techinician",null,null,"HRS",null,1,{"v":450,"d":"R450.00"},{"$f":"SUM(G37*H37)","v":{"v":450,"d":"R 450.00"}}]
[2," Senior Artisan  ",null,null,"HRS",null,null,{"v":350,"d":"R350.00"},{"$f":"SUM(G38*H38)","v":0}]
[3,"Artisan  (Trade Tested)",null,null,"HRS",null,null,{"v":300,"d":"R300.00"},0]
[4,"Utility Man (Non - Trade Tested)",null,null,"HRS",null,1,{"v":200,"d":"R200.00"},{"v":200,"d":"R 200.00"}]
[5,"Artisan  Aid",null,null,"HRS",null,null,{"v":200,"d":"R200.00"},0]
[6,"General Worker",null,null,"HRS",null,null,{"v":140,"d":"R140.00"},0]
[]
[]
[]
["Sub Total C",{"$nulls":7},{"$f":"SUM(I37:I45)","v":{"v":650,"d":"R 650.00"}}]
["TRANSPORT"]
["Item 4","Destinantion",null,null,"No of Trips",null,"KMs","Rate","Amount"]
[1,"Port Elizabeth office to Orsmond"]
[null,"Hospital and back.",null,null,1,null,81.6,{"v":5,"d":"R 5.00"},{"$f":"H50*G50","v":{"v":408,"d":"R 408.00"}}]
[]
["Sub Total D",{"$nulls":7},{"$f":"SUM(I49:I51)","v":{"v":408,"d":"R 408.00"}}]
[]
[{"$nulls":6}," Sub Total (A+B+C+D)",null,{"$f":"I52+I46+I34+I21","v":{"v":2702.5,"d":"R 2,702.50"}}]
[]
[{"$nulls":6},"Sub Total",null,{"$f":"I54+I55","v":{"v":2702.5,"d":"R 2,702.50"}}]

{"sheet":"MOUNT RD MORT. (16)","index":23,"n_rows":56,"n_cols":13,"rows_kept":56,"hidden":true,"merged":[[8,0,8,4],[8,5,8,6],[8,7,8,8],[9,5,9,6],[9,7,9,8],[10,5,10,6],[10,7,10,8],[11,5,11,6],[11,7,11,8],[12,7,12,8],[13,5,13,6],[13,7,13,8],[14,0,14,8],[15,0,15,8],[16,1,16,3],[17,1,17,3],[18,1,18,3],[19,1,19,3],[20,0,20,7],[21,0,21,8],[22,1,22,4],[23,1,23,4],[24,1,24,4],[25,1,25,4],[26,1,26,4],[27,1,27,4],[28,1,28,4],[29,1,29,4],[30,1,30,4],[31,0,31,7],[32,0,32,7],[33,0,33,7],[34,0,34,8],[35,1,35,3],[35,4,35,5],[36,1,36,3],[36,4,36,5],[37,1,37,3],[37,4,37,5],[38,1,38,3],[38,4,38,5],[39,1,39,3],[39,4,39,5],[40,1,40,3],[40,4,40,5],[41,1,41,3],[41,4,41,5],[42,1,42,3],[43,1,43,3],[44,1,44,3],[45,0,45,7],[46,0,46,8],[47,1,47,3],[47,4,47,5],[48,1,48,3],[48,4,48,5],[49,1,49,3],[49,4,49,5],[50,1,50,3],[50,4,50,5],[51,0,51,7],[53,0,53,1],[53,2,53,4],[53,6,53,7],[54,0,54,1],[54,2,54,4],[55,0,55,1],[55,2,55,4],[55,6,55,7],[56,2,56,5]]}
{"$rows_empty":8}
["QUOTE TO :",{"$nulls":4},"Qoute No           ",null,16]
["Department of Health",{"$nulls":4},"Date                   ",null,"2019-09-05"]
["717 Dukumbana Building",{"$nulls":4},"Facility              ",null,"MOUNT ROAD MORTAURY"]
["Independent Avenue",{"$nulls":4},"Work Order     ",null,45596]
["Bhisho",{"$nulls":4},"Tender No       ",null,"SCMU3 - 17/18-0303 - HO"]
[{"$nulls":5},"Contract Term ",null,"24 MONTHS",{"$nulls":4}," "]
["WORK  REQUEST : Diesel generator is making noise."]
["SCHEDULED WORK"]
["Item 1","Description",null,null,"Unit","Sch No","Quantity","Rate","Amount"]
[{"$nulls":8},{"$f":"SUM(G18*H18)","v":0}]
[{"$nulls":8},{"$f":"SUM(G19*H19)","v":0}]
[{"$nulls":8},0]
["Sub Total A",{"$nulls":7},{"$f":"SUM(I18:I20)","v":0}]
["NON SCHEDULED WORK"]
["Item 2","Description",{"$nulls":4},"Quantity","Rate","Amount"]
[1,"BATTERY (674)",{"$nulls":4},1,{"v":1498.26,"d":"R 1,498.26"},{"$f":"H24*G24","v":{"v":1498.26,"d":"R 1,498.26"}}]
{"$rows_empty":7}
["Sub  Total",{"$nulls":7},{"$f":"SUM(I24:I31)","v":{"v":1498.26,"d":"R 1,498.26"}}]
["Mark - Up 15%",{"$nulls":7},{"$f":"I32*0.15","v":{"v":224.739,"d":"R 224.74"}}]
["SUb  Total  B",{"$nulls":7},{"$f":"I32+I33","v":{"v":1722.999,"d":"R 1,723.00"}}]
["LABOUR"]
["Item 3"," (Normal Rate)",null,null,"Unit",null,"Quantity","Rate","Amount"]
[1,"Techinician",null,null,"HRS",null,3,{"v":450,"d":"R450.00"},{"$f":"SUM(G37*H37)","v":{"v":1350,"d":"R 1,350.00"}}]
[2," Senior Artisan  ",null,null,"HRS",null,null,{"v":350,"d":"R350.00"},{"$f":"SUM(G38*H38)","v":0}]
[3,"Artisan  (Trade Tested)",null,null,"HRS",null,null,{"v":300,"d":"R300.00"},0]
[4,"Utility Man (Non - Trade Tested)",null,null,"HRS",null,null,{"v":200,"d":"R200.00"},0]
[5,"Artisan  Aid",null,null,"HRS",null,null,{"v":200,"d":"R200.00"},0]
[6,"General Worker",null,null,"HRS",null,null,{"v":140,"d":"R140.00"},0]
[]
[]
[]
["Sub Total C",{"$nulls":7},{"$f":"SUM(I37:I45)","v":{"v":1350,"d":"R 1,350.00"}}]
["TRANSPORT"]
["Item 4","Destinantion",null,null,"No of Trips",null,"KMs","Rate","Amount"]
[1,"Port Elizabeth office to Mount   Road "]
[null,"Mortuary and back.",null,null,1,null,4.8,{"v":5,"d":"R 5.00"},{"$f":"H50*G50","v":{"v":24,"d":"R 24.00"}}]
[]
["Sub Total D",{"$nulls":7},{"$f":"SUM(I49:I51)","v":{"v":24,"d":"R 24.00"}}]
[]
[{"$nulls":6}," Sub Total (A+B+C+D)",null,{"$f":"I52+I46+I34+I21","v":{"v":3096.999,"d":"R 3,097.00"}}]
[]
[{"$nulls":6},"Sub Total",null,{"$f":"I54+I55","v":{"v":3096.999,"d":"R 3,097.00"}}]

{"sheet":"PARMACEUTICA DEP (17)","index":24,"n_rows":56,"n_cols":13,"rows_kept":56,"hidden":true,"merged":[[8,0,8,4],[8,5,8,6],[8,7,8,8],[9,5,9,6],[9,7,9,8],[10,5,10,6],[10,7,10,8],[11,5,11,6],[11,7,11,8],[12,7,12,8],[13,5,13,6],[13,7,13,8],[14,0,14,8],[15,0,15,8],[16,1,16,3],[17,1,17,3],[18,1,18,3],[19,1,19,3],[20,0,20,7],[21,0,21,8],[22,1,22,4],[23,1,23,4],[24,1,24,4],[25,1,25,4],[26,1,26,4],[27,1,27,4],[28,1,28,4],[29,1,29,4],[30,1,30,4],[31,0,31,7],[32,0,32,7],[33,0,33,7],[34,0,34,8],[35,1,35,3],[35,4,35,5],[36,1,36,3],[36,4,36,5],[37,1,37,3],[37,4,37,5],[38,1,38,3],[38,4,38,5],[39,1,39,3],[39,4,39,5],[40,1,40,3],[40,4,40,5],[41,1,41,3],[41,4,41,5],[42,1,42,3],[43,1,43,3],[44,1,44,3],[45,0,45,7],[46,0,46,8],[47,1,47,3],[47,4,47,5],[48,1,48,3],[48,4,48,5],[49,1,49,3],[49,4,49,5],[50,1,50,3],[50,4,50,5],[51,0,51,7],[53,0,53,1],[53,2,53,4],[53,6,53,7],[54,0,54,1],[54,2,54,4],[55,0,55,1],[55,2,55,4],[55,6,55,7],[56,2,56,5]]}
{"$rows_empty":8}
["QUOTE TO :",{"$nulls":4},"Qoute No           ",null,17]
["Department of Health",{"$nulls":4},"Date                   ",null,"16/4/2019"]
["717 Dukumbana Building",{"$nulls":4},"Facility              ",null,"PHARMACEUTICAL DEPOT "]
["Independent Avenue",{"$nulls":4},"Work Order     ",null,44682]
["Bhisho",{"$nulls":4},"Tender No       ",null,"SCMU3 - 17/18-0303 - HO"]
[{"$nulls":5},"Contract Term ",null,"24 MONTHS",{"$nulls":4}," "]
["WORK  REQUEST : The alternator of the generator needs to be repaired."]
["SCHEDULED WORK"]
["Item 1","Description",null,null,"Unit","Sch No","Quantity","Rate","Amount"]
[{"$nulls":8},{"$f":"SUM(G18*H18)","v":0}]
[{"$nulls":8},{"$f":"SUM(G19*H19)","v":0}]
[{"$nulls":8},0]
["Sub Total A",{"$nulls":7},{"$f":"SUM(I18:I20)","v":0}]
["NON SCHEDULED WORK"]
["Item 2","Description",{"$nulls":4},"Quantity","Rate","Amount"]
[1,"24 v ALTERNATOR",{"$nulls":4},1,{"v":4107,"d":"R 4,107.00"},{"$f":"H24*G24","v":{"v":4107,"d":"R 4,107.00"}}]
[2,"MAKE UP BRACKET FOR THE ALTERNATOR",{"$nulls":4},1,{"v":1375,"d":"R 1,375.00"},{"$f":"H25*G25","v":{"v":1375,"d":"R 1,375.00"}}]
[]
[]
[]
[]
[]
[]
["Sub  Total",{"$nulls":7},{"$f":"SUM(I24:I31)","v":{"v":5482,"d":"R 5,482.00"}}]
["Mark - Up 15%",{"$nulls":7},{"$f":"I32*0.15","v":{"v":822.3,"d":"R 822.30"}}]
["SUb  Total  B",{"$nulls":7},{"$f":"I32+I33","v":{"v":6304.3,"d":"R 6,304.30"}}]
["LABOUR"]
["Item 3"," (Normal Rate)",null,null,"Unit",null,"Quantity","Rate","Amount"]
[1,"Techinician",null,null,"HRS",null,5,{"v":450,"d":"R450.00"},{"$f":"SUM(G37*H37)","v":{"v":2250,"d":"R 2,250.00"}}]
[2," Senior Artisan  ",null,null,"HRS",null,null,{"v":350,"d":"R350.00"},{"$f":"SUM(G38*H38)","v":0}]
[3,"Artisan  (Trade Tested)",null,null,"HRS",null,null,{"v":300,"d":"R300.00"},0]
[4,"Utility Man (Non - Trade Tested)",null,null,"HRS",null,5,{"v":200,"d":"R200.00"},{"v":1000,"d":"R 1,000.00"}]
[5,"Artisan  Aid",null,null,"HRS",null,null,{"v":200,"d":"R200.00"},0]
[6,"General Worker",null,null,"HRS",null,null,{"v":140,"d":"R140.00"},0]
[]
[]
[]
["Sub Total C",{"$nulls":7},{"$f":"SUM(I37:I45)","v":{"v":3250,"d":"R 3,250.00"}}]
["TRANSPORT"]
["Item 4","Destinantion",null,null,"No of Trips",null,"KMs","Rate","Amount"]
[1,"Port Elizabeth office to Pharmaceutical "]
[null,"Depot  and back.",null,null,1,null,26.8,{"v":5,"d":"R 5.00"},{"$f":"H50*G50","v":{"v":134,"d":"R 134.00"}}]
[]
["Sub Total D",{"$nulls":7},{"$f":"SUM(I49:I51)","v":{"v":134,"d":"R 134.00"}}]
[]
[{"$nulls":6}," Sub Total (A+B+C+D)",null,{"$f":"I52+I46+I34+I21","v":{"v":9688.3,"d":"R 9,688.30"}}]
[]
[{"$nulls":6},"Sub Total",null,{"$f":"I54+I55","v":{"v":9688.3,"d":"R 9,688.30"}}]

{"sheet":"DORA NGIZA HOSP (18)","index":25,"n_rows":56,"n_cols":13,"rows_kept":56,"hidden":true,"merged":[[8,0,8,4],[8,5,8,6],[8,7,8,8],[9,5,9,6],[9,7,9,8],[10,5,10,6],[10,7,10,8],[11,5,11,6],[11,7,11,8],[12,7,12,8],[13,5,13,6],[13,7,13,8],[14,0,14,8],[15,0,15,8],[16,1,16,3],[17,1,17,3],[18,1,18,3],[19,1,19,3],[20,0,20,7],[21,0,21,8],[22,1,22,4],[23,1,23,4],[24,1,24,4],[25,1,25,4],[26,1,26,4],[27,1,27,4],[28,1,28,4],[29,1,29,4],[30,1,30,4],[31,0,31,7],[32,0,32,7],[33,0,33,7],[34,0,34,8],[35,1,35,3],[35,4,35,5],[36,1,36,3],[36,4,36,5],[37,1,37,3],[37,4,37,5],[38,1,38,3],[38,4,38,5],[39,1,39,3],[39,4,39,5],[40,1,40,3],[40,4,40,5],[41,1,41,3],[41,4,41,5],[42,1,42,3],[43,1,43,3],[44,1,44,3],[45,0,45,7],[46,0,46,8],[47,1,47,3],[47,4,47,5],[48,1,48,3],[48,4,48,5],[49,1,49,3],[49,4,49,5],[50,1,50,3],[50,4,50,5],[51,0,51,7],[53,0,53,1],[53,2,53,4],[53,6,53,7],[54,0,54,1],[54,2,54,4],[55,0,55,1],[55,2,55,4],[55,6,55,7],[56,2,56,5]]}
{"$rows_empty":8}
["QUOTE TO :",{"$nulls":4},"Qoute No           ",null,18]
["Department of Health",{"$nulls":4},"Date                   ",null,"26/4/2019"]
["717 Dukumbana Building",{"$nulls":4},"Facility              ",null,"DORA NGIZA HOSPITAL"]
["Independent Avenue",{"$nulls":4},"Work Order     ",null,45094]
["Bhisho",{"$nulls":4},"Tender No       ",null,"SCMU3 - 17/18-0303 - HO"]
[{"$nulls":5},"Contract Term ",null,"24 MONTHS",{"$nulls":4}," "]
["WORK  REQUEST : Repair the lovato control and replace the battery charger charger."]
["SCHEDULED WORK"]
["Item 1","Description",null,null,"Unit","Sch No","Quantity","Rate","Amount"]
[{"$nulls":8},{"$f":"SUM(G18*H18)","v":0}]
[{"$nulls":8},{"$f":"SUM(G19*H19)","v":0}]
[{"$nulls":8},0]
["Sub Total A",{"$nulls":7},{"$f":"SUM(I18:I20)","v":0}]
["NON SCHEDULED WORK"]
["Item 2","Description",{"$nulls":4},"Quantity","Rate","Amount"]
{"$rows_empty":8}
["Sub  Total",{"$nulls":7},{"$f":"SUM(I24:I31)","v":0}]
["Mark - Up 15%",{"$nulls":7},{"$f":"I32*0.15","v":0}]
["SUb  Total  B",{"$nulls":7},{"$f":"I32+I33","v":0}]
["LABOUR"]
["Item 3"," (Normal Rate)",null,null,"Unit",null,"Quantity","Rate","Amount"]
[1,"Techinician",null,null,"HRS",null,3,{"v":450,"d":"R450.00"},{"$f":"SUM(G37*H37)","v":{"v":1350,"d":"R 1,350.00"}}]
[2," Senior Artisan  ",null,null,"HRS",null,null,{"v":350,"d":"R350.00"},{"$f":"SUM(G38*H38)","v":0}]
[3,"Artisan  (Trade Tested)",null,null,"HRS",null,null,{"v":300,"d":"R300.00"},0]
[4,"Utility Man (Non - Trade Tested)",null,null,"HRS",null,3,{"v":200,"d":"R200.00"},{"v":600,"d":"R 600.00"}]
[5,"Artisan  Aid",null,null,"HRS",null,null,{"v":200,"d":"R200.00"},0]
[6,"General Worker",null,null,"HRS",null,null,{"v":140,"d":"R140.00"},0]
[]
[]
[]
["Sub Total C",{"$nulls":7},{"$f":"SUM(I37:I45)","v":{"v":1950,"d":"R 1,950.00"}}]
["TRANSPORT"]
["Item 4","Destinantion",null,null,"No of Trips",null,"KMs","Rate","Amount"]
[1,"Port Elizabeth office to Dora Ngiza"]
[null,"Hospital  and back.",null,null,1,null,28.6,{"v":5,"d":"R 5.00"},{"$f":"H50*G50","v":{"v":143,"d":"R 143.00"}}]
[]
["Sub Total D",{"$nulls":7},{"$f":"SUM(I49:I51)","v":{"v":143,"d":"R 143.00"}}]
[]
[{"$nulls":6}," Sub Total (A+B+C+D)",null,{"$f":"I52+I46+I34","v":{"v":2093,"d":"R 2,093.00"}}]
[]
[{"$nulls":6},"Sub Total",null,{"$f":"I54+I55","v":{"v":2093,"d":"R 2,093.00"}}]

{"sheet":"DORA NGIZA (19)","index":26,"n_rows":56,"n_cols":13,"rows_kept":56,"hidden":true,"merged":[[8,0,8,4],[8,5,8,6],[8,7,8,8],[9,5,9,6],[9,7,9,8],[10,5,10,6],[10,7,10,8],[11,5,11,6],[11,7,11,8],[12,7,12,8],[13,5,13,6],[13,7,13,8],[14,0,14,8],[15,0,15,8],[16,1,16,3],[17,1,17,3],[18,1,18,3],[19,1,19,3],[20,0,20,7],[21,0,21,8],[22,1,22,4],[23,1,23,4],[24,1,24,4],[25,1,25,4],[26,1,26,4],[27,1,27,4],[28,1,28,4],[29,1,29,4],[30,1,30,4],[31,0,31,7],[32,0,32,7],[33,0,33,7],[34,0,34,8],[35,1,35,3],[35,4,35,5],[36,1,36,3],[36,4,36,5],[37,1,37,3],[37,4,37,5],[38,1,38,3],[38,4,38,5],[39,1,39,3],[39,4,39,5],[40,1,40,3],[40,4,40,5],[41,1,41,3],[41,4,41,5],[42,1,42,3],[43,1,43,3],[44,1,44,3],[45,0,45,7],[46,0,46,8],[47,1,47,3],[47,4,47,5],[48,1,48,3],[48,4,48,5],[49,1,49,3],[49,4,49,5],[50,1,50,3],[50,4,50,5],[51,0,51,7],[53,0,53,1],[53,2,53,4],[53,6,53,7],[54,0,54,1],[54,2,54,4],[55,0,55,1],[55,2,55,4],[55,6,55,7],[56,2,56,5]]}
{"$rows_empty":8}
["QUOTE TO :",{"$nulls":4},"Qoute No           ",null,19]
["Department of Health",{"$nulls":4},"Date                   ",null,"24/5/2019"]
["717 Dukumbana Building",{"$nulls":4},"Facility              ",null,"DORA NGIZA HOSPITAL"]
["Independent Avenue",{"$nulls":4},"Work Order     ",null,46407]
["Bhisho",{"$nulls":4},"Tender No       ",null,"SCMU3 - 17/18-0303 - HO"]
[{"$nulls":5},"Contract Term ",null,"24 MONTHS",{"$nulls":4}," "]
["WORK  REQUEST : Repair the lovato control and replace the battery charger ."]
["SCHEDULED WORK"]
["Item 1","Description",null,null,"Unit","Sch No","Quantity","Rate","Amount"]
[{"$nulls":8},{"$f":"SUM(G18*H18)","v":0}]
[{"$nulls":8},{"$f":"SUM(G19*H19)","v":0}]
[{"$nulls":8},0]
["Sub Total A",{"$nulls":7},{"$f":"SUM(I18:I20)","v":0}]
["NON SCHEDULED WORK"]
["Item 2","Description",{"$nulls":4},"Quantity","Rate","Amount"]
[1,"12V 5A BATTERY CHARGER ",{"$nulls":4},1,{"v":1142,"d":"R 1,142.00"},{"$f":"H24*G24","v":{"v":1142,"d":"R 1,142.00"}}]
{"$rows_empty":7}
["Sub  Total",{"$nulls":7},{"$f":"SUM(I24:I31)","v":{"v":1142,"d":"R 1,142.00"}}]
["Mark - Up 15%",{"$nulls":7},{"$f":"I32*0.15","v":{"v":171.29999999999998,"d":"R 171.30"}}]
["SUb  Total  B",{"$nulls":7},{"$f":"I32+I33","v":{"v":1313.3,"d":"R 1,313.30"}}]
["LABOUR"]
["Item 3"," (Normal Rate)",null,null,"Unit",null,"Quantity","Rate","Amount"]
[1,"Techinician",null,null,"HRS",null,4,{"v":450,"d":"R450.00"},{"$f":"SUM(G37*H37)","v":{"v":1800,"d":"R 1,800.00"}}]
[2," Senior Artisan  ",null,null,"HRS",null,null,{"v":350,"d":"R350.00"},{"$f":"SUM(G38*H38)","v":0}]
[3,"Artisan  (Trade Tested)",null,null,"HRS",null,null,{"v":300,"d":"R300.00"},0]
[4,"Utility Man (Non - Trade Tested)",null,null,"HRS",null,4,{"v":200,"d":"R200.00"},{"v":800,"d":"R 800.00"}]
[5,"Artisan  Aid",null,null,"HRS",null,null,{"v":200,"d":"R200.00"},0]
[6,"General Worker",null,null,"HRS",null,null,{"v":140,"d":"R140.00"},0]
[]
[]
[]
["Sub Total C",{"$nulls":7},{"$f":"SUM(I37:I45)","v":{"v":2600,"d":"R 2,600.00"}}]
["TRANSPORT"]
["Item 4","Destinantion",null,null,"No of Trips",null,"KMs","Rate","Amount"]
[1,"Port Elizabeth office to Dora Ngiza"]
[null,"Hospital  and back.",null,null,1,null,28.6,{"v":5,"d":"R 5.00"},{"$f":"H50*G50","v":{"v":143,"d":"R 143.00"}}]
[]
["Sub Total D",{"$nulls":7},{"$f":"SUM(I49:I51)","v":{"v":143,"d":"R 143.00"}}]
[]
[{"$nulls":6}," Sub Total (A+B+C+D)",null,{"$f":"I52+I46+I34","v":{"v":4056.3,"d":"R 4,056.30"}}]
[]
[{"$nulls":6},"Sub Total",null,{"$f":"I54+I55","v":{"v":4056.3,"d":"R 4,056.30"}}]

{"sheet":"LIVINGSTONE HOSPITAL (20)","index":27,"n_rows":56,"n_cols":13,"rows_kept":56,"hidden":true,"merged":[[8,0,8,4],[8,5,8,6],[8,7,8,8],[9,5,9,6],[9,7,9,8],[10,5,10,6],[10,7,10,8],[11,5,11,6],[11,7,11,8],[12,7,12,8],[13,5,13,6],[13,7,13,8],[14,0,14,8],[15,0,15,8],[16,1,16,3],[17,1,17,3],[18,1,18,3],[19,1,19,3],[20,0,20,7],[21,0,21,8],[22,1,22,4],[23,1,23,4],[24,1,24,4],[25,1,25,4],[26,1,26,4],[27,1,27,4],[28,1,28,4],[29,1,29,4],[30,1,30,4],[31,0,31,7],[32,0,32,7],[33,0,33,7],[34,0,34,8],[35,1,35,3],[35,4,35,5],[36,1,36,3],[36,4,36,5],[37,1,37,3],[37,4,37,5],[38,1,38,3],[38,4,38,5],[39,1,39,3],[39,4,39,5],[40,1,40,3],[40,4,40,5],[41,1,41,3],[41,4,41,5],[42,1,42,3],[43,1,43,3],[44,1,44,3],[45,0,45,7],[46,0,46,8],[47,1,47,3],[47,4,47,5],[48,1,48,3],[48,4,48,5],[49,1,49,3],[49,4,49,5],[50,1,50,3],[50,4,50,5],[51,0,51,7],[53,0,53,1],[53,2,53,4],[53,6,53,7],[54,0,54,1],[54,2,54,4],[55,0,55,1],[55,2,55,4],[55,6,55,7],[56,2,56,5]]}
{"$rows_empty":8}
["QUOTE TO :",{"$nulls":4},"Qoute No           ",null,20]
["Department of Health",{"$nulls":4},"Date                   ",null,"29/5/2019"]
["717 Dukumbana Building",{"$nulls":4},"Facility              ",null,"LIVINGSTONE HOSPITAL"]
["Independent Avenue",{"$nulls":4},"Work Order     ",null,46506]
["Bhisho",{"$nulls":4},"Tender No       ",null,"SCMU3 - 17/18-0303 - HO"]
[{"$nulls":5},"Contract Term ",null,"24 MONTHS",{"$nulls":4}," "]
["WORK  REQUEST : Gen at nurses home needs fuel filter."]
["SCHEDULED WORK"]
["Item 1","Description",null,null,"Unit","Sch No","Quantity","Rate","Amount"]
[{"$nulls":8},{"$f":"SUM(G18*H18)","v":0}]
[{"$nulls":8},{"$f":"SUM(G19*H19)","v":0}]
[{"$nulls":8},0]
["Sub Total A",{"$nulls":7},{"$f":"SUM(I18:I20)","v":0}]
["NON SCHEDULED WORK"]
["Item 2","Description",{"$nulls":4},"Quantity","Rate","Amount"]
[1,"FUEL FILTER",{"$nulls":4},1,{"v":428.2,"d":"R 428.20"},{"$f":"H24*G24","v":{"v":428.2,"d":"R 428.20"}}]
[2,"HEAD ASSY",{"$nulls":4},1,{"v":367.16,"d":"R 367.16"},{"$f":"H25*G25","v":{"v":367.16,"d":"R 367.16"}}]
[]
[]
[]
[]
[]
[]
["Sub  Total",{"$nulls":7},{"$f":"SUM(I24:I31)","v":{"v":795.36,"d":"R 795.36"}}]
["Mark - Up 15%",{"$nulls":7},{"$f":"I32*0.15","v":{"v":119.304,"d":"R 119.30"}}]
["SUb  Total  B",{"$nulls":7},{"$f":"I32+I33","v":{"v":914.664,"d":"R 914.66"}}]
["LABOUR"]
["Item 3"," (Normal Rate)",null,null,"Unit",null,"Quantity","Rate","Amount"]
[1,"Techinician",null,null,"HRS",null,1,{"v":450,"d":"R450.00"},{"$f":"SUM(G37*H37)","v":{"v":450,"d":"R 450.00"}}]
[2," Senior Artisan  ",null,null,"HRS",null,null,{"v":350,"d":"R350.00"},{"$f":"SUM(G38*H38)","v":0}]
[3,"Artisan  (Trade Tested)",null,null,"HRS",null,null,{"v":300,"d":"R300.00"},0]
[4,"Utility Man (Non - Trade Tested)",null,null,"HRS",null,1,{"v":200,"d":"R200.00"},{"v":200,"d":"R 200.00"}]
[5,"Artisan  Aid",null,null,"HRS",null,null,{"v":200,"d":"R200.00"},0]
[6,"General Worker",null,null,"HRS",null,null,{"v":140,"d":"R140.00"},0]
[]
[]
[]
["Sub Total C",{"$nulls":7},{"$f":"SUM(I37:I45)","v":{"v":650,"d":"R 650.00"}}]
["TRANSPORT"]
["Item 4","Destinantion",null,null,"No of Trips",null,"KMs","Rate","Amount"]
[1,"Port Elizabeth office to Livingstone"]
[null,"Hospital  and back.",null,null,1,null,23.2,{"v":5,"d":"R 5.00"},{"$f":"H50*G50","v":{"v":116,"d":"R 116.00"}}]
[]
["Sub Total D",{"$nulls":7},{"$f":"SUM(I49:I51)","v":{"v":116,"d":"R 116.00"}}]
[]
[{"$nulls":6}," Sub Total (A+B+C+D)",null,{"$f":"I52+I46+I34","v":{"v":1680.664,"d":"R 1,680.66"}}]
[]
[{"$nulls":6},"Sub Total",null,{"$f":"I54+I55","v":{"v":1680.664,"d":"R 1,680.66"}}]

{"sheet":"PE PROV. HOSPITAL (21)","index":28,"n_rows":62,"n_cols":13,"rows_kept":62,"hidden":true,"merged":[[8,0,8,4],[8,5,8,6],[8,7,8,8],[9,5,9,6],[9,7,9,8],[10,5,10,6],[10,7,10,8],[11,5,11,6],[11,7,11,8],[12,7,12,8],[13,5,13,6],[13,7,13,8],[14,0,14,8],[15,0,15,8],[16,1,16,3],[17,1,17,3],[18,1,18,3],[19,1,19,3],[20,0,20,7],[21,0,21,8],[22,1,22,4],[23,1,23,5],[24,1,24,5],[25,1,25,5],[26,1,26,5],[27,1,27,5],[28,1,28,5],[29,1,29,5],[30,1,30,5],[31,1,31,5],[32,1,32,5],[33,1,33,5],[34,1,34,5],[35,1,35,5],[36,1,36,5],[37,0,37,7],[38,0,38,7],[39,0,39,7],[40,0,40,8],[41,1,41,3],[41,4,41,5],[42,1,42,3],[42,4,42,5],[43,1,43,3],[43,4,43,5],[44,1,44,3],[44,4,44,5],[45,1,45,3],[45,4,45,5],[46,1,46,3],[46,4,46,5],[47,1,47,3],[47,4,47,5],[48,1,48,3],[49,1,49,3],[50,1,50,3],[51,0,51,7],[52,0,52,8],[53,1,53,3],[53,4,53,5],[54,1,54,3],[54,4,54,5],[55,1,55,3],[55,4,55,5],[56,1,56,3],[56,4,56,5],[57,0,57,7],[59,0,59,1],[59,2,59,4],[59,6,59,7],[60,0,60,1],[60,2,60,4],[61,0,61,1],[61,2,61,4],[61,6,61,7],[62,2,62,5]]}
{"$rows_empty":8}
["QUOTE TO :",{"$nulls":4},"Qoute No           ",null,21]
["Department of Health",{"$nulls":4},"Date                   ",null,"2019-05-22"]
["717 Dukumbana Building",{"$nulls":4},"Facility              ",null,"PE PROVINCIAL HOSPITAL"]
["Independent Avenue",{"$nulls":4},"Work Order     ",null,43065]
["Bhisho",{"$nulls":4},"Tender No       ",null,"SCMU3 - 17/18-0303 - HO"]
[{"$nulls":5},"Contract Term ",null,"24 MONTHS",{"$nulls":4}," "]
["WORK  REQUEST : Exiting tank to be connected to the power generator."]
["SCHEDULED WORK"]
["Item 1","Description",null,null,"Unit","Sch No","Quantity","Rate","Amount"]
[{"$nulls":8},{"$f":"SUM(G18*H18)","v":0}]
[{"$nulls":8},{"$f":"SUM(G19*H19)","v":0}]
[{"$nulls":8},0]
["Sub Total A",{"$nulls":7},{"$f":"SUM(I18:I20)","v":0}]
["NON SCHEDULED WORK"]
["Item 2","Description",{"$nulls":4},"Quantity","Rate","Amount"]
[1,"Straight Coupler ",{"$nulls":4},2,{"v":23.54,"d":"R 23.54"},{"$f":"H24*G24","v":{"v":47.08,"d":"R 47.08"}}]
[2,"16mm Clear Thick Wall",{"$nulls":4},1,{"v":20.8,"d":"R 20.80"},{"$f":"H25*G25","v":{"v":20.8,"d":"R 20.80"}}]
[3,"Jubilee Clamps",{"$nulls":4},2,{"v":4,"d":"R 4.00"},{"$f":"H26*G26","v":{"v":8,"d":"R 8.00"}}]
[4,"25mm Galv Plug",{"$nulls":4},1,{"v":5.96,"d":"R 5.96"},{"v":5.96,"d":"R 5.96"}]
[5,"10mm Galv Plug",{"$nulls":4},1,{"v":3.46,"d":"R 3.46"},{"v":3.46,"d":"R 3.46"}]
[6,"G1000 Filter",{"$nulls":4},1,{"v":137.95,"d":"R 137.95"},{"v":137.95,"d":"R 137.95"}]
[7,"EQL ANG MS",{"$nulls":4},1,{"v":147.83,"d":"R 147.83"},{"v":147.83,"d":"R 147.83"}]
[8,"Masterbat 15mm",{"$nulls":4},4,{"v":1.5,"d":"R 1.50"},{"v":6,"d":"R 6.00"}]
[9,"Copper Tube 15x 5.5m",{"$nulls":4},1,{"v":314,"d":"R 314.00"},{"v":314,"d":"R 314.00"}]
[10,"Galv Hollow Plug",{"$nulls":4},1,{"v":7.25,"d":"R 7.25"},{"v":7.25,"d":"R 7.25"}]
[11,"Reducer",{"$nulls":4},2,{"v":23.01,"d":"R 23.01"},{"v":46.02,"d":"R 46.02"}]
[12,"Elbow",{"$nulls":4},4,{"v":29.47,"d":"R 29.47"},{"v":117.88,"d":"R 117.88"}]
[13,"Equal Tee",{"$nulls":4},1,{"v":40.98,"d":"R 40.98"},{"v":40.98,"d":"R 40.98"}]
[14,"Male Straight Coupler",{"$nulls":4},2,{"v":66.61,"d":"R 66.61"},{"$f":"H37*G37","v":{"v":133.22,"d":"R 133.22"}}]
["Sub  Total",{"$nulls":7},{"$f":"SUM(I24:I37)","v":{"v":1036.4299999999998,"d":"R 1,036.43"}}]
["Mark - Up 15%",{"$nulls":7},{"$f":"ROUND((I38*0.15),2)","v":{"v":155.46,"d":"R 155.46"}}]
["SUb  Total  B",{"$nulls":7},{"$f":"I38+I39","v":{"v":1191.8899999999999,"d":"R 1,191.89"}}]
["LABOUR"]
["Item 3"," (Normal Rate)",null,null,"Unit",null,"Quantity","Rate","Amount"]
[1,"Techinician",null,null,"HRS",null,12,{"v":450,"d":"R450.00"},{"$f":"SUM(G43*H43)","v":{"v":5400,"d":"R 5,400.00"}}]
[2," Senior Artisan  ",null,null,"HRS",null,null,{"v":350,"d":"R350.00"},{"$f":"SUM(G44*H44)","v":0}]
[3,"Artisan  (Trade Tested)",null,null,"HRS",null,null,{"v":300,"d":"R300.00"},0]
[4,"Utility Man (Non - Trade Tested)",null,null,"HRS",null,12,{"v":200,"d":"R200.00"},{"v":2400,"d":"R 2,400.00"}]
[5,"Artisan  Aid",null,null,"HRS",null,null,{"v":200,"d":"R200.00"},0]
[6,"General Worker",null,null,"HRS",null,null,{"v":140,"d":"R140.00"},0]
[]
[]
[]
["Sub Total C",{"$nulls":7},{"$f":"SUM(I43:I51)","v":{"v":7800,"d":"R 7,800.00"}}]
["TRANSPORT"]
["Item 4","Destinantion",null,null,"No of Trips",null,"KMs","Rate","Amount"]
[1," Unit 2My konos, south end to Port Elizabeth"]
[null,"  Prov.Hospital  and back.",null,null,1,null,9.2,{"v":5,"d":"R 5.00"},{"$f":"H56*G56","v":{"v":46,"d":"R 46.00"}}]
[]
["Sub Total D",{"$nulls":7},{"$f":"SUM(I55:I57)","v":{"v":46,"d":"R 46.00"}}]
[]
[{"$nulls":6}," Sub Total (A+B+C+D)",null,{"$f":"I58+I52+I40","v":{"v":9037.89,"d":"R 9,037.89"}}]
[]
[{"$nulls":6},"Sub Total",null,{"$f":"I60+I61","v":{"v":9037.89,"d":"R 9,037.89"}}]

{"sheet":"GQEBERA CHC (22)","index":29,"n_rows":62,"n_cols":13,"rows_kept":62,"hidden":true,"merged":[[8,0,8,4],[8,5,8,6],[8,7,8,8],[9,5,9,6],[9,7,9,8],[10,5,10,6],[10,7,10,8],[11,5,11,6],[11,7,11,8],[12,7,12,8],[13,5,13,6],[13,7,13,8],[14,0,14,8],[15,0,15,8],[16,1,16,3],[17,1,17,3],[18,1,18,3],[19,1,19,3],[20,0,20,7],[21,0,21,8],[22,1,22,4],[23,1,23,5],[24,1,24,5],[25,1,25,5],[26,1,26,5],[27,1,27,5],[28,1,28,5],[29,1,29,5],[30,1,30,5],[31,1,31,5],[32,1,32,5],[33,1,33,5],[34,1,34,5],[35,1,35,5],[36,1,36,5],[37,0,37,7],[38,0,38,7],[39,0,39,7],[40,0,40,8],[41,1,41,3],[41,4,41,5],[42,1,42,3],[42,4,42,5],[43,1,43,3],[43,4,43,5],[44,1,44,3],[44,4,44,5],[45,1,45,3],[45,4,45,5],[46,1,46,3],[46,4,46,5],[47,1,47,3],[47,4,47,5],[48,1,48,3],[49,1,49,3],[50,1,50,3],[51,0,51,7],[52,0,52,8],[53,1,53,3],[53,4,53,5],[54,1,54,3],[54,4,54,5],[55,1,55,3],[55,4,55,5],[56,1,56,3],[56,4,56,5],[57,0,57,7],[59,0,59,1],[59,2,59,4],[59,6,59,7],[60,0,60,1],[60,2,60,4],[61,0,61,1],[61,2,61,4],[61,6,61,7],[62,2,62,5]]}
{"$rows_empty":8}
["QUOTE TO :",{"$nulls":4},"Qoute No           ",null,22]
["Department of Health",{"$nulls":4},"Date                   ",null,"2019-06-10"]
["717 Dukumbana Building",{"$nulls":4},"Facility              ",null,"GQEBERA CHC"]
["Independent Avenue",{"$nulls":4},"Work Order     ",null,47399]
["Bhisho",{"$nulls":4},"Tender No       ",null,"SCMU3 - 17/18-0303 - HO"]
[{"$nulls":5},"Contract Term ",null,"24 MONTHS",{"$nulls":4}," "]
["WORK  REQUEST : Rpair faulty generator."]
["SCHEDULED WORK"]
["Item 1","Description",null,null,"Unit","Sch No","Quantity","Rate","Amount"]
[{"$nulls":8},{"$f":"SUM(G18*H18)","v":0}]
[{"$nulls":8},{"$f":"SUM(G19*H19)","v":0}]
[{"$nulls":8},0]
["Sub Total A",{"$nulls":7},{"$f":"SUM(I18:I20)","v":0}]
["NON SCHEDULED WORK"]
["Item 2","Description",{"$nulls":4},"Quantity","Rate","Amount"]
[1,"Lifting of generator",{"$nulls":4},1,{"v":300,"d":"R 300.00"},{"$f":"H24*G24","v":{"v":300,"d":"R 300.00"}}]
[2,"6120 Control Module ",{"$nulls":4},1,{"v":5936.47,"d":"R 5,936.47"},{"$f":"H25*G25","v":{"v":5936.47,"d":"R 5,936.47"}}]
[3,"Uni 12 AVR",{"$nulls":4},1,{"v":2250,"d":"R2,250.00"},{"$f":"H26*G26","v":{"v":2250,"d":"R 2,250.00"}}]
[4,"SX460 AVR",{"$nulls":4},1,{"v":2850,"d":"R 2,850.00"},{"v":2850,"d":"R 2,850.00"}]
[5,"82KVA Alternator",{"$nulls":4},1,{"v":4840,"d":"R 4,840.00"},{"v":4840,"d":"R 4,840.00"}]
{"$rows_empty":9}
["Sub  Total",{"$nulls":7},{"$f":"SUM(I24:I37)","v":{"v":16176.470000000001,"d":"R 16,176.47"}}]
["Mark - Up 15%",{"$nulls":7},{"$f":"ROUND((I38*0.15),2)","v":{"v":2426.47,"d":"R 2,426.47"}}]
["SUb  Total  B",{"$nulls":7},{"$f":"I38+I39","v":{"v":18602.940000000002,"d":"R 18,602.94"}}]
["LABOUR"]
["Item 3"," (Normal Rate)",null,null,"Unit",null,"Quantity","Rate","Amount"]
[1,"Techinician",null,null,"HRS",null,69,{"v":450,"d":"R450.00"},{"$f":"SUM(G43*H43)","v":{"v":31050,"d":"R 31,050.00"}}]
[2," Senior Artisan  ",null,null,"HRS",null,null,{"v":350,"d":"R350.00"},{"$f":"SUM(G44*H44)","v":0}]
[3,"Artisan  (Trade Tested)",null,null,"HRS",null,null,{"v":300,"d":"R300.00"},0]
[4,"Utility Man (Non - Trade Tested)",null,null,"HRS",null,69,{"v":200,"d":"R200.00"},{"v":13800,"d":"R 13,800.00"}]
[5,"Artisan  Aid",null,null,"HRS",null,null,{"v":200,"d":"R200.00"},0]
[6,"General Worker",null,null,"HRS",null,null,{"v":140,"d":"R140.00"},0]
[]
[]
[]
["Sub Total C",{"$nulls":7},{"$f":"SUM(I43:I51)","v":{"v":44850,"d":"R 44,850.00"}}]
["TRANSPORT"]
["Item 4","Destinantion",null,null,"No of Trips",null,"KMs","Rate","Amount"]
[1,"Unit 2My konos, south end to Gqebera CHC"]
[null," and back.",null,null,6,null,61.2,{"v":5,"d":"R 5.00"},{"$f":"H56*G56","v":{"v":306,"d":"R 306.00"}}]
[]
["Sub Total D",{"$nulls":7},{"$f":"SUM(I55:I57)","v":{"v":306,"d":"R 306.00"}}]
[]
[{"$nulls":6}," Sub Total (A+B+C+D)",null,{"$f":"I58+I52+I40","v":{"v":63758.94,"d":"R 63,758.94"}}]
[]
[{"$nulls":6},"Sub Total",null,{"$f":"I60+I61","v":{"v":63758.94,"d":"R 63,758.94"}}]

{"sheet":"PORT EZIABERTH MEDIC DEPOT(23)","index":30,"n_rows":62,"n_cols":13,"rows_kept":62,"hidden":true,"merged":[[8,0,8,4],[8,5,8,6],[8,7,8,8],[9,5,9,6],[9,7,9,8],[10,5,10,6],[10,7,10,8],[11,5,11,6],[11,7,11,8],[12,7,12,8],[13,5,13,6],[13,7,13,8],[14,0,14,8],[15,0,15,8],[16,1,16,3],[17,1,17,3],[18,1,18,3],[19,1,19,3],[20,0,20,7],[21,0,21,8],[22,1,22,4],[23,1,23,5],[24,1,24,5],[25,1,25,5],[26,1,26,5],[27,1,27,5],[28,1,28,5],[29,1,29,5],[30,1,30,5],[31,1,31,5],[32,1,32,5],[33,1,33,5],[34,1,34,5],[35,1,35,5],[36,1,36,5],[37,0,37,7],[38,0,38,7],[39,0,39,7],[40,0,40,8],[41,1,41,3],[41,4,41,5],[42,1,42,3],[42,4,42,5],[43,1,43,3],[43,4,43,5],[44,1,44,3],[44,4,44,5],[45,1,45,3],[45,4,45,5],[46,1,46,3],[46,4,46,5],[47,1,47,3],[47,4,47,5],[48,1,48,3],[49,1,49,3],[50,1,50,3],[51,0,51,7],[52,0,52,8],[53,1,53,3],[53,4,53,5],[54,1,54,3],[54,4,54,5],[55,1,55,3],[55,4,55,5],[56,1,56,3],[56,4,56,5],[57,0,57,7],[59,0,59,1],[59,2,59,4],[59,6,59,7],[60,0,60,1],[60,2,60,4],[61,0,61,1],[61,2,61,4],[61,6,61,7],[62,2,62,5]]}
{"$rows_empty":8}
["QUOTE TO :",{"$nulls":4},"Qoute No           ",null,23]
["Department of Health",{"$nulls":4},"Date                   ",null,"2019-06-11"]
["717 Dukumbana Building",{"$nulls":4},"Facility              ",null,"PE PHARMACEUTICAL DEPOT"]
["Independent Avenue",{"$nulls":4},"Work Order     ",null,47510]
["Bhisho",{"$nulls":4},"Tender No       ",null,"SCMU3 - 17/18-0303 - HO"]
[{"$nulls":5},"Contract Term ",null,"24 MONTHS",{"$nulls":4}," "]
["WORK  REQUEST : They need the gen batteries to be replaced,the thermostat &pre heated element needs replacement."]
["SCHEDULED WORK"]
["Item 1","Description",null,null,"Unit","Sch No","Quantity","Rate","Amount"]
[{"$nulls":8},{"$f":"SUM(G18*H18)","v":0}]
[{"$nulls":8},{"$f":"SUM(G19*H19)","v":0}]
[{"$nulls":8},0]
["Sub Total A",{"$nulls":7},{"$f":"SUM(I18:I20)","v":0}]
["NON SCHEDULED WORK"]
["Item 2","Description",{"$nulls":4},"Quantity","Rate","Amount"]
[1,"Geyser Element ",{"$nulls":4},1,{"v":182.56,"d":"R 182.56"},{"$f":"H24*G24","v":{"v":182.56,"d":"R 182.56"}}]
[2,"Geyser Thermostat",{"$nulls":4},1,{"v":227.5,"d":"R 227.50"},{"$f":"H25*G25","v":{"v":227.5,"d":"R 227.50"}}]
[3,"105Ah Battery",{"$nulls":4},2,{"v":1504.35,"d":"R 1,504.35"},{"$f":"H26*G26","v":{"v":3008.7,"d":"R 3,008.70"}}]
[4,"Antifreeze 10L",{"$nulls":4},1,{"v":418,"d":"R 418.00"},{"v":418,"d":"R 418.00"}]
[{"$nulls":8},0]
{"$rows_empty":9}
["Sub  Total",{"$nulls":7},{"$f":"SUM(I24:I37)","v":{"v":3836.7599999999998,"d":"R 3,836.76"}}]
["Mark - Up 15%",{"$nulls":7},{"$f":"ROUND((I38*0.15),2)","v":{"v":575.51,"d":"R 575.51"}}]
["SUb  Total  B",{"$nulls":7},{"$f":"I38+I39","v":{"v":4412.2699999999995,"d":"R 4,412.27"}}]
["LABOUR"]
["Item 3"," (Normal Rate)",null,null,"Unit",null,"Quantity","Rate","Amount"]
[1,"Techinician",null,null,"HRS",null,4,{"v":450,"d":"R450.00"},{"$f":"SUM(G43*H43)","v":{"v":1800,"d":"R 1,800.00"}}]
[2," Senior Artisan  ",null,null,"HRS",null,null,{"v":350,"d":"R350.00"},{"$f":"SUM(G44*H44)","v":0}]
[3,"Artisan  (Trade Tested)",null,null,"HRS",null,null,{"v":300,"d":"R300.00"},0]
[4,"Utility Man (Non - Trade Tested)",null,null,"HRS",null,4,{"v":200,"d":"R200.00"},{"v":800,"d":"R 800.00"}]
[5,"Artisan  Aid",null,null,"HRS",null,null,{"v":200,"d":"R200.00"},0]
[6,"General Worker",null,null,"HRS",null,null,{"v":140,"d":"R140.00"},0]
[]
[]
[]
["Sub Total C",{"$nulls":7},{"$f":"SUM(I43:I51)","v":{"v":2600,"d":"R 2,600.00"}}]
["TRANSPORT"]
["Item 4","Destinantion",null,null,"No of Trips",null,"KMs","Rate","Amount"]
[1,"Unit 2 Mykonos, south end to PE "]
[null," Pharmaceutical Depot  and back.",null,null,1,null,27.6,{"v":5,"d":"R 5.00"},{"$f":"H56*G56","v":{"v":138,"d":"R 138.00"}}]
[]
["Sub Total D",{"$nulls":7},{"$f":"SUM(I55:I57)","v":{"v":138,"d":"R 138.00"}}]
[]
[{"$nulls":6}," Sub Total (A+B+C+D)",null,{"$f":"I58+I52+I40","v":{"v":7150.2699999999995,"d":"R 7,150.27"}}]
[]
[{"$nulls":6},"Sub Total",null,{"$f":"I60+I61","v":{"v":7150.2699999999995,"d":"R 7,150.27"}}]

{"sheet":"LIVINGSTONE HOSPITAL (24)","index":31,"n_rows":62,"n_cols":13,"rows_kept":62,"hidden":true,"merged":[[8,0,8,4],[8,5,8,6],[8,7,8,8],[9,5,9,6],[9,7,9,8],[10,5,10,6],[10,7,10,8],[11,5,11,6],[11,7,11,8],[12,7,12,8],[13,5,13,6],[13,7,13,8],[14,0,14,8],[15,0,15,8],[16,1,16,3],[17,1,17,3],[18,1,18,3],[19,1,19,3],[20,0,20,7],[21,0,21,8],[22,1,22,4],[23,1,23,5],[24,1,24,5],[25,1,25,5],[26,1,26,5],[27,1,27,5],[28,1,28,5],[29,1,29,5],[30,1,30,5],[31,1,31,5],[32,1,32,5],[33,1,33,5],[34,1,34,5],[35,1,35,5],[36,1,36,5],[37,0,37,7],[38,0,38,7],[39,0,39,7],[40,0,40,8],[41,1,41,3],[41,4,41,5],[42,1,42,3],[42,4,42,5],[43,1,43,3],[43,4,43,5],[44,1,44,3],[44,4,44,5],[45,1,45,3],[45,4,45,5],[46,1,46,3],[46,4,46,5],[47,1,47,3],[47,4,47,5],[48,1,48,3],[49,1,49,3],[50,1,50,3],[51,0,51,7],[52,0,52,8],[53,1,53,3],[53,4,53,5],[54,1,54,3],[54,4,54,5],[55,1,55,3],[55,4,55,5],[56,1,56,3],[56,4,56,5],[57,0,57,7],[59,0,59,1],[59,2,59,4],[59,6,59,7],[60,0,60,1],[60,2,60,4],[61,0,61,1],[61,2,61,4],[61,6,61,7],[62,2,62,5]]}
{"$rows_empty":8}
["QUOTE TO :",{"$nulls":4},"Qoute No           ",null,24]
["Department of Health",{"$nulls":4},"Date                   ",null,"2019-06-21"]
["717 Dukumbana Building",{"$nulls":4},"Facility              ",null,"LIVINGSTONE HOSPITAL"]
["Independent Avenue",{"$nulls":4},"Work Order     ",null,49026]
["Bhisho",{"$nulls":4},"Tender No       ",null,"SCMU3 - 17/18-0303 - HO"]
[{"$nulls":5},"Contract Term ",null,"24 MONTHS",{"$nulls":4}," "]
["WORK  REQUEST : Replace laundry generator battery."]
["SCHEDULED WORK"]
["Item 1","Description",null,null,"Unit","Sch No","Quantity","Rate","Amount"]
[{"$nulls":8},{"$f":"SUM(G18*H18)","v":0}]
[{"$nulls":8},{"$f":"SUM(G19*H19)","v":0}]
[{"$nulls":8},0]
["Sub Total A",{"$nulls":7},{"$f":"SUM(I18:I20)","v":0}]
["NON SCHEDULED WORK"]
["Item 2","Description",{"$nulls":4},"Quantity","Rate","Amount"]
[1,"689 Battery",{"$nulls":4},2,{"v":2015,"d":"R 2,015.00"},{"$f":"H24*G24","v":{"v":4030,"d":"R 4,030.00"}}]
{"$rows_empty":13}
["Sub  Total",{"$nulls":7},{"$f":"SUM(I24:I37)","v":{"v":4030,"d":"R 4,030.00"}}]
["Mark - Up 15%",{"$nulls":7},{"$f":"ROUND((I38*0.15),2)","v":{"v":604.5,"d":"R 604.50"}}]
["SUb  Total  B",{"$nulls":7},{"$f":"I38+I39","v":{"v":4634.5,"d":"R 4,634.50"}}]
["LABOUR"]
["Item 3"," (Normal Rate)",null,null,"Unit",null,"Quantity","Rate","Amount"]
[1,"Techinician",null,null,"HRS",null,1.5,{"v":450,"d":"R450.00"},{"$f":"SUM(G43*H43)","v":{"v":675,"d":"R 675.00"}}]
[2," Senior Artisan  ",null,null,"HRS",null,null,{"v":350,"d":"R350.00"},{"$f":"SUM(G44*H44)","v":0}]
[3,"Artisan  (Trade Tested)",null,null,"HRS",null,null,{"v":300,"d":"R300.00"},0]
[4,"Utility Man (Non - Trade Tested)",null,null,"HRS",null,1.5,{"v":200,"d":"R200.00"},{"v":300,"d":"R 300.00"}]
[5,"Artisan  Aid",null,null,"HRS",null,null,{"v":200,"d":"R200.00"},0]
[6,"General Worker",null,null,"HRS",null,null,{"v":140,"d":"R140.00"},0]
[]
[]
[]
["Sub Total C",{"$nulls":7},{"$f":"SUM(I43:I51)","v":{"v":975,"d":"R 975.00"}}]
["TRANSPORT"]
["Item 4","Destinantion",null,null,"No of Trips",null,"KMs","Rate","Amount"]
[1,"Unit 2 Mykonos, south end to PE "]
[null,"Livingstone Hospital  and back.",null,null,1,null,24,{"v":5,"d":"R 5.00"},{"$f":"H56*G56","v":{"v":120,"d":"R 120.00"}}]
[]
["Sub Total D",{"$nulls":7},{"$f":"SUM(I55:I57)","v":{"v":120,"d":"R 120.00"}}]
[]
[{"$nulls":6}," Sub Total (A+B+C+D)",null,{"$f":"I58+I52+I40","v":{"v":5729.5,"d":"R 5,729.50"}}]
[]
[{"$nulls":6},"Sub Total",null,{"$f":"I60+I61","v":{"v":5729.5,"d":"R 5,729.50"}}]

{"sheet":"MOTHERWELL CHC (25)","index":32,"n_rows":62,"n_cols":13,"rows_kept":62,"hidden":true,"merged":[[8,0,8,4],[8,5,8,6],[8,7,8,8],[9,5,9,6],[9,7,9,8],[10,5,10,6],[10,7,10,8],[11,5,11,6],[11,7,11,8],[12,7,12,8],[13,5,13,6],[13,7,13,8],[14,0,14,8],[15,0,15,8],[16,1,16,3],[17,1,17,3],[18,1,18,3],[19,1,19,3],[20,0,20,7],[21,0,21,8],[22,1,22,4],[23,1,23,5],[24,1,24,5],[25,1,25,5],[26,1,26,5],[27,1,27,5],[28,1,28,5],[29,1,29,5],[30,1,30,5],[31,1,31,5],[32,1,32,5],[33,1,33,5],[34,1,34,5],[35,1,35,5],[36,1,36,5],[37,0,37,7],[38,0,38,7],[39,0,39,7],[40,0,40,8],[41,1,41,3],[41,4,41,5],[42,1,42,3],[42,4,42,5],[43,1,43,3],[43,4,43,5],[44,1,44,3],[44,4,44,5],[45,1,45,3],[45,4,45,5],[46,1,46,3],[46,4,46,5],[47,1,47,3],[47,4,47,5],[48,1,48,3],[49,1,49,3],[50,1,50,3],[51,0,51,7],[52,0,52,8],[53,1,53,3],[53,4,53,5],[54,1,54,3],[54,4,54,5],[55,1,55,3],[55,4,55,5],[56,1,56,3],[56,4,56,5],[57,0,57,7],[59,0,59,1],[59,2,59,4],[59,6,59,7],[60,0,60,1],[60,2,60,4],[61,0,61,1],[61,2,61,4],[61,6,61,7],[62,2,62,5]]}
{"$rows_empty":8}
["QUOTE TO :",{"$nulls":4},"Qoute No           ",null,25]
["Department of Health",{"$nulls":4},"Date                   ",null,"2019-07-11"]
["717 Dukumbana Building",{"$nulls":4},"Facility              ",null,"MOTHERWELL CHC"]
["Independent Avenue",{"$nulls":4},"Work Order     ",null,51247]
["Bhisho",{"$nulls":4},"Tender No       ",null,"SCMU3 - 17/18-0303 - HO"]
[{"$nulls":5},"Contract Term ",null,"24 MONTHS",{"$nulls":4}," "]
["WORK  REQUEST : Diesel leaks on the power generator."]
["SCHEDULED WORK"]
["Item 1","Description",null,null,"Unit","Sch No","Quantity","Rate","Amount"]
[{"$nulls":8},{"$f":"SUM(G18*H18)","v":0}]
[{"$nulls":8},{"$f":"SUM(G19*H19)","v":0}]
[{"$nulls":8},0]
["Sub Total A",{"$nulls":7},{"$f":"SUM(I18:I20)","v":0}]
["NON SCHEDULED WORK"]
["Item 2","Description",{"$nulls":4},"Quantity","Rate","Amount"]
[1,"Fuel Hose",{"$nulls":4},1,{"v":384.77,"d":"R 384.77"},{"$f":"H24*G24","v":{"v":384.77,"d":"R 384.77"}}]
[2,"Sealing Ring",{"$nulls":4},6,{"v":40.46,"d":"R 40.46"},{"$f":"H25*G25","v":{"v":242.76,"d":"R 242.76"}}]
{"$rows_empty":12}
["Sub  Total",{"$nulls":7},{"$f":"SUM(I24:I37)","v":{"v":627.53,"d":"R 627.53"}}]
["Mark - Up 15%",{"$nulls":7},{"$f":"ROUND((I38*0.15),2)","v":{"v":94.13,"d":"R 94.13"}}]
["SUb  Total  B",{"$nulls":7},{"$f":"I38+I39","v":{"v":721.66,"d":"R 721.66"}}]
["LABOUR"]
["Item 3"," (Normal Rate)",null,null,"Unit",null,"Quantity","Rate","Amount"]
[1,"Techinician",null,null,"HRS",null,5,{"v":450,"d":"R450.00"},{"$f":"SUM(G43*H43)","v":{"v":2250,"d":"R 2,250.00"}}]
[2," Senior Artisan  ",null,null,"HRS",null,null,{"v":350,"d":"R350.00"},{"$f":"SUM(G44*H44)","v":0}]
[3,"Artisan  (Trade Tested)",null,null,"HRS",null,null,{"v":300,"d":"R300.00"},0]
[4,"Utility Man (Non - Trade Tested)",null,null,"HRS",null,5,{"v":200,"d":"R200.00"},{"v":1000,"d":"R 1,000.00"}]
[5,"Artisan  Aid",null,null,"HRS",null,null,{"v":200,"d":"R200.00"},0]
[6,"General Worker",null,null,"HRS",null,null,{"v":140,"d":"R140.00"},0]
[]
[]
[]
["Sub Total C",{"$nulls":7},{"$f":"SUM(I43:I51)","v":{"v":3250,"d":"R 3,250.00"}}]
["TRANSPORT"]
["Item 4","Destinantion",null,null,"No of Trips",null,"KMs","Rate","Amount"]
[1,"Unit 2 Mykonos, south end to PE "]
[null,"Motherwell CHC  and back.",null,null,1,null,50.2,{"v":5,"d":"R 5.00"},{"$f":"H56*G56","v":{"v":251,"d":"R 251.00"}}]
[]
["Sub Total D",{"$nulls":7},{"$f":"SUM(I55:I57)","v":{"v":251,"d":"R 251.00"}}]
[]
[{"$nulls":6}," Sub Total (A+B+C+D)",null,{"$f":"I58+I52+I40","v":{"v":4222.66,"d":"R 4,222.66"}}]
[]
[{"$nulls":6},"Sub Total",null,{"$f":"I60+I61","v":{"v":4222.66,"d":"R 4,222.66"}}]

{"sheet":"LIVINGSTONE HOSPITAL (26)","index":33,"n_rows":62,"n_cols":13,"rows_kept":62,"hidden":true,"merged":[[8,0,8,4],[8,5,8,6],[8,7,8,8],[9,5,9,6],[9,7,9,8],[10,5,10,6],[10,7,10,8],[11,5,11,6],[11,7,11,8],[12,7,12,8],[13,5,13,6],[13,7,13,8],[14,0,14,8],[15,0,15,8],[16,1,16,3],[17,1,17,3],[18,1,18,3],[19,1,19,3],[20,0,20,7],[21,0,21,8],[22,1,22,4],[23,1,23,5],[24,1,24,5],[25,1,25,5],[26,1,26,5],[27,1,27,5],[28,1,28,5],[29,1,29,5],[30,1,30,5],[31,1,31,5],[32,1,32,5],[33,1,33,5],[34,1,34,5],[35,1,35,5],[36,1,36,5],[37,0,37,7],[38,0,38,7],[39,0,39,7],[40,0,40,8],[41,1,41,3],[41,4,41,5],[42,1,42,3],[42,4,42,5],[43,1,43,3],[43,4,43,5],[44,1,44,3],[44,4,44,5],[45,1,45,3],[45,4,45,5],[46,1,46,3],[46,4,46,5],[47,1,47,3],[47,4,47,5],[48,1,48,3],[49,1,49,3],[50,1,50,3],[51,0,51,7],[52,0,52,8],[53,1,53,3],[53,4,53,5],[54,1,54,3],[54,4,54,5],[55,1,55,3],[55,4,55,5],[56,1,56,3],[56,4,56,5],[57,0,57,7],[59,0,59,1],[59,2,59,4],[59,6,59,7],[60,0,60,1],[60,2,60,4],[61,0,61,1],[61,2,61,4],[61,6,61,7],[62,2,62,5]]}
{"$rows_empty":8}
["QUOTE TO :",{"$nulls":4},"Qoute No           ",null,26]
["Department of Health",{"$nulls":4},"Date                   ",null,"2019-07-24"]
["717 Dukumbana Building",{"$nulls":4},"Facility              ",null,"LIVINGSTONE HOSPITAL"]
["Independent Avenue",{"$nulls":4},"Work Order     ",null,52530]
["Bhisho",{"$nulls":4},"Tender No       ",null,"SCMU3 - 17/18-0303 - HO"]
[{"$nulls":5},"Contract Term ",null,"24 MONTHS",{"$nulls":4}," "]
["WORK  REQUEST : Generator change over switch is faulty."]
["SCHEDULED WORK"]
["Item 1","Description",null,null,"Unit","Sch No","Quantity","Rate","Amount"]
[{"$nulls":8},{"$f":"SUM(G18*H18)","v":0}]
[{"$nulls":8},{"$f":"SUM(G19*H19)","v":0}]
[{"$nulls":8},0]
["Sub Total A",{"$nulls":7},{"$f":"SUM(I18:I20)","v":0}]
["NON SCHEDULED WORK"]
["Item 2","Description",{"$nulls":4},"Quantity","Rate","Amount"]
[1,"Degreaser (5L)",{"$nulls":4},1,{"v":78,"d":"R 78.00"},{"$f":"H24*G24","v":{"v":78,"d":"R 78.00"}}]
{"$rows_empty":13}
["Sub  Total",{"$nulls":7},{"$f":"SUM(I24:I37)","v":{"v":78,"d":"R 78.00"}}]
["Mark - Up 15%",{"$nulls":7},{"$f":"ROUND((I38*0.15),2)","v":{"v":11.7,"d":"R 11.70"}}]
["SUb  Total  B",{"$nulls":7},{"$f":"I38+I39","v":{"v":89.7,"d":"R 89.70"}}]
["LABOUR"]
["Item 3"," (Normal Rate)",null,null,"Unit",null,"Quantity","Rate","Amount"]
[1,"Techinician",null,null,"HRS",null,4,{"v":450,"d":"R450.00"},{"$f":"SUM(G43*H43)","v":{"v":1800,"d":"R 1,800.00"}}]
[2," Senior Artisan  ",null,null,"HRS",null,null,{"v":350,"d":"R350.00"},{"$f":"SUM(G44*H44)","v":0}]
[3,"Artisan  (Trade Tested)",null,null,"HRS",null,null,{"v":300,"d":"R300.00"},0]
[4,"Utility Man (Non - Trade Tested)",null,null,"HRS",null,4,{"v":200,"d":"R200.00"},{"v":800,"d":"R 800.00"}]
[5,"Artisan  Aid",null,null,"HRS",null,null,{"v":200,"d":"R200.00"},0]
[6,"General Worker",null,null,"HRS",null,null,{"v":140,"d":"R140.00"},0]
[]
[]
[]
["Sub Total C",{"$nulls":7},{"$f":"SUM(I43:I51)","v":{"v":2600,"d":"R 2,600.00"}}]
["TRANSPORT"]
["Item 4","Destinantion",null,null,"No of Trips",null,"KMs","Rate","Amount"]
[1,"Unit 2 Mykonos, south end to PE "]
[null,"Livingstone Hospital  and back.",null,null,1,null,16.8,{"v":5,"d":"R 5.00"},{"$f":"H56*G56","v":{"v":84,"d":"R 84.00"}}]
[]
["Sub Total D",{"$nulls":7},{"$f":"SUM(I55:I57)","v":{"v":84,"d":"R 84.00"}}]
[]
[{"$nulls":6}," Sub Total (A+B+C+D)",null,{"$f":"I58+I52+I40","v":{"v":2773.7,"d":"R 2,773.70"}}]
[]
[{"$nulls":6},"Sub Total",null,{"$f":"I60+I61","v":{"v":2773.7,"d":"R 2,773.70"}}]

{"sheet":"GQEBERA CHC (27)","index":34,"n_rows":62,"n_cols":13,"rows_kept":62,"hidden":true,"merged":[[8,0,8,4],[8,5,8,6],[8,7,8,8],[9,5,9,6],[9,7,9,8],[10,5,10,6],[10,7,10,8],[11,5,11,6],[11,7,11,8],[12,7,12,8],[13,5,13,6],[13,7,13,8],[14,0,14,8],[15,0,15,8],[16,1,16,3],[17,1,17,3],[18,1,18,3],[19,1,19,3],[20,0,20,7],[21,0,21,8],[22,1,22,4],[23,1,23,5],[24,1,24,5],[25,1,25,5],[26,1,26,5],[27,1,27,5],[28,1,28,5],[29,1,29,5],[30,1,30,5],[31,1,31,5],[32,1,32,5],[33,1,33,5],[34,1,34,5],[35,1,35,5],[36,1,36,5],[37,0,37,7],[38,0,38,7],[39,0,39,7],[40,0,40,8],[41,1,41,3],[41,4,41,5],[42,1,42,3],[42,4,42,5],[43,1,43,3],[43,4,43,5],[44,1,44,3],[44,4,44,5],[45,1,45,3],[45,4,45,5],[46,1,46,3],[46,4,46,5],[47,1,47,3],[47,4,47,5],[48,1,48,3],[49,1,49,3],[50,1,50,3],[51,0,51,7],[52,0,52,8],[53,1,53,3],[53,4,53,5],[54,1,54,3],[54,4,54,5],[55,1,55,3],[55,4,55,5],[56,1,56,3],[56,4,56,5],[57,0,57,7],[59,0,59,1],[59,2,59,4],[59,6,59,7],[60,0,60,1],[60,2,60,4],[61,0,61,1],[61,2,61,4],[61,6,61,7],[62,2,62,5]]}
{"$rows_empty":8}
["QUOTE TO :",{"$nulls":4},"Qoute No           ",null,27]
["Department of Health",{"$nulls":4},"Date                   ",null,{"$f":"#REF!","v":{"$error":"#REF!"}}]
["717 Dukumbana Building",{"$nulls":4},"Facility              ",null,{"$f":"#REF!","v":{"$error":"#REF!"}}]
["Independent Avenue",{"$nulls":4},"Work Order     ",null,{"$f":"#REF!","v":{"$error":"#REF!"}}]
["Bhisho",{"$nulls":4},"Tender No       ",null,"SCMU3 - 17/18-0303 - HO"]
[{"$nulls":5},"Contract Term ",null,"24 MONTHS",{"$nulls":4}," "]
["WORK  REQUEST : Generator pre heater element & oil filter cap to be replaced."]
["SCHEDULED WORK"]
["Item 1","Description",null,null,"Unit","Sch No","Quantity","Rate","Amount"]
[{"$nulls":8},{"$f":"SUM(G18*H18)","v":0}]
[{"$nulls":8},{"$f":"SUM(G19*H19)","v":0}]
[{"$nulls":8},0]
["Sub Total A",{"$nulls":7},{"$f":"SUM(I18:I20)","v":0}]
["NON SCHEDULED WORK"]
["Item 2","Description",{"$nulls":4},"Quantity","Rate","Amount"]
[1,"Allen plug",{"$nulls":4},1,{"v":257.24,"d":"R 257.24"},{"$f":"H24*G24","v":{"v":257.24,"d":"R 257.24"}}]
[2,"Geyser element 1,5kw",{"$nulls":4},1,{"v":150,"d":"R 150.00"},{"$f":"H25*G25","v":{"v":150,"d":"R 150.00"}}]
[3,"eyser thermostat",{"$nulls":4},1,{"v":220,"d":"R 220.00"},{"$f":"H26*G26","v":{"v":220,"d":"R 220.00"}}]
[{"$nulls":8},0]
{"$rows_empty":10}
["Sub  Total",{"$nulls":7},{"$f":"SUM(I24:I37)","v":{"v":627.24,"d":"R 627.24"}}]
["Mark - Up 15%",{"$nulls":7},{"$f":"ROUND((I38*0.15),2)","v":{"v":94.09,"d":"R 94.09"}}]
["SUb  Total  B",{"$nulls":7},{"$f":"I38+I39","v":{"v":721.33,"d":"R 721.33"}}]
["LABOUR"]
["Item 3"," (Normal Rate)",null,null,"Unit",null,"Quantity","Rate","Amount"]
[1,"Techinician",null,null,"HRS",null,null,{"v":450,"d":"R450.00"},{"$f":"SUM(G43*H43)","v":0}]
[2," Senior Artisan  ",null,null,"HRS",null,4.5,{"v":350,"d":"R350.00"},{"$f":"SUM(G44*H44)","v":{"v":1575,"d":"R 1,575.00"}}]
[3,"Artisan  (Trade Tested)",null,null,"HRS",null,null,{"v":300,"d":"R300.00"},0]
[4,"Utility Man (Non - Trade Tested)",null,null,"HRS",null,4.5,{"v":200,"d":"R200.00"},{"v":900,"d":"R 900.00"}]
[5,"Artisan  Aid",null,null,"HRS",null,null,{"v":200,"d":"R200.00"},0]
[6,"General Worker",null,null,"HRS",null,null,{"v":140,"d":"R140.00"},0]
[]
[]
[]
["Sub Total C",{"$nulls":7},{"$f":"SUM(I43:I51)","v":{"v":2475,"d":"R 2,475.00"}}]
["TRANSPORT"]
["Item 4","Destinantion",null,null,"No of Trips",null,"KMs","Rate","Amount"]
[1,"18 pier St Southend to Gqebera CHC"]
[null,"  and back.",null,null,2,null,20.8,{"v":5,"d":"R 5.00"},{"$f":"H56*G56","v":{"v":104,"d":"R 104.00"}}]
[]
["Sub Total D",{"$nulls":7},{"$f":"SUM(I55:I57)","v":{"v":104,"d":"R 104.00"}}]
[]
[{"$nulls":6}," Sub Total (A+B+C+D)",null,{"$f":"I58+I52+I40","v":{"v":3300.33,"d":"R 3,300.33"}}]
[]
[{"$nulls":6},"Sub Total",null,{"$f":"I60+I61","v":{"v":3300.33,"d":"R 3,300.33"}}]

{"sheet":"DORA NGINZA HOSPITAL (28)","index":35,"n_rows":62,"n_cols":13,"rows_kept":62,"hidden":true,"merged":[[8,0,8,4],[8,5,8,6],[8,7,8,8],[9,5,9,6],[9,7,9,8],[10,5,10,6],[10,7,10,8],[11,5,11,6],[11,7,11,8],[12,7,12,8],[13,5,13,6],[13,7,13,8],[14,0,14,8],[15,0,15,8],[16,1,16,3],[17,1,17,3],[18,1,18,3],[19,1,19,3],[20,0,20,7],[21,0,21,8],[22,1,22,4],[23,1,23,5],[24,1,24,5],[25,1,25,5],[26,1,26,5],[27,1,27,5],[28,1,28,5],[29,1,29,5],[30,1,30,5],[31,1,31,5],[32,1,32,5],[33,1,33,5],[34,1,34,5],[35,1,35,5],[36,1,36,5],[37,0,37,7],[38,0,38,7],[39,0,39,7],[40,0,40,8],[41,1,41,3],[41,4,41,5],[42,1,42,3],[42,4,42,5],[43,1,43,3],[43,4,43,5],[44,1,44,3],[44,4,44,5],[45,1,45,3],[45,4,45,5],[46,1,46,3],[46,4,46,5],[47,1,47,3],[47,4,47,5],[48,1,48,3],[49,1,49,3],[50,1,50,3],[51,0,51,7],[52,0,52,8],[53,1,53,3],[53,4,53,5],[54,1,54,3],[54,4,54,5],[55,1,55,3],[55,4,55,5],[56,1,56,3],[56,4,56,5],[57,0,57,7],[59,0,59,1],[59,2,59,4],[59,6,59,7],[60,0,60,1],[60,2,60,4],[61,0,61,1],[61,2,61,4],[61,6,61,7],[62,2,62,5]]}
{"$rows_empty":8}
["QUOTE TO :",{"$nulls":4},"Qoute No           ",null,28]
["Department of Health",{"$nulls":4},"Date                   ",null,{"$f":"#REF!","v":{"$error":"#REF!"}}]
["717 Dukumbana Building",{"$nulls":4},"Facility              ",null,{"$f":"#REF!","v":{"$error":"#REF!"}}]
["Independent Avenue",{"$nulls":4},"Work Order     ",null,{"$f":"#REF!","v":{"$error":"#REF!"}}]
["Bhisho",{"$nulls":4},"Tender No       ",null,"SCMU3 - 17/18-0303 - HO"]
[{"$nulls":5},"Contract Term ",null,"24 MONTHS",{"$nulls":4}," "]
["WORK  REQUEST : The generator at B block is not starting.There is also a water leak on the radiator."]
["SCHEDULED WORK"]
["Item 1","Description",null,null,"Unit","Sch No","Quantity","Rate","Amount"]
[{"$nulls":8},{"$f":"SUM(G18*H18)","v":0}]
[{"$nulls":8},{"$f":"SUM(G19*H19)","v":0}]
[{"$nulls":8},0]
["Sub Total A",{"$nulls":7},{"$f":"SUM(I18:I20)","v":0}]
["NON SCHEDULED WORK"]
["Item 2","Description",{"$nulls":4},"Quantity","Rate","Amount"]
[1,"Antifreeze (5L)",{"$nulls":4},1,{"v":240.46,"d":"R 240.46"},{"$f":"H24*G24","v":{"v":240.46,"d":"R 240.46"}}]
[2,"Radiator hose (57mm)",{"$nulls":4},1,{"v":182.1,"d":"R 182.10"},{"$f":"H25*G25","v":{"v":182.1,"d":"R 182.10"}}]
{"$rows_empty":12}
["Sub  Total",{"$nulls":7},{"$f":"SUM(I24:I37)","v":{"v":422.56,"d":"R 422.56"}}]
["Mark - Up 15%",{"$nulls":7},{"$f":"ROUND((I38*0.15),2)","v":{"v":63.38,"d":"R 63.38"}}]
["SUb  Total  B",{"$nulls":7},{"$f":"I38+I39","v":{"v":485.94,"d":"R 485.94"}}]
["LABOUR"]
["Item 3"," (Normal Rate)",null,null,"Unit",null,"Quantity","Rate","Amount"]
[1,"Techinician",null,null,"HRS",null,null,{"v":450,"d":"R450.00"},{"$f":"SUM(G43*H43)","v":0}]
[2," Senior Artisan  ",null,null,"HRS",null,3.5,{"v":350,"d":"R350.00"},{"$f":"SUM(G44*H44)","v":{"v":1225,"d":"R 1,225.00"}}]
[3,"Artisan  (Trade Tested)",null,null,"HRS",null,null,{"v":300,"d":"R300.00"},0]
[4,"Utility Man (Non - Trade Tested)",null,null,"HRS",null,3.5,{"v":200,"d":"R200.00"},{"v":700,"d":"R 700.00"}]
[5,"Artisan  Aid",null,null,"HRS",null,null,{"v":200,"d":"R200.00"},0]
[6,"General Worker",null,null,"HRS",null,null,{"v":140,"d":"R140.00"},0]
[]
[]
[]
["Sub Total C",{"$nulls":7},{"$f":"SUM(I43:I51)","v":{"v":1925,"d":"R 1,925.00"}}]
["TRANSPORT"]
["Item 4","Destinantion",null,null,"No of Trips",null,"KMs","Rate","Amount"]
[1,"18 pier St Southend to Dora Nginza Hospital"]
[null,"  and back.",null,null,1,null,29.2,{"v":5,"d":"R 5.00"},{"$f":"H56*G56","v":{"v":146,"d":"R 146.00"}}]
[]
["Sub Total D",{"$nulls":7},{"$f":"SUM(I55:I57)","v":{"v":146,"d":"R 146.00"}}]
[]
[{"$nulls":6}," Sub Total (A+B+C+D)",null,{"$f":"I58+I52+I40","v":{"v":2556.94,"d":"R 2,556.94"}}]
[]
[{"$nulls":6},"Sub Total",null,{"$f":"I60+I61","v":{"v":2556.94,"d":"R 2,556.94"}}]

{"sheet":"ELIZABETH DOKIN HOSP(29)","index":36,"n_rows":62,"n_cols":13,"rows_kept":62,"hidden":true,"merged":[[8,0,8,4],[8,5,8,6],[8,7,8,8],[9,5,9,6],[9,7,9,8],[10,5,10,6],[10,7,10,8],[11,5,11,6],[11,7,11,8],[12,7,12,8],[13,5,13,6],[13,7,13,8],[14,0,14,8],[15,0,15,8],[16,1,16,3],[17,1,17,3],[18,1,18,3],[19,1,19,3],[20,0,20,7],[21,0,21,8],[22,1,22,4],[23,1,23,5],[24,1,24,5],[25,1,25,5],[26,1,26,5],[27,1,27,5],[28,1,28,5],[29,1,29,5],[30,1,30,5],[31,1,31,5],[32,1,32,5],[33,1,33,5],[34,1,34,5],[35,1,35,5],[36,1,36,5],[37,0,37,7],[38,0,38,7],[39,0,39,7],[40,0,40,8],[41,1,41,3],[41,4,41,5],[42,1,42,3],[42,4,42,5],[43,1,43,3],[43,4,43,5],[44,1,44,3],[44,4,44,5],[45,1,45,3],[45,4,45,5],[46,1,46,3],[46,4,46,5],[47,1,47,3],[47,4,47,5],[48,1,48,3],[49,1,49,3],[50,1,50,3],[51,0,51,7],[52,0,52,8],[53,1,53,3],[53,4,53,5],[54,1,54,3],[54,4,54,5],[55,1,55,3],[55,4,55,5],[56,1,56,3],[56,4,56,5],[57,0,57,7],[59,0,59,1],[59,2,59,4],[59,6,59,7],[60,0,60,1],[60,2,60,4],[61,0,61,1],[61,2,61,4],[61,6,61,7],[62,2,62,5]]}
{"$rows_empty":8}
["QUOTE TO :",{"$nulls":4},"Qoute No           ",null,29]
["Department of Health",{"$nulls":4},"Date                   ",null,{"$f":"#REF!","v":{"$error":"#REF!"}}]
["717 Dukumbana Building",{"$nulls":4},"Facility              ",null,{"$f":"#REF!","v":{"$error":"#REF!"}}]
["Independent Avenue",{"$nulls":4},"Work Order     ",null,{"$f":"#REF!","v":{"$error":"#REF!"}}]
["Bhisho",{"$nulls":4},"Tender No       ",null,"SCMU3 - 17/18-0303 - HO"]
[{"$nulls":5},"Contract Term ",null,"24 MONTHS",{"$nulls":4}," "]
["WORK  REQUEST : Generator battery burst."]
["SCHEDULED WORK"]
["Item 1","Description",null,null,"Unit","Sch No","Quantity","Rate","Amount"]
[{"$nulls":8},{"$f":"SUM(G18*H18)","v":0}]
[{"$nulls":8},{"$f":"SUM(G19*H19)","v":0}]
[{"$nulls":8},0]
["Sub Total A",{"$nulls":7},{"$f":"SUM(I18:I20)","v":0}]
["NON SCHEDULED WORK"]
["Item 2","Description",{"$nulls":4},"Quantity","Rate","Amount"]
[1,"Battery (674)",{"$nulls":4},2,{"v":2282,"d":"R 2,282.00"},{"$f":"H24*G24","v":{"v":4564,"d":"R 4,564.00"}}]
{"$rows_empty":13}
["Sub  Total",{"$nulls":7},{"$f":"SUM(I24:I37)","v":{"v":4564,"d":"R 4,564.00"}}]
["Mark - Up 15%",{"$nulls":7},{"$f":"ROUND((I38*0.15),2)","v":{"v":684.6,"d":"R 684.60"}}]
["SUb  Total  B",{"$nulls":7},{"$f":"I38+I39","v":{"v":5248.6,"d":"R 5,248.60"}}]
["LABOUR"]
["Item 3"," (Normal Rate)",null,null,"Unit",null,"Quantity","Rate","Amount"]
[1,"Techinician",null,null,"HRS",null,null,{"v":450,"d":"R450.00"},{"$f":"SUM(G43*H43)","v":0}]
[2," Senior Artisan  ",null,null,"HRS",null,null,{"v":350,"d":"R350.00"},{"$f":"SUM(G44*H44)","v":0}]
[3,"Artisan  (Trade Tested)",null,null,"HRS",null,2,{"v":300,"d":"R300.00"},{"v":600,"d":"R 600.00"}]
[4,"Utility Man (Non - Trade Tested)",null,null,"HRS",null,2,{"v":200,"d":"R200.00"},{"v":400,"d":"R 400.00"}]
[5,"Artisan  Aid",null,null,"HRS",null,null,{"v":200,"d":"R200.00"},0]
[6,"General Worker",null,null,"HRS",null,null,{"v":140,"d":"R140.00"},0]
[]
[]
[]
["Sub Total C",{"$nulls":7},{"$f":"SUM(I43:I51)","v":{"v":1000,"d":"R 1,000.00"}}]
["TRANSPORT"]
["Item 4","Destinantion",null,null,"No of Trips",null,"KMs","Rate","Amount"]
[1,"18 pier St Southend to Elizabeth Donkin  Hospital"]
[null,"  and back.",null,null,1,null,3.8,{"v":5,"d":"R 5.00"},{"$f":"H56*G56","v":{"v":19,"d":"R 19.00"}}]
[]
["Sub Total D",{"$nulls":7},{"$f":"SUM(I55:I57)","v":{"v":19,"d":"R 19.00"}}]
[]
[{"$nulls":6}," Sub Total (A+B+C+D)",null,{"$f":"I58+I52+I40","v":{"v":6267.6,"d":"R 6,267.60"}}]
[]
[{"$nulls":6},"Sub Total",null,{"$f":"I60+I61","v":{"v":6267.6,"d":"R 6,267.60"}}]

{"sheet":"PORT ELIZABETH PROV (30)","index":37,"n_rows":62,"n_cols":13,"rows_kept":62,"hidden":true,"merged":[[8,0,8,4],[8,5,8,6],[8,7,8,8],[9,5,9,6],[9,7,9,8],[10,5,10,6],[10,7,10,8],[11,5,11,6],[11,7,11,8],[12,7,12,8],[13,5,13,6],[13,7,13,8],[14,0,14,8],[15,0,15,8],[16,1,16,3],[17,1,17,3],[18,1,18,3],[19,1,19,3],[20,0,20,7],[21,0,21,8],[22,1,22,4],[23,1,23,5],[24,1,24,5],[25,1,25,5],[26,1,26,5],[27,1,27,5],[28,1,28,5],[29,1,29,5],[30,1,30,5],[31,1,31,5],[32,1,32,5],[33,1,33,5],[34,1,34,5],[35,1,35,5],[36,1,36,5],[37,0,37,7],[38,0,38,7],[39,0,39,7],[40,0,40,8],[41,1,41,3],[41,4,41,5],[42,1,42,3],[42,4,42,5],[43,1,43,3],[43,4,43,5],[44,1,44,3],[44,4,44,5],[45,1,45,3],[45,4,45,5],[46,1,46,3],[46,4,46,5],[47,1,47,3],[47,4,47,5],[48,1,48,3],[49,1,49,3],[50,1,50,3],[51,0,51,7],[52,0,52,8],[53,1,53,3],[53,4,53,5],[54,1,54,3],[54,4,54,5],[55,1,55,3],[55,4,55,5],[56,1,56,3],[56,4,56,5],[57,0,57,7],[59,0,59,1],[59,2,59,4],[59,6,59,7],[60,0,60,1],[60,2,60,4],[61,0,61,1],[61,2,61,4],[61,6,61,7],[62,2,62,5]]}
{"$rows_empty":8}
["QUOTE TO :",{"$nulls":4},"Qoute No           ",null,30]
["Department of Health",{"$nulls":4},"Date                   ",null,{"$f":"#REF!","v":{"$error":"#REF!"}}]
["717 Dukumbana Building",{"$nulls":4},"Facility              ",null,{"$f":"#REF!","v":{"$error":"#REF!"}}]
["Independent Avenue",{"$nulls":4},"Work Order     ",null,{"$f":"#REF!","v":{"$error":"#REF!"}}]
["Bhisho",{"$nulls":4},"Tender No       ",null,"SCMU3 - 17/18-0303 - HO"]
[{"$nulls":5},"Contract Term ",null,"24 MONTHS",{"$nulls":4}," "]
["WORK  REQUEST : Power generator battery burst."]
["SCHEDULED WORK"]
["Item 1","Description",null,null,"Unit","Sch No","Quantity","Rate","Amount"]
[{"$nulls":8},{"$f":"SUM(G18*H18)","v":0}]
[{"$nulls":8},{"$f":"SUM(G19*H19)","v":0}]
[{"$nulls":8},0]
["Sub Total A",{"$nulls":7},{"$f":"SUM(I18:I20)","v":0}]
["NON SCHEDULED WORK"]
["Item 2","Description",{"$nulls":4},"Quantity","Rate","Amount"]
[1,"Battery (688) - 200Ah",{"$nulls":4},2,{"v":2789,"d":"R 2,789.00"},{"$f":"H24*G24","v":{"v":5578,"d":"R 5,578.00"}}]
{"$rows_empty":13}
["Sub  Total",{"$nulls":7},{"$f":"SUM(I24:I37)","v":{"v":5578,"d":"R 5,578.00"}}]
["Mark - Up 15%",{"$nulls":7},{"$f":"ROUND((I38*0.15),2)","v":{"v":836.7,"d":"R 836.70"}}]
["SUb  Total  B",{"$nulls":7},{"$f":"I38+I39","v":{"v":6414.7,"d":"R 6,414.70"}}]
["LABOUR"]
["Item 3"," (Normal Rate)",null,null,"Unit",null,"Quantity","Rate","Amount"]
[1,"Techinician",null,null,"HRS",null,null,{"v":450,"d":"R450.00"},{"$f":"SUM(G43*H43)","v":0}]
[2," Senior Artisan  ",null,null,"HRS",null,null,{"v":350,"d":"R350.00"},{"$f":"SUM(G44*H44)","v":0}]
[3,"Artisan  (Trade Tested)",null,null,"HRS",null,2,{"v":300,"d":"R300.00"},{"v":600,"d":"R 600.00"}]
[4,"Utility Man (Non - Trade Tested)",null,null,"HRS",null,2,{"v":200,"d":"R200.00"},{"v":400,"d":"R 400.00"}]
[5,"Artisan  Aid",null,null,"HRS",null,null,{"v":200,"d":"R200.00"},0]
[6,"General Worker",null,null,"HRS",null,null,{"v":140,"d":"R140.00"},0]
[]
[]
[]
["Sub Total C",{"$nulls":7},{"$f":"SUM(I43:I51)","v":{"v":1000,"d":"R 1,000.00"}}]
["TRANSPORT"]
["Item 4","Destinantion",null,null,"No of Trips",null,"KMs","Rate","Amount"]
[1,"18 pier St Southend to Elizabeth Pro.  Hospital"]
[null,"  and back.",null,null,1,null,12.2,{"v":5,"d":"R 5.00"},{"$f":"H56*G56","v":{"v":61,"d":"R 61.00"}}]
[]
["Sub Total D",{"$nulls":7},{"$f":"SUM(I55:I57)","v":{"v":61,"d":"R 61.00"}}]
[]
[{"$nulls":6}," Sub Total (A+B+C+D)",null,{"$f":"I58+I52+I40","v":{"v":7475.7,"d":"R 7,475.70"}}]
[]
[{"$nulls":6},"Sub Total",null,{"$f":"I60+I61","v":{"v":7475.7,"d":"R 7,475.70"}}]

{"sheet":"MOUNTROAD MORTUARY (31)","index":38,"n_rows":62,"n_cols":13,"rows_kept":62,"hidden":true,"merged":[[8,0,8,4],[8,5,8,6],[8,7,8,8],[9,5,9,6],[9,7,9,8],[10,5,10,6],[10,7,10,8],[11,5,11,6],[11,7,11,8],[12,7,12,8],[13,5,13,6],[13,7,13,8],[14,0,14,8],[15,0,15,8],[16,1,16,3],[17,1,17,3],[18,1,18,3],[19,1,19,3],[20,0,20,7],[21,0,21,8],[22,1,22,4],[23,1,23,5],[24,1,24,5],[25,1,25,5],[26,1,26,5],[27,1,27,5],[28,1,28,5],[29,1,29,5],[30,1,30,5],[31,1,31,5],[32,1,32,5],[33,1,33,5],[34,1,34,5],[35,1,35,5],[36,1,36,5],[37,0,37,7],[38,0,38,7],[39,0,39,7],[40,0,40,8],[41,1,41,3],[41,4,41,5],[42,1,42,3],[42,4,42,5],[43,1,43,3],[43,4,43,5],[44,1,44,3],[44,4,44,5],[45,1,45,3],[45,4,45,5],[46,1,46,3],[46,4,46,5],[47,1,47,3],[47,4,47,5],[48,1,48,3],[49,1,49,3],[50,1,50,3],[51,0,51,7],[52,0,52,8],[53,1,53,3],[53,4,53,5],[54,1,54,3],[54,4,54,5],[55,1,55,3],[55,4,55,5],[56,1,56,3],[56,4,56,5],[57,0,57,7],[59,0,59,1],[59,2,59,4],[59,6,59,7],[60,0,60,1],[60,2,60,4],[61,0,61,1],[61,2,61,4],[61,6,61,7],[62,2,62,5]]}
{"$rows_empty":8}
["QUOTE TO :",{"$nulls":4},"Qoute No           ",null,31]
["Department of Health",{"$nulls":4},"Date                   ",null,{"$f":"#REF!","v":{"$error":"#REF!"}}]
["717 Dukumbana Building",{"$nulls":4},"Facility              ",null,{"$f":"#REF!","v":{"$error":"#REF!"}}]
["Independent Avenue",{"$nulls":4},"Work Order     ",null,{"$f":"#REF!","v":{"$error":"#REF!"}}]
["Bhisho",{"$nulls":4},"Tender No       ",null,"SCMU3 - 17/18-0303 - HO"]
[{"$nulls":5},"Contract Term ",null,"24 MONTHS",{"$nulls":4}," "]
["WORK  REQUEST : The electronic diesel pump needs to be replaced."]
["SCHEDULED WORK"]
["Item 1","Description",null,null,"Unit","Sch No","Quantity","Rate","Amount"]
[{"$nulls":8},{"$f":"SUM(G18*H18)","v":0}]
[{"$nulls":8},{"$f":"SUM(G19*H19)","v":0}]
[{"$nulls":8},0]
["Sub Total A",{"$nulls":7},{"$f":"SUM(I18:I20)","v":0}]
["NON SCHEDULED WORK"]
["Item 2","Description",{"$nulls":4},"Quantity","Rate","Amount"]
[1," Pump",{"$nulls":4},1,{"v":1984.8,"d":"R 1,984.80"},{"$f":"H24*G24","v":{"v":1984.8,"d":"R 1,984.80"}}]
{"$rows_empty":13}
["Sub  Total",{"$nulls":7},{"$f":"SUM(I24:I37)","v":{"v":1984.8,"d":"R 1,984.80"}}]
["Mark - Up 15%",{"$nulls":7},{"$f":"ROUND((I38*0.15),2)","v":{"v":297.72,"d":"R 297.72"}}]
["SUb  Total  B",{"$nulls":7},{"$f":"I38+I39","v":{"v":2282.52,"d":"R 2,282.52"}}]
["LABOUR"]
["Item 3"," (Normal Rate)",null,null,"Unit",null,"Quantity","Rate","Amount"]
[1,"Techinician",null,null,"HRS",null,2,{"v":450,"d":"R450.00"},{"$f":"SUM(G43*H43)","v":{"v":900,"d":"R 900.00"}}]
[2," Senior Artisan  ",null,null,"HRS",null,null,{"v":350,"d":"R350.00"},{"$f":"SUM(G44*H44)","v":0}]
[3,"Artisan  (Trade Tested)",null,null,"HRS",null,null,{"v":300,"d":"R300.00"},0]
[4,"Utility Man (Non - Trade Tested)",null,null,"HRS",null,2,{"v":200,"d":"R200.00"},{"v":400,"d":"R 400.00"}]
[5,"Artisan  Aid",null,null,"HRS",null,null,{"v":200,"d":"R200.00"},0]
[6,"General Worker",null,null,"HRS",null,null,{"v":140,"d":"R140.00"},0]
[]
[]
[]
["Sub Total C",{"$nulls":7},{"$f":"SUM(I43:I51)","v":{"v":1300,"d":"R 1,300.00"}}]
["TRANSPORT"]
["Item 4","Destinantion",null,null,"No of Trips",null,"KMs","Rate","Amount"]
[1,"18 pier St Southend to MountRoad Mortuary"]
[null,"  and back.",null,null,1,null,11.6,{"v":5,"d":"R 5.00"},{"$f":"H56*G56","v":{"v":58,"d":"R 58.00"}}]
[]
["Sub Total D",{"$nulls":7},{"$f":"SUM(I55:I57)","v":{"v":58,"d":"R 58.00"}}]
[]
[{"$nulls":6}," Sub Total (A+B+C+D)",null,{"$f":"I58+I52+I40","v":{"v":3640.52,"d":"R 3,640.52"}}]
[]
[{"$nulls":6},"Sub Total",null,{"$f":"I60+I61","v":{"v":3640.52,"d":"R 3,640.52"}}]

{"sheet":"UITENHAGE PRO.HOSPITAL (32)","index":39,"n_rows":62,"n_cols":13,"rows_kept":62,"hidden":true,"merged":[[8,0,8,4],[8,5,8,6],[8,7,8,8],[9,5,9,6],[9,7,9,8],[10,5,10,6],[10,7,10,8],[11,5,11,6],[11,7,11,8],[12,7,12,8],[13,5,13,6],[13,7,13,8],[14,0,14,8],[15,0,15,8],[16,1,16,3],[17,1,17,3],[18,1,18,3],[19,1,19,3],[20,0,20,7],[21,0,21,8],[22,1,22,4],[23,1,23,5],[24,1,24,5],[25,1,25,5],[26,1,26,5],[27,1,27,5],[28,1,28,5],[29,1,29,5],[30,1,30,5],[31,1,31,5],[32,1,32,5],[33,1,33,5],[34,1,34,5],[35,1,35,5],[36,1,36,5],[37,0,37,7],[38,0,38,7],[39,0,39,7],[40,0,40,8],[41,1,41,3],[41,4,41,5],[42,1,42,3],[42,4,42,5],[43,1,43,3],[43,4,43,5],[44,1,44,3],[44,4,44,5],[45,1,45,3],[45,4,45,5],[46,1,46,3],[46,4,46,5],[47,1,47,3],[47,4,47,5],[48,1,48,3],[49,1,49,3],[50,1,50,3],[51,0,51,7],[52,0,52,8],[53,1,53,3],[53,4,53,5],[54,1,54,3],[54,4,54,5],[55,1,55,3],[55,4,55,5],[56,1,56,3],[56,4,56,5],[57,0,57,7],[59,0,59,1],[59,2,59,4],[59,6,59,7],[60,0,60,1],[60,2,60,4],[61,0,61,1],[61,2,61,4],[61,6,61,7],[62,2,62,5]]}
{"$rows_empty":8}
["QUOTE TO :",{"$nulls":4},"Qoute No           ",null,32]
["Department of Health",{"$nulls":4},"Date                   ",null,{"$f":"#REF!","v":{"$error":"#REF!"}}]
["717 Dukumbana Building",{"$nulls":4},"Facility              ",null,{"$f":"#REF!","v":{"$error":"#REF!"}}]
["Independent Avenue",{"$nulls":4},"Work Order     ",null,{"$f":"#REF!","v":{"$error":"#REF!"}}]
["Bhisho",{"$nulls":4},"Tender No       ",null,"SCMU3 - 17/18-0303 - HO"]
[{"$nulls":5},"Contract Term ",null,"24 MONTHS",{"$nulls":4}," "]
["WORK  REQUEST : Standby generator is faulty."]
["SCHEDULED WORK"]
["Item 1","Description",null,null,"Unit","Sch No","Quantity","Rate","Amount"]
[{"$nulls":8},{"$f":"SUM(G18*H18)","v":0}]
[{"$nulls":8},{"$f":"SUM(G19*H19)","v":0}]
[{"$nulls":8},0]
["Sub Total A",{"$nulls":7},{"$f":"SUM(I18:I20)","v":0}]
["NON SCHEDULED WORK"]
["Item 2","Description",{"$nulls":4},"Quantity","Rate","Amount"]
{"$rows_empty":14}
["Sub  Total",{"$nulls":7},{"$f":"SUM(I24:I37)","v":0}]
["Mark - Up 15%",{"$nulls":7},{"$f":"ROUND((I38*0.15),2)","v":0}]
["SUb  Total  B",{"$nulls":7},{"$f":"I38+I39","v":0}]
["LABOUR"]
["Item 3"," (Normal Rate)",null,null,"Unit",null,"Quantity","Rate","Amount"]
[1,"Techinician",null,null,"HRS",null,2,{"v":450,"d":"R450.00"},{"$f":"SUM(G43*H43)","v":{"v":900,"d":"R 900.00"}}]
[2," Senior Artisan  ",null,null,"HRS",null,null,{"v":350,"d":"R350.00"},{"$f":"SUM(G44*H44)","v":0}]
[3,"Artisan  (Trade Tested)",null,null,"HRS",null,null,{"v":300,"d":"R300.00"},0]
[4,"Utility Man (Non - Trade Tested)",null,null,"HRS",null,2,{"v":200,"d":"R200.00"},{"v":400,"d":"R 400.00"}]
[5,"Artisan  Aid",null,null,"HRS",null,null,{"v":200,"d":"R200.00"},0]
[6,"General Worker",null,null,"HRS",null,null,{"v":140,"d":"R140.00"},0]
[]
[]
[]
["Sub Total C",{"$nulls":7},{"$f":"SUM(I43:I51)","v":{"v":1300,"d":"R 1,300.00"}}]
["TRANSPORT"]
["Item 4","Destinantion",null,null,"No of Trips",null,"KMs","Rate","Amount"]
[1,"18 pier St Southend to Uitenhage Hospital"]
[null,"  and back.",null,null,1,null,90.2,{"v":5,"d":"R 5.00"},{"$f":"H56*G56","v":{"v":451,"d":"R 451.00"}}]
[]
["Sub Total D",{"$nulls":7},{"$f":"SUM(I55:I57)","v":{"v":451,"d":"R 451.00"}}]
[]
[{"$nulls":6}," Sub Total (A+B+C+D)",null,{"$f":"I58+I52+I40","v":{"v":1751,"d":"R 1,751.00"}}]
[]
[{"$nulls":6},"Sub Total",null,{"$f":"I60+I61","v":{"v":1751,"d":"R 1,751.00"}}]

{"sheet":"JOSE PEARSON TB HSPITAL (33)","index":40,"n_rows":62,"n_cols":13,"rows_kept":62,"hidden":true,"merged":[[8,0,8,4],[8,5,8,6],[8,7,8,8],[9,5,9,6],[9,7,9,8],[10,5,10,6],[10,7,10,8],[11,5,11,6],[11,7,11,8],[12,7,12,8],[13,5,13,6],[13,7,13,8],[14,0,14,8],[15,0,15,8],[16,1,16,3],[17,1,17,3],[18,1,18,3],[19,1,19,3],[20,0,20,7],[21,0,21,8],[22,1,22,4],[23,1,23,5],[24,1,24,5],[25,1,25,5],[26,1,26,5],[27,1,27,5],[28,1,28,5],[29,1,29,5],[30,1,30,5],[31,1,31,5],[32,1,32,5],[33,1,33,5],[34,1,34,5],[35,1,35,5],[36,1,36,5],[37,0,37,7],[38,0,38,7],[39,0,39,7],[40,0,40,8],[41,1,41,3],[41,4,41,5],[42,1,42,3],[42,4,42,5],[43,1,43,3],[43,4,43,5],[44,1,44,3],[44,4,44,5],[45,1,45,3],[45,4,45,5],[46,1,46,3],[46,4,46,5],[47,1,47,3],[47,4,47,5],[48,1,48,3],[49,1,49,3],[50,1,50,3],[51,0,51,7],[52,0,52,8],[53,1,53,3],[53,4,53,5],[54,1,54,3],[54,4,54,5],[55,1,55,3],[55,4,55,5],[56,1,56,3],[56,4,56,5],[57,0,57,7],[59,0,59,1],[59,2,59,4],[59,6,59,7],[60,0,60,1],[60,2,60,4],[61,0,61,1],[61,2,61,4],[61,6,61,7],[62,2,62,5]]}
{"$rows_empty":8}
["QUOTE TO :",{"$nulls":4},"Qoute No           ",null,33]
["Department of Health",{"$nulls":4},"Date                   ",null,{"$f":"#REF!","v":{"$error":"#REF!"}}]
["717 Dukumbana Building",{"$nulls":4},"Facility              ",null,{"$f":"#REF!","v":{"$error":"#REF!"}}]
["Independent Avenue",{"$nulls":4},"Work Order     ",null,{"$f":"#REF!","v":{"$error":"#REF!"}}]
["Bhisho",{"$nulls":4},"Tender No       ",null,"SCMU3 - 17/18-0303 - HO"]
[{"$nulls":5},"Contract Term ",null,"24 MONTHS",{"$nulls":4}," "]
["WORK  REQUEST : The generato keeps switching its self off."]
["SCHEDULED WORK"]
["Item 1","Description",null,null,"Unit","Sch No","Quantity","Rate","Amount"]
[{"$nulls":8},{"$f":"SUM(G18*H18)","v":0}]
[{"$nulls":8},{"$f":"SUM(G19*H19)","v":0}]
[{"$nulls":8},0]
["Sub Total A",{"$nulls":7},{"$f":"SUM(I18:I20)","v":0}]
["NON SCHEDULED WORK"]
["Item 2","Description",{"$nulls":4},"Quantity","Rate","Amount"]
[1,"Fuel hose",{"$nulls":4},1,{"v":153.18,"d":"R 153.18"},{"$f":"H24*G24","v":{"v":153.18,"d":"R 153.18"}}]
{"$rows_empty":13}
["Sub  Total",{"$nulls":7},{"$f":"SUM(I24:I37)","v":{"v":153.18,"d":"R 153.18"}}]
["Mark - Up 15%",{"$nulls":7},{"$f":"ROUND((I38*0.15),2)","v":{"v":22.98,"d":"R 22.98"}}]
["SUb  Total  B",{"$nulls":7},{"$f":"I38+I39","v":{"v":176.16,"d":"R 176.16"}}]
["LABOUR"]
["Item 3"," (Normal Rate)",null,null,"Unit",null,"Quantity","Rate","Amount"]
[1,"Techinician",null,null,"HRS",null,4,{"v":450,"d":"R450.00"},{"$f":"SUM(G43*H43)","v":{"v":1800,"d":"R 1,800.00"}}]
[2," Senior Artisan  ",null,null,"HRS",null,null,{"v":350,"d":"R350.00"},{"$f":"SUM(G44*H44)","v":0}]
[3,"Artisan  (Trade Tested)",null,null,"HRS",null,null,{"v":300,"d":"R300.00"},0]
[4,"Utility Man (Non - Trade Tested)",null,null,"HRS",null,4,{"v":200,"d":"R200.00"},{"v":800,"d":"R 800.00"}]
[5,"Artisan  Aid",null,null,"HRS",null,null,{"v":200,"d":"R200.00"},0]
[6,"General Worker",null,null,"HRS",null,null,{"v":140,"d":"R140.00"},0]
[]
[]
[]
["Sub Total C",{"$nulls":7},{"$f":"SUM(I43:I51)","v":{"v":2600,"d":"R 2,600.00"}}]
["TRANSPORT"]
["Item 4","Destinantion",null,null,"No of Trips",null,"KMs","Rate","Amount"]
[1,"18 pier St Southend to Jose Pearson TB  Hospital"]
[null,"  and back.",null,null,1,null,47.6,{"v":5,"d":"R 5.00"},{"$f":"H56*G56","v":{"v":238,"d":"R 238.00"}}]
[]
["Sub Total D",{"$nulls":7},{"$f":"SUM(I55:I57)","v":{"v":238,"d":"R 238.00"}}]
[]
[{"$nulls":6}," Sub Total (A+B+C+D)",null,{"$f":"I58+I52+I40","v":{"v":3014.16,"d":"R 3,014.16"}}]
[]
[{"$nulls":6},"Sub Total",null,{"$f":"I60+I61","v":{"v":3014.16,"d":"R 3,014.16"}}]

{"sheet":"LAETITA BAM CHC (34)","index":41,"n_rows":62,"n_cols":13,"rows_kept":62,"hidden":true,"merged":[[8,0,8,4],[8,5,8,6],[8,7,8,8],[9,5,9,6],[9,7,9,8],[10,5,10,6],[10,7,10,8],[11,5,11,6],[11,7,11,8],[12,7,12,8],[13,5,13,6],[13,7,13,8],[14,0,14,8],[15,0,15,8],[16,1,16,3],[17,1,17,3],[18,1,18,3],[19,1,19,3],[20,0,20,7],[21,0,21,8],[22,1,22,4],[23,1,23,5],[24,1,24,5],[25,1,25,5],[26,1,26,5],[27,1,27,5],[28,1,28,5],[29,1,29,5],[30,1,30,5],[31,1,31,5],[32,1,32,5],[33,1,33,5],[34,1,34,5],[35,1,35,5],[36,1,36,5],[37,0,37,7],[38,0,38,7],[39,0,39,7],[40,0,40,8],[41,1,41,3],[41,4,41,5],[42,1,42,3],[42,4,42,5],[43,1,43,3],[43,4,43,5],[44,1,44,3],[44,4,44,5],[45,1,45,3],[45,4,45,5],[46,1,46,3],[46,4,46,5],[47,1,47,3],[47,4,47,5],[48,1,48,3],[49,1,49,3],[50,1,50,3],[51,0,51,7],[52,0,52,8],[53,1,53,3],[53,4,53,5],[54,1,54,3],[54,4,54,5],[55,1,55,3],[55,4,55,5],[56,1,56,3],[56,4,56,5],[57,0,57,7],[59,0,59,1],[59,2,59,4],[59,6,59,7],[60,0,60,1],[60,2,60,4],[61,0,61,1],[61,2,61,4],[61,6,61,7],[62,2,62,5]]}
{"$rows_empty":8}
["QUOTE TO :",{"$nulls":4},"Qoute No           ",null,34]
["Department of Health",{"$nulls":4},"Date                   ",null,{"$f":"#REF!","v":{"$error":"#REF!"}}]
["717 Dukumbana Building",{"$nulls":4},"Facility              ",null,{"$f":"#REF!","v":{"$error":"#REF!"}}]
["Independent Avenue",{"$nulls":4},"Work Order     ",null,{"$f":"#REF!","v":{"$error":"#REF!"}}]
["Bhisho",{"$nulls":4},"Tender No       ",null,"SCMU3 - 17/18-0303 - HO"]
[{"$nulls":5},"Contract Term ",null,"24 MONTHS",{"$nulls":4}," "]
["WORK  REQUEST : The generator is not working."]
["SCHEDULED WORK"]
["Item 1","Description",null,null,"Unit","Sch No","Quantity","Rate","Amount"]
[{"$nulls":8},{"$f":"SUM(G18*H18)","v":0}]
[{"$nulls":8},{"$f":"SUM(G19*H19)","v":0}]
[{"$nulls":8},0]
["Sub Total A",{"$nulls":7},{"$f":"SUM(I18:I20)","v":0}]
["NON SCHEDULED WORK"]
["Item 2","Description",{"$nulls":4},"Quantity","Rate","Amount"]
[1,"Battery (690) 150ah",{"$nulls":4},1,{"v":2282,"d":"R 2,282.00"},{"$f":"H24*G24","v":{"v":2282,"d":"R 2,282.00"}}]
{"$rows_empty":13}
["Sub  Total",{"$nulls":7},{"$f":"SUM(I24:I37)","v":{"v":2282,"d":"R 2,282.00"}}]
["Mark - Up 15%",{"$nulls":7},{"$f":"ROUND((I38*0.15),2)","v":{"v":342.3,"d":"R 342.30"}}]
["SUb  Total  B",{"$nulls":7},{"$f":"I38+I39","v":{"v":2624.3,"d":"R 2,624.30"}}]
["LABOUR"]
["Item 3"," (Normal Rate)",null,null,"Unit",null,"Quantity","Rate","Amount"]
[1,"Techinician",null,null,"HRS",null,null,{"v":450,"d":"R450.00"},{"$f":"SUM(G43*H43)","v":0}]
[2," Senior Artisan  ",null,null,"HRS",null,null,{"v":350,"d":"R350.00"},{"$f":"SUM(G44*H44)","v":0}]
[3,"Artisan  (Trade Tested)",null,null,"HRS",null,2,{"v":300,"d":"R300.00"},{"v":600,"d":"R 600.00"}]
[4,"Utility Man (Non - Trade Tested)",null,null,"HRS",null,2,{"v":200,"d":"R200.00"},{"v":400,"d":"R 400.00"}]
[5,"Artisan  Aid",null,null,"HRS",null,null,{"v":200,"d":"R200.00"},0]
[6,"General Worker",null,null,"HRS",null,null,{"v":140,"d":"R140.00"},0]
[]
[]
[]
["Sub Total C",{"$nulls":7},{"$f":"SUM(I43:I51)","v":{"v":1000,"d":"R 1,000.00"}}]
["TRANSPORT"]
["Item 4","Destinantion",null,null,"No of Trips",null,"KMs","Rate","Amount"]
[1,"18 pier St Southend to Laetitia Bam CHC"]
[null,"  and back.",null,null,1,null,78.2,{"v":5,"d":"R 5.00"},{"$f":"H56*G56","v":{"v":391,"d":"R 391.00"}}]
[]
["Sub Total D",{"$nulls":7},{"$f":"SUM(I55:I57)","v":{"v":391,"d":"R 391.00"}}]
[]
[{"$nulls":6}," Sub Total (A+B+C+D)",null,{"$f":"I58+I52+I40","v":{"v":4015.3,"d":"R 4,015.30"}}]
[]
[{"$nulls":6},"Sub Total",null,{"$f":"I60+I61","v":{"v":4015.3,"d":"R 4,015.30"}}]

{"sheet":"MOTHEWELL CHC (35)","index":42,"n_rows":62,"n_cols":13,"rows_kept":62,"hidden":true,"merged":[[8,0,8,4],[8,5,8,6],[8,7,8,8],[9,5,9,6],[9,7,9,8],[10,5,10,6],[10,7,10,8],[11,5,11,6],[11,7,11,8],[12,7,12,8],[13,5,13,6],[13,7,13,8],[14,0,14,8],[15,0,15,8],[16,1,16,3],[17,1,17,3],[18,1,18,3],[19,1,19,3],[20,0,20,7],[21,0,21,8],[22,1,22,4],[23,1,23,5],[24,1,24,5],[25,1,25,5],[26,1,26,5],[27,1,27,5],[28,1,28,5],[29,1,29,5],[30,1,30,5],[31,1,31,5],[32,1,32,5],[33,1,33,5],[34,1,34,5],[35,1,35,5],[36,1,36,5],[37,0,37,7],[38,0,38,7],[39,0,39,7],[40,0,40,8],[41,1,41,3],[41,4,41,5],[42,1,42,3],[42,4,42,5],[43,1,43,3],[43,4,43,5],[44,1,44,3],[44,4,44,5],[45,1,45,3],[45,4,45,5],[46,1,46,3],[46,4,46,5],[47,1,47,3],[47,4,47,5],[48,1,48,3],[49,1,49,3],[50,1,50,3],[51,0,51,7],[52,0,52,8],[53,1,53,3],[53,4,53,5],[54,1,54,3],[54,4,54,5],[55,1,55,3],[55,4,55,5],[56,1,56,3],[56,4,56,5],[57,0,57,7],[59,0,59,1],[59,2,59,4],[59,6,59,7],[60,0,60,1],[60,2,60,4],[61,0,61,1],[61,2,61,4],[61,6,61,7],[62,2,62,5]]}
{"$rows_empty":8}
["QUOTE TO :",{"$nulls":4},"Qoute No           ",null,35]
["Department of Health",{"$nulls":4},"Date                   ",null,{"$f":"#REF!","v":{"$error":"#REF!"}}]
["717 Dukumbana Building",{"$nulls":4},"Facility              ",null,{"$f":"#REF!","v":{"$error":"#REF!"}}]
["Independent Avenue",{"$nulls":4},"Work Order     ",null,{"$f":"#REF!","v":{"$error":"#REF!"}}]
["Bhisho",{"$nulls":4},"Tender No       ",null,"SCMU3 - 17/18-0303 - HO"]
[{"$nulls":5},"Contract Term ",null,"24 MONTHS",{"$nulls":4}," "]
["WORK  REQUEST : Generator is not kicking in."]
["SCHEDULED WORK"]
["Item 1","Description",null,null,"Unit","Sch No","Quantity","Rate","Amount"]
[{"$nulls":8},{"$f":"SUM(G18*H18)","v":0}]
[{"$nulls":8},{"$f":"SUM(G19*H19)","v":0}]
[{"$nulls":8},0]
["Sub Total A",{"$nulls":7},{"$f":"SUM(I18:I20)","v":0}]
["NON SCHEDULED WORK"]
["Item 2","Description",{"$nulls":4},"Quantity","Rate","Amount"]
{"$rows_empty":14}
["Sub  Total",{"$nulls":7},{"$f":"SUM(I24:I37)","v":0}]
["Mark - Up 15%",{"$nulls":7},{"$f":"ROUND((I38*0.15),2)","v":0}]
["SUb  Total  B",{"$nulls":7},{"$f":"I38+I39","v":0}]
["LABOUR"]
["Item 3"," (Normal Rate)",null,null,"Unit",null,"Quantity","Rate","Amount"]
[1,"Techinician",null,null,"HRS",null,1.5,{"v":450,"d":"R450.00"},{"$f":"SUM(G43*H43)","v":{"v":675,"d":"R 675.00"}}]
[2," Senior Artisan  ",null,null,"HRS",null,null,{"v":350,"d":"R350.00"},{"$f":"SUM(G44*H44)","v":0}]
[3,"Artisan  (Trade Tested)",null,null,"HRS",null,null,{"v":300,"d":"R300.00"},0]
[4,"Utility Man (Non - Trade Tested)",null,null,"HRS",null,1.5,{"v":200,"d":"R200.00"},{"v":300,"d":"R 300.00"}]
[5,"Artisan  Aid",null,null,"HRS",null,null,{"v":200,"d":"R200.00"},0]
[6,"General Worker",null,null,"HRS",null,null,{"v":140,"d":"R140.00"},0]
[]
[]
[]
["Sub Total C",{"$nulls":7},{"$f":"SUM(I43:I51)","v":{"v":975,"d":"R 975.00"}}]
["TRANSPORT"]
["Item 4","Destinantion",null,null,"No of Trips",null,"KMs","Rate","Amount"]
[1,"18 pier St Southend to Motherwell  CHC"]
[null,"  and back.",null,null,1,null,50.2,{"v":5,"d":"R 5.00"},{"$f":"H56*G56","v":{"v":251,"d":"R 251.00"}}]
[]
["Sub Total D",{"$nulls":7},{"$f":"SUM(I55:I57)","v":{"v":251,"d":"R 251.00"}}]
[]
[{"$nulls":6}," Sub Total (A+B+C+D)",null,{"$f":"I58+I52+I40","v":{"v":1226,"d":"R 1,226.00"}}]
[]
[{"$nulls":6},"Sub Total",null,{"$f":"I60+I61","v":{"v":1226,"d":"R 1,226.00"}}]

{"sheet":"LAETITA BAM CHC (36)","index":43,"n_rows":62,"n_cols":13,"rows_kept":62,"hidden":true,"merged":[[8,0,8,4],[8,5,8,6],[8,7,8,8],[9,5,9,6],[9,7,9,8],[10,5,10,6],[10,7,10,8],[11,5,11,6],[11,7,11,8],[12,7,12,8],[13,5,13,6],[13,7,13,8],[14,0,14,8],[15,0,15,8],[16,1,16,3],[17,1,17,3],[18,1,18,3],[19,1,19,3],[20,0,20,7],[21,0,21,8],[22,1,22,4],[23,1,23,5],[24,1,24,5],[25,1,25,5],[26,1,26,5],[27,1,27,5],[28,1,28,5],[29,1,29,5],[30,1,30,5],[31,1,31,5],[32,1,32,5],[33,1,33,5],[34,1,34,5],[35,1,35,5],[36,1,36,5],[37,0,37,7],[38,0,38,7],[39,0,39,7],[40,0,40,8],[41,1,41,3],[41,4,41,5],[42,1,42,3],[42,4,42,5],[43,1,43,3],[43,4,43,5],[44,1,44,3],[44,4,44,5],[45,1,45,3],[45,4,45,5],[46,1,46,3],[46,4,46,5],[47,1,47,3],[47,4,47,5],[48,1,48,3],[49,1,49,3],[50,1,50,3],[51,0,51,7],[52,0,52,8],[53,1,53,3],[53,4,53,5],[54,1,54,3],[54,4,54,5],[55,1,55,3],[55,4,55,5],[56,1,56,3],[56,4,56,5],[57,0,57,7],[59,0,59,1],[59,2,59,4],[59,6,59,7],[60,0,60,1],[60,2,60,4],[61,0,61,1],[61,2,61,4],[61,6,61,7],[62,2,62,5]]}
{"$rows_empty":8}
["QUOTE TO :",{"$nulls":4},"Qoute No           ",null,36]
["Department of Health",{"$nulls":4},"Date                   ",null,{"$f":"#REF!","v":{"$error":"#REF!"}}]
["717 Dukumbana Building",{"$nulls":4},"Facility              ",null,{"$f":"#REF!","v":{"$error":"#REF!"}}]
["Independent Avenue",{"$nulls":4},"Work Order     ",null,{"$f":"#REF!","v":{"$error":"#REF!"}}]
["Bhisho",{"$nulls":4},"Tender No       ",null,"SCMU3 - 17/18-0303 - HO"]
[{"$nulls":5},"Contract Term ",null,"24 MONTHS",{"$nulls":4}," "]
["WORK  REQUEST : Generator does does not kick in."]
["SCHEDULED WORK"]
["Item 1","Description",null,null,"Unit","Sch No","Quantity","Rate","Amount"]
[{"$nulls":8},{"$f":"SUM(G18*H18)","v":0}]
[{"$nulls":8},{"$f":"SUM(G19*H19)","v":0}]
[{"$nulls":8},0]
["Sub Total A",{"$nulls":7},{"$f":"SUM(I18:I20)","v":0}]
["NON SCHEDULED WORK"]
["Item 2","Description",{"$nulls":4},"Quantity","Rate","Amount"]
{"$rows_empty":14}
["Sub  Total",{"$nulls":7},{"$f":"SUM(I24:I37)","v":0}]
["Mark - Up 15%",{"$nulls":7},{"$f":"ROUND((I38*0.15),2)","v":0}]
["SUb  Total  B",{"$nulls":7},{"$f":"I38+I39","v":0}]
["LABOUR"]
["Item 3"," (Normal Rate)",null,null,"Unit",null,"Quantity","Rate","Amount"]
[1,"Techinician",null,null,"HRS",null,null,{"v":450,"d":"R450.00"},{"$f":"SUM(G43*H43)","v":0}]
[2," Senior Artisan  ",null,null,"HRS",null,0,{"v":350,"d":"R350.00"},{"$f":"SUM(G44*H44)","v":0}]
[3,"Artisan  (Trade Tested)",null,null,"HRS",null,3.5,{"v":300,"d":"R300.00"},{"v":1050,"d":"R 1,050.00"}]
[4,"Utility Man (Non - Trade Tested)",null,null,"HRS",null,3.5,{"v":200,"d":"R200.00"},{"v":700,"d":"R 700.00"}]
[5,"Artisan  Aid",null,null,"HRS",null,null,{"v":200,"d":"R200.00"},0]
[6,"General Worker",null,null,"HRS",null,null,{"v":140,"d":"R140.00"},0]
[]
[]
[]
["Sub Total C",{"$nulls":7},{"$f":"SUM(I43:I51)","v":{"v":1750,"d":"R 1,750.00"}}]
["TRANSPORT"]
["Item 4","Destinantion",null,null,"No of Trips",null,"KMs","Rate","Amount"]
[1,"18 pier St Southend to Laetita  CHC"]
[null,"  and back.",null,null,1,null,80,{"v":5,"d":"R 5.00"},{"$f":"H56*G56","v":{"v":400,"d":"R 400.00"}}]
[]
["Sub Total D",{"$nulls":7},{"$f":"SUM(I55:I57)","v":{"v":400,"d":"R 400.00"}}]
[]
[{"$nulls":6}," Sub Total (A+B+C+D)",null,{"$f":"I58+I52+I40","v":{"v":2150,"d":"R 2,150.00"}}]
[]
[{"$nulls":6},"Sub Total",null,{"$f":"I60+I61","v":{"v":2150,"d":"R 2,150.00"}}]

{"sheet":"PE PROV. (37)","index":44,"n_rows":62,"n_cols":13,"rows_kept":62,"hidden":true,"merged":[[8,0,8,4],[8,5,8,6],[8,7,8,8],[9,5,9,6],[9,7,9,8],[10,5,10,6],[10,7,10,8],[11,5,11,6],[11,7,11,8],[12,7,12,8],[13,5,13,6],[13,7,13,8],[14,0,14,8],[15,0,15,8],[16,1,16,3],[17,1,17,3],[18,1,18,3],[19,1,19,3],[20,0,20,7],[21,0,21,8],[22,1,22,5],[23,1,23,5],[24,1,24,5],[25,1,25,5],[26,1,26,5],[27,1,27,5],[28,1,28,5],[29,1,29,5],[30,1,30,5],[31,1,31,5],[32,1,32,5],[33,1,33,5],[34,1,34,5],[35,1,35,5],[36,1,36,5],[37,0,37,7],[38,0,38,7],[39,0,39,7],[40,0,40,8],[41,1,41,3],[41,4,41,5],[42,1,42,3],[42,4,42,5],[43,1,43,3],[43,4,43,5],[44,1,44,3],[44,4,44,5],[45,1,45,3],[45,4,45,5],[46,1,46,3],[46,4,46,5],[47,1,47,3],[47,4,47,5],[48,1,48,3],[49,1,49,3],[50,1,50,3],[51,0,51,7],[52,0,52,8],[53,1,53,3],[53,4,53,5],[54,1,54,3],[54,4,54,5],[55,1,55,3],[55,4,55,5],[56,1,56,3],[56,4,56,5],[57,0,57,7],[59,0,59,1],[59,2,59,4],[59,6,59,7],[60,0,60,1],[60,2,60,4],[61,0,61,1],[61,2,61,4],[61,6,61,7],[62,2,62,5]]}
{"$rows_empty":8}
["QUOTE TO :",{"$nulls":4},"Qoute No           ",null,37]
["Department of Health",{"$nulls":4},"Date                   ",null,{"$f":"#REF!","v":{"$error":"#REF!"}}]
["717 Dukumbana Building",{"$nulls":4},"Facility              ",null,{"$f":"#REF!","v":{"$error":"#REF!"}}]
["Independent Avenue",{"$nulls":4},"Work Order     ",null,{"$f":"#REF!","v":{"$error":"#REF!"}}]
["Bhisho",{"$nulls":4},"Tender No       ",null,"SCMU3 - 17/18-0303 - HO"]
[{"$nulls":5},"Contract Term ",null,"24 MONTHS",{"$nulls":4}," "]
["WORK  REQUEST : Request for repair of faulty power gen is not working."]
["SCHEDULED WORK"]
["Item 1","Description",null,null,"Unit","Sch No","Quantity","Rate","Amount"]
[{"$nulls":8},{"$f":"SUM(G18*H18)","v":0}]
[{"$nulls":8},{"$f":"SUM(G19*H19)","v":0}]
[{"$nulls":8},0]
["Sub Total A",{"$nulls":7},{"$f":"SUM(I18:I20)","v":0}]
["NON SCHEDULED WORK"]
["Item 2","Description",{"$nulls":4},"Quantity","Rate","Amount"]
[1,"12mm Terminal Yellow",{"$nulls":4},2,{"v":22,"d":"R 22.00"},{"$f":"H24*G24","v":{"v":44,"d":"R 44.00"}}]
[2,"6 x 3 mm Lug",{"$nulls":4},3,{"v":12.8,"d":"R 12.80"},{"$f":"H25*G25","v":{"v":38.400000000000006,"d":"R 38.40"}}]
[3,"6 x 3 mm Lug",{"$nulls":4},3,{"v":12.8,"d":"R 12.80"},{"$f":"H26*G26","v":{"v":38.400000000000006,"d":"R 38.40"}}]
[4,"Insulation Tape yellow",{"$nulls":4},2,{"v":16.6,"d":"R 16.60"},{"v":33.2,"d":"R 33.20"}]
[5,"Insulation Tape white",{"$nulls":4},2,{"v":16.6,"d":"R 16.60"},{"v":33.2,"d":"R 33.20"}]
[6,"Charging services",{"$nulls":4},2,{"v":37,"d":"R 37.00"},{"v":74,"d":"R 74.00"}]
[7,"AVR SX 440",{"$nulls":4},1,{"v":4680,"d":"R 4,680.00"},{"v":4680,"d":"R 4,680.00"}]
{"$rows_empty":7}
["Sub  Total",{"$nulls":7},{"$f":"SUM(I24:I37)","v":{"v":4941.2,"d":"R 4,941.20"}}]
["Mark - Up 15%",{"$nulls":7},{"$f":"ROUND((I38*0.15),2)","v":{"v":741.18,"d":"R 741.18"}}]
["SUb  Total  B",{"$nulls":7},{"$f":"I38+I39","v":{"v":5682.38,"d":"R 5,682.38"}}]
["LABOUR"]
["Item 3"," (Normal Rate)",null,null,"Unit",null,"Quantity","Rate","Amount"]
[1,"Techinician",null,null,"HRS",null,null,{"v":450,"d":"R450.00"},{"$f":"SUM(G43*H43)","v":0}]
[2," Senior Artisan  ",null,null,"HRS",null,null,{"v":350,"d":"R350.00"},{"$f":"SUM(G44*H44)","v":0}]
[3,"Artisan  (Trade Tested)",null,null,"HRS",null,18.5,{"v":300,"d":"R300.00"},{"v":5550,"d":"R 5,550.00"}]
[4,"Utility Man (Non - Trade Tested)",null,null,"HRS",null,18.5,{"v":200,"d":"R200.00"},{"v":3700,"d":"R 3,700.00"}]
[5,"Artisan  Aid",null,null,"HRS",null,null,{"v":200,"d":"R200.00"},0]
[6,"General Worker",null,null,"HRS",null,null,{"v":140,"d":"R140.00"},0]
[]
[]
[]
["Sub Total C",{"$nulls":7},{"$f":"SUM(I43:I51)","v":{"v":9250,"d":"R 9,250.00"}}]
["TRANSPORT"]
["Item 4","Destinantion",null,null,"No of Trips",null,"KMs","Rate","Amount"]
[1,"18 pier St Southend to PE Prov Hospital"]
[null,"  and back.",null,null,1,null,24.4,{"v":5,"d":"R 5.00"},{"$f":"H56*G56","v":{"v":122,"d":"R 122.00"}}]
[]
["Sub Total D",{"$nulls":7},{"$f":"SUM(I55:I57)","v":{"v":122,"d":"R 122.00"}}]
[]
[{"$nulls":6}," Sub Total (A+B+C+D)",null,{"$f":"I58+I52+I40","v":{"v":15054.380000000001,"d":"R 15,054.38"}}]
[]
[{"$nulls":6},"Sub Total",null,{"$f":"I60+I61","v":{"v":15054.380000000001,"d":"R 15,054.38"}}]

{"sheet":"ORSMOND TB HOSP. (38)","index":45,"n_rows":62,"n_cols":13,"rows_kept":62,"hidden":true,"merged":[[8,0,8,4],[8,5,8,6],[8,7,8,8],[9,5,9,6],[9,7,9,8],[10,5,10,6],[10,7,10,8],[11,5,11,6],[11,7,11,8],[12,7,12,8],[13,5,13,6],[13,7,13,8],[14,0,14,8],[15,0,15,8],[16,1,16,3],[17,1,17,3],[18,1,18,3],[19,1,19,3],[20,0,20,7],[21,0,21,8],[22,1,22,4],[23,1,23,5],[24,1,24,5],[25,1,25,5],[26,1,26,5],[27,1,27,5],[28,1,28,5],[29,1,29,5],[30,1,30,5],[31,1,31,5],[32,1,32,5],[33,1,33,5],[34,1,34,5],[35,1,35,5],[36,1,36,5],[37,0,37,7],[38,0,38,7],[39,0,39,7],[40,0,40,8],[41,1,41,3],[41,4,41,5],[42,1,42,3],[42,4,42,5],[43,1,43,3],[43,4,43,5],[44,1,44,3],[44,4,44,5],[45,1,45,3],[45,4,45,5],[46,1,46,3],[46,4,46,5],[47,1,47,3],[47,4,47,5],[48,1,48,3],[49,1,49,3],[50,1,50,3],[51,0,51,7],[52,0,52,8],[53,1,53,3],[53,4,53,5],[54,1,54,3],[54,4,54,5],[55,1,55,3],[55,4,55,5],[56,1,56,3],[56,4,56,5],[57,0,57,7],[59,0,59,1],[59,2,59,4],[59,6,59,7],[60,0,60,1],[60,2,60,4],[61,0,61,1],[61,2,61,4],[61,6,61,7],[62,2,62,5]]}
{"$rows_empty":8}
["QUOTE TO :",{"$nulls":4},"Qoute No           ",null,38]
["Department of Health",{"$nulls":4},"Date                   ",null,{"$f":"#REF!","v":{"$error":"#REF!"}}]
["717 Dukumbana Building",{"$nulls":4},"Facility              ",null,{"$f":"#REF!","v":{"$error":"#REF!"}}]
["Independent Avenue",{"$nulls":4},"Work Order     ",null,{"$f":"#REF!","v":{"$error":"#REF!"}}]
["Bhisho",{"$nulls":4},"Tender No       ",null,"SCMU3 - 17/18-0303 - HO"]
[{"$nulls":5},"Contract Term ",null,"24 MONTHS",{"$nulls":4}," "]
["WORK  REQUEST : Back up generator delayed pick up by 30 seconds."]
["SCHEDULED WORK"]
["Item 1","Description",null,null,"Unit","Sch No","Quantity","Rate","Amount"]
[{"$nulls":8},{"$f":"SUM(G18*H18)","v":0}]
[{"$nulls":8},{"$f":"SUM(G19*H19)","v":0}]
[{"$nulls":8},0]
["Sub Total A",{"$nulls":7},{"$f":"SUM(I18:I20)","v":0}]
["NON SCHEDULED WORK"]
["Item 2","Description",{"$nulls":4},"Quantity","Rate","Amount"]
{"$rows_empty":14}
["Sub  Total",{"$nulls":7},{"$f":"SUM(I24:I37)","v":0}]
["Mark - Up 15%",{"$nulls":7},{"$f":"ROUND((I38*0.15),2)","v":0}]
["SUb  Total  B",{"$nulls":7},{"$f":"I38+I39","v":0}]
["LABOUR"]
["Item 3"," (Normal Rate)",null,null,"Unit",null,"Quantity","Rate","Amount"]
[1,"Techinician",null,null,"HRS",null,null,{"v":450,"d":"R450.00"},{"$f":"SUM(G43*H43)","v":0}]
[2," Senior Artisan  ",null,null,"HRS",null,0,{"v":350,"d":"R350.00"},{"$f":"SUM(G44*H44)","v":0}]
[3,"Artisan  (Trade Tested)",null,null,"HRS",null,2,{"v":300,"d":"R300.00"},{"v":600,"d":"R 600.00"}]
[4,"Utility Man (Non - Trade Tested)",null,null,"HRS",null,2,{"v":200,"d":"R200.00"},{"v":400,"d":"R 400.00"}]
[5,"Artisan  Aid",null,null,"HRS",null,null,{"v":200,"d":"R200.00"},0]
[6,"General Worker",null,null,"HRS",null,null,{"v":140,"d":"R140.00"},0]
[]
[]
[]
["Sub Total C",{"$nulls":7},{"$f":"SUM(I43:I51)","v":{"v":1000,"d":"R 1,000.00"}}]
["TRANSPORT"]
["Item 4","Destinantion",null,null,"No of Trips",null,"KMs","Rate","Amount"]
[1,"18 pier St Southend to Osmond TB Hospital"]
[null,"  and back.",null,null,1,null,82,{"v":5,"d":"R 5.00"},{"$f":"H56*G56","v":{"v":410,"d":"R 410.00"}}]
[]
["Sub Total D",{"$nulls":7},{"$f":"SUM(I55:I57)","v":{"v":410,"d":"R 410.00"}}]
[]
[{"$nulls":6}," Sub Total (A+B+C+D)",null,{"$f":"I58+I52+I40","v":{"v":1410,"d":"R 1,410.00"}}]
[]
[{"$nulls":6},"Sub Total",null,{"$f":"I60+I61","v":{"v":1410,"d":"R 1,410.00"}}]

{"sheet":"Gqebera CHC (39)","index":46,"n_rows":62,"n_cols":13,"rows_kept":62,"hidden":true,"merged":[[8,0,8,4],[8,5,8,6],[8,7,8,8],[9,5,9,6],[9,7,9,8],[10,5,10,6],[10,7,10,8],[11,5,11,6],[11,7,11,8],[12,7,12,8],[13,5,13,6],[13,7,13,8],[14,0,14,8],[15,0,15,8],[16,1,16,3],[17,1,17,3],[18,1,18,3],[19,1,19,3],[20,0,20,7],[21,0,21,8],[22,1,22,5],[23,1,23,5],[24,1,24,5],[25,1,25,5],[26,1,26,5],[27,1,27,5],[28,1,28,5],[29,1,29,5],[30,1,30,5],[31,1,31,5],[32,1,32,5],[33,1,33,5],[34,1,34,5],[35,1,35,5],[36,1,36,5],[37,0,37,7],[38,0,38,7],[39,0,39,7],[40,0,40,8],[41,1,41,3],[41,4,41,5],[42,1,42,3],[42,4,42,5],[43,1,43,3],[43,4,43,5],[44,1,44,3],[44,4,44,5],[45,1,45,3],[45,4,45,5],[46,1,46,3],[46,4,46,5],[47,1,47,3],[47,4,47,5],[48,1,48,3],[48,4,48,5],[49,1,49,3],[49,4,49,5],[50,1,50,3],[50,4,50,5],[51,0,51,7],[52,0,52,8],[53,1,53,3],[53,4,53,5],[54,1,54,3],[54,4,54,5],[55,1,55,3],[55,4,55,5],[56,1,56,3],[56,4,56,5],[57,0,57,7],[59,0,59,1],[59,2,59,4],[59,6,59,7],[60,0,60,1],[60,2,60,4],[61,0,61,1],[61,2,61,4],[61,6,61,7],[62,2,62,5]]}
{"$rows_empty":8}
["QUOTE TO :",{"$nulls":4},"Qoute No           ",null,{"$f":"#REF!","v":{"$error":"#REF!"}}]
["Department of Health",{"$nulls":4},"Date                   ",null,{"$f":"#REF!","v":{"$error":"#REF!"}}]
["717 Dukumbana Building",{"$nulls":4},"Facility              ",null,{"$f":"#REF!","v":{"$error":"#REF!"}}]
["Independent Avenue",{"$nulls":4},"Work Order     ",null,{"$f":"#REF!","v":{"$error":"#REF!"}}]
["Bhisho",{"$nulls":4},"Tender No       ",null,"SCMU3 - 17/18-0303 - HO"]
[{"$nulls":5},"Contract Term ",null,"24 MONTHS",{"$nulls":4}," "]
["WORK  REQUEST : Request for repair of faulty power generator is not kicking in."]
["SCHEDULED WORK"]
["Item 1","Description",null,null,"Unit","Sch No","Quantity","Rate","Amount"]
[{"$nulls":8},{"$f":"SUM(G18*H18)","v":0}]
[{"$nulls":8},{"$f":"SUM(G19*H19)","v":0}]
[{"$nulls":8},0]
["Sub Total A",{"$nulls":7},{"$f":"SUM(I18:I20)","v":0}]
["NON SCHEDULED WORK"]
["Item 2","Description",{"$nulls":4},"Quantity","Rate","Amount"]
{"$rows_empty":14}
["Sub  Total",{"$nulls":7},{"$f":"SUM(I24:I37)","v":0}]
["Mark - Up 15%",{"$nulls":7},{"$f":"ROUND((I38*0.15),2)","v":0}]
["SUb  Total  B",{"$nulls":7},{"$f":"I38+I39","v":0}]
["LABOUR"]
["Item 3"," (Normal Rate)",null,null,"Unit",null,"Quantity","Rate","Amount"]
[1,"Techinician",null,null,"HRS",null,null,{"v":450,"d":"R450.00"},{"$f":"SUM(G43*H43)","v":0}]
[2," Senior Artisan  ",null,null,"HRS",null,null,{"v":350,"d":"R350.00"},{"$f":"SUM(G44*H44)","v":0}]
[3,"Artisan  (Trade Tested)",null,null,"HRS",null,1,{"v":300,"d":"R300.00"},{"v":300,"d":"R 300.00"}]
[4,"Utility Man (Non - Trade Tested)",null,null,"HRS",null,1,{"v":200,"d":"R200.00"},{"v":200,"d":"R 200.00"}]
[5,"Artisan  Aid",null,null,"HRS",null,null,{"v":200,"d":"R200.00"},0]
[6,"General Worker",null,null,"HRS",null,null,{"v":140,"d":"R140.00"},0]
[]
[]
[]
["Sub Total C",{"$nulls":7},{"$f":"SUM(I43:I51)","v":{"v":500,"d":"R 500.00"}}]
["TRANSPORT"]
["Item 4","Destinantion",null,null,"No of Trips",null,"KMs","Rate","Amount"]
[1,"18 pier St Southend to Gqebera CHC"]
[null,"  and back.",null,null,1,null,11.8,{"v":5,"d":"R 5.00"},{"$f":"H56*G56","v":{"v":59,"d":"R 59.00"}}]
[]
["Sub Total D",{"$nulls":7},{"$f":"SUM(I55:I57)","v":{"v":59,"d":"R 59.00"}}]
[]
[{"$nulls":6}," Sub Total (A+B+C+D)",null,{"$f":"I58+I52+I40","v":{"v":559,"d":"R 559.00"}}]
[]
[{"$nulls":6},"Sub Total",null,{"$f":"I60+I61","v":{"v":559,"d":"R 559.00"}}]

{"sheet":"Dora Ngiza (40)","index":47,"n_rows":62,"n_cols":13,"rows_kept":62,"hidden":true,"merged":[[8,0,8,4],[8,5,8,6],[8,7,8,8],[9,5,9,6],[9,7,9,8],[10,5,10,6],[10,7,10,8],[11,5,11,6],[11,7,11,8],[12,7,12,8],[13,5,13,6],[13,7,13,8],[14,0,14,8],[15,0,15,8],[16,1,16,3],[17,1,17,3],[18,1,18,3],[19,1,19,3],[20,0,20,7],[21,0,21,8],[22,1,22,5],[23,1,23,5],[24,1,24,5],[25,1,25,5],[26,1,26,5],[27,1,27,5],[28,1,28,5],[29,1,29,5],[30,1,30,5],[31,1,31,5],[32,1,32,5],[33,1,33,5],[34,1,34,5],[35,1,35,5],[36,1,36,5],[37,0,37,7],[38,0,38,7],[39,0,39,7],[40,0,40,8],[41,1,41,3],[41,4,41,5],[42,1,42,3],[42,4,42,5],[43,1,43,3],[43,4,43,5],[44,1,44,3],[44,4,44,5],[45,1,45,3],[45,4,45,5],[46,1,46,3],[46,4,46,5],[47,1,47,3],[47,4,47,5],[48,1,48,3],[49,1,49,3],[50,1,50,3],[51,0,51,7],[52,0,52,8],[53,1,53,3],[53,4,53,5],[54,1,54,3],[54,4,54,5],[55,1,55,3],[55,4,55,5],[56,1,56,3],[56,4,56,5],[57,0,57,7],[59,0,59,1],[59,2,59,4],[59,6,59,7],[60,0,60,1],[60,2,60,4],[61,0,61,1],[61,2,61,4],[61,6,61,7],[62,2,62,5]]}
{"$rows_empty":8}
["QUOTE TO :",{"$nulls":4},"Qoute No           ",null,{"$f":"#REF!","v":{"$error":"#REF!"}}]
["Department of Health",{"$nulls":4},"Date                   ",null,{"$f":"#REF!","v":{"$error":"#REF!"}}]
["717 Dukumbana Building",{"$nulls":4},"Facility              ",null,{"$f":"#REF!","v":{"$error":"#REF!"}}]
["Independent Avenue",{"$nulls":4},"Work Order     ",null,888]
["Bhisho",{"$nulls":4},"Tender No       ",null,"SCMU3 - 17/18-0303 - HO"]
[{"$nulls":5},"Contract Term ",null,"24 MONTHS",{"$nulls":4}," "]
["WORK  REQUEST : Generator fuel is leaking."]
["SCHEDULED WORK"]
["Item 1","Description",null,null,"Unit","Sch No","Quantity","Rate","Amount"]
[{"$nulls":8},{"$f":"SUM(G18*H18)","v":0}]
[{"$nulls":8},{"$f":"SUM(G19*H19)","v":0}]
[{"$nulls":8},0]
["Sub Total A",{"$nulls":7},{"$f":"SUM(I18:I20)","v":0}]
["NON SCHEDULED WORK"]
["Item 2","Description",{"$nulls":4},"Quantity","Rate","Amount"]
{"$rows_empty":14}
["Sub  Total",{"$nulls":7},{"$f":"SUM(I24:I37)","v":0}]
["Mark - Up 15%",{"$nulls":7},{"$f":"ROUND((I38*0.15),2)","v":0}]
["SUb  Total  B",{"$nulls":7},{"$f":"I38+I39","v":0}]
["LABOUR"]
["Item 3"," (Normal Rate)",null,null,"Unit",null,"Quantity","Rate","Amount"]
[1,"Techinician",null,null,"HRS",null,null,{"v":450,"d":"R450.00"},{"$f":"SUM(G43*H43)","v":0}]
[2," Senior Artisan  ",null,null,"HRS",null,null,{"v":350,"d":"R350.00"},{"$f":"SUM(G44*H44)","v":0}]
[3,"Artisan  (Trade Tested)",null,null,"HRS",null,1,{"v":300,"d":"R300.00"},{"v":300,"d":"R 300.00"}]
[4,"Utility Man (Non - Trade Tested)",null,null,"HRS",null,1,{"v":200,"d":"R200.00"},{"v":200,"d":"R 200.00"}]
[5,"Artisan  Aid",null,null,"HRS",null,null,{"v":200,"d":"R200.00"},0]
[6,"General Worker",null,null,"HRS",null,null,{"v":140,"d":"R140.00"},0]
[]
[]
[]
["Sub Total C",{"$nulls":7},{"$f":"SUM(I43:I51)","v":{"v":500,"d":"R 500.00"}}]
["TRANSPORT"]
["Item 4","Destinantion",null,null,"No of Trips",null,"KMs","Rate","Amount"]
[1,"18 pier St Southend to Dora Nginza"]
[null,"  and back.",null,null,1,null,33.2,{"v":5,"d":"R 5.00"},{"$f":"H56*G56","v":{"v":166,"d":"R 166.00"}}]
[]
["Sub Total D",{"$nulls":7},{"$f":"SUM(I55:I57)","v":{"v":166,"d":"R 166.00"}}]
[]
[{"$nulls":6}," Sub Total (A+B+C+D)",null,{"$f":"I58+I52+I40","v":{"v":666,"d":"R 666.00"}}]
[]
[{"$nulls":6},"Sub Total",null,{"$f":"I60+I61","v":{"v":666,"d":"R 666.00"}}]

{"sheet":"PE Pronvincial Hospital (41)","index":48,"n_rows":62,"n_cols":13,"rows_kept":62,"hidden":true,"merged":[[8,0,8,4],[8,5,8,6],[8,7,8,8],[9,5,9,6],[9,7,9,8],[10,5,10,6],[10,7,10,8],[11,5,11,6],[11,7,11,8],[12,7,12,8],[13,5,13,6],[13,7,13,8],[14,0,14,8],[15,0,15,8],[16,1,16,3],[17,1,17,3],[18,1,18,3],[19,1,19,3],[20,0,20,7],[21,0,21,8],[22,1,22,5],[23,1,23,5],[24,1,24,5],[25,1,25,5],[26,1,26,5],[27,1,27,5],[28,1,28,5],[29,1,29,5],[30,1,30,5],[31,1,31,5],[32,1,32,5],[33,1,33,5],[34,1,34,5],[35,1,35,5],[36,1,36,5],[37,0,37,7],[38,0,38,7],[39,0,39,7],[40,0,40,8],[41,1,41,3],[41,4,41,5],[42,1,42,3],[42,4,42,5],[43,1,43,3],[43,4,43,5],[44,1,44,3],[44,4,44,5],[45,1,45,3],[45,4,45,5],[46,1,46,3],[46,4,46,5],[47,1,47,3],[47,4,47,5],[48,1,48,3],[49,1,49,3],[50,1,50,3],[51,0,51,7],[52,0,52,8],[53,1,53,3],[53,4,53,5],[54,1,54,3],[54,4,54,5],[55,1,55,3],[55,4,55,5],[56,1,56,3],[56,4,56,5],[57,0,57,7],[59,0,59,1],[59,2,59,4],[59,6,59,7],[60,0,60,1],[60,2,60,4],[61,0,61,1],[61,2,61,4],[61,6,61,7],[62,2,62,5]]}
{"$rows_empty":8}
["QUOTE TO :",{"$nulls":4},"Qoute No           ",null,{"$f":"#REF!","v":{"$error":"#REF!"}}]
["Department of Health",{"$nulls":4},"Date                   ",null,{"$f":"#REF!","v":{"$error":"#REF!"}}]
["717 Dukumbana Building",{"$nulls":4},"Facility              ",null,{"$f":"#REF!","v":{"$error":"#REF!"}}]
["Independent Avenue",{"$nulls":4},"Work Order     ",null,1007]
["Bhisho",{"$nulls":4},"Tender No       ",null,"SCMU3 - 17/18-0303 - HO"]
[{"$nulls":5},"Contract Term ",null,"24 MONTHS",{"$nulls":4}," "]
["WORK  REQUEST : Generator fuel is leaking."]
["SCHEDULED WORK"]
["Item 1","Description",null,null,"Unit","Sch No","Quantity","Rate","Amount"]
[{"$nulls":8},{"$f":"SUM(G18*H18)","v":0}]
[{"$nulls":8},{"$f":"SUM(G19*H19)","v":0}]
[{"$nulls":8},0]
["Sub Total A",{"$nulls":7},{"$f":"SUM(I18:I20)","v":0}]
["NON SCHEDULED WORK"]
["Item 2","Description",{"$nulls":4},"Quantity","Rate","Amount"]
{"$rows_empty":14}
["Sub  Total",{"$nulls":7},{"$f":"SUM(I24:I37)","v":0}]
["Mark - Up 15%",{"$nulls":7},{"$f":"ROUND((I38*0.15),2)","v":0}]
["SUb  Total  B",{"$nulls":7},{"$f":"I38+I39","v":0}]
["LABOUR"]
["Item 3"," (Normal Rate)",null,null,"Unit",null,"Quantity","Rate","Amount"]
[1,"Techinician",null,null,"HRS",null,null,{"v":450,"d":"R450.00"},{"$f":"SUM(G43*H43)","v":0}]
[2," Senior Artisan  ",null,null,"HRS",null,null,{"v":350,"d":"R350.00"},{"$f":"SUM(G44*H44)","v":0}]
[3,"Artisan  (Trade Tested)",null,null,"HRS",null,3,{"v":300,"d":"R300.00"},{"v":900,"d":"R 900.00"}]
[4,"Utility Man (Non - Trade Tested)",null,null,"HRS",null,3,{"v":200,"d":"R200.00"},{"v":600,"d":"R 600.00"}]
[5,"Artisan  Aid",null,null,"HRS",null,null,{"v":200,"d":"R200.00"},0]
[6,"General Worker",null,null,"HRS",null,null,{"v":140,"d":"R140.00"},0]
[]
[]
[]
["Sub Total C",{"$nulls":7},{"$f":"SUM(I43:I51)","v":{"v":1500,"d":"R 1,500.00"}}]
["TRANSPORT"]
["Item 4","Destinantion",null,null,"No of Trips",null,"KMs","Rate","Amount"]
[1,"18 pier St Southend to PE Prov. Hospital"]
[null,"  and back.",null,null,1,null,19.6,{"v":5,"d":"R 5.00"},{"$f":"H56*G56","v":{"v":98,"d":"R 98.00"}}]
[]
["Sub Total D",{"$nulls":7},{"$f":"SUM(I55:I57)","v":{"v":98,"d":"R 98.00"}}]
[]
[{"$nulls":6}," Sub Total (A+B+C+D)",null,{"$f":"I58+I52+I40","v":{"v":1598,"d":"R 1,598.00"}}]
[]
[{"$nulls":6},"Sub Total",null,{"$f":"I60+I61","v":{"v":1598,"d":"R 1,598.00"}}]

{"sheet":"Motherwell CHC (42)","index":49,"n_rows":63,"n_cols":13,"rows_kept":63,"hidden":true,"merged":[[8,0,8,4],[8,5,8,6],[8,7,8,8],[9,5,9,6],[9,7,9,8],[10,5,10,6],[10,7,10,8],[11,5,11,6],[11,7,11,8],[12,7,12,8],[13,5,13,6],[13,7,13,8],[14,5,14,6],[14,7,14,8],[15,0,15,8],[16,0,16,8],[17,1,17,3],[18,1,18,3],[19,1,19,3],[20,1,20,3],[21,0,21,7],[22,0,22,8],[23,1,23,5],[24,1,24,5],[25,1,25,5],[26,1,26,5],[27,1,27,5],[28,1,28,5],[29,1,29,5],[30,1,30,5],[31,1,31,5],[32,1,32,5],[33,1,33,5],[34,1,34,5],[35,1,35,5],[36,1,36,5],[37,1,37,5],[38,0,38,7],[39,0,39,7],[40,0,40,7],[41,0,41,8],[42,1,42,3],[42,4,42,5],[43,1,43,3],[43,4,43,5],[44,1,44,3],[44,4,44,5],[45,1,45,3],[45,4,45,5],[46,1,46,3],[46,4,46,5],[47,1,47,3],[47,4,47,5],[48,1,48,3],[48,4,48,5],[49,1,49,3],[50,1,50,3],[51,1,51,3],[52,0,52,7],[53,0,53,8],[54,1,54,3],[54,4,54,5],[55,1,55,3],[55,4,55,5],[56,1,56,3],[56,4,56,5],[57,1,57,3],[57,4,57,5],[58,0,58,7],[60,0,60,1],[60,2,60,4],[60,6,60,7],[61,0,61,1],[61,2,61,4],[62,0,62,1],[62,2,62,4],[62,6,62,7],[63,2,63,5]]}
{"$rows_empty":8}
["QUOTE TO :",{"$nulls":4},"Qoute No           ",null,{"$f":"#REF!","v":{"$error":"#REF!"}}]
["Department of Health",{"$nulls":4},"Date                   ",null,{"$f":"#REF!","v":{"$error":"#REF!"}}]
["717 Dukumbana Building",{"$nulls":4},"Facility              ",null,{"$f":"#REF!","v":{"$error":"#REF!"}}]
["Independent Avenue",{"$nulls":4},"Work Order     ",null,1708]
["Bhisho",{"$nulls":4},"Tender No       ",null,"SCMU3 - 17/18-0303 - HO"]
[{"$nulls":5},"Contract Term ",null,"24 MONTHS"]
[{"$nulls":5},"GEN Id ",null,"GEN/NMM/MOT/01",{"$nulls":4}," "]
["WORK  REQUEST : Generator fuse blown ."]
["SCHEDULED WORK"]
["Item 1","Description",null,null,"Unit","Sch No","Quantity","Rate","Amount"]
[{"$nulls":8},{"$f":"SUM(G19*H19)","v":0}]
[{"$nulls":8},{"$f":"SUM(G20*H20)","v":0}]
[{"$nulls":8},0]
["Sub Total A",{"$nulls":7},{"$f":"SUM(I19:I21)","v":0}]
["NON SCHEDULED WORK"]
["Item 2","Description",{"$nulls":4},"Quantity","Rate","Amount"]
{"$rows_empty":14}
["Sub  Total",{"$nulls":7},{"$f":"SUM(I25:I38)","v":0}]
["Mark - Up 15%",{"$nulls":7},{"$f":"ROUND((I39*0.15),2)","v":0}]
["SUb  Total  B",{"$nulls":7},{"$f":"I39+I40","v":0}]
["LABOUR"]
["Item 3"," (Normal Rate)",null,null,"Unit",null,"Quantity","Rate","Amount"]
[1,"Techinician",null,null,"HRS",null,null,{"v":450,"d":"R450.00"},{"$f":"SUM(G44*H44)","v":0}]
[2," Senior Artisan  ",null,null,"HRS",null,null,{"v":350,"d":"R350.00"},{"$f":"SUM(G45*H45)","v":0}]
[3,"Artisan  (Trade Tested)",null,null,"HRS",null,2,{"v":300,"d":"R300.00"},{"v":600,"d":"R 600.00"}]
[4,"Utility Man (Non - Trade Tested)",null,null,"HRS",null,2,{"v":200,"d":"R200.00"},{"v":400,"d":"R 400.00"}]
[5,"Artisan  Aid",null,null,"HRS",null,null,{"v":200,"d":"R200.00"},0]
[6,"General Worker",null,null,"HRS",null,null,{"v":140,"d":"R140.00"},0]
[]
[]
[]
["Sub Total C",{"$nulls":7},{"$f":"SUM(I44:I52)","v":{"v":1000,"d":"R 1,000.00"}}]
["TRANSPORT"]
["Item 4","Destinantion",null,null,"No of Trips",null,"KMs","Rate","Amount"]
[1,"18 pier St Southend to Motherwell CHC"]
[null,"  and back.",null,null,1,null,59.6,{"v":5,"d":"R 5.00"},{"$f":"H57*G57","v":{"v":298,"d":"R 298.00"}}]
[]
["Sub Total D",{"$nulls":7},{"$f":"SUM(I56:I58)","v":{"v":298,"d":"R 298.00"}}]
[]
[{"$nulls":6}," Sub Total (A+B+C+D)",null,{"$f":"I59+I53+I41","v":{"v":1298,"d":"R 1,298.00"}}]
[]
[{"$nulls":6},"Sub Total",null,{"$f":"I61+I62","v":{"v":1298,"d":"R 1,298.00"}}]

{"sheet":"Westend Clinic (43)","index":50,"n_rows":63,"n_cols":13,"rows_kept":63,"hidden":true,"merged":[[8,0,8,4],[8,5,8,6],[8,7,8,8],[9,5,9,6],[9,7,9,8],[10,5,10,6],[10,7,10,8],[11,5,11,6],[11,7,11,8],[12,7,12,8],[13,5,13,6],[13,7,13,8],[14,5,14,6],[14,7,14,8],[15,0,15,8],[16,0,16,8],[17,1,17,3],[18,1,18,3],[19,1,19,3],[20,1,20,3],[21,0,21,7],[22,0,22,8],[23,1,23,5],[24,1,24,5],[25,1,25,5],[26,1,26,5],[27,1,27,5],[28,1,28,5],[29,1,29,5],[30,1,30,5],[31,1,31,5],[32,1,32,5],[33,1,33,5],[34,1,34,5],[35,1,35,5],[36,1,36,5],[37,1,37,5],[38,0,38,7],[39,0,39,7],[40,0,40,7],[41,0,41,8],[42,1,42,3],[42,4,42,5],[43,1,43,3],[43,4,43,5],[44,1,44,3],[44,4,44,5],[45,1,45,3],[45,4,45,5],[46,1,46,3],[46,4,46,5],[47,1,47,3],[47,4,47,5],[48,1,48,3],[48,4,48,5],[49,1,49,3],[50,1,50,3],[51,1,51,3],[52,0,52,7],[53,0,53,8],[54,1,54,3],[54,4,54,5],[55,1,55,3],[55,4,55,5],[56,1,56,3],[56,4,56,5],[57,1,57,3],[57,4,57,5],[58,0,58,7],[60,0,60,1],[60,2,60,4],[60,6,60,7],[61,0,61,1],[61,2,61,4],[62,0,62,1],[62,2,62,4],[62,6,62,7],[63,2,63,5]]}
{"$rows_empty":8}
["QUOTE TO :",{"$nulls":4},"Qoute No           ",null,{"$f":"#REF!","v":{"$error":"#REF!"}}]
["Department of Health",{"$nulls":4},"Date                   ",null,{"$f":"#REF!","v":{"$error":"#REF!"}}]
["717 Dukumbana Building",{"$nulls":4},"Facility              ",null,{"$f":"#REF!","v":{"$error":"#REF!"}}]
["Independent Avenue",{"$nulls":4},"Work Order     ",null,1745]
["Bhisho",{"$nulls":4},"Tender No       ",null,"SCMU3 - 17/18-0303 - HO"]
[{"$nulls":5},"Contract Term ",null,"24 MONTHS",{"$nulls":4}," "]
[{"$nulls":5},"GEN Id",null,"GEN/NMM/WES/01"]
["WORK  REQUEST : Generator not working."]
["SCHEDULED WORK"]
["Item 1","Description",null,null,"Unit","Sch No","Quantity","Rate","Amount"]
[{"$nulls":8},{"$f":"SUM(G19*H19)","v":0}]
[{"$nulls":8},{"$f":"SUM(G20*H20)","v":0}]
[{"$nulls":8},0]
["Sub Total A",{"$nulls":7},{"$f":"SUM(I19:I21)","v":0}]
["NON SCHEDULED WORK"]
["Item 2","Description",{"$nulls":4},"Quantity","Rate","Amount"]
[1,"Battery 638",{"$nulls":4},1,{"v":1380,"d":"R 1,380.00"},{"$f":"H25*G25","v":{"v":1380,"d":"R 1,380.00"}}]
{"$rows_empty":13}
["Sub  Total",{"$nulls":7},{"$f":"SUM(I25:I38)","v":{"v":1380,"d":"R 1,380.00"}}]
["Mark - Up 15%",{"$nulls":7},{"$f":"ROUND((I39*0.15),2)","v":{"v":207,"d":"R 207.00"}}]
["SUb  Total  B",{"$nulls":7},{"$f":"I39+I40","v":{"v":1587,"d":"R 1,587.00"}}]
["LABOUR"]
["Item 3"," (Normal Rate)",null,null,"Unit",null,"Quantity","Rate","Amount"]
[1,"Techinician",null,null,"HRS",null,null,{"v":450,"d":"R450.00"},{"$f":"SUM(G44*H44)","v":0}]
[2," Senior Artisan  ",null,null,"HRS",null,null,{"v":350,"d":"R350.00"},{"$f":"SUM(G45*H45)","v":0}]
[3,"Artisan  (Trade Tested)",null,null,"HRS",null,2,{"v":300,"d":"R300.00"},{"v":600,"d":"R 600.00"}]
[4,"Utility Man (Non - Trade Tested)",null,null,"HRS",null,2,{"v":200,"d":"R200.00"},{"v":400,"d":"R 400.00"}]
[5,"Artisan  Aid",null,null,"HRS",null,null,{"v":200,"d":"R200.00"},0]
[6,"General Worker",null,null,"HRS",null,null,{"v":140,"d":"R140.00"},0]
[]
[]
[]
["Sub Total C",{"$nulls":7},{"$f":"SUM(I44:I52)","v":{"v":1000,"d":"R 1,000.00"}}]
["TRANSPORT"]
["Item 4","Destinantion",null,null,"No of Trips",null,"KMs","Rate","Amount"]
[1,"18 pier St Southend to West End CHC"]
[null,"  and back.",null,null,1,null,34,{"v":5,"d":"R 5.00"},{"$f":"H57*G57","v":{"v":170,"d":"R 170.00"}}]
[]
["Sub Total D",{"$nulls":7},{"$f":"SUM(I56:I58)","v":{"v":170,"d":"R 170.00"}}]
[]
[{"$nulls":6}," Sub Total (A+B+C+D)",null,{"$f":"I59+I53+I41","v":{"v":2757,"d":"R 2,757.00"}}]
[]
[{"$nulls":6},"Sub Total",null,{"$f":"I61+I62","v":{"v":2757,"d":"R 2,757.00"}}]

{"sheet":"Dora Ngiza (44)","index":51,"n_rows":63,"n_cols":13,"rows_kept":63,"hidden":true,"merged":[[8,0,8,4],[8,5,8,6],[8,7,8,8],[9,5,9,6],[9,7,9,8],[10,5,10,6],[10,7,10,8],[11,5,11,6],[11,7,11,8],[12,7,12,8],[13,5,13,6],[13,7,13,8],[14,5,14,6],[14,7,14,8],[15,0,15,8],[16,0,16,8],[17,1,17,3],[18,1,18,3],[19,1,19,3],[20,1,20,3],[21,0,21,7],[22,0,22,8],[23,1,23,5],[24,1,24,5],[25,1,25,5],[26,1,26,5],[27,1,27,5],[28,1,28,5],[29,1,29,5],[30,1,30,5],[31,1,31,5],[32,1,32,5],[33,1,33,5],[34,1,34,5],[35,1,35,5],[36,1,36,5],[37,1,37,5],[38,0,38,7],[39,0,39,7],[40,0,40,7],[41,0,41,8],[42,1,42,3],[42,4,42,5],[43,1,43,3],[43,4,43,5],[44,1,44,3],[44,4,44,5],[45,1,45,3],[45,4,45,5],[46,1,46,3],[46,4,46,5],[47,1,47,3],[47,4,47,5],[48,1,48,3],[48,4,48,5],[49,1,49,3],[50,1,50,3],[51,1,51,3],[52,0,52,7],[53,0,53,8],[54,1,54,3],[54,4,54,5],[55,1,55,3],[55,4,55,5],[56,1,56,3],[56,4,56,5],[57,1,57,3],[57,4,57,5],[58,0,58,7],[60,0,60,1],[60,2,60,4],[60,6,60,7],[61,0,61,1],[61,2,61,4],[62,0,62,1],[62,2,62,4],[62,6,62,7],[63,2,63,5]]}
{"$rows_empty":8}
["QUOTE TO :",{"$nulls":4},"Qoute No           ",null,{"$f":"#REF!","v":{"$error":"#REF!"}}]
["Department of Health",{"$nulls":4},"Date                   ",null,{"$f":"#REF!","v":{"$error":"#REF!"}}]
["717 Dukumbana Building",{"$nulls":4},"Facility              ",null,{"$f":"#REF!","v":{"$error":"#REF!"}}]
["Independent Avenue",{"$nulls":4},"Work Order     ",null,1814]
["Bhisho",{"$nulls":4},"Tender No       ",null,"SCMU3 - 17/18-0303 - HO"]
[{"$nulls":5},"Contract Term ",null,"24 MONTHS",{"$nulls":4}," "]
[{"$nulls":5},"GEN Id",null,"GEN/NMM/DOR/05"]
["WORK  REQUEST : Change over switch is  faulty in lab."]
["SCHEDULED WORK"]
["Item 1","Description",null,null,"Unit","Sch No","Quantity","Rate","Amount"]
[{"$nulls":8},{"$f":"SUM(G19*H19)","v":0}]
[{"$nulls":8},{"$f":"SUM(G20*H20)","v":0}]
[{"$nulls":8},0]
["Sub Total A",{"$nulls":7},{"$f":"SUM(I19:I21)","v":0}]
["NON SCHEDULED WORK"]
["Item 2","Description",{"$nulls":4},"Quantity","Rate","Amount"]
{"$rows_empty":14}
["Sub  Total",{"$nulls":7},{"$f":"SUM(I25:I38)","v":0}]
["Mark - Up 15%",{"$nulls":7},{"$f":"ROUND((I39*0.15),2)","v":0}]
["SUb  Total  B",{"$nulls":7},{"$f":"I39+I40","v":0}]
["LABOUR"]
["Item 3"," (Normal Rate)",null,null,"Unit",null,"Quantity","Rate","Amount"]
[1,"Techinician",null,null,"HRS",null,null,{"v":450,"d":"R450.00"},{"$f":"SUM(G44*H44)","v":0}]
[2," Senior Artisan  ",null,null,"HRS",null,null,{"v":350,"d":"R350.00"},{"$f":"SUM(G45*H45)","v":0}]
[3,"Artisan  (Trade Tested)",null,null,"HRS",null,4,{"v":300,"d":"R300.00"},{"v":1200,"d":"R 1,200.00"}]
[4,"Utility Man (Non - Trade Tested)",null,null,"HRS",null,4,{"v":200,"d":"R200.00"},{"v":800,"d":"R 800.00"}]
[5,"Artisan  Aid",null,null,"HRS",null,null,{"v":200,"d":"R200.00"},0]
[6,"General Worker",null,null,"HRS",null,null,{"v":140,"d":"R140.00"},0]
[]
[]
[]
["Sub Total C",{"$nulls":7},{"$f":"SUM(I44:I52)","v":{"v":2000,"d":"R 2,000.00"}}]
["TRANSPORT"]
["Item 4","Destinantion",null,null,"No of Trips",null,"KMs","Rate","Amount"]
[1,"18 pier St Southend to Dora Ngiza Hospital"]
[null,"  and back.",null,null,1,null,66.4,{"v":5,"d":"R 5.00"},{"$f":"H57*G57","v":{"v":332,"d":"R 332.00"}}]
[]
["Sub Total D",{"$nulls":7},{"$f":"SUM(I56:I58)","v":{"v":332,"d":"R 332.00"}}]
[]
[{"$nulls":6}," Sub Total (A+B+C+D)",null,{"$f":"I59+I53+I41","v":{"v":2332,"d":"R 2,332.00"}}]
[]
[{"$nulls":6},"Sub Total",null,{"$f":"I61+I62","v":{"v":2332,"d":"R 2,332.00"}}]

{"sheet":"Elizabeth Hospital (45)","index":52,"n_rows":63,"n_cols":13,"rows_kept":63,"hidden":true,"merged":[[8,0,8,4],[8,5,8,6],[8,7,8,8],[9,5,9,6],[9,7,9,8],[10,5,10,6],[10,7,10,8],[11,5,11,6],[11,7,11,8],[12,7,12,8],[13,5,13,6],[13,7,13,8],[14,5,14,6],[14,7,14,8],[15,0,15,8],[16,0,16,8],[17,1,17,3],[18,1,18,3],[19,1,19,3],[20,1,20,3],[21,0,21,7],[22,0,22,8],[23,1,23,5],[24,1,24,5],[25,1,25,5],[26,1,26,5],[27,1,27,5],[28,1,28,5],[29,1,29,5],[30,1,30,5],[31,1,31,5],[32,1,32,5],[33,1,33,5],[34,1,34,5],[35,1,35,5],[36,1,36,5],[37,1,37,5],[38,0,38,7],[39,0,39,7],[40,0,40,7],[41,0,41,8],[42,1,42,3],[42,4,42,5],[43,1,43,3],[43,4,43,5],[44,1,44,3],[44,4,44,5],[45,1,45,3],[45,4,45,5],[46,1,46,3],[46,4,46,5],[47,1,47,3],[47,4,47,5],[48,1,48,3],[48,4,48,5],[49,1,49,3],[50,1,50,3],[51,1,51,3],[52,0,52,7],[53,0,53,8],[54,1,54,3],[54,4,54,5],[55,1,55,3],[55,4,55,5],[56,1,56,3],[56,4,56,5],[57,1,57,3],[57,4,57,5],[58,0,58,7],[60,0,60,1],[60,2,60,4],[60,6,60,7],[61,0,61,1],[61,2,61,4],[62,0,62,1],[62,2,62,4],[62,6,62,7],[63,2,63,5]]}
{"$rows_empty":8}
["QUOTE TO :",{"$nulls":4},"Qoute No           ",null,{"$f":"#REF!","v":{"$error":"#REF!"}}]
["Department of Health",{"$nulls":4},"Date                   ",null,{"$f":"#REF!","v":{"$error":"#REF!"}}]
["717 Dukumbana Building",{"$nulls":4},"Facility              ",null,{"$f":"#REF!","v":{"$error":"#REF!"}}]
["Independent Avenue",{"$nulls":4},"Work Order     ",null,2592]
["Bhisho",{"$nulls":4},"Tender No       ",null,"SCMU3 - 17/18-0303 - HO"]
[{"$nulls":5},"Contract Term ",null,"24 MONTHS",{"$nulls":4}," "]
[{"$nulls":5},"GEN Id",null,"GEN/NMM/DON/01"]
["WORK  REQUEST : Generator is faulty."]
["SCHEDULED WORK"]
["Item 1","Description",null,null,"Unit","Sch No","Quantity","Rate","Amount"]
[{"$nulls":8},{"$f":"SUM(G19*H19)","v":0}]
[{"$nulls":8},{"$f":"SUM(G20*H20)","v":0}]
[{"$nulls":8},0]
["Sub Total A",{"$nulls":7},{"$f":"SUM(I19:I21)","v":0}]
["NON SCHEDULED WORK"]
["Item 2","Description",{"$nulls":4},"Quantity","Rate","Amount"]
[1,"VDO Fuel sender unit 0 - 180 ohms",{"$nulls":4},1,{"v":1850,"d":"R 1,850.00"},{"$f":"H25*G25","v":{"v":1850,"d":"R 1,850.00"}}]
[2,"Courer",{"$nulls":4},1,{"v":390,"d":"R 390.00"},{"$f":"H26*G26","v":{"v":390,"d":"R 390.00"}}]
{"$rows_empty":12}
["Sub  Total",{"$nulls":7},{"$f":"SUM(I25:I38)","v":{"v":2240,"d":"R 2,240.00"}}]
["Mark - Up 15%",{"$nulls":7},{"$f":"ROUND((I39*0.15),2)","v":{"v":336,"d":"R 336.00"}}]
["SUb  Total  B",{"$nulls":7},{"$f":"I39+I40","v":{"v":2576,"d":"R 2,576.00"}}]
["LABOUR"]
["Item 3"," (Normal Rate)",null,null,"Unit",null,"Quantity","Rate","Amount"]
[1,"Techinician",null,null,"HRS",null,null,{"v":450,"d":"R450.00"},{"$f":"SUM(G44*H44)","v":0}]
[2," Senior Artisan  ",null,null,"HRS",null,null,{"v":350,"d":"R350.00"},{"$f":"SUM(G45*H45)","v":0}]
[3,"Artisan  (Trade Tested)",null,null,"HRS",null,4.5,{"v":300,"d":"R300.00"},{"v":1350,"d":"R 1,350.00"}]
[4,"Utility Man (Non - Trade Tested)",null,null,"HRS",null,4.5,{"v":200,"d":"R200.00"},{"v":900,"d":"R 900.00"}]
[5,"Artisan  Aid",null,null,"HRS",null,null,{"v":200,"d":"R200.00"},0]
[6,"General Worker",null,null,"HRS",null,null,{"v":140,"d":"R140.00"},0]
[]
[]
[]
["Sub Total C",{"$nulls":7},{"$f":"SUM(I44:I52)","v":{"v":2250,"d":"R 2,250.00"}}]
["TRANSPORT"]
["Item 4","Destinantion",null,null,"No of Trips",null,"KMs","Rate","Amount"]
[1,"18 pier St Southend to Elizabeth Donkin Hospital"]
[null,"  and back.",null,null,1,null,39.2,{"v":5,"d":"R 5.00"},{"$f":"H57*G57","v":{"v":196,"d":"R 196.00"}}]
[]
["Sub Total D",{"$nulls":7},{"$f":"SUM(I56:I58)","v":{"v":196,"d":"R 196.00"}}]
[]
[{"$nulls":6}," Sub Total (A+B+C+D)",null,{"$f":"I59+I53+I41","v":{"v":5022,"d":"R 5,022.00"}}]
[]
[{"$nulls":6},"Sub Total",null,{"$f":"I61+I62","v":{"v":5022,"d":"R 5,022.00"}}]

{"sheet":"Jose Pearson (46)","index":53,"n_rows":63,"n_cols":13,"rows_kept":63,"hidden":true,"merged":[[8,0,8,4],[8,5,8,6],[8,7,8,8],[9,5,9,6],[9,7,9,8],[10,5,10,6],[10,7,10,8],[11,5,11,6],[11,7,11,8],[12,7,12,8],[13,5,13,6],[13,7,13,8],[14,5,14,6],[14,7,14,8],[15,0,15,8],[16,0,16,8],[17,1,17,3],[18,1,18,3],[19,1,19,3],[20,1,20,3],[21,0,21,7],[22,0,22,8],[23,1,23,5],[24,1,24,5],[25,1,25,5],[26,1,26,5],[27,1,27,5],[28,1,28,5],[29,1,29,5],[30,1,30,5],[31,1,31,5],[32,1,32,5],[33,1,33,5],[34,1,34,5],[35,1,35,5],[36,1,36,5],[37,1,37,5],[38,0,38,7],[39,0,39,7],[40,0,40,7],[41,0,41,8],[42,1,42,3],[42,4,42,5],[43,1,43,3],[43,4,43,5],[44,1,44,3],[44,4,44,5],[45,1,45,3],[45,4,45,5],[46,1,46,3],[46,4,46,5],[47,1,47,3],[47,4,47,5],[48,1,48,3],[48,4,48,5],[49,1,49,3],[50,1,50,3],[51,1,51,3],[52,0,52,7],[53,0,53,8],[54,1,54,3],[54,4,54,5],[55,1,55,3],[55,4,55,5],[56,1,56,3],[56,4,56,5],[57,1,57,3],[57,4,57,5],[58,0,58,7],[60,0,60,1],[60,2,60,4],[60,6,60,7],[61,0,61,1],[61,2,61,4],[62,0,62,1],[62,2,62,4],[62,6,62,7],[63,2,63,5]]}
{"$rows_empty":8}
["QUOTE TO :",{"$nulls":4},"Qoute No           ",null,{"$f":"#REF!","v":{"$error":"#REF!"}}]
["Department of Health",{"$nulls":4},"Date                   ",null,{"$f":"#REF!","v":{"$error":"#REF!"}}]
["717 Dukumbana Building",{"$nulls":4},"Facility              ",null,{"$f":"#REF!","v":{"$error":"#REF!"}}]
["Independent Avenue",{"$nulls":4},"Work Order     ",null,2886]
["Bhisho",{"$nulls":4},"Tender No       ",null,"SCMU3 - 17/18-0303 - HO"]
[{"$nulls":5},"Contract Term ",null,"24 MONTHS",{"$nulls":4}," "]
[{"$nulls":5},"GEN Id",null,"GEN/NMM/JOS/01"]
["WORK  REQUEST : Generator not kicking in."]
["SCHEDULED WORK"]
["Item 1","Description",null,null,"Unit","Sch No","Quantity","Rate","Amount"]
[{"$nulls":8},{"$f":"SUM(G19*H19)","v":0}]
[{"$nulls":8},{"$f":"SUM(G20*H20)","v":0}]
[{"$nulls":8},0]
["Sub Total A",{"$nulls":7},{"$f":"SUM(I19:I21)","v":0}]
["NON SCHEDULED WORK"]
["Item 2","Description",{"$nulls":4},"Quantity","Rate","Amount"]
[1,"R120 ASS p/pump",{"$nulls":4},1,{"v":2091.25,"d":"R 2,091.25"},{"$f":"H25*G25","v":{"v":2091.25,"d":"R 2,091.25"}}]
{"$rows_empty":13}
["Sub  Total",{"$nulls":7},{"$f":"SUM(I25:I38)","v":{"v":2091.25,"d":"R 2,091.25"}}]
["Mark - Up 15%",{"$nulls":7},{"$f":"ROUND((I39*0.15),2)","v":{"v":313.69,"d":"R 313.69"}}]
["SUb  Total  B",{"$nulls":7},{"$f":"I39+I40","v":{"v":2404.94,"d":"R 2,404.94"}}]
["LABOUR"]
["Item 3"," (Normal Rate)",null,null,"Unit",null,"Quantity","Rate","Amount"]
[1,"Techinician",null,null,"HRS",null,null,{"v":450,"d":"R450.00"},{"$f":"SUM(G44*H44)","v":0}]
[2," Senior Artisan  ",null,null,"HRS",null,null,{"v":350,"d":"R350.00"},{"$f":"SUM(G45*H45)","v":0}]
[3,"Artisan  (Trade Tested)",null,null,"HRS",null,4.5,{"v":300,"d":"R300.00"},{"v":1350,"d":"R 1,350.00"}]
[4,"Utility Man (Non - Trade Tested)",null,null,"HRS",null,4.5,{"v":200,"d":"R200.00"},{"v":900,"d":"R 900.00"}]
[5,"Artisan  Aid",null,null,"HRS",null,null,{"v":200,"d":"R200.00"},0]
[6,"General Worker",null,null,"HRS",null,null,{"v":140,"d":"R140.00"},0]
[]
[]
[]
["Sub Total C",{"$nulls":7},{"$f":"SUM(I44:I52)","v":{"v":2250,"d":"R 2,250.00"}}]
["TRANSPORT"]
["Item 4","Destinantion",null,null,"No of Trips",null,"KMs","Rate","Amount"]
[1,"18 pier St Southend to Jose Pearson TB Hospital"]
[null,"  and back.",null,null,1,null,113.2,{"v":5,"d":"R 5.00"},{"$f":"H57*G57","v":{"v":566,"d":"R 566.00"}}]
[]
["Sub Total D",{"$nulls":7},{"$f":"SUM(I56:I58)","v":{"v":566,"d":"R 566.00"}}]
[]
[{"$nulls":6}," Sub Total (A+B+C+D)",null,{"$f":"I59+I53+I41","v":{"v":5220.9400000000005,"d":"R 5,220.94"}}]
[]
[{"$nulls":6},"Sub Total",null,{"$f":"I61+I62","v":{"v":5220.9400000000005,"d":"R 5,220.94"}}]

{"sheet":"Livingstone Hospital (47)","index":54,"n_rows":63,"n_cols":13,"rows_kept":63,"hidden":true,"merged":[[8,0,8,4],[8,5,8,6],[8,7,8,8],[9,5,9,6],[9,7,9,8],[10,5,10,6],[10,7,10,8],[11,5,11,6],[11,7,11,8],[12,7,12,8],[13,5,13,6],[13,7,13,8],[14,5,14,6],[14,7,14,8],[15,0,15,8],[16,0,16,8],[17,1,17,3],[18,1,18,3],[19,1,19,3],[20,1,20,3],[21,0,21,7],[22,0,22,8],[23,1,23,5],[24,1,24,5],[25,1,25,5],[26,1,26,5],[27,1,27,5],[28,1,28,5],[29,1,29,5],[30,1,30,5],[31,1,31,5],[32,1,32,5],[33,1,33,5],[34,1,34,5],[35,1,35,5],[36,1,36,5],[37,1,37,5],[38,0,38,7],[39,0,39,7],[40,0,40,7],[41,0,41,8],[42,1,42,3],[42,4,42,5],[43,1,43,3],[43,4,43,5],[44,1,44,3],[44,4,44,5],[45,1,45,3],[45,4,45,5],[46,1,46,3],[46,4,46,5],[47,1,47,3],[47,4,47,5],[48,1,48,3],[48,4,48,5],[49,1,49,3],[50,1,50,3],[51,1,51,3],[52,0,52,7],[53,0,53,8],[54,1,54,3],[54,4,54,5],[55,1,55,3],[55,4,55,5],[56,1,56,3],[56,4,56,5],[57,1,57,3],[57,4,57,5],[58,0,58,7],[60,0,60,1],[60,2,60,4],[60,6,60,7],[61,0,61,1],[61,2,61,4],[62,0,62,1],[62,2,62,4],[62,6,62,7],[63,2,63,5]]}
{"$rows_empty":8}
["QUOTE TO :",{"$nulls":4},"Qoute No           ",null,{"$f":"#REF!","v":{"$error":"#REF!"}}]
["Department of Health",{"$nulls":4},"Date                   ",null,{"$f":"#REF!","v":{"$error":"#REF!"}}]
["717 Dukumbana Building",{"$nulls":4},"Facility              ",null,{"$f":"#REF!","v":{"$error":"#REF!"}}]
["Independent Avenue",{"$nulls":4},"Work Order     ",null,{"$f":"#REF!","v":{"$error":"#REF!"}}]
["Bhisho",{"$nulls":4},"Tender No       ",null,"SCMU3 - 17/18-0303 - HO"]
[{"$nulls":5},"Contract Term ",null,"24 MONTHS",{"$nulls":4}," "]
[{"$nulls":5},"GEN Id",null,"GEN/NMM/LIV/02"]
["WORK  REQUEST : Request for repair of power generator GEN/NMM/LIV/01 ,GEN/NMM/LIV/02 faulty battery charger and                                             GEN/NMM/LIV/03 faulty earth leakage and battery charger."]
["SCHEDULED WORK"]
["Item 1","Description",null,null,"Unit","Sch No","Quantity","Rate","Amount"]
[{"$nulls":8},{"$f":"SUM(G19*H19)","v":0}]
[{"$nulls":8},{"$f":"SUM(G20*H20)","v":0}]
[{"$nulls":8},0]
["Sub Total A",{"$nulls":7},{"$f":"SUM(I19:I21)","v":0}]
["NON SCHEDULED WORK"]
["Item 2","Description",{"$nulls":4},"Quantity","Rate","Amount"]
[1,"63A isolater",{"$nulls":4},1,{"v":160,"d":"160.00"},{"$f":"H25*G25","v":{"v":160,"d":"R 160.00"}}]
[2,"Monitor",{"$nulls":4},1,{"v":211,"d":"211.00"},{"$f":"H26*G26","v":{"v":211,"d":"R 211.00"}}]
[3,"Battery charger",{"$nulls":4},1,{"v":1094,"d":"1094.00"},{"$f":"H27*G27","v":{"v":1094,"d":"R 1,094.00"}}]
{"$rows_empty":11}
["Sub  Total",{"$nulls":7},{"$f":"SUM(I25:I38)","v":{"v":1465,"d":"R 1,465.00"}}]
["Mark - Up 15%",{"$nulls":7},{"$f":"ROUND((I39*0.15),2)","v":{"v":219.75,"d":"R 219.75"}}]
["SUb  Total  B",{"$nulls":7},{"$f":"I39+I40","v":{"v":1684.75,"d":"R 1,684.75"}}]
["LABOUR"]
["Item 3"," (Normal Rate)",null,null,"Unit",null,"Quantity","Rate","Amount"]
[1,"Techinician",null,null,"HRS",null,null,{"v":450,"d":"R450.00"},{"$f":"SUM(G44*H44)","v":0}]
[2," Senior Artisan  ",null,null,"HRS",null,null,{"v":350,"d":"R350.00"},{"$f":"SUM(G45*H45)","v":0}]
[3,"Artisan  (Trade Tested)",null,null,"HRS",null,7.5,{"v":300,"d":"R300.00"},{"v":2250,"d":"R 2,250.00"}]
[4,"Utility Man (Non - Trade Tested)",null,null,"HRS",null,null,{"v":200,"d":"R200.00"},0]
[5,"Artisan  Aid",null,null,"HRS",null,7.5,{"v":200,"d":"R200.00"},{"v":1500,"d":"R 1,500.00"}]
[6,"General Worker   ",null,null,"HRS",null,null,{"v":140,"d":"R140.00"},0]
[]
[]
[]
["Sub Total C",{"$nulls":7},{"$f":"SUM(I44:I52)","v":{"v":3750,"d":"R 3,750.00"}}]
["TRANSPORT"]
["Item 4","Destinantion",null,null,"No of Trips",null,"KMs","Rate","Amount"]
[1,"14 Milner Rd ,Mt Pleasant   to  Living  Hospital"]
[null,"  and back.",null,null,2,null,21.2,{"v":5,"d":"R 5.00"},{"$f":"H57*G57","v":{"v":106,"d":"R 106.00"}}]
[]
["Sub Total D",{"$nulls":7},{"$f":"SUM(I56:I58)","v":{"v":106,"d":"R 106.00"}}]
[]
[{"$nulls":6}," Sub Total (A+B+C+D)",null,{"$f":"I59+I53+I41","v":{"v":5540.75,"d":"R 5,540.75"}}]
[]
[{"$nulls":6},"Sub Total",null,{"$f":"I61+I62","v":{"v":5540.75,"d":"R 5,540.75"}}]

{"sheet":"PE Pro. Hosp (48)","index":55,"n_rows":63,"n_cols":13,"rows_kept":63,"hidden":true,"merged":[[8,0,8,4],[8,5,8,6],[8,7,8,8],[9,5,9,6],[9,7,9,8],[10,5,10,6],[10,7,10,8],[11,5,11,6],[11,7,11,8],[12,7,12,8],[13,5,13,6],[13,7,13,8],[14,5,14,6],[14,7,14,8],[15,0,15,8],[16,0,16,8],[17,1,17,3],[18,1,18,3],[19,1,19,3],[20,1,20,3],[21,0,21,7],[22,0,22,8],[23,1,23,5],[24,1,24,5],[25,1,25,5],[26,1,26,5],[27,1,27,5],[28,1,28,5],[29,1,29,5],[30,1,30,5],[31,1,31,5],[32,1,32,5],[33,1,33,5],[34,1,34,5],[35,1,35,5],[36,1,36,5],[37,1,37,5],[38,0,38,7],[39,0,39,7],[40,0,40,7],[41,0,41,8],[42,1,42,3],[42,4,42,5],[43,1,43,3],[43,4,43,5],[44,1,44,3],[44,4,44,5],[45,1,45,3],[45,4,45,5],[46,1,46,3],[46,4,46,5],[47,1,47,3],[47,4,47,5],[48,1,48,3],[48,4,48,5],[49,1,49,3],[50,1,50,3],[51,1,51,3],[52,0,52,7],[53,0,53,8],[54,1,54,3],[54,4,54,5],[55,1,55,3],[55,4,55,5],[56,1,56,3],[56,4,56,5],[57,1,57,3],[57,4,57,5],[58,0,58,7],[60,0,60,1],[60,2,60,4],[60,6,60,7],[61,0,61,1],[61,2,61,4],[62,0,62,1],[62,2,62,4],[62,6,62,7],[63,2,63,5]]}
{"$rows_empty":8}
["QUOTE TO :",{"$nulls":4},"Qoute No           ",null,47]
["Department of Health",{"$nulls":4},"Date                   ",null,{"$f":"#REF!","v":{"$error":"#REF!"}}]
["717 Dukumbana Building",{"$nulls":4},"Facility              ",null,{"$f":"#REF!","v":{"$error":"#REF!"}}]
["Independent Avenue",{"$nulls":4},"Work Order     ",null,{"$f":"#REF!","v":{"$error":"#REF!"}}]
["Bhisho",{"$nulls":4},"Tender No       ",null,"SCMU3 - 17/18-0303 - HO"]
[{"$nulls":5},"Contract Term ",null,"24 MONTHS",{"$nulls":4}," "]
[{"$nulls":5},"GEN Id",null,"GEN/NMM/JOS/01"]
["WORK  REQUEST : Generator not working."]
["SCHEDULED WORK"]
["Item 1","Description",null,null,"Unit","Sch No","Quantity","Rate","Amount"]
[{"$nulls":8},{"$f":"SUM(G19*H19)","v":0}]
[{"$nulls":8},{"$f":"SUM(G20*H20)","v":0}]
[{"$nulls":8},0]
["Sub Total A",{"$nulls":7},{"$f":"SUM(I19:I21)","v":0}]
["NON SCHEDULED WORK"]
["Item 2","Description",{"$nulls":4},"Quantity","Rate","Amount"]
[1,"50 KVA Alternator  double bearings",{"$nulls":4},1,{"v":14550,"d":"14550.00"},{"$f":"H25*G25","v":{"v":14550,"d":"R 14,550.00"}}]
[2,"SX 460 AVR",{"$nulls":4},1,{"v":3705,"d":"3705.00"},{"$f":"H26*G26","v":{"v":3705,"d":"R 3,705.00"}}]
[]
[null,"Approved Quotation"]
{"$rows_empty":10}
["Sub  Total",{"$nulls":7},{"$f":"SUM(I25:I38)","v":{"v":18255,"d":"R 18,255.00"}}]
["Mark - Up 15%",{"$nulls":7},{"$f":"ROUND((I39*0.15),2)","v":{"v":2738.25,"d":"R 2,738.25"}}]
["SUb  Total  B",{"$nulls":7},{"$f":"I39+I40","v":{"v":20993.25,"d":"R 20,993.25"}}]
["LABOUR"]
["Item 3"," (Normal Rate)",null,null,"Unit",null,"Quantity","Rate","Amount"]
[1,"Techinician",null,null,"HRS",null,10,{"v":450,"d":"R450.00"},{"$f":"SUM(G44*H44)","v":{"v":4500,"d":"R 4,500.00"}}]
[2," Senior Artisan  ",null,null,"HRS",null,null,{"v":350,"d":"R350.00"},{"$f":"SUM(G45*H45)","v":0}]
[3,"Artisan  (Trade Tested)",null,null,"HRS",null,null,{"v":300,"d":"R300.00"},0]
[4,"Utility Man (Non - Trade Tested)",null,null,"HRS",null,null,{"v":200,"d":"R200.00"},0]
[5,"Artisan  Aid",null,null,"HRS",null,null,{"v":200,"d":"R200.00"},0]
[6,"General Worker   (2)",null,null,"HRS",null,20,{"v":140,"d":"R140.00"},{"v":2800,"d":"R 2,800.00"}]
[]
[]
[]
["Sub Total C",{"$nulls":7},{"$f":"SUM(I44:I52)","v":{"v":7300,"d":"R 7,300.00"}}]
["TRANSPORT"]
["Item 4","Destinantion",null,null,"No of Trips",null,"KMs","Rate","Amount"]
[1,"14 Milner Rd ,Mt Pleasant  PE to PE Prov. Hospital"]
[null,"  and back.",null,null,3,null,58.8,{"v":5,"d":"R 5.00"},{"$f":"H57*G57","v":{"v":294,"d":"R 294.00"}}]
[]
["Sub Total D",{"$nulls":7},{"$f":"SUM(I56:I58)","v":{"v":294,"d":"R 294.00"}}]
[]
[{"$nulls":6}," Sub Total (A+B+C+D)",null,{"$f":"I59+I53+I41","v":{"v":28587.25,"d":"R 28,587.25"}}]
[]
[{"$nulls":6},"Sub Total",null,{"$f":"I61+I62","v":{"v":28587.25,"d":"R 28,587.25"}}]

{"sheet":"Elizabeth Donken hosp.(49)","index":56,"n_rows":63,"n_cols":13,"rows_kept":63,"hidden":true,"merged":[[8,0,8,4],[8,5,8,6],[8,7,8,8],[9,5,9,6],[9,7,9,8],[10,5,10,6],[10,7,10,8],[11,5,11,6],[11,7,11,8],[12,7,12,8],[13,5,13,6],[13,7,13,8],[14,5,14,6],[14,7,14,8],[15,0,15,8],[16,0,16,8],[17,1,17,3],[18,1,18,3],[19,1,19,3],[20,1,20,3],[21,0,21,7],[22,0,22,8],[23,1,23,5],[24,1,24,5],[25,1,25,5],[26,1,26,5],[27,1,27,5],[28,1,28,5],[29,1,29,5],[30,1,30,5],[31,1,31,5],[32,1,32,5],[33,1,33,5],[34,1,34,5],[35,1,35,5],[36,1,36,5],[37,1,37,5],[38,0,38,7],[39,0,39,7],[40,0,40,7],[41,0,41,8],[42,1,42,3],[42,4,42,5],[43,1,43,3],[43,4,43,5],[44,1,44,3],[44,4,44,5],[45,1,45,3],[45,4,45,5],[46,1,46,3],[46,4,46,5],[47,1,47,3],[47,4,47,5],[48,1,48,3],[48,4,48,5],[49,1,49,3],[50,1,50,3],[51,1,51,3],[52,0,52,7],[53,0,53,8],[54,1,54,3],[54,4,54,5],[55,1,55,3],[55,4,55,5],[56,1,56,3],[56,4,56,5],[57,1,57,3],[57,4,57,5],[58,0,58,7],[60,0,60,1],[60,2,60,4],[60,6,60,7],[61,0,61,1],[61,2,61,4],[62,0,62,1],[62,2,62,4],[62,6,62,7],[63,2,63,5]]}
{"$rows_empty":8}
["QUOTE TO :",{"$nulls":4},"Qoute No           ",null,{"$f":"#REF!","v":{"$error":"#REF!"}}]
["Department of Health",{"$nulls":4},"Date                   ",null,{"$f":"#REF!","v":{"$error":"#REF!"}}]
["717 Dukumbana Building",{"$nulls":4},"Facility              ",null,{"$f":"#REF!","v":{"$error":"#REF!"}}]
["Independent Avenue",{"$nulls":4},"Work Order     ",null,{"$f":"#REF!","v":{"$error":"#REF!"}}]
["Bhisho",{"$nulls":4},"Tender No       ",null,"SCMU3 - 17/18-0303 - HO"]
[{"$nulls":5},"Contract Term ",null,"24 MONTHS",{"$nulls":4}," "]
[{"$nulls":5},"GEN Id",null,"GEN/NMM/DON/01"]
["WORK  REQUEST : Repairs to fuel hose and heater hose for generator."]
["SCHEDULED WORK"]
["Item 1","Description",null,null,"Unit","Sch No","Quantity","Rate","Amount"]
[{"$nulls":8},{"$f":"SUM(G19*H19)","v":0}]
[{"$nulls":8},{"$f":"SUM(G20*H20)","v":0}]
[{"$nulls":8},0]
["Sub Total A",{"$nulls":7},{"$f":"SUM(I19:I21)","v":0}]
["NON SCHEDULED WORK"]
["Item 2","Description",{"$nulls":4},"Quantity","Rate","Amount"]
[1,"Fuel line",{"$nulls":4},1,{"v":682,"d":"682.00"},{"$f":"H25*G25","v":{"v":682,"d":"R 682.00"}}]
[2,"Hose (5m)",{"$nulls":4},1,248.85,{"$f":"H26*G26","v":{"v":248.85,"d":"R 248.85"}}]
{"$rows_empty":12}
["Sub  Total",{"$nulls":7},{"$f":"SUM(I25:I38)","v":{"v":930.85,"d":"R 930.85"}}]
["Mark - Up 15%",{"$nulls":7},{"$f":"ROUND((I39*0.15),2)","v":{"v":139.63,"d":"R 139.63"}}]
["SUb  Total  B",{"$nulls":7},{"$f":"I39+I40","v":{"v":1070.48,"d":"R 1,070.48"}}]
["LABOUR"]
["Item 3"," (Normal Rate)",null,null,"Unit",null,"Quantity","Rate","Amount"]
[1,"Techinician",null,null,"HRS",null,4,{"v":450,"d":"R450.00"},{"$f":"SUM(G44*H44)","v":{"v":1800,"d":"R 1,800.00"}}]
[2," Senior Artisan  ",null,null,"HRS",null,null,{"v":350,"d":"R350.00"},{"$f":"SUM(G45*H45)","v":0}]
[3,"Artisan  (Trade Tested)",null,null,"HRS",null,null,{"v":300,"d":"R300.00"},0]
[4,"Utility Man (Non - Trade Tested)",null,null,"HRS",null,null,{"v":200,"d":"R200.00"},0]
[5,"Artisan  Aid",null,null,"HRS",null,4,{"v":200,"d":"R200.00"},{"v":800,"d":"R 800.00"}]
[6,"General Worker   (2)",null,null,"HRS",null,null,{"v":140,"d":"R140.00"},0]
[]
[]
[]
["Sub Total C",{"$nulls":7},{"$f":"SUM(I44:I52)","v":{"v":2600,"d":"R 2,600.00"}}]
["TRANSPORT"]
["Item 4","Destinantion",null,null,"No of Trips",null,"KMs","Rate","Amount"]
[1,"14 Milner Rd ,Mt Pleasant  PE to Elizabeth Donkin Hospital"]
[null,"  and back.",null,null,2,null,39.6,{"v":5,"d":"R 5.00"},{"$f":"H57*G57","v":{"v":198,"d":"R 198.00"}}]
[]
["Sub Total D",{"$nulls":7},{"$f":"SUM(I56:I58)","v":{"v":198,"d":"R 198.00"}}]
[]
[{"$nulls":6}," Sub Total (A+B+C+D)",null,{"$f":"I59+I53+I41","v":{"v":3868.48,"d":"R 3,868.48"}}]
[]
[{"$nulls":6},"Sub Total",null,{"$f":"I61+I62","v":{"v":3868.48,"d":"R 3,868.48"}}]

{"sheet":"Dora Ngiza (50)","index":57,"n_rows":63,"n_cols":13,"rows_kept":63,"hidden":true,"merged":[[8,0,8,4],[8,5,8,6],[8,7,8,8],[9,5,9,6],[9,7,9,8],[10,5,10,6],[10,7,10,8],[11,5,11,6],[11,7,11,8],[12,7,12,8],[13,5,13,6],[13,7,13,8],[14,5,14,6],[14,7,14,8],[15,0,15,8],[16,0,16,8],[17,1,17,3],[18,1,18,3],[19,1,19,3],[20,1,20,3],[21,0,21,7],[22,0,22,8],[23,1,23,5],[24,1,24,5],[25,1,25,5],[26,1,26,5],[27,1,27,5],[28,1,28,5],[29,1,29,5],[30,1,30,5],[31,1,31,5],[32,1,32,5],[33,1,33,5],[34,1,34,5],[35,1,35,5],[36,1,36,5],[37,1,37,5],[38,0,38,7],[39,0,39,7],[40,0,40,7],[41,0,41,8],[42,1,42,3],[42,4,42,5],[43,1,43,3],[43,4,43,5],[44,1,44,3],[44,4,44,5],[45,1,45,3],[45,4,45,5],[46,1,46,3],[46,4,46,5],[47,1,47,3],[47,4,47,5],[48,1,48,3],[48,4,48,5],[49,1,49,3],[50,1,50,3],[51,1,51,3],[52,0,52,7],[53,0,53,8],[54,1,54,3],[54,4,54,5],[55,1,55,3],[55,4,55,5],[56,1,56,3],[56,4,56,5],[57,1,57,3],[57,4,57,5],[58,0,58,7],[60,0,60,1],[60,2,60,4],[60,6,60,7],[61,0,61,1],[61,2,61,4],[62,0,62,1],[62,2,62,4],[62,6,62,7],[63,2,63,5]]}
{"$rows_empty":8}
["QUOTE TO :",{"$nulls":4},"Qoute No           ",null,{"$f":"#REF!","v":{"$error":"#REF!"}}]
["Department of Health",{"$nulls":4},"Date                   ",null,{"$f":"#REF!","v":{"$error":"#REF!"}}]
["717 Dukumbana Building",{"$nulls":4},"Facility              ",null,{"$f":"#REF!","v":{"$error":"#REF!"}}]
["Independent Avenue",{"$nulls":4},"Work Order     ",null,{"$f":"#REF!","v":{"$error":"#REF!"}}]
["Bhisho",{"$nulls":4},"Tender No       ",null,"SCMU3 - 17/18-0303 - HO"]
[{"$nulls":5},"Contract Term ",null,"24 MONTHS",{"$nulls":4}," "]
[{"$nulls":5},"GEN Id",null,"GEN/NMM/DOR/01"]
["WORK  REQUEST : Casual generator  is faulty at Dora Ngiza Hospital."]
["SCHEDULED WORK"]
["Item 1","Description",null,null,"Unit","Sch No","Quantity","Rate","Amount"]
[{"$nulls":8},{"$f":"SUM(G19*H19)","v":0}]
[{"$nulls":8},{"$f":"SUM(G20*H20)","v":0}]
[{"$nulls":8},0]
["Sub Total A",{"$nulls":7},{"$f":"SUM(I19:I21)","v":0}]
["NON SCHEDULED WORK"]
["Item 2","Description",{"$nulls":4},"Quantity","Rate","Amount"]
[{"$nulls":8},{"$f":"H25*G25","v":0}]
[{"$nulls":8},{"$f":"H26*G26","v":0}]
{"$rows_empty":12}
["Sub  Total",{"$nulls":7},{"$f":"SUM(I25:I38)","v":0}]
["Mark - Up 15%",{"$nulls":7},{"$f":"ROUND((I39*0.15),2)","v":0}]
["SUb  Total  B",{"$nulls":7},{"$f":"I39+I40","v":0}]
["LABOUR"]
["Item 3"," (Normal Rate)",null,null,"Unit",null,"Quantity","Rate","Amount"]
[1,"Techinician",null,null,"HRS",null,null,{"v":450,"d":"R450.00"},{"$f":"SUM(G44*H44)","v":0}]
[2," Senior Artisan  ",null,null,"HRS",null,null,{"v":350,"d":"R350.00"},{"$f":"SUM(G45*H45)","v":0}]
[3,"Artisan  (Trade Tested)",null,null,"HRS",null,1,{"v":300,"d":"R300.00"},{"v":300,"d":"R 300.00"}]
[4,"Utility Man (Non - Trade Tested)",null,null,"HRS",null,null,{"v":200,"d":"R200.00"},0]
[5,"Artisan  Aid",null,null,"HRS",null,1,{"v":200,"d":"R200.00"},{"v":200,"d":"R 200.00"}]
[6,"General Worker   (2)",null,null,"HRS",null,null,{"v":140,"d":"R140.00"},0]
[]
[]
[]
["Sub Total C",{"$nulls":7},{"$f":"SUM(I44:I52)","v":{"v":500,"d":"R 500.00"}}]
["TRANSPORT"]
["Item 4","Destinantion",null,null,"No of Trips",null,"KMs","Rate","Amount"]
[1,"Office to Dora Ngiza Hospital"]
[null,"  and back.",null,null,1,null,33.4,{"v":5,"d":"R 5.00"},{"$f":"H57*G57","v":{"v":167,"d":"R 167.00"}}]
[]
["Sub Total D",{"$nulls":7},{"$f":"SUM(I56:I58)","v":{"v":167,"d":"R 167.00"}}]
[]
[{"$nulls":6}," Sub Total (A+B+C+D)",null,{"$f":"I59+I53+I41","v":{"v":667,"d":"R 667.00"}}]
[]
[{"$nulls":6},"Sub Total",null,{"$f":"I61+I62","v":{"v":667,"d":"R 667.00"}}]

{"sheet":"Dora Ngiza (51)","index":58,"n_rows":63,"n_cols":13,"rows_kept":63,"hidden":true,"merged":[[8,0,8,4],[8,5,8,6],[8,7,8,8],[9,5,9,6],[9,7,9,8],[10,5,10,6],[10,7,10,8],[11,5,11,6],[11,7,11,8],[12,7,12,8],[13,5,13,6],[13,7,13,8],[14,5,14,6],[14,7,14,8],[15,0,15,8],[16,0,16,8],[17,1,17,3],[18,1,18,3],[19,1,19,3],[20,1,20,3],[21,0,21,7],[22,0,22,8],[23,1,23,5],[24,1,24,5],[25,1,25,5],[26,1,26,5],[27,1,27,5],[28,1,28,5],[29,1,29,5],[30,1,30,5],[31,1,31,5],[32,1,32,5],[33,1,33,5],[34,1,34,5],[35,1,35,5],[36,1,36,5],[37,1,37,5],[38,0,38,7],[39,0,39,7],[40,0,40,7],[41,0,41,8],[42,1,42,3],[42,4,42,5],[43,1,43,3],[43,4,43,5],[44,1,44,3],[44,4,44,5],[45,1,45,3],[45,4,45,5],[46,1,46,3],[46,4,46,5],[47,1,47,3],[47,4,47,5],[48,1,48,3],[48,4,48,5],[49,1,49,3],[50,1,50,3],[51,1,51,3],[52,0,52,7],[53,0,53,8],[54,1,54,3],[54,4,54,5],[55,1,55,3],[55,4,55,5],[56,1,56,3],[56,4,56,5],[57,1,57,3],[57,4,57,5],[58,0,58,7],[60,0,60,1],[60,2,60,4],[60,6,60,7],[61,0,61,1],[61,2,61,4],[62,0,62,1],[62,2,62,4],[62,6,62,7],[63,2,63,5]]}
{"$rows_empty":8}
["QUOTE TO :",{"$nulls":4},"Qoute No           ",null,{"$f":"#REF!","v":{"$error":"#REF!"}}]
["Department of Health",{"$nulls":4},"Date                   ",null,{"$f":"#REF!","v":{"$error":"#REF!"}}]
["717 Dukumbana Building",{"$nulls":4},"Facility              ",null,{"$f":"#REF!","v":{"$error":"#REF!"}}]
["Independent Avenue",{"$nulls":4},"Work Order     ",null,{"$f":"#REF!","v":{"$error":"#REF!"}}]
["Bhisho",{"$nulls":4},"Tender No       ",null,"SCMU3 - 17/18-0303 - HO"]
[{"$nulls":5},"Contract Term ",null,"24 MONTHS",{"$nulls":4}," "]
[{"$nulls":5},"GEN Id",null,"GEN/NMM/DOR/05"]
["WORK  REQUEST : Casualty generator is leaking oil."]
["SCHEDULED WORK"]
["Item 1","Description",null,null,"Unit","Sch No","Quantity","Rate","Amount"]
[{"$nulls":8},{"$f":"SUM(G19*H19)","v":0}]
[{"$nulls":8},{"$f":"SUM(G20*H20)","v":0}]
[{"$nulls":8},0]
["Sub Total A",{"$nulls":7},{"$f":"SUM(I19:I21)","v":0}]
["NON SCHEDULED WORK"]
["Item 2","Description",{"$nulls":4},"Quantity","Rate","Amount"]
[1,"Recondition of the engine (Subcob )",{"$nulls":4},1,3167.47,{"$f":"H25*G25","v":{"v":3167.47,"d":"R 3,167.47"}}]
{"$rows_empty":13}
["Sub  Total",{"$nulls":7},{"$f":"SUM(I25:I38)","v":{"v":3167.47,"d":"R 3,167.47"}}]
["Mark - Up 15%",{"$nulls":7},{"$f":"ROUND((I39*0.15),2)","v":{"v":475.12,"d":"R 475.12"}}]
["SUb  Total  B",{"$nulls":7},{"$f":"I39+I40","v":{"v":3642.5899999999997,"d":"R 3,642.59"}}]
["LABOUR"]
["Item 3"," (Normal Rate)",null,null,"Unit",null,"Quantity","Rate","Amount"]
[1,"Techinician",null,null,"HRS",null,null,{"v":450,"d":"R450.00"},{"$f":"SUM(G44*H44)","v":0}]
[2," Senior Artisan  ",null,null,"HRS",null,null,{"v":350,"d":"R350.00"},{"$f":"SUM(G45*H45)","v":0}]
[3,"Artisan  (Trade Tested)",null,null,"HRS",null,2.5,{"v":300,"d":"R300.00"},{"v":750,"d":"R 750.00"}]
[4,"Utility Man (Non - Trade Tested)",null,null,"HRS",null,null,{"v":200,"d":"R200.00"},0]
[5,"Artisan  Aid",null,null,"HRS",null,2.5,{"v":200,"d":"R200.00"},{"v":500,"d":"R 500.00"}]
[6,"General Worker   (3)",null,null,"HRS",null,null,{"v":140,"d":"R140.00"},0]
[]
[]
[]
["Sub Total C",{"$nulls":7},{"$f":"SUM(I44:I52)","v":{"v":1250,"d":"R 1,250.00"}}]
["TRANSPORT"]
["Item 4","Destinantion",null,null,"No of Trips",null,"KMs","Rate","Amount"]
[1,"Office to Dora Ngiza Hospital"]
[null,"  and back.",null,null,1,null,66.4,{"v":5,"d":"R 5.00"},{"$f":"H57*G57","v":{"v":332,"d":"R 332.00"}}]
[]
["Sub Total D",{"$nulls":7},{"$f":"SUM(I56:I58)","v":{"v":332,"d":"R 332.00"}}]
[]
[{"$nulls":6}," Sub Total (A+B+C+D)",null,{"$f":"I59+I53+I41","v":{"v":5224.59,"d":"R 5,224.59"}}]
[]
[{"$nulls":6},"Sub Total",null,{"$f":"I61+I62","v":{"v":5224.59,"d":"R 5,224.59"}}]

{"sheet":"West End (52)","index":59,"n_rows":63,"n_cols":13,"rows_kept":63,"hidden":true,"merged":[[8,0,8,4],[8,5,8,6],[8,7,8,8],[9,5,9,6],[9,7,9,8],[10,5,10,6],[10,7,10,8],[11,5,11,6],[11,7,11,8],[12,7,12,8],[13,5,13,6],[13,7,13,8],[14,5,14,6],[14,7,14,8],[15,0,15,8],[16,0,16,8],[17,1,17,3],[18,1,18,3],[19,1,19,3],[20,1,20,3],[21,0,21,7],[22,0,22,8],[23,1,23,5],[24,1,24,5],[25,1,25,5],[26,1,26,5],[27,1,27,5],[28,1,28,5],[29,1,29,5],[30,1,30,5],[31,1,31,5],[32,1,32,5],[33,1,33,5],[34,1,34,5],[35,1,35,5],[36,1,36,5],[37,1,37,5],[38,0,38,7],[39,0,39,7],[40,0,40,7],[41,0,41,8],[42,1,42,3],[42,4,42,5],[43,1,43,3],[43,4,43,5],[44,1,44,3],[44,4,44,5],[45,1,45,3],[45,4,45,5],[46,1,46,3],[46,4,46,5],[47,1,47,3],[47,4,47,5],[48,1,48,3],[48,4,48,5],[49,1,49,3],[50,1,50,3],[51,1,51,3],[52,0,52,7],[53,0,53,8],[54,1,54,3],[54,4,54,5],[55,1,55,3],[55,4,55,5],[56,1,56,3],[56,4,56,5],[57,1,57,3],[57,4,57,5],[58,0,58,7],[60,0,60,1],[60,2,60,4],[60,6,60,7],[61,0,61,1],[61,2,61,4],[62,0,62,1],[62,2,62,4],[62,6,62,7],[63,2,63,5]]}
{"$rows_empty":8}
["QUOTE TO :",{"$nulls":4},"Qoute No           ",null,{"$f":"#REF!","v":{"$error":"#REF!"}}]
["Department of Health",{"$nulls":4},"Date                   ",null,{"$f":"#REF!","v":{"$error":"#REF!"}}]
["717 Dukumbana Building",{"$nulls":4},"Facility              ",null,{"$f":"#REF!","v":{"$error":"#REF!"}}]
["Independent Avenue",{"$nulls":4},"Work Order     ",null,{"$f":"#REF!","v":{"$error":"#REF!"}}]
["Bhisho",{"$nulls":4},"Tender No       ",null,"SCMU3 - 17/18-0303 - HO"]
[{"$nulls":5},"Contract Term ",null,"24 MONTHS",{"$nulls":4}," "]
[{"$nulls":5},"GEN Id",null,"GEN/NMM/WES/01"]
["WORK  REQUEST : Generator leaking oil."]
["SCHEDULED WORK"]
["Item 1","Description",null,null,"Unit","Sch No","Quantity","Rate","Amount"]
[{"$nulls":8},{"$f":"SUM(G19*H19)","v":0}]
[{"$nulls":8},{"$f":"SUM(G20*H20)","v":0}]
[{"$nulls":8},0]
["Sub Total A",{"$nulls":7},{"$f":"SUM(I19:I21)","v":0}]
["NON SCHEDULED WORK"]
["Item 2","Description",{"$nulls":4},"Quantity","Rate","Amount"]
{"$rows_empty":14}
["Sub  Total",{"$nulls":7},{"$f":"SUM(I25:I38)","v":0}]
["Mark - Up 15%",{"$nulls":7},{"$f":"ROUND((I39*0.15),2)","v":0}]
["SUb  Total  B",{"$nulls":7},{"$f":"I39+I40","v":0}]
["LABOUR"]
["Item 3"," (Normal Rate)",null,null,"Unit",null,"Quantity","Rate","Amount"]
[1,"Techinician",null,null,"HRS",null,null,{"v":450,"d":"R450.00"},{"$f":"SUM(G44*H44)","v":0}]
[2," Senior Artisan  ",null,null,"HRS",null,null,{"v":350,"d":"R350.00"},{"$f":"SUM(G45*H45)","v":0}]
[3,"Artisan  (Trade Tested)",null,null,"HRS",null,3,{"v":300,"d":"R300.00"},{"v":900,"d":"R 900.00"}]
[4,"Utility Man (Non - Trade Tested)",null,null,"HRS",null,null,{"v":200,"d":"R200.00"},0]
[5,"Artisan  Aid",null,null,"HRS",null,3,{"v":200,"d":"R200.00"},{"v":600,"d":"R 600.00"}]
[6,"General Worker   (3)",null,null,"HRS",null,null,{"v":140,"d":"R140.00"},0]
[]
[]
[]
["Sub Total C",{"$nulls":7},{"$f":"SUM(I44:I52)","v":{"v":1500,"d":"R 1,500.00"}}]
["TRANSPORT"]
["Item 4","Destinantion",null,null,"No of Trips",null,"KMs","Rate","Amount"]
[1,"Office to West End CHC"]
[null,"  and back.",null,null,1,null,34,{"v":5,"d":"R 5.00"},{"$f":"H57*G57","v":{"v":170,"d":"R 170.00"}}]
[]
["Sub Total D",{"$nulls":7},{"$f":"SUM(I56:I58)","v":{"v":170,"d":"R 170.00"}}]
[]
[{"$nulls":6}," Sub Total (A+B+C+D)",null,{"$f":"I59+I53+I41","v":{"v":1670,"d":"R 1,670.00"}}]
[]
[{"$nulls":6},"Sub Total",null,{"$f":"I61+I62","v":{"v":1670,"d":"R 1,670.00"}}]

{"sheet":"Elizabeth Hospital (53)","index":60,"n_rows":63,"n_cols":13,"rows_kept":63,"hidden":true,"merged":[[8,0,8,4],[8,5,8,6],[8,7,8,8],[9,5,9,6],[9,7,9,8],[10,5,10,6],[10,7,10,8],[11,5,11,6],[11,7,11,8],[12,7,12,8],[13,5,13,6],[13,7,13,8],[14,5,14,6],[14,7,14,8],[15,0,15,8],[16,0,16,8],[17,1,17,3],[18,1,18,3],[19,1,19,3],[20,1,20,3],[21,0,21,7],[22,0,22,8],[23,1,23,5],[24,1,24,5],[25,1,25,5],[26,1,26,5],[27,1,27,5],[28,1,28,5],[29,1,29,5],[30,1,30,5],[31,1,31,5],[32,1,32,5],[33,1,33,5],[34,1,34,5],[35,1,35,5],[36,1,36,5],[37,1,37,5],[38,0,38,7],[39,0,39,7],[40,0,40,7],[41,0,41,8],[42,1,42,3],[42,4,42,5],[43,1,43,3],[43,4,43,5],[44,1,44,3],[44,4,44,5],[45,1,45,3],[45,4,45,5],[46,1,46,3],[46,4,46,5],[47,1,47,3],[47,4,47,5],[48,1,48,3],[48,4,48,5],[49,1,49,3],[50,1,50,3],[51,1,51,3],[52,0,52,7],[53,0,53,8],[54,1,54,3],[54,4,54,5],[55,1,55,3],[55,4,55,5],[56,1,56,3],[56,4,56,5],[57,1,57,3],[57,4,57,5],[58,0,58,7],[60,0,60,1],[60,2,60,4],[60,6,60,7],[61,0,61,1],[61,2,61,4],[62,0,62,1],[62,2,62,4],[62,6,62,7],[63,2,63,5]]}
{"$rows_empty":8}
["QUOTE TO :",{"$nulls":4},"Qoute No           ",null,{"$f":"#REF!","v":{"$error":"#REF!"}}]
["Department of Health",{"$nulls":4},"Date                   ",null,{"$f":"#REF!","v":{"$error":"#REF!"}}]
["717 Dukumbana Building",{"$nulls":4},"Facility              ",null,{"$f":"#REF!","v":{"$error":"#REF!"}}]
["Independent Avenue",{"$nulls":4},"Work Order     ",null,{"$f":"#REF!","v":{"$error":"#REF!"}}]
["Bhisho",{"$nulls":4},"Tender No       ",null,"SCMU3 - 17/18-0303 - HO"]
[{"$nulls":5},"Contract Term ",null,"24 MONTHS",{"$nulls":4}," "]
[{"$nulls":5},"GEN Id",null,"GEN/NMM/DON/01"]
["WORK  REQUEST : Generator leaking oil."]
["SCHEDULED WORK"]
["Item 1","Description",null,null,"Unit","Sch No","Quantity","Rate","Amount"]
[{"$nulls":8},{"$f":"SUM(G19*H19)","v":0}]
[{"$nulls":8},{"$f":"SUM(G20*H20)","v":0}]
[{"$nulls":8},0]
["Sub Total A",{"$nulls":7},{"$f":"SUM(I19:I21)","v":0}]
["NON SCHEDULED WORK"]
["Item 2","Description",{"$nulls":4},"Quantity","Rate","Amount"]
{"$rows_empty":14}
["Sub  Total",{"$nulls":7},{"$f":"SUM(I25:I38)","v":0}]
["Mark - Up 15%",{"$nulls":7},{"$f":"ROUND((I39*0.15),2)","v":0}]
["SUb  Total  B",{"$nulls":7},{"$f":"I39+I40","v":0}]
["LABOUR"]
["Item 3"," (Normal Rate)",null,null,"Unit",null,"Quantity","Rate","Amount"]
[1,"Techinician",null,null,"HRS",null,null,{"v":450,"d":"R450.00"},{"$f":"SUM(G44*H44)","v":0}]
[2," Senior Artisan  ",null,null,"HRS",null,null,{"v":350,"d":"R350.00"},{"$f":"SUM(G45*H45)","v":0}]
[3,"Artisan  (Trade Tested)",null,null,"HRS",null,1.5,{"v":300,"d":"R300.00"},{"v":450,"d":"R 450.00"}]
[4,"Utility Man (Non - Trade Tested)",null,null,"HRS",null,null,{"v":200,"d":"R200.00"},0]
[5,"Artisan  Aid",null,null,"HRS",null,1.5,{"v":200,"d":"R200.00"},{"v":300,"d":"R 300.00"}]
[6,"General Worker   (3)",null,null,"HRS",null,null,{"v":140,"d":"R140.00"},0]
[]
[]
[]
["Sub Total C",{"$nulls":7},{"$f":"SUM(I44:I52)","v":{"v":750,"d":"R 750.00"}}]
["TRANSPORT"]
["Item 4","Destinantion",null,null,"No of Trips",null,"KMs","Rate","Amount"]
[1,"Office to Elizabeth Donking Hospital"]
[null,"  and back.",null,null,1,null,19.8,{"v":5,"d":"R 5.00"},{"$f":"H57*G57","v":{"v":99,"d":"R 99.00"}}]
[]
["Sub Total D",{"$nulls":7},{"$f":"SUM(I56:I58)","v":{"v":99,"d":"R 99.00"}}]
[]
[{"$nulls":6}," Sub Total (A+B+C+D)",null,{"$f":"I59+I53+I41","v":{"v":849,"d":"R 849.00"}}]
[]
[{"$nulls":6},"Sub Total",null,{"$f":"I61+I62","v":{"v":849,"d":"R 849.00"}}]

{"sheet":"Orsmond TB Hosp.(54)","index":61,"n_rows":63,"n_cols":13,"rows_kept":63,"hidden":true,"merged":[[8,0,8,4],[8,5,8,6],[8,7,8,8],[9,5,9,6],[9,7,9,8],[10,5,10,6],[10,7,10,8],[11,5,11,6],[11,7,11,8],[12,7,12,8],[13,5,13,6],[13,7,13,8],[14,5,14,6],[14,7,14,8],[15,0,15,8],[16,0,16,8],[17,1,17,3],[18,1,18,3],[19,1,19,3],[20,1,20,3],[21,0,21,7],[22,0,22,8],[23,1,23,5],[24,1,24,5],[25,1,25,5],[26,1,26,5],[27,1,27,5],[28,1,28,5],[29,1,29,5],[30,1,30,5],[31,1,31,5],[32,1,32,5],[33,1,33,5],[34,1,34,5],[35,1,35,5],[36,1,36,5],[37,1,37,5],[38,0,38,7],[39,0,39,7],[40,0,40,7],[41,0,41,8],[42,1,42,3],[42,4,42,5],[43,1,43,3],[43,4,43,5],[44,1,44,3],[44,4,44,5],[45,1,45,3],[45,4,45,5],[46,1,46,3],[46,4,46,5],[47,1,47,3],[47,4,47,5],[48,1,48,3],[48,4,48,5],[49,1,49,3],[50,1,50,3],[51,1,51,3],[52,0,52,7],[53,0,53,8],[54,1,54,3],[54,4,54,5],[55,1,55,3],[55,4,55,5],[56,1,56,3],[56,4,56,5],[57,1,57,3],[57,4,57,5],[58,0,58,7],[60,0,60,1],[60,2,60,4],[60,6,60,7],[61,0,61,1],[61,2,61,4],[62,0,62,1],[62,2,62,4],[62,6,62,7],[63,2,63,5]]}
{"$rows_empty":8}
["QUOTE TO :",{"$nulls":4},"Qoute No           ",null,{"$f":"#REF!","v":{"$error":"#REF!"}}]
["Department of Health",{"$nulls":4},"Date                   ",null,{"$f":"#REF!","v":{"$error":"#REF!"}}]
["717 Dukumbana Building",{"$nulls":4},"Facility              ",null,{"$f":"#REF!","v":{"$error":"#REF!"}}]
["Independent Avenue",{"$nulls":4},"Work Order     ",null,{"$f":"#REF!","v":{"$error":"#REF!"}}]
["Bhisho",{"$nulls":4},"Tender No       ",null,"SCMU3 - 17/18-0303 - HO"]
[{"$nulls":5},"Contract Term ",null,"24 MONTHS",{"$nulls":4}," "]
[{"$nulls":5},"GEN Id",null,"GEN/NMM/DON/01"]
["WORK  REQUEST : Water jacket heater not working."]
["SCHEDULED WORK"]
["Item 1","Description",null,null,"Unit","Sch No","Quantity","Rate","Amount"]
[{"$nulls":8},{"$f":"SUM(G19*H19)","v":0}]
[{"$nulls":8},{"$f":"SUM(G20*H20)","v":0}]
[{"$nulls":8},0]
["Sub Total A",{"$nulls":7},{"$f":"SUM(I19:I21)","v":0}]
["NON SCHEDULED WORK"]
["Item 2","Description",{"$nulls":4},"Quantity","Rate","Amount"]
[1,"Thermostat",{"$nulls":4},1,150.43,{"$f":"H25*G25","v":{"v":150.43,"d":"R 150.43"}}]
[2,"Mini Geyser ",{"$nulls":4},1,{"v":299,"d":"299.00"},{"$f":"H26*G26","v":{"v":299,"d":"R 299.00"}}]
[3,"Antifreeze (5L)",{"$nulls":4},1,{"v":249.5,"d":"249.50"},{"$f":"H27*G27","v":{"v":249.5,"d":"R 249.50"}}]
{"$rows_empty":11}
["Sub  Total",{"$nulls":7},{"$f":"SUM(I25:I38)","v":{"v":698.9300000000001,"d":"R 698.93"}}]
["Mark - Up 15%",{"$nulls":7},{"$f":"ROUND((I39*0.15),2)","v":{"v":104.84,"d":"R 104.84"}}]
["SUb  Total  B",{"$nulls":7},{"$f":"I39+I40","v":{"v":803.7700000000001,"d":"R 803.77"}}]
["LABOUR"]
["Item 3"," (Normal Rate)",null,null,"Unit",null,"Quantity","Rate","Amount"]
[1,"Techinician",null,null,"HRS",null,null,{"v":450,"d":"R450.00"},{"$f":"SUM(G44*H44)","v":0}]
[2," Senior Artisan  ",null,null,"HRS",null,null,{"v":350,"d":"R350.00"},{"$f":"SUM(G45*H45)","v":0}]
[3,"Artisan  (Trade Tested)",null,null,"HRS",null,3.5,{"v":300,"d":"R300.00"},{"v":1050,"d":"R 1,050.00"}]
[4,"Utility Man (Non - Trade Tested)",null,null,"HRS",null,null,{"v":200,"d":"R200.00"},0]
[5,"Artisan  Aid",null,null,"HRS",null,3.5,{"v":200,"d":"R200.00"},{"v":700,"d":"R 700.00"}]
[6,"General Worker   (3)",null,null,"HRS",null,null,{"v":140,"d":"R140.00"},0]
[]
[]
[]
["Sub Total C",{"$nulls":7},{"$f":"SUM(I44:I52)","v":{"v":1750,"d":"R 1,750.00"}}]
["TRANSPORT"]
["Item 4","Destinantion",null,null,"No of Trips",null,"KMs","Rate","Amount"]
[1,"Office to Orsmond TB Hospital"]
[null,"  and back.",null,null,1,null,81.8,{"v":5,"d":"R 5.00"},{"$f":"H57*G57","v":{"v":409,"d":"R 409.00"}}]
[]
["Sub Total D",{"$nulls":7},{"$f":"SUM(I56:I58)","v":{"v":409,"d":"R 409.00"}}]
[]
[{"$nulls":6}," Sub Total (A+B+C+D)",null,{"$f":"I59+I53+I41","v":{"v":2962.77,"d":"R 2,962.77"}}]
[]
[{"$nulls":6},"Sub Total",null,{"$f":"I61+I62","v":{"v":2962.77,"d":"R 2,962.77"}}]

{"sheet":"Port Elizabeth (55)","index":62,"n_rows":63,"n_cols":13,"rows_kept":63,"hidden":true,"merged":[[8,0,8,4],[8,5,8,6],[8,7,8,8],[9,5,9,6],[9,7,9,8],[10,5,10,6],[10,7,10,8],[11,5,11,6],[11,7,11,8],[12,7,12,8],[13,5,13,6],[13,7,13,8],[14,5,14,6],[14,7,14,8],[15,0,15,8],[16,0,16,8],[17,1,17,3],[18,1,18,3],[19,1,19,3],[20,1,20,3],[21,0,21,7],[22,0,22,8],[23,1,23,5],[24,1,24,5],[25,1,25,5],[26,1,26,5],[27,1,27,5],[28,1,28,5],[29,1,29,5],[30,1,30,5],[31,1,31,5],[32,1,32,5],[33,1,33,5],[34,1,34,5],[35,1,35,5],[36,1,36,5],[37,1,37,5],[38,0,38,7],[39,0,39,7],[40,0,40,7],[41,0,41,8],[42,1,42,3],[42,4,42,5],[43,1,43,3],[43,4,43,5],[44,1,44,3],[44,4,44,5],[45,1,45,3],[45,4,45,5],[46,1,46,3],[46,4,46,5],[47,1,47,3],[47,4,47,5],[48,1,48,3],[48,4,48,5],[49,1,49,3],[50,1,50,3],[51,1,51,3],[52,0,52,7],[53,0,53,8],[54,1,54,3],[54,4,54,5],[55,1,55,3],[55,4,55,5],[56,1,56,3],[56,4,56,5],[57,1,57,3],[57,4,57,5],[58,0,58,7],[60,0,60,1],[60,2,60,4],[60,6,60,7],[61,0,61,1],[61,2,61,4],[62,0,62,1],[62,2,62,4],[62,6,62,7],[63,2,63,5]]}
{"$rows_empty":8}
["QUOTE TO :",{"$nulls":4},"Qoute No           ",null,{"$f":"#REF!","v":{"$error":"#REF!"}}]
["Department of Health",{"$nulls":4},"Date                   ",null,{"$f":"#REF!","v":{"$error":"#REF!"}}]
["717 Dukumbana Building",{"$nulls":4},"Facility              ",null,{"$f":"#REF!","v":{"$error":"#REF!"}}]
["Independent Avenue",{"$nulls":4},"Work Order     ",null,{"$f":"#REF!","v":{"$error":"#REF!"}}]
["Bhisho",{"$nulls":4},"Tender No       ",null,"SCMU3 - 17/18-0303 - HO"]
[{"$nulls":5},"Contract Term ",null,"24 MONTHS",{"$nulls":4}," "]
[{"$nulls":5},"GEN Id",null,"GEN/NMM/PEP/01"]
["WORK  REQUEST : Generator is faulty."]
["SCHEDULED WORK"]
["Item 1","Description",null,null,"Unit","Sch No","Quantity","Rate","Amount"]
[{"$nulls":8},{"$f":"SUM(G19*H19)","v":0}]
[{"$nulls":8},{"$f":"SUM(G20*H20)","v":0}]
[{"$nulls":8},0]
["Sub Total A",{"$nulls":7},{"$f":"SUM(I19:I21)","v":0}]
["NON SCHEDULED WORK"]
["Item 2","Description",{"$nulls":4},"Quantity","Rate","Amount"]
{"$rows_empty":14}
["Sub  Total",{"$nulls":7},{"$f":"SUM(I25:I38)","v":0}]
["Mark - Up 15%",{"$nulls":7},{"$f":"ROUND((I39*0.15),2)","v":0}]
["SUb  Total  B",{"$nulls":7},{"$f":"I39+I40","v":0}]
["LABOUR"]
["Item 3"," (Normal Rate)",null,null,"Unit",null,"Quantity","Rate","Amount"]
[1,"Techinician",null,null,"HRS",null,null,{"v":450,"d":"R450.00"},{"$f":"SUM(G44*H44)","v":0}]
[2," Senior Artisan  ",null,null,"HRS",null,null,{"v":350,"d":"R350.00"},{"$f":"SUM(G45*H45)","v":0}]
[3,"Artisan  (Trade Tested)",null,null,"HRS",null,2,{"v":300,"d":"R300.00"},{"v":600,"d":"R 600.00"}]
[4,"Utility Man (Non - Trade Tested)",null,null,"HRS",null,null,{"v":200,"d":"R200.00"},0]
[5,"Artisan  Aid",null,null,"HRS",null,2,{"v":200,"d":"R200.00"},{"v":400,"d":"R 400.00"}]
[6,"General Worker   (3)",null,null,"HRS",null,null,{"v":140,"d":"R140.00"},0]
[]
[]
[]
["Sub Total C",{"$nulls":7},{"$f":"SUM(I44:I52)","v":{"v":1000,"d":"R 1,000.00"}}]
["TRANSPORT"]
["Item 4","Destinantion",null,null,"No of Trips",null,"KMs","Rate","Amount"]
[1,"Office to PE Prov. Hospital"]
[null,"  and back.",null,null,1,null,19.6,{"v":5,"d":"R 5.00"},{"$f":"H57*G57","v":{"v":98,"d":"R 98.00"}}]
[]
["Sub Total D",{"$nulls":7},{"$f":"SUM(I56:I58)","v":{"v":98,"d":"R 98.00"}}]
[]
[{"$nulls":6}," Sub Total (A+B+C+D)",null,{"$f":"I59+I53+I41","v":{"v":1098,"d":"R 1,098.00"}}]
[]
[{"$nulls":6},"Sub Total",null,{"$f":"I61+I62","v":{"v":1098,"d":"R 1,098.00"}}]

{"sheet":"Livingston Hosp (56)","index":63,"n_rows":63,"n_cols":13,"rows_kept":63,"hidden":true,"merged":[[8,0,8,4],[8,5,8,6],[8,7,8,8],[9,5,9,6],[9,7,9,8],[10,5,10,6],[10,7,10,8],[11,5,11,6],[11,7,11,8],[12,7,12,8],[13,5,13,6],[13,7,13,8],[14,5,14,6],[14,7,14,8],[15,0,15,8],[16,0,16,8],[17,1,17,3],[18,1,18,3],[19,1,19,3],[20,1,20,3],[21,0,21,7],[22,0,22,8],[23,1,23,5],[24,1,24,5],[25,1,25,5],[26,1,26,5],[27,1,27,5],[28,1,28,5],[29,1,29,5],[30,1,30,5],[31,1,31,5],[32,1,32,5],[33,1,33,5],[34,1,34,5],[35,1,35,5],[36,1,36,5],[37,1,37,5],[38,0,38,7],[39,0,39,7],[40,0,40,7],[41,0,41,8],[42,1,42,3],[42,4,42,5],[43,1,43,3],[43,4,43,5],[44,1,44,3],[44,4,44,5],[45,1,45,3],[45,4,45,5],[46,1,46,3],[46,4,46,5],[47,1,47,3],[47,4,47,5],[48,1,48,3],[48,4,48,5],[49,1,49,3],[50,1,50,3],[51,1,51,3],[52,0,52,7],[53,0,53,8],[54,1,54,3],[54,4,54,5],[55,1,55,3],[55,4,55,5],[56,1,56,3],[56,4,56,5],[57,1,57,3],[57,4,57,5],[58,0,58,7],[60,0,60,1],[60,2,60,4],[60,6,60,7],[61,0,61,1],[61,2,61,4],[62,0,62,1],[62,2,62,4],[62,6,62,7],[63,2,63,5]]}
{"$rows_empty":8}
["QUOTE TO :",{"$nulls":4},"Qoute No           ",null,{"$f":"#REF!","v":{"$error":"#REF!"}}]
["Department of Health",{"$nulls":4},"Date                   ",null,{"$f":"#REF!","v":{"$error":"#REF!"}}]
["717 Dukumbana Building",{"$nulls":4},"Facility              ",null,{"$f":"#REF!","v":{"$error":"#REF!"}}]
["Independent Avenue",{"$nulls":4},"Work Order     ",null,{"$f":"#REF!","v":{"$error":"#REF!"}}]
["Bhisho",{"$nulls":4},"Tender No       ",null,"SCMU3 - 17/18-0303 - HO"]
[{"$nulls":5},"Contract Term ",null,"24 MONTHS",{"$nulls":4}," "]
[{"$nulls":5},"GEN Id",null,"GEN/NMM/LIV/01"]
["WORK  REQUEST : Generator not starting."]
["SCHEDULED WORK"]
["Item 1","Description",null,null,"Unit","Sch No","Quantity","Rate","Amount"]
[{"$nulls":8},{"$f":"SUM(G19*H19)","v":0}]
[{"$nulls":8},{"$f":"SUM(G20*H20)","v":0}]
[{"$nulls":8},0]
["Sub Total A",{"$nulls":7},{"$f":"SUM(I19:I21)","v":0}]
["NON SCHEDULED WORK"]
["Item 2","Description",{"$nulls":4},"Quantity","Rate","Amount"]
{"$rows_empty":14}
["Sub  Total",{"$nulls":7},{"$f":"SUM(I25:I38)","v":0}]
["Mark - Up 15%",{"$nulls":7},{"$f":"ROUND((I39*0.15),2)","v":0}]
["SUb  Total  B",{"$nulls":7},{"$f":"I39+I40","v":0}]
["LABOUR"]
["Item 3"," (Normal Rate)",null,null,"Unit",null,"Quantity","Rate","Amount"]
[1,"Techinician",null,null,"HRS",null,null,{"v":450,"d":"R450.00"},{"$f":"SUM(G44*H44)","v":0}]
[2," Senior Artisan  ",null,null,"HRS",null,null,{"v":350,"d":"R350.00"},{"$f":"SUM(G45*H45)","v":0}]
[3,"Artisan  (Trade Tested)",null,null,"HRS",null,1,{"v":300,"d":"R300.00"},{"v":300,"d":"R 300.00"}]
[4,"Utility Man (Non - Trade Tested)",null,null,"HRS",null,null,{"v":200,"d":"R200.00"},0]
[5,"Artisan  Aid",null,null,"HRS",null,1,{"v":200,"d":"R200.00"},{"v":200,"d":"R 200.00"}]
[6,"General Worker   (3)",null,null,"HRS",null,null,{"v":140,"d":"R140.00"},0]
[]
[]
[]
["Sub Total C",{"$nulls":7},{"$f":"SUM(I44:I52)","v":{"v":500,"d":"R 500.00"}}]
["TRANSPORT"]
["Item 4","Destinantion",null,null,"No of Trips",null,"KMs","Rate","Amount"]
[1,"Office to Livingston Hospital"]
[null,"  and back.",null,null,1,null,21.2,{"v":5,"d":"R 5.00"},{"$f":"H57*G57","v":{"v":106,"d":"R 106.00"}}]
[]
["Sub Total D",{"$nulls":7},{"$f":"SUM(I56:I58)","v":{"v":106,"d":"R 106.00"}}]
[]
[{"$nulls":6}," Sub Total (A+B+C+D)",null,{"$f":"I59+I53+I41","v":{"v":606,"d":"R 606.00"}}]
[]
[{"$nulls":6},"Sub Total",null,{"$f":"I61+I62","v":{"v":606,"d":"R 606.00"}}]

{"sheet":"New Brighton M.(57)","index":64,"n_rows":63,"n_cols":13,"rows_kept":63,"hidden":true,"merged":[[8,0,8,4],[8,5,8,6],[8,7,8,8],[9,5,9,6],[9,7,9,8],[10,5,10,6],[10,7,10,8],[11,5,11,6],[11,7,11,8],[12,7,12,8],[13,5,13,6],[13,7,13,8],[14,5,14,6],[14,7,14,8],[15,0,15,8],[16,0,16,8],[17,1,17,3],[18,1,18,3],[19,1,19,3],[20,1,20,3],[21,0,21,7],[22,0,22,8],[23,1,23,5],[24,1,24,5],[25,1,25,5],[26,1,26,5],[27,1,27,5],[28,1,28,5],[29,1,29,5],[30,1,30,5],[31,1,31,5],[32,1,32,5],[33,1,33,5],[34,1,34,5],[35,1,35,5],[36,1,36,5],[37,1,37,5],[38,0,38,7],[39,0,39,7],[40,0,40,7],[41,0,41,8],[42,1,42,3],[42,4,42,5],[43,1,43,3],[43,4,43,5],[44,1,44,3],[44,4,44,5],[45,1,45,3],[45,4,45,5],[46,1,46,3],[46,4,46,5],[47,1,47,3],[47,4,47,5],[48,1,48,3],[48,4,48,5],[49,1,49,3],[50,1,50,3],[51,1,51,3],[52,0,52,7],[53,0,53,8],[54,1,54,3],[54,4,54,5],[55,1,55,3],[55,4,55,5],[56,1,56,3],[56,4,56,5],[57,1,57,3],[57,4,57,5],[58,0,58,7],[60,0,60,1],[60,2,60,4],[60,6,60,7],[61,0,61,1],[61,2,61,4],[62,0,62,1],[62,2,62,4],[62,6,62,7],[63,2,63,5]]}
{"$rows_empty":8}
["QUOTE TO :",{"$nulls":4},"Qoute No           ",null,{"$f":"#REF!","v":{"$error":"#REF!"}}]
["Department of Health",{"$nulls":4},"Date                   ",null,{"$f":"#REF!","v":{"$error":"#REF!"}}]
["717 Dukumbana Building",{"$nulls":4},"Facility              ",null,{"$f":"#REF!","v":{"$error":"#REF!"}}]
["Independent Avenue",{"$nulls":4},"Work Order     ",null,{"$f":"#REF!","v":{"$error":"#REF!"}}]
["Bhisho",{"$nulls":4},"Tender No       ",null,"SCMU3 - 17/18-0303 - HO"]
[{"$nulls":5},"Contract Term ",null,"24 MONTHS",{"$nulls":4}," "]
[{"$nulls":5},"GEN Id",null,"GEN/NMM/NEW/01"]
["WORK  REQUEST : Generator is faulty."]
["SCHEDULED WORK"]
["Item 1","Description",null,null,"Unit","Sch No","Quantity","Rate","Amount"]
[{"$nulls":8},{"$f":"SUM(G19*H19)","v":0}]
[{"$nulls":8},{"$f":"SUM(G20*H20)","v":0}]
[{"$nulls":8},0]
["Sub Total A",{"$nulls":7},{"$f":"SUM(I19:I21)","v":0}]
["NON SCHEDULED WORK"]
["Item 2","Description",{"$nulls":4},"Quantity","Rate","Amount"]
[1,"Battery 674",{"$nulls":4},1,1652.17,{"$f":"H25*G25","v":{"v":1652.17,"d":"R 1,652.17"}}]
{"$rows_empty":13}
["Sub  Total",{"$nulls":7},{"$f":"SUM(I25:I38)","v":{"v":1652.17,"d":"R 1,652.17"}}]
["Mark - Up 15%",{"$nulls":7},{"$f":"ROUND((I39*0.15),2)","v":{"v":247.83,"d":"R 247.83"}}]
["SUb  Total  B",{"$nulls":7},{"$f":"I39+I40","v":{"v":1900,"d":"R 1,900.00"}}]
["LABOUR"]
["Item 3"," (Normal Rate)",null,null,"Unit",null,"Quantity","Rate","Amount"]
[1,"Techinician",null,null,"HRS",null,null,{"v":450,"d":"R450.00"},{"$f":"SUM(G44*H44)","v":0}]
[2," Senior Artisan  ",null,null,"HRS",null,null,{"v":350,"d":"R350.00"},{"$f":"SUM(G45*H45)","v":0}]
[3,"Artisan  (Trade Tested)",null,null,"HRS",null,1,{"v":300,"d":"R300.00"},{"v":300,"d":"R 300.00"}]
[4,"Utility Man (Non - Trade Tested)",null,null,"HRS",null,null,{"v":200,"d":"R200.00"},0]
[5,"Artisan  Aid",null,null,"HRS",null,1,{"v":200,"d":"R200.00"},{"v":200,"d":"R 200.00"}]
[6,"General Worker   (3)",null,null,"HRS",null,null,{"v":140,"d":"R140.00"},0]
[]
[]
[]
["Sub Total C",{"$nulls":7},{"$f":"SUM(I44:I52)","v":{"v":500,"d":"R 500.00"}}]
["TRANSPORT"]
["Item 4","Destinantion",null,null,"No of Trips",null,"KMs","Rate","Amount"]
[1,"Office to New Brighton Mortuary"]
[null,"  and back.",null,null,1,null,26.2,{"v":5,"d":"R 5.00"},{"$f":"H57*G57","v":{"v":131,"d":"R 131.00"}}]
[]
["Sub Total D",{"$nulls":7},{"$f":"SUM(I56:I58)","v":{"v":131,"d":"R 131.00"}}]
[]
[{"$nulls":6}," Sub Total (A+B+C+D)",null,{"$f":"I59+I53+I41","v":{"v":2531,"d":"R 2,531.00"}}]
[]
[{"$nulls":6},"Sub Total",null,{"$f":"I61+I62","v":{"v":2531,"d":"R 2,531.00"}}]

{"sheet":"West End (58)","index":65,"n_rows":63,"n_cols":13,"rows_kept":63,"hidden":true,"merged":[[8,0,8,4],[8,5,8,6],[8,7,8,8],[9,5,9,6],[9,7,9,8],[10,5,10,6],[10,7,10,8],[11,5,11,6],[11,7,11,8],[12,7,12,8],[13,5,13,6],[13,7,13,8],[14,5,14,6],[14,7,14,8],[15,0,15,8],[16,0,16,8],[17,1,17,3],[18,1,18,3],[19,1,19,3],[20,1,20,3],[21,0,21,7],[22,0,22,8],[23,1,23,5],[24,1,24,5],[25,1,25,5],[26,1,26,5],[27,1,27,5],[28,1,28,5],[29,1,29,5],[30,1,30,5],[31,1,31,5],[32,1,32,5],[33,1,33,5],[34,1,34,5],[35,1,35,5],[36,1,36,5],[37,1,37,5],[38,0,38,7],[39,0,39,7],[40,0,40,7],[41,0,41,8],[42,1,42,3],[42,4,42,5],[43,1,43,3],[43,4,43,5],[44,1,44,3],[44,4,44,5],[45,1,45,3],[45,4,45,5],[46,1,46,3],[46,4,46,5],[47,1,47,3],[47,4,47,5],[48,1,48,3],[48,4,48,5],[49,1,49,3],[50,1,50,3],[51,1,51,3],[52,0,52,7],[53,0,53,8],[54,1,54,3],[54,4,54,5],[55,1,55,3],[55,4,55,5],[56,1,56,3],[56,4,56,5],[57,1,57,3],[57,4,57,5],[58,0,58,7],[60,0,60,1],[60,2,60,4],[60,6,60,7],[61,0,61,1],[61,2,61,4],[62,0,62,1],[62,2,62,4],[62,6,62,7],[63,2,63,5]]}
{"$rows_empty":8}
["QUOTE TO :",{"$nulls":4},"Qoute No           ",null,{"$f":"#REF!","v":{"$error":"#REF!"}}]
["Department of Health",{"$nulls":4},"Date                   ",null,{"$f":"#REF!","v":{"$error":"#REF!"}}]
["717 Dukumbana Building",{"$nulls":4},"Facility              ",null,{"$f":"#REF!","v":{"$error":"#REF!"}}]
["Independent Avenue",{"$nulls":4},"Work Order     ",null,{"$f":"#REF!","v":{"$error":"#REF!"}}]
["Bhisho",{"$nulls":4},"Tender No       ",null,"SCMU3 - 17/18-0303 - HO"]
[{"$nulls":5},"Contract Term ",null,"24 MONTHS",{"$nulls":4}," "]
[{"$nulls":5},"GEN Id",null,"GEN/NMM/WES/01"]
["WORK  REQUEST : Generator is faulty."]
["SCHEDULED WORK"]
["Item 1","Description",null,null,"Unit","Sch No","Quantity","Rate","Amount"]
[{"$nulls":8},{"$f":"SUM(G19*H19)","v":0}]
[{"$nulls":8},{"$f":"SUM(G20*H20)","v":0}]
[{"$nulls":8},0]
["Sub Total A",{"$nulls":7},{"$f":"SUM(I19:I21)","v":0}]
["NON SCHEDULED WORK"]
["Item 2","Description",{"$nulls":4},"Quantity","Rate","Amount"]
[1,"Battery 658",{"$nulls":4},1,1686.96,{"$f":"H25*G25","v":{"v":1686.96,"d":"R 1,686.96"}}]
{"$rows_empty":13}
["Sub  Total",{"$nulls":7},{"$f":"SUM(I25:I38)","v":{"v":1686.96,"d":"R 1,686.96"}}]
["Mark - Up 15%",{"$nulls":7},{"$f":"ROUND((I39*0.15),2)","v":{"v":253.04,"d":"R 253.04"}}]
["SUb  Total  B",{"$nulls":7},{"$f":"I39+I40","v":{"v":1940,"d":"R 1,940.00"}}]
["LABOUR"]
["Item 3"," (Normal Rate)",null,null,"Unit",null,"Quantity","Rate","Amount"]
[1,"Techinician",null,null,"HRS",null,null,{"v":450,"d":"R450.00"},{"$f":"SUM(G44*H44)","v":0}]
[2," Senior Artisan  ",null,null,"HRS",null,null,{"v":350,"d":"R350.00"},{"$f":"SUM(G45*H45)","v":0}]
[3,"Artisan  (Trade Tested)",null,null,"HRS",null,1,{"v":300,"d":"R300.00"},{"v":300,"d":"R 300.00"}]
[4,"Utility Man (Non - Trade Tested)",null,null,"HRS",null,null,{"v":200,"d":"R200.00"},0]
[5,"Artisan  Aid",null,null,"HRS",null,1,{"v":200,"d":"R200.00"},{"v":200,"d":"R 200.00"}]
[6,"General Worker   (3)",null,null,"HRS",null,null,{"v":140,"d":"R140.00"},0]
[]
[]
[]
["Sub Total C",{"$nulls":7},{"$f":"SUM(I44:I52)","v":{"v":500,"d":"R 500.00"}}]
["TRANSPORT"]
["Item 4","Destinantion",null,null,"No of Trips",null,"KMs","Rate","Amount"]
[1,"Office to West End"]
[null,"  and back.",null,null,1,null,34,{"v":5,"d":"R 5.00"},{"$f":"H57*G57","v":{"v":170,"d":"R 170.00"}}]
[]
["Sub Total D",{"$nulls":7},{"$f":"SUM(I56:I58)","v":{"v":170,"d":"R 170.00"}}]
[]
[{"$nulls":6}," Sub Total (A+B+C+D)",null,{"$f":"I59+I53+I41","v":{"v":2610,"d":"R 2,610.00"}}]
[]
[{"$nulls":6},"Sub Total",null,{"$f":"I61+I62","v":{"v":2610,"d":"R 2,610.00"}}]

{"sheet":"Dora Ngiza chc (59)","index":66,"n_rows":63,"n_cols":13,"rows_kept":63,"hidden":true,"merged":[[8,0,8,4],[8,5,8,6],[8,7,8,8],[9,5,9,6],[9,7,9,8],[10,5,10,6],[10,7,10,8],[11,5,11,6],[11,7,11,8],[12,7,12,8],[13,5,13,6],[13,7,13,8],[14,5,14,6],[14,7,14,8],[15,0,15,8],[16,0,16,8],[17,1,17,3],[18,1,18,3],[19,1,19,3],[20,1,20,3],[21,0,21,7],[22,0,22,8],[23,1,23,5],[24,1,24,5],[25,1,25,5],[26,1,26,5],[27,1,27,5],[28,1,28,5],[29,1,29,5],[30,1,30,5],[31,1,31,5],[32,1,32,5],[33,1,33,5],[34,1,34,5],[35,1,35,5],[36,1,36,5],[37,1,37,5],[38,0,38,7],[39,0,39,7],[40,0,40,7],[41,0,41,8],[42,1,42,3],[42,4,42,5],[43,1,43,3],[43,4,43,5],[44,1,44,3],[44,4,44,5],[45,1,45,3],[45,4,45,5],[46,1,46,3],[46,4,46,5],[47,1,47,3],[47,4,47,5],[48,1,48,3],[48,4,48,5],[49,1,49,3],[50,1,50,3],[51,1,51,3],[52,0,52,7],[53,0,53,8],[54,1,54,3],[54,4,54,5],[55,1,55,3],[55,4,55,5],[56,1,56,3],[56,4,56,5],[57,1,57,3],[57,4,57,5],[58,0,58,7],[60,0,60,1],[60,2,60,4],[60,6,60,7],[61,0,61,1],[61,2,61,4],[62,0,62,1],[62,2,62,4],[62,6,62,7],[63,2,63,5]]}
{"$rows_empty":8}
["QUOTE TO :",{"$nulls":4},"Qoute No           ",null,{"$f":"#REF!","v":{"$error":"#REF!"}}]
["Department of Health",{"$nulls":4},"Date                   ",null,{"$f":"#REF!","v":{"$error":"#REF!"}}]
["717 Dukumbana Building",{"$nulls":4},"Facility              ",null,{"$f":"#REF!","v":{"$error":"#REF!"}}]
["Independent Avenue",{"$nulls":4},"Work Order     ",null,{"$f":"#REF!","v":{"$error":"#REF!"}}]
["Bhisho",{"$nulls":4},"Tender No       ",null,"SCMU3 - 17/18-0303 - HO"]
[{"$nulls":5},"Contract Term ",null,"24 MONTHS",{"$nulls":4}," "]
[{"$nulls":5},"GEN Id",null,"GEN/NMM/DOR/01"]
["WORK  REQUEST : Generator is faulty."]
["SCHEDULED WORK"]
["Item 1","Description",null,null,"Unit","Sch No","Quantity","Rate","Amount"]
[{"$nulls":8},{"$f":"SUM(G19*H19)","v":0}]
[{"$nulls":8},{"$f":"SUM(G20*H20)","v":0}]
[{"$nulls":8},0]
["Sub Total A",{"$nulls":7},{"$f":"SUM(I19:I21)","v":0}]
["NON SCHEDULED WORK"]
["Item 2","Description",{"$nulls":4},"Quantity","Rate","Amount"]
[1,"Battery 682",{"$nulls":4},2,2343.48,{"$f":"H25*G25","v":{"v":4686.96,"d":"R 4,686.96"}}]
[2,"60A Circuit Breaker",{"$nulls":4},1,{"v":498,"d":"498.00"},{"$f":"H26*G26","v":{"v":498,"d":"R 498.00"}}]
{"$rows_empty":12}
["Sub  Total",{"$nulls":7},{"$f":"SUM(I25:I38)","v":{"v":5184.96,"d":"R 5,184.96"}}]
["Mark - Up 15%",{"$nulls":7},{"$f":"ROUND((I39*0.15),2)","v":{"v":777.74,"d":"R 777.74"}}]
["SUb  Total  B",{"$nulls":7},{"$f":"I39+I40","v":{"v":5962.7,"d":"R 5,962.70"}}]
["LABOUR"]
["Item 3"," (Normal Rate)",null,null,"Unit",null,"Quantity","Rate","Amount"]
[1,"Techinician",null,null,"HRS",null,6,{"v":450,"d":"R450.00"},{"$f":"SUM(G44*H44)","v":{"v":2700,"d":"R 2,700.00"}}]
[2," Senior Artisan  ",null,null,"HRS",null,null,{"v":350,"d":"R350.00"},{"$f":"SUM(G45*H45)","v":0}]
[3,"Artisan  (Trade Tested)",null,null,"HRS",null,null,{"v":300,"d":"R300.00"},0]
[4,"Utility Man (Non - Trade Tested)",null,null,"HRS",null,null,{"v":200,"d":"R200.00"},0]
[5,"Artisan  Aid",null,null,"HRS",null,6,{"v":200,"d":"R200.00"},{"v":1200,"d":"R 1,200.00"}]
[6,"General Worker   (3)",null,null,"HRS",null,null,{"v":140,"d":"R140.00"},0]
[]
[]
[]
["Sub Total C",{"$nulls":7},{"$f":"SUM(I44:I52)","v":{"v":3900,"d":"R 3,900.00"}}]
["TRANSPORT"]
["Item 4","Destinantion",null,null,"No of Trips",null,"KMs","Rate","Amount"]
[1,"Office to Dora Ngiza Hospital"]
[null,"  and back.",null,null,2,null,66.4,{"v":5,"d":"R 5.00"},{"$f":"H57*G57","v":{"v":332,"d":"R 332.00"}}]
[]
["Sub Total D",{"$nulls":7},{"$f":"SUM(I56:I58)","v":{"v":332,"d":"R 332.00"}}]
[]
[{"$nulls":6}," Sub Total (A+B+C+D)",null,{"$f":"I59+I53+I41","v":{"v":10194.7,"d":"R 10,194.70"}}]
[]
[{"$nulls":6},"Sub Total",null,{"$f":"I61+I62","v":{"v":10194.7,"d":"R 10,194.70"}}]

{"sheet":"New Brighston (60)","index":67,"n_rows":63,"n_cols":13,"rows_kept":63,"hidden":true,"merged":[[8,0,8,4],[8,5,8,6],[8,7,8,8],[9,5,9,6],[9,7,9,8],[10,5,10,6],[10,7,10,8],[11,5,11,6],[11,7,11,8],[12,7,12,8],[13,5,13,6],[13,7,13,8],[14,5,14,6],[14,7,14,8],[15,0,15,8],[16,0,16,8],[17,1,17,3],[18,1,18,3],[19,1,19,3],[20,1,20,3],[21,0,21,7],[22,0,22,8],[23,1,23,5],[24,1,24,5],[25,1,25,5],[26,1,26,5],[27,1,27,5],[28,1,28,5],[29,1,29,5],[30,1,30,5],[31,1,31,5],[32,1,32,5],[33,1,33,5],[34,1,34,5],[35,1,35,5],[36,1,36,5],[37,1,37,5],[38,0,38,7],[39,0,39,7],[40,0,40,7],[41,0,41,8],[42,1,42,3],[42,4,42,5],[43,1,43,3],[43,4,43,5],[44,1,44,3],[44,4,44,5],[45,1,45,3],[45,4,45,5],[46,1,46,3],[46,4,46,5],[47,1,47,3],[47,4,47,5],[48,1,48,3],[48,4,48,5],[49,1,49,3],[50,1,50,3],[51,1,51,3],[52,0,52,7],[53,0,53,8],[54,1,54,3],[54,4,54,5],[55,1,55,3],[55,4,55,5],[56,1,56,3],[56,4,56,5],[57,1,57,3],[57,4,57,5],[58,0,58,7],[60,0,60,1],[60,2,60,4],[60,6,60,7],[61,0,61,1],[61,2,61,4],[62,0,62,1],[62,2,62,4],[62,6,62,7],[63,2,63,5]]}
{"$rows_empty":8}
["QUOTE TO :",{"$nulls":4},"Qoute No           ",null,{"$f":"#REF!","v":{"$error":"#REF!"}}]
["Department of Health",{"$nulls":4},"Date                   ",null,{"$f":"#REF!","v":{"$error":"#REF!"}}]
["717 Dukumbana Building",{"$nulls":4},"Facility              ",null,{"$f":"#REF!","v":{"$error":"#REF!"}}]
["Independent Avenue",{"$nulls":4},"Work Order     ",null,{"$f":"#REF!","v":{"$error":"#REF!"}}]
["Bhisho",{"$nulls":4},"Tender No       ",null,"SCMU3 - 17/18-0303 - HO"]
[{"$nulls":5},"Contract Term ",null,"24 MONTHS",{"$nulls":4}," "]
[{"$nulls":5},"GEN Id",null,"GEN/NMM/NEW/01"]
["WORK  REQUEST : Connection of other areas to the generator."]
["SCHEDULED WORK"]
["Item 1","Description",null,null,"Unit","Sch No","Quantity","Rate","Amount"]
[{"$nulls":8},{"$f":"SUM(G19*H19)","v":0}]
[{"$nulls":8},{"$f":"SUM(G20*H20)","v":0}]
[{"$nulls":8},0]
["Sub Total A",{"$nulls":7},{"$f":"SUM(I19:I21)","v":0}]
["NON SCHEDULED WORK"]
["Item 2","Description",{"$nulls":4},"Quantity","Rate","Amount"]
[1,"Spray fast dry",{"$nulls":4},3,65.21,{"$f":"H25*G25","v":{"v":195.63,"d":"R 195.63"}}]
[2,"Water  paper sheet ",{"$nulls":4},4,12.17,{"$f":"H26*G26","v":{"v":48.68,"d":"R 48.68"}}]
[3,"Water paper sheet grit",{"$nulls":4},1,57.39,{"$f":"H27*G27","v":{"v":57.39,"d":"R 57.39"}}]
{"$rows_empty":11}
["Sub  Total",{"$nulls":7},{"v":301.73,"d":"R 301.73"}]
["Mark - Up 15%",{"$nulls":7},{"$f":"ROUND((I39*0.15),2)","v":{"v":45.26,"d":"R 45.26"}}]
["SUb  Total  B",{"$nulls":7},{"$f":"I39+I40","v":{"v":346.99,"d":"R 346.99"}}]
["LABOUR"]
["Item 3"," (Normal Rate)",null,null,"Unit",null,"Quantity","Rate","Amount"]
[1,"Techinician",null,null,"HRS",null,null,{"v":450,"d":"R450.00"},{"$f":"SUM(G44*H44)","v":0}]
[2," Senior Artisan  ",null,null,"HRS",null,null,{"v":350,"d":"R350.00"},{"$f":"SUM(G45*H45)","v":0}]
[3,"Artisan  (Trade Tested)",null,null,"HRS",null,34,{"v":300,"d":"R300.00"},{"v":10200,"d":"R 10,200.00"}]
[4,"Utility Man (Non - Trade Tested)",null,null,"HRS",null,null,{"v":200,"d":"R200.00"},0]
[5,"Artisan  Aid",null,null,"HRS",null,34,{"v":200,"d":"R200.00"},{"v":6800,"d":"R 6,800.00"}]
[6,"General Worker   (3)",null,null,"HRS",null,null,{"v":140,"d":"R140.00"},0]
[]
[]
[]
["Sub Total C",{"$nulls":7},{"$f":"SUM(I44:I52)","v":{"v":17000,"d":"R 17,000.00"}}]
["TRANSPORT"]
["Item 4","Destinantion",null,null,"No of Trips",null,"KMs","Rate","Amount"]
[1,"Office to New Brighston Forensic"]
[null,"  and back.",null,null,4,null,104.8,{"v":5,"d":"R 5.00"},{"$f":"H57*G57","v":{"v":524,"d":"R 524.00"}}]
[]
["Sub Total D",{"$nulls":7},{"$f":"SUM(I56:I58)","v":{"v":524,"d":"R 524.00"}}]
[]
[{"$nulls":6}," Sub Total (A+B+C+D)",null,{"$f":"I59+I53+I41","v":{"v":17870.99,"d":"R 17,870.99"}}]
[]
[{"$nulls":6},"Sub Total",null,{"$f":"I61+I62","v":{"v":17870.99,"d":"R 17,870.99"}}]

{"sheet":"Jose Pearson TB Hosp (61)","index":68,"n_rows":63,"n_cols":13,"rows_kept":63,"hidden":true,"merged":[[8,0,8,4],[8,5,8,6],[8,7,8,8],[9,5,9,6],[9,7,9,8],[10,5,10,6],[10,7,10,8],[11,5,11,6],[11,7,11,8],[12,7,12,8],[13,5,13,6],[13,7,13,8],[14,5,14,6],[14,7,14,8],[15,0,15,8],[16,0,16,8],[17,1,17,3],[18,1,18,3],[19,1,19,3],[20,1,20,3],[21,0,21,7],[22,0,22,8],[23,1,23,5],[24,1,24,5],[25,1,25,5],[26,1,26,5],[27,1,27,5],[28,1,28,5],[29,1,29,5],[30,1,30,5],[31,1,31,5],[32,1,32,5],[33,1,33,5],[34,1,34,5],[35,1,35,5],[36,1,36,5],[37,1,37,5],[38,0,38,7],[39,0,39,7],[40,0,40,7],[41,0,41,8],[42,1,42,3],[42,4,42,5],[43,1,43,3],[43,4,43,5],[44,1,44,3],[44,4,44,5],[45,1,45,3],[45,4,45,5],[46,1,46,3],[46,4,46,5],[47,1,47,3],[47,4,47,5],[48,1,48,3],[48,4,48,5],[49,1,49,3],[50,1,50,3],[51,1,51,3],[52,0,52,7],[53,0,53,8],[54,1,54,3],[54,4,54,5],[55,1,55,3],[55,4,55,5],[56,1,56,3],[56,4,56,5],[57,1,57,3],[57,4,57,5],[58,0,58,7],[60,0,60,1],[60,2,60,4],[60,6,60,7],[61,0,61,1],[61,2,61,4],[62,0,62,1],[62,2,62,4],[62,6,62,7],[63,2,63,5]]}
{"$rows_empty":8}
["QUOTE TO :",{"$nulls":4},"Qoute No           ",null,{"$f":"#REF!","v":{"$error":"#REF!"}}]
["Department of Health",{"$nulls":4},"Date                   ",null,{"$f":"#REF!","v":{"$error":"#REF!"}}]
["717 Dukumbana Building",{"$nulls":4},"Facility              ",null,{"$f":"#REF!","v":{"$error":"#REF!"}}]
["Independent Avenue",{"$nulls":4},"Work Order     ",null,{"$f":"#REF!","v":{"$error":"#REF!"}}]
["Bhisho",{"$nulls":4},"Tender No       ",null,"SCMU3 - 17/18-0303 - HO"]
[{"$nulls":5},"Contract Term ",null,"24 MONTHS",{"$nulls":4}," "]
[{"$nulls":5},"GEN Id",null,"GEN/NMM/JOS/01"]
["WORK  REQUEST : Generator not strting up."]
["SCHEDULED WORK"]
["Item 1","Description",null,null,"Unit","Sch No","Quantity","Rate","Amount"]
[{"$nulls":8},{"$f":"SUM(G19*H19)","v":0}]
[{"$nulls":8},{"$f":"SUM(G20*H20)","v":0}]
[{"$nulls":8},0]
["Sub Total A",{"$nulls":7},{"$f":"SUM(I19:I21)","v":0}]
["NON SCHEDULED WORK"]
["Item 2","Description",{"$nulls":4},"Quantity","Rate","Amount"]
{"$rows_empty":14}
["Sub  Total"]
["Mark - Up 15%"]
["SUb  Total  B"]
["LABOUR"]
["Item 3"," (Normal Rate)",null,null,"Unit",null,"Quantity","Rate","Amount"]
[1,"Techinician",null,null,"HRS",null,null,{"v":450,"d":"R450.00"},{"$f":"SUM(G44*H44)","v":0}]
[2," Senior Artisan  ",null,null,"HRS",null,null,{"v":350,"d":"R350.00"},{"$f":"SUM(G45*H45)","v":0}]
[3,"Artisan  (Trade Tested)",null,null,"HRS",null,1,{"v":300,"d":"R300.00"},{"v":300,"d":"R 300.00"}]
[4,"Utility Man (Non - Trade Tested)",null,null,"HRS",null,null,{"v":200,"d":"R200.00"},0]
[5,"Artisan  Aid",null,null,"HRS",null,1,{"v":200,"d":"R200.00"},{"v":200,"d":"R 200.00"}]
[6,"General Worker   (3)",null,null,"HRS",null,null,{"v":140,"d":"R140.00"},0]
[]
[]
[]
["Sub Total C",{"$nulls":7},{"$f":"SUM(I44:I52)","v":{"v":500,"d":"R 500.00"}}]
["TRANSPORT"]
["Item 4","Destinantion",null,null,"No of Trips",null,"KMs","Rate","Amount"]
[1,"Office to Jose Pearson TB Hospital"]
[null,"  and back.",null,null,1,null,56.6,{"v":5,"d":"R 5.00"},{"$f":"H57*G57","v":{"v":283,"d":"R 283.00"}}]
[]
["Sub Total D",{"$nulls":7},{"$f":"SUM(I56:I58)","v":{"v":283,"d":"R 283.00"}}]
[]
[{"$nulls":6}," Sub Total (A+B+C+D)",null,{"$f":"I59+I53+I41","v":{"v":783,"d":"R 783.00"}}]
[]
[{"$nulls":6},"Sub Total",null,{"$f":"I61+I62","v":{"v":783,"d":"R 783.00"}}]

{"sheet":"Jose Pearson TB Hosp (62)","index":69,"n_rows":63,"n_cols":13,"rows_kept":63,"hidden":true,"merged":[[8,0,8,4],[8,5,8,6],[8,7,8,8],[9,5,9,6],[9,7,9,8],[10,5,10,6],[10,7,10,8],[11,5,11,6],[11,7,11,8],[12,7,12,8],[13,5,13,6],[13,7,13,8],[14,5,14,6],[14,7,14,8],[15,0,15,8],[16,0,16,8],[17,1,17,3],[18,1,18,3],[19,1,19,3],[20,1,20,3],[21,0,21,7],[22,0,22,8],[23,1,23,5],[24,1,24,5],[25,1,25,5],[26,1,26,5],[27,1,27,5],[28,1,28,5],[29,1,29,5],[30,1,30,5],[31,1,31,5],[32,1,32,5],[33,1,33,5],[34,1,34,5],[35,1,35,5],[36,1,36,5],[37,1,37,5],[38,0,38,7],[39,0,39,7],[40,0,40,7],[41,0,41,8],[42,1,42,3],[42,4,42,5],[43,1,43,3],[43,4,43,5],[44,1,44,3],[44,4,44,5],[45,1,45,3],[45,4,45,5],[46,1,46,3],[46,4,46,5],[47,1,47,3],[47,4,47,5],[48,1,48,3],[48,4,48,5],[49,1,49,3],[50,1,50,3],[51,1,51,3],[52,0,52,7],[53,0,53,8],[54,1,54,3],[54,4,54,5],[55,1,55,3],[55,4,55,5],[56,1,56,3],[56,4,56,5],[57,1,57,3],[57,4,57,5],[58,0,58,7],[60,0,60,1],[60,2,60,4],[60,6,60,7],[61,0,61,1],[61,2,61,4],[62,0,62,1],[62,2,62,4],[62,6,62,7],[63,2,63,5]]}
{"$rows_empty":8}
["QUOTE TO :",{"$nulls":4},"Qoute No           ",null,{"$f":"#REF!","v":{"$error":"#REF!"}}]
["Department of Health",{"$nulls":4},"Date                   ",null,{"$f":"#REF!","v":{"$error":"#REF!"}}]
["717 Dukumbana Building",{"$nulls":4},"Facility              ",null,{"$f":"#REF!","v":{"$error":"#REF!"}}]
["Independent Avenue",{"$nulls":4},"Work Order     ",null,{"$f":"#REF!","v":{"$error":"#REF!"}}]
["Bhisho",{"$nulls":4},"Tender No       ",null,"SCMU3 - 17/18-0303 - HO"]
[{"$nulls":5},"Contract Term ",null,"24 MONTHS",{"$nulls":4}," "]
[{"$nulls":5},"GEN Id",null,"GEN/NMM/JOS/01"]
["WORK  REQUEST : Stand by generator is faulty."]
["SCHEDULED WORK"]
["Item 1","Description",null,null,"Unit","Sch No","Quantity","Rate","Amount"]
[{"$nulls":8},{"$f":"SUM(G19*H19)","v":0}]
[{"$nulls":8},{"$f":"SUM(G20*H20)","v":0}]
[{"$nulls":8},0]
["Sub Total A",{"$nulls":7},{"$f":"SUM(I19:I21)","v":0}]
["NON SCHEDULED WORK"]
["Item 2","Description",{"$nulls":4},"Quantity","Rate","Amount"]
[1,"Control module (7320 Deep sea)",{"$nulls":4},1,{"v":9509,"d":"9509.00"},{"$f":"H25*G25","v":{"v":9509,"d":"R 9,509.00"}}]
{"$rows_empty":13}
["Sub  Total",{"$nulls":7},{"$f":"SUM(I25:I38)","v":{"v":9509,"d":"R 9,509.00"}}]
["Mark - Up 15%",{"$nulls":7},{"$f":"ROUND((I39*0.15),2)","v":{"v":1426.35,"d":"R 1,426.35"}}]
["SUb  Total  B",{"$nulls":7},{"$f":"I39+I40","v":{"v":10935.35,"d":"R 10,935.35"}}]
["LABOUR"]
["Item 3"," (Normal Rate)",null,null,"Unit",null,"Quantity","Rate","Amount"]
[1,"Techinician",null,null,"HRS",null,null,{"v":450,"d":"R450.00"},{"$f":"SUM(G44*H44)","v":0}]
[2," Senior Artisan  ",null,null,"HRS",null,null,{"v":350,"d":"R350.00"},{"$f":"SUM(G45*H45)","v":0}]
[3,"Artisan  (Trade Tested)",null,null,"HRS",null,3,{"v":300,"d":"R300.00"},{"v":900,"d":"R 900.00"}]
[4,"Utility Man (Non - Trade Tested)",null,null,"HRS",null,null,{"v":200,"d":"R200.00"},0]
[5,"Artisan  Aid",null,null,"HRS",null,3,{"v":200,"d":"R200.00"},{"v":600,"d":"R 600.00"}]
[6,"General Worker   (3)",null,null,"HRS",null,null,{"v":140,"d":"R140.00"},0]
[]
[]
[]
["Sub Total C",{"$nulls":7},{"$f":"SUM(I44:I52)","v":{"v":1500,"d":"R 1,500.00"}}]
["TRANSPORT"]
["Item 4","Destinantion",null,null,"No of Trips",null,"KMs","Rate","Amount"]
[1,"Office to Jose Pearson TB Hospital"]
[null,"  and back.",null,null,1,null,56.6,{"v":5,"d":"R 5.00"},{"$f":"H57*G57","v":{"v":283,"d":"R 283.00"}}]
[]
["Sub Total D",{"$nulls":7},{"$f":"SUM(I56:I58)","v":{"v":283,"d":"R 283.00"}}]
[]
[{"$nulls":6}," Sub Total (A+B+C+D)",null,{"$f":"I59+I53+I41","v":{"v":12718.35,"d":"R 12,718.35"}}]
[]
[{"$nulls":6},"Sub Total",null,{"$f":"I61+I62","v":{"v":12718.35,"d":"R 12,718.35"}}]

{"sheet":"Livingstone Hosp (63)","index":70,"n_rows":62,"n_cols":13,"rows_kept":62,"hidden":true,"merged":[[8,0,8,4],[8,5,8,6],[8,7,8,8],[9,5,9,6],[9,7,9,8],[10,5,10,6],[10,7,10,8],[11,5,11,6],[11,7,11,8],[12,7,12,8],[13,5,13,6],[13,7,13,8],[14,5,14,6],[14,7,14,8],[15,0,15,8],[16,0,16,8],[17,1,17,3],[18,1,18,3],[19,1,19,3],[20,1,20,3],[21,0,21,7],[22,0,22,8],[23,1,23,5],[24,1,24,5],[25,1,25,5],[26,1,26,5],[27,1,27,5],[28,1,28,5],[29,1,29,5],[30,1,30,5],[31,1,31,5],[32,1,32,5],[33,1,33,5],[34,1,34,5],[35,1,35,5],[36,1,36,5],[37,1,37,5],[38,0,38,7],[39,0,39,7],[40,0,40,7],[41,0,41,8],[42,1,42,3],[42,4,42,5],[43,1,43,3],[43,4,43,5],[44,1,44,3],[44,4,44,5],[45,1,45,3],[45,4,45,5],[46,1,46,3],[46,4,46,5],[47,1,47,3],[47,4,47,5],[48,1,48,3],[48,4,48,5],[49,1,49,3],[50,1,50,3],[51,1,51,3],[52,0,52,7],[53,0,53,8],[54,1,54,3],[54,4,54,5],[55,1,55,3],[55,4,55,5],[56,1,56,3],[56,4,56,5],[57,0,57,7],[59,0,59,1],[59,2,59,4],[59,6,59,7],[60,0,60,1],[60,2,60,4],[61,0,61,1],[61,2,61,4],[61,6,61,7],[62,2,62,5]]}
{"$rows_empty":8}
["QUOTE TO :",{"$nulls":4},"Qoute No           ",null,{"$f":"#REF!","v":{"$error":"#REF!"}}]
["Department of Health",{"$nulls":4},"Date                   ",null,{"$f":"#REF!","v":{"$error":"#REF!"}}]
["717 Dukumbana Building",{"$nulls":4},"Facility              ",null,{"$f":"#REF!","v":{"$error":"#REF!"}}]
["Independent Avenue",{"$nulls":4},"Work Order     ",null,{"$f":"#REF!","v":{"$error":"#REF!"}}]
["Bhisho",{"$nulls":4},"Tender No       ",null,"SCMU3 - 17/18-0303 - HO"]
[{"$nulls":5},"Contract Term ",null,"24 MONTHS",{"$nulls":4}," "]
[{"$nulls":5},"GEN Id",null,"GEN/NMM/LIV/01"]
["WORK  REQUEST : Generator is faulty."]
["SCHEDULED WORK"]
["Item 1","Description",null,null,"Unit","Sch No","Quantity","Rate","Amount"]
[{"$nulls":8},{"$f":"SUM(G19*H19)","v":0}]
[{"$nulls":8},{"$f":"SUM(G20*H20)","v":0}]
[{"$nulls":8},0]
["Sub Total A",{"$nulls":7},{"$f":"SUM(I19:I21)","v":0}]
["NON SCHEDULED WORK"]
["Item 2","Description",{"$nulls":4},"Quantity","Rate","Amount"]
[1,"Battery 689",{"$nulls":4},2,{"v":2582.6,"d":"2582.60"},{"$f":"H25*G25","v":{"v":5165.2,"d":"R 5,165.20"}}]
[2,"Battery terminals",{"$nulls":4},2,{"v":45,"d":"45.00"},{"$f":"H26*G26","v":{"v":90,"d":"R 90.00"}}]
{"$rows_empty":12}
["Sub  Total",{"$nulls":7},{"$f":"SUM(I25:I38)","v":{"v":5255.2,"d":"R 5,255.20"}}]
["Mark - Up 15%",{"$nulls":7},{"$f":"ROUND((I39*0.15),2)","v":{"v":788.28,"d":"R 788.28"}}]
["SUb  Total  B",{"$nulls":7},{"$f":"I39+I40","v":{"v":6043.48,"d":"R 6,043.48"}}]
["LABOUR"]
["Item 3"," (Normal Rate)",null,null,"Unit",null,"Quantity","Rate","Amount"]
[1,"Techinician",null,null,"HRS",null,null,{"v":450,"d":"R450.00"},{"$f":"SUM(G44*H44)","v":0}]
[2," Senior Artisan  ",null,null,"HRS",null,null,{"v":350,"d":"R350.00"},{"$f":"SUM(G45*H45)","v":0}]
[3,"Artisan  (Trade Tested)",null,null,"HRS",null,2,{"v":300,"d":"R300.00"},{"v":600,"d":"R 600.00"}]
[4,"Utility Man (Non - Trade Tested)",null,null,"HRS",null,null,{"v":200,"d":"R200.00"},0]
[5,"Artisan  Aid",null,null,"HRS",null,2,{"v":200,"d":"R200.00"},{"v":400,"d":"R 400.00"}]
[6,"General Worker   (3)",null,null,"HRS",null,null,{"v":140,"d":"R140.00"},0]
[]
[]
[]
["Sub Total C",{"$nulls":7},{"$f":"SUM(I44:I52)","v":{"v":1000,"d":"R 1,000.00"}}]
["TRANSPORT"]
["Item 4","Destinantion",null,null,"No of Trips",null,"KMs","Rate","Amount"]
[1,"Office to  Livingston Hospital  and back.",null,null,1,null,21.2,{"v":5,"d":"R 5.00"},{"$f":"H56*G56","v":{"v":106,"d":"R 106.00"}}]
[]
["Sub Total D",{"$nulls":7},{"$f":"SUM(I56:I57)","v":{"v":106,"d":"R 106.00"}}]
[]
[{"$nulls":6}," Sub Total (A+B+C+D)",null,{"$f":"I58+I53+I41","v":{"v":7149.48,"d":"R 7,149.48"}}]
[]
[{"$nulls":6},"Sub Total",null,{"$f":"I60+I61","v":{"v":7149.48,"d":"R 7,149.48"}}]

{"sheet":"Jose Pearson TB Hosp (64)","index":71,"n_rows":62,"n_cols":13,"rows_kept":62,"hidden":true,"merged":[[8,0,8,4],[8,5,8,6],[8,7,8,8],[9,5,9,6],[9,7,9,8],[10,5,10,6],[10,7,10,8],[11,5,11,6],[11,7,11,8],[12,7,12,8],[13,5,13,6],[13,7,13,8],[14,5,14,6],[14,7,14,8],[15,0,15,8],[16,0,16,8],[17,1,17,3],[18,1,18,3],[19,1,19,3],[20,1,20,3],[21,0,21,7],[22,0,22,8],[23,1,23,5],[24,1,24,5],[25,1,25,5],[26,1,26,5],[27,1,27,5],[28,1,28,5],[29,1,29,5],[30,1,30,5],[31,1,31,5],[32,1,32,5],[33,1,33,5],[34,1,34,5],[35,1,35,5],[36,1,36,5],[37,1,37,5],[38,0,38,7],[39,0,39,7],[40,0,40,7],[41,0,41,8],[42,1,42,3],[42,4,42,5],[43,1,43,3],[43,4,43,5],[44,1,44,3],[44,4,44,5],[45,1,45,3],[45,4,45,5],[46,1,46,3],[46,4,46,5],[47,1,47,3],[47,4,47,5],[48,1,48,3],[48,4,48,5],[49,1,49,3],[50,1,50,3],[51,1,51,3],[52,0,52,7],[53,0,53,8],[54,1,54,3],[54,4,54,5],[55,1,55,3],[55,4,55,5],[56,1,56,3],[56,4,56,5],[57,0,57,7],[59,0,59,1],[59,2,59,4],[59,6,59,7],[60,0,60,1],[60,2,60,4],[61,0,61,1],[61,2,61,4],[61,6,61,7],[62,2,62,5]]}
{"$rows_empty":8}
["QUOTE TO :",{"$nulls":4},"Qoute No           ",null,{"$f":"#REF!","v":{"$error":"#REF!"}}]
["Department of Health",{"$nulls":4},"Date                   ",null,{"$f":"#REF!","v":{"$error":"#REF!"}}]
["717 Dukumbana Building",{"$nulls":4},"Facility              ",null,{"$f":"#REF!","v":{"$error":"#REF!"}}]
["Independent Avenue",{"$nulls":4},"Work Order     ",null,{"$f":"#REF!","v":{"$error":"#REF!"}}]
["Bhisho",{"$nulls":4},"Tender No       ",null,"SCMU3 - 17/18-0303 - HO"]
[{"$nulls":5},"Contract Term ",null,"24 MONTHS",{"$nulls":4}," "]
[{"$nulls":5},"GEN Id",null,"GEN/NMM/JOS/01"]
["WORK  REQUEST : Generator is faulty."]
["SCHEDULED WORK"]
["Item 1","Description",null,null,"Unit","Sch No","Quantity","Rate","Amount"]
[{"$nulls":8},{"$f":"SUM(G19*H19)","v":0}]
[{"$nulls":8},{"$f":"SUM(G20*H20)","v":0}]
[{"$nulls":8},0]
["Sub Total A",{"$nulls":7},{"$f":"SUM(I19:I21)","v":0}]
["NON SCHEDULED WORK"]
["Item 2","Description",{"$nulls":4},"Quantity","Rate","Amount"]
[1,"Water sep",{"$nulls":4},1,{"v":651,"d":"651.00"},{"$f":"H25*G25","v":{"v":651,"d":"R 651.00"}}]
[2,"Diesel filter",{"$nulls":4},1,482.94,{"$f":"H26*G26","v":{"v":482.94,"d":"R 482.94"}}]
[3,"Diesel fix",{"$nulls":4},2,{"v":271.3,"d":"271.30"},{"$f":"H27*G27","v":{"v":542.6,"d":"R 542.60"}}]
{"$rows_empty":11}
["Sub  Total",{"$nulls":7},{"$f":"SUM(I25:I38)","v":{"v":1676.54,"d":"R 1,676.54"}}]
["Mark - Up 15%",{"$nulls":7},{"$f":"ROUND((I39*0.15),2)","v":{"v":251.48,"d":"R 251.48"}}]
["SUb  Total  B",{"$nulls":7},{"$f":"I39+I40","v":{"v":1928.02,"d":"R 1,928.02"}}]
["LABOUR"]
["Item 3"," (Normal Rate)",null,null,"Unit",null,"Quantity","Rate","Amount"]
[1,"Techinician",null,null,"HRS",null,null,{"v":450,"d":"R450.00"},{"$f":"SUM(G44*H44)","v":0}]
[2," Senior Artisan  ",null,null,"HRS",null,null,{"v":350,"d":"R350.00"},{"$f":"SUM(G45*H45)","v":0}]
[3,"Artisan  (Trade Tested)",null,null,"HRS",null,12,{"v":300,"d":"R300.00"},{"v":3600,"d":"R 3,600.00"}]
[4,"Utility Man (Non - Trade Tested)",null,null,"HRS",null,null,{"v":200,"d":"R200.00"},0]
[5,"Artisan  Aid",null,null,"HRS",null,12,{"v":200,"d":"R200.00"},{"v":2400,"d":"R 2,400.00"}]
[6,"General Worker   (3)",null,null,"HRS",null,null,{"v":140,"d":"R140.00"},0]
[]
[]
[]
["Sub Total C",{"$nulls":7},{"$f":"SUM(I44:I52)","v":{"v":6000,"d":"R 6,000.00"}}]
["TRANSPORT"]
["Item 4","Destinantion",null,null,"No of Trips",null,"KMs","Rate","Amount"]
[1,"Office to Jose Pearson TB Hospital and back",null,null,2,null,113.2,{"v":5,"d":"R 5.00"},{"$f":"H56*G56","v":{"v":566,"d":"R 566.00"}}]
[]
["Sub Total D",{"$nulls":7},{"$f":"SUM(I56:I57)","v":{"v":566,"d":"R 566.00"}}]
[]
[{"$nulls":6}," Sub Total (A+B+C+D)",null,{"$f":"I58+I53+I41","v":{"v":8494.02,"d":"R 8,494.02"}}]
[]
[{"$nulls":6},"Sub Total",null,{"$f":"I60+I61","v":{"v":8494.02,"d":"R 8,494.02"}}]

{"sheet":"Motherwell chc (65)","index":72,"n_rows":62,"n_cols":13,"rows_kept":62,"hidden":true,"merged":[[8,0,8,4],[8,5,8,6],[8,7,8,8],[9,5,9,6],[9,7,9,8],[10,5,10,6],[10,7,10,8],[11,5,11,6],[11,7,11,8],[12,7,12,8],[13,5,13,6],[13,7,13,8],[14,5,14,6],[14,7,14,8],[15,0,15,8],[16,0,16,8],[17,1,17,3],[18,1,18,3],[19,1,19,3],[20,1,20,3],[21,0,21,7],[22,0,22,8],[23,1,23,5],[24,1,24,5],[25,1,25,5],[26,1,26,5],[27,1,27,5],[28,1,28,5],[29,1,29,5],[30,1,30,5],[31,1,31,5],[32,1,32,5],[33,1,33,5],[34,1,34,5],[35,1,35,5],[36,1,36,5],[37,1,37,5],[38,0,38,7],[39,0,39,7],[40,0,40,7],[41,0,41,8],[42,1,42,3],[42,4,42,5],[43,1,43,3],[43,4,43,5],[44,1,44,3],[44,4,44,5],[45,1,45,3],[45,4,45,5],[46,1,46,3],[46,4,46,5],[47,1,47,3],[47,4,47,5],[48,1,48,3],[48,4,48,5],[49,1,49,3],[50,1,50,3],[51,1,51,3],[52,0,52,7],[53,0,53,8],[54,1,54,3],[54,4,54,5],[55,1,55,3],[55,4,55,5],[56,1,56,3],[56,4,56,5],[57,0,57,7],[59,0,59,1],[59,2,59,4],[59,6,59,7],[60,0,60,1],[60,2,60,4],[61,0,61,1],[61,2,61,4],[61,6,61,7],[62,2,62,5]]}
{"$rows_empty":8}
["QUOTE TO :",{"$nulls":4},"Qoute No           ",null,{"$f":"#REF!","v":{"$error":"#REF!"}}]
["Department of Health",{"$nulls":4},"Date                   ",null,{"$f":"#REF!","v":{"$error":"#REF!"}}]
["717 Dukumbana Building",{"$nulls":4},"Facility              ",null,{"$f":"#REF!","v":{"$error":"#REF!"}}]
["Independent Avenue",{"$nulls":4},"Work Order     ",null,{"$f":"#REF!","v":{"$error":"#REF!"}}]
["Bhisho",{"$nulls":4},"Tender No       ",null,"SCMU3 - 17/18-0303 - HO"]
[{"$nulls":5},"Contract Term ",null,"24 MONTHS",{"$nulls":4}," "]
[{"$nulls":5},"GEN Id",null,"GEN/NMM/JOS/01"]
["WORK  REQUEST : Generator exhaust is faulty and battery tail is leaking."]
["SCHEDULED WORK"]
["Item 1","Description",null,null,"Unit","Sch No","Quantity","Rate","Amount"]
[{"$nulls":8},{"$f":"SUM(G19*H19)","v":0}]
[{"$nulls":8},{"$f":"SUM(G20*H20)","v":0}]
[{"$nulls":8},0]
["Sub Total A",{"$nulls":7},{"$f":"SUM(I19:I21)","v":0}]
["NON SCHEDULED WORK"]
["Item 2","Description",{"$nulls":4},"Quantity","Rate","Amount"]
[1,"Pipe flex",{"$nulls":4},1,{"v":1650,"d":"1650.00"},{"$f":"H25*G25","v":{"v":1650,"d":"R 1,650.00"}}]
[2,"Battery 683",{"$nulls":4},2,2239.13,{"$f":"H26*G26","v":{"v":4478.26,"d":"R 4,478.26"}}]
[3,{"$nulls":7},{"$f":"H27*G27","v":0}]
{"$rows_empty":11}
["Sub  Total",{"$nulls":7},{"$f":"SUM(I25:I38)","v":{"v":6128.26,"d":"R 6,128.26"}}]
["Mark - Up 15%",{"$nulls":7},{"$f":"ROUND((I39*0.15),2)","v":{"v":919.24,"d":"R 919.24"}}]
["SUb  Total  B",{"$nulls":7},{"$f":"I39+I40","v":{"v":7047.5,"d":"R 7,047.50"}}]
["LABOUR"]
["Item 3"," (Normal Rate)",null,null,"Unit",null,"Quantity","Rate","Amount"]
[1,"Techinician",null,null,"HRS",null,null,{"v":450,"d":"R450.00"},{"$f":"SUM(G44*H44)","v":0}]
[2," Senior Artisan  ",null,null,"HRS",null,null,{"v":350,"d":"R350.00"},{"$f":"SUM(G45*H45)","v":0}]
[3,"Artisan  (Trade Tested)",null,null,"HRS",null,8,{"v":300,"d":"R300.00"},{"v":2400,"d":"R 2,400.00"}]
[4,"Utility Man (Non - Trade Tested)",null,null,"HRS",null,null,{"v":200,"d":"R200.00"},0]
[5,"Artisan  Aid",null,null,"HRS",null,8,{"v":200,"d":"R200.00"},{"v":1600,"d":"R 1,600.00"}]
[6,"General Worker   (3)",null,null,"HRS",null,null,{"v":140,"d":"R140.00"},0]
[]
[]
[]
["Sub Total C",{"$nulls":7},{"$f":"SUM(I44:I52)","v":{"v":4000,"d":"R 4,000.00"}}]
["TRANSPORT"]
["Item 4","Destinantion",null,null,"No of Trips",null,"KMs","Rate","Amount"]
[1,"Office to Motherwell chc and back",null,null,2,null,131.6,{"v":5,"d":"R 5.00"},{"$f":"H56*G56","v":{"v":658,"d":"R 658.00"}}]
[]
["Sub Total D",{"$nulls":7},{"$f":"SUM(I56:I57)","v":{"v":658,"d":"R 658.00"}}]
[]
[{"$nulls":6}," Sub Total (A+B+C+D)",null,{"$f":"I58+I53+I41","v":{"v":11705.5,"d":"R 11,705.50"}}]
[]
[{"$nulls":6},"Sub Total",null,{"$f":"I60+I61","v":{"v":11705.5,"d":"R 11,705.50"}}]

{"sheet":"Dora Ngiza (66)","index":73,"n_rows":62,"n_cols":13,"rows_kept":62,"hidden":true,"merged":[[8,0,8,4],[8,5,8,6],[8,7,8,8],[9,5,9,6],[9,7,9,8],[10,5,10,6],[10,7,10,8],[11,5,11,6],[11,7,11,8],[12,7,12,8],[13,5,13,6],[13,7,13,8],[14,5,14,6],[14,7,14,8],[15,0,15,8],[16,0,16,8],[17,1,17,3],[18,1,18,3],[19,1,19,3],[20,1,20,3],[21,0,21,7],[22,0,22,8],[23,1,23,5],[24,1,24,5],[25,1,25,5],[26,1,26,5],[27,1,27,5],[28,1,28,5],[29,1,29,5],[30,1,30,5],[31,1,31,5],[32,1,32,5],[33,1,33,5],[34,1,34,5],[35,1,35,5],[36,1,36,5],[37,1,37,5],[38,0,38,7],[39,0,39,7],[40,0,40,7],[41,0,41,8],[42,1,42,3],[42,4,42,5],[43,1,43,3],[43,4,43,5],[44,1,44,3],[44,4,44,5],[45,1,45,3],[45,4,45,5],[46,1,46,3],[46,4,46,5],[47,1,47,3],[47,4,47,5],[48,1,48,3],[48,4,48,5],[49,1,49,3],[50,1,50,3],[51,1,51,3],[52,0,52,7],[53,0,53,8],[54,1,54,3],[54,4,54,5],[55,1,55,3],[55,4,55,5],[56,1,56,3],[56,4,56,5],[57,0,57,7],[59,0,59,1],[59,2,59,4],[59,6,59,7],[60,0,60,1],[60,2,60,4],[61,0,61,1],[61,2,61,4],[61,6,61,7],[62,2,62,5]]}
{"$rows_empty":8}
["QUOTE TO :",{"$nulls":4},"Qoute No           ",null,66]
["Department of Health",{"$nulls":4},"Date                   ",null,"2020-11-20"]
["717 Dukumbana Building",{"$nulls":4},"Facility              ",null,"Dora Ngiza chc"]
["Independent Avenue",{"$nulls":4},"Work Order     ",null,"ECDOH   102875"]
["Bhisho",{"$nulls":4},"Tender No       ",null,"SCMU3 - 17/18-0303 - HO"]
[{"$nulls":5},"Contract Term ",null,"24 MONTHS",{"$nulls":4}," "]
[{"$nulls":5},"GEN Id"]
["WORK  REQUEST : 4 X Generator batteries to bechanged."]
["SCHEDULED WORK"]
["Item 1","Description",null,null,"Unit","Sch No","Quantity","Rate","Amount"]
[{"$nulls":8},{"$f":"SUM(G19*H19)","v":0}]
[{"$nulls":8},{"$f":"SUM(G20*H20)","v":0}]
[{"$nulls":8},0]
["Sub Total A",{"$nulls":7},{"$f":"SUM(I19:I21)","v":0}]
["NON SCHEDULED WORK"]
["Item 2","Description",{"$nulls":4},"Quantity","Rate","Amount"]
[1,"695SHD (B183C) - 12V 220AH SMF",{"$nulls":4},2,{"v":3324.17,"d":"R3,324.17"},{"$f":"H25*G25","v":{"v":6648.34,"d":"R 6,648.34"}}]
[2,"683HC (B121C) - 12V 140AH SMF",{"$nulls":4},2,{"v":2239.13,"d":"R2,239.13"},{"$f":"H26*G26","v":{"v":4478.26,"d":"R 4,478.26"}}]
[3,"683HC (B121C) - 12V 140AH SMF",{"$nulls":4},2,{"v":2239.13,"d":"R2,239.13"},{"$f":"H27*G27","v":{"v":4478.26,"d":"R 4,478.26"}}]
[4,"683HC (B121C) - 12V 140AH SMF",{"$nulls":4},2,{"v":2239.13,"d":"R2,239.13"},{"$f":"H28*G28","v":{"v":4478.26,"d":"R 4,478.26"}}]
{"$rows_empty":10}
["Sub  Total",{"$nulls":7},{"$f":"SUM(I25:I38)","v":{"v":20083.120000000003,"d":"R 20,083.12"}}]
["Mark - Up 15%",{"$nulls":7},{"$f":"ROUND((I39*0.15),2)","v":{"v":3012.47,"d":"R 3,012.47"}}]
["SUb  Total  B",{"$nulls":7},{"$f":"I39+I40","v":{"v":23095.590000000004,"d":"R 23,095.59"}}]
["LABOUR"]
["Item 3"," (Normal Rate)",null,null,"Unit",null,"Quantity","Rate","Amount"]
[1,"Techinician",null,null,"HRS",null,null,{"v":450,"d":"R450.00"},{"$f":"SUM(G44*H44)","v":0}]
[2," Senior Artisan  ",null,null,"HRS",null,null,{"v":350,"d":"R350.00"},{"$f":"SUM(G45*H45)","v":0}]
[3,"Artisan  (Trade Tested)",null,null,"HRS",null,5,{"v":300,"d":"R300.00"},{"v":1500,"d":"R 1,500.00"}]
[4,"Utility Man (Non - Trade Tested)",null,null,"HRS",null,null,{"v":200,"d":"R200.00"},0]
[5,"Artisan  Aid",null,null,"HRS",null,5,{"v":200,"d":"R200.00"},{"v":1000,"d":"R 1,000.00"}]
[6,"General Worker   (3)",null,null,"HRS",null,null,{"v":140,"d":"R140.00"},0]
[]
[]
[]
["Sub Total C",{"$nulls":7},{"$f":"SUM(I44:I52)","v":{"v":2500,"d":"R 2,500.00"}}]
["TRANSPORT"]
["Item 4","Destinantion",null,null,"No of Trips",null,"KMs","Rate","Amount"]
[1,"Office to Dora Ngiz aHospital and back",null,null,2,null,92,{"v":5,"d":"R 5.00"},{"$f":"H56*G56","v":{"v":460,"d":"R 460.00"}}]
[]
["Sub Total D",{"$nulls":7},{"$f":"SUM(I56:I57)","v":{"v":460,"d":"R 460.00"}}]
[]
[{"$nulls":6}," Sub Total (A+B+C+D)",null,{"$f":"I58+I53+I41","v":{"v":26055.590000000004,"d":"R 26,055.59"}}]
[]
[{"$nulls":6},"Sub Total",null,{"$f":"I60+I61","v":{"v":26055.590000000004,"d":"R 26,055.59"}}]

{"sheet":"Orsmond TB Hosp (66)","index":74,"n_rows":62,"n_cols":13,"rows_kept":62,"hidden":true,"merged":[[8,0,8,4],[8,5,8,6],[8,7,8,8],[9,5,9,6],[9,7,9,8],[10,5,10,6],[10,7,10,8],[11,5,11,6],[11,7,11,8],[12,7,12,8],[13,5,13,6],[13,7,13,8],[14,5,14,6],[14,7,14,8],[15,0,15,8],[16,0,16,8],[17,1,17,3],[18,1,18,3],[19,1,19,3],[20,1,20,3],[21,0,21,7],[22,0,22,8],[23,1,23,5],[24,1,24,5],[25,1,25,5],[26,1,26,5],[27,1,27,5],[28,1,28,5],[29,1,29,5],[30,1,30,5],[31,1,31,5],[32,1,32,5],[33,1,33,5],[34,1,34,5],[35,1,35,5],[36,1,36,5],[37,1,37,5],[38,0,38,7],[39,0,39,7],[40,0,40,7],[41,0,41,8],[42,1,42,3],[42,4,42,5],[43,1,43,3],[43,4,43,5],[44,1,44,3],[44,4,44,5],[45,1,45,3],[45,4,45,5],[46,1,46,3],[46,4,46,5],[47,1,47,3],[47,4,47,5],[48,1,48,3],[48,4,48,5],[49,1,49,3],[50,1,50,3],[51,1,51,3],[52,0,52,7],[53,0,53,8],[54,1,54,3],[54,4,54,5],[55,1,55,3],[55,4,55,5],[56,1,56,3],[56,4,56,5],[57,0,57,7],[59,0,59,1],[59,2,59,4],[59,6,59,7],[60,0,60,1],[60,2,60,4],[61,0,61,1],[61,2,61,4],[61,6,61,7],[62,2,62,5]]}
{"$rows_empty":8}
["QUOTE TO :",{"$nulls":4},"Qoute No           ",null,66]
["Department of Health",{"$nulls":4},"Date                   ",null,{"$f":"#REF!","v":{"$error":"#REF!"}}]
["717 Dukumbana Building",{"$nulls":4},"Facility              ",null,{"$f":"#REF!","v":{"$error":"#REF!"}}]
["Independent Avenue",{"$nulls":4},"Work Order     ",null,{"$f":"#REF!","v":{"$error":"#REF!"}}]
["Bhisho",{"$nulls":4},"Tender No       ",null,"SCMU3 - 17/18-0303 - HO"]
[{"$nulls":5},"Contract Term ",null,"24 MONTHS",{"$nulls":4}," "]
[{"$nulls":5},"GEN ID",null,"GEN/NMM/ORS/01"]
["WORK  REQUEST : Generator is faulty."]
["SCHEDULED WORK"]
["Item 1","Description",null,null,"Unit","Sch No","Quantity","Rate","Amount"]
[{"$nulls":8},{"$f":"SUM(G19*H19)","v":0}]
[{"$nulls":8},{"$f":"SUM(G20*H20)","v":0}]
[{"$nulls":8},0]
["Sub Total A",{"$nulls":7},{"$f":"SUM(I19:I21)","v":0}]
["NON SCHEDULED WORK"]
["Item 2","Description",{"$nulls":4},"Quantity","Rate","Amount"]
{"$rows_empty":14}
["Sub  Total",{"$nulls":7},{"$f":"SUM(I25:I38)","v":0}]
["Mark - Up 15%",{"$nulls":7},{"$f":"ROUND((I39*0.15),2)","v":0}]
["SUb  Total  B",{"$nulls":7},{"$f":"I39+I40","v":0}]
["LABOUR"]
["Item 3"," (Normal Rate)",null,null,"Unit",null,"Quantity","Rate","Amount"]
[1,"Techinician",null,null,"HRS",null,null,{"v":450,"d":"R450.00"},{"$f":"SUM(G44*H44)","v":0}]
[2," Senior Artisan  ",null,null,"HRS",null,null,{"v":350,"d":"R350.00"},{"$f":"SUM(G45*H45)","v":0}]
[3,"Artisan  (Trade Tested)",null,null,"HRS",null,1,{"v":300,"d":"R300.00"},{"v":300,"d":"R 300.00"}]
[4,"Utility Man (Non - Trade Tested)",null,null,"HRS",null,null,{"v":200,"d":"R200.00"},0]
[5,"Artisan  Aid",null,null,"HRS",null,1,{"v":200,"d":"R200.00"},{"v":200,"d":"R 200.00"}]
[6,"General Worker   (3)",null,null,"HRS",null,null,{"v":140,"d":"R140.00"},0]
[]
[]
[]
["Sub Total C",{"$nulls":7},{"$f":"SUM(I44:I52)","v":{"v":500,"d":"R 500.00"}}]
["TRANSPORT"]
["Item 4","Destinantion",null,null,"No of Trips",null,"KMs","Rate","Amount"]
[1,"Office to Orsmond TB Hospital and back",null,null,1,null,81.8,{"v":5,"d":"R 5.00"},{"$f":"H56*G56","v":{"v":409,"d":"R 409.00"}}]
[]
["Sub Total D",{"$nulls":7},{"$f":"SUM(I56:I57)","v":{"v":409,"d":"R 409.00"}}]
[]
[{"$nulls":6}," Sub Total (A+B+C+D)",null,{"$f":"I58+I53+I41","v":{"v":909,"d":"R 909.00"}}]
[]
[{"$nulls":6},"Sub Total",null,{"$f":"I60+I61","v":{"v":909,"d":"R 909.00"}}]

{"sheet":"Dora Ngiza Hosp (67)","index":75,"n_rows":62,"n_cols":13,"rows_kept":62,"hidden":true,"merged":[[8,0,8,4],[8,5,8,6],[8,7,8,8],[9,5,9,6],[9,7,9,8],[10,5,10,6],[10,7,10,8],[11,5,11,6],[11,7,11,8],[12,7,12,8],[13,5,13,6],[13,7,13,8],[14,5,14,6],[14,7,14,8],[15,0,15,8],[16,0,16,8],[17,1,17,3],[18,1,18,3],[19,1,19,3],[20,1,20,3],[21,0,21,7],[22,0,22,8],[23,1,23,5],[24,1,24,5],[25,1,25,5],[26,1,26,5],[27,1,27,5],[28,1,28,5],[29,1,29,5],[30,1,30,5],[31,1,31,5],[32,1,32,5],[33,1,33,5],[34,1,34,5],[35,1,35,5],[36,1,36,5],[37,1,37,5],[38,0,38,7],[39,0,39,7],[40,0,40,7],[41,0,41,8],[42,1,42,3],[42,4,42,5],[43,1,43,3],[43,4,43,5],[44,1,44,3],[44,4,44,5],[45,1,45,3],[45,4,45,5],[46,1,46,3],[46,4,46,5],[47,1,47,3],[47,4,47,5],[48,1,48,3],[48,4,48,5],[49,1,49,3],[50,1,50,3],[51,1,51,3],[52,0,52,7],[53,0,53,8],[54,1,54,3],[54,4,54,5],[55,1,55,3],[55,4,55,5],[56,1,56,3],[56,4,56,5],[57,0,57,7],[59,0,59,1],[59,2,59,4],[59,6,59,7],[60,0,60,1],[60,2,60,4],[61,0,61,1],[61,2,61,4],[61,6,61,7],[62,2,62,5]]}
{"$rows_empty":8}
["QUOTE TO :",{"$nulls":4},"Qoute No           ",null,{"$f":"#REF!","v":{"$error":"#REF!"}}]
["Department of Health",{"$nulls":4},"Date                   ",null,{"$f":"#REF!","v":{"$error":"#REF!"}}]
["717 Dukumbana Building",{"$nulls":4},"Facility              ",null,{"$f":"#REF!","v":{"$error":"#REF!"}}]
["Independent Avenue",{"$nulls":4},"Work Order     ",null,{"$f":"#REF!","v":{"$error":"#REF!"}}]
["Bhisho",{"$nulls":4},"Tender No       ",null,"SCMU3 - 17/18-0303 - HO"]
[{"$nulls":5},"Contract Term ",null,"24 MONTHS",{"$nulls":4}," "]
[{"$nulls":5},"GEN ID",null,"GEN/NMM/DOR/04"]
["WORK  REQUEST : Generator is faulty."]
["SCHEDULED WORK"]
["Item 1","Description",null,null,"Unit","Sch No","Quantity","Rate","Amount"]
[{"$nulls":8},{"$f":"SUM(G19*H19)","v":0}]
[{"$nulls":8},{"$f":"SUM(G20*H20)","v":0}]
[{"$nulls":8},0]
["Sub Total A",{"$nulls":7},{"$f":"SUM(I19:I21)","v":0}]
["NON SCHEDULED WORK"]
["Item 2","Description",{"$nulls":4},"Quantity","Rate","Amount"]
{"$rows_empty":14}
["Sub  Total",{"$nulls":7},{"$f":"SUM(I25:I38)","v":0}]
["Mark - Up 15%",{"$nulls":7},{"$f":"ROUND((I39*0.15),2)","v":0}]
["SUb  Total  B",{"$nulls":7},{"$f":"I39+I40","v":0}]
["LABOUR"]
["Item 3"," (Normal Rate)",null,null,"Unit",null,"Quantity","Rate","Amount"]
[1,"Techinician",null,null,"HRS",null,null,{"v":450,"d":"R450.00"},{"$f":"SUM(G44*H44)","v":0}]
[2," Senior Artisan  ",null,null,"HRS",null,null,{"v":350,"d":"R350.00"},{"$f":"SUM(G45*H45)","v":0}]
[3,"Artisan  (Trade Tested)",null,null,"HRS",null,2,{"v":300,"d":"R300.00"},{"v":600,"d":"R 600.00"}]
[4,"Utility Man (Non - Trade Tested)",null,null,"HRS",null,null,{"v":200,"d":"R200.00"},0]
[5,"Artisan  Aid",null,null,"HRS",null,2,{"v":200,"d":"R200.00"},{"v":400,"d":"R 400.00"}]
[6,"General Worker   (3)",null,null,"HRS",null,null,{"v":140,"d":"R140.00"},0]
[]
[]
[]
["Sub Total C",{"$nulls":7},{"$f":"SUM(I44:I52)","v":{"v":1000,"d":"R 1,000.00"}}]
["TRANSPORT"]
["Item 4","Destinantion",null,null,"No of Trips",null,"KMs","Rate","Amount"]
[1,"Office to EMS Dora Ngiza and back",null,null,1,null,33.2,{"v":5,"d":"R 5.00"},{"$f":"H56*G56","v":{"v":166,"d":"R 166.00"}}]
[]
["Sub Total D",{"$nulls":7},{"$f":"SUM(I56:I57)","v":{"v":166,"d":"R 166.00"}}]
[]
[{"$nulls":6}," Sub Total (A+B+C+D)",null,{"$f":"I58+I53+I41","v":{"v":1166,"d":"R 1,166.00"}}]
[]
[{"$nulls":6},"Sub Total",null,{"$f":"I60+I61","v":{"v":1166,"d":"R 1,166.00"}}]

{"sheet":"Uitenhage Forensic (68)","index":76,"n_rows":62,"n_cols":13,"rows_kept":62,"hidden":true,"merged":[[8,0,8,4],[8,5,8,6],[8,7,8,8],[9,5,9,6],[9,7,9,8],[10,5,10,6],[10,7,10,8],[11,5,11,6],[11,7,11,8],[12,7,12,8],[13,5,13,6],[13,7,13,8],[14,5,14,6],[14,7,14,8],[15,0,15,8],[16,0,16,8],[17,1,17,3],[18,1,18,3],[19,1,19,3],[20,1,20,3],[21,0,21,7],[22,0,22,8],[23,1,23,5],[24,1,24,5],[25,1,25,5],[26,1,26,5],[27,1,27,5],[28,1,28,5],[29,1,29,5],[30,1,30,5],[31,1,31,5],[32,1,32,5],[33,1,33,5],[34,1,34,5],[35,1,35,5],[36,1,36,5],[37,1,37,5],[38,0,38,7],[39,0,39,7],[40,0,40,7],[41,0,41,8],[42,1,42,3],[42,4,42,5],[43,1,43,3],[43,4,43,5],[44,1,44,3],[44,4,44,5],[45,1,45,3],[45,4,45,5],[46,1,46,3],[46,4,46,5],[47,1,47,3],[47,4,47,5],[48,1,48,3],[48,4,48,5],[49,1,49,3],[50,1,50,3],[51,1,51,3],[52,0,52,7],[53,0,53,8],[54,1,54,3],[54,4,54,5],[55,1,55,3],[55,4,55,5],[56,1,56,3],[56,4,56,5],[57,0,57,7],[59,0,59,1],[59,2,59,4],[59,6,59,7],[60,0,60,1],[60,2,60,4],[61,0,61,1],[61,2,61,4],[61,6,61,7],[62,2,62,5]]}
{"$rows_empty":8}
["QUOTE TO :",{"$nulls":4},"Qoute No           ",null,{"$f":"#REF!","v":{"$error":"#REF!"}}]
["Department of Health",{"$nulls":4},"Date                   ",null,{"$f":"#REF!","v":{"$error":"#REF!"}}]
["717 Dukumbana Building",{"$nulls":4},"Facility              ",null,{"$f":"#REF!","v":{"$error":"#REF!"}}]
["Independent Avenue",{"$nulls":4},"Work Order     ",null,{"$f":"#REF!","v":{"$error":"#REF!"}}]
["Bhisho",{"$nulls":4},"Tender No       ",null,"SCMU3 - 17/18-0303 - HO"]
[{"$nulls":5},"Contract Term ",null,"24 MONTHS",{"$nulls":4}," "]
[{"$nulls":5},"GEN ID",null,"GEN/NMM/UFP/01"]
["WORK  REQUEST : Generator battery is faulty"]
["SCHEDULED WORK"]
["Item 1","Description",null,null,"Unit","Sch No","Quantity","Rate","Amount"]
[{"$nulls":8},{"$f":"SUM(G19*H19)","v":0}]
[{"$nulls":8},{"$f":"SUM(G20*H20)","v":0}]
[{"$nulls":8},0]
["Sub Total A",{"$nulls":7},{"$f":"SUM(I19:I21)","v":0}]
["NON SCHEDULED WORK"]
["Item 2","Description",{"$nulls":4},"Quantity","Rate","Amount"]
[1,"Battery 646",{"$nulls":4},1,{"v":963.9,"d":"R963.90"},{"$f":"H25*G25","v":{"v":963.9,"d":"R 963.90"}}]
{"$rows_empty":13}
["Sub  Total",{"$nulls":7},{"$f":"SUM(I25:I38)","v":{"v":963.9,"d":"R 963.90"}}]
["Mark - Up 15%",{"$nulls":7},{"$f":"ROUND((I39*0.15),2)","v":{"v":144.59,"d":"R 144.59"}}]
["SUb  Total  B",{"$nulls":7},{"$f":"I39+I40","v":{"v":1108.49,"d":"R 1,108.49"}}]
["LABOUR"]
["Item 3"," (Normal Rate)",null,null,"Unit",null,"Quantity","Rate","Amount"]
[1,"Techinician",null,null,"HRS",null,null,{"v":450,"d":"R450.00"},{"$f":"SUM(G44*H44)","v":0}]
[2," Senior Artisan  ",null,null,"HRS",null,null,{"v":350,"d":"R350.00"},{"$f":"SUM(G45*H45)","v":0}]
[3,"Artisan  (Trade Tested)",null,null,"HRS",null,1,{"v":300,"d":"R300.00"},{"v":300,"d":"R 300.00"}]
[4,"Utility Man (Non - Trade Tested)",null,null,"HRS",null,null,{"v":200,"d":"R200.00"},0]
[5,"Artisan  Aid",null,null,"HRS",null,1,{"v":200,"d":"R200.00"},{"v":200,"d":"R 200.00"}]
[6,"General Worker   (3)",null,null,"HRS",null,null,{"v":140,"d":"R140.00"},0]
[]
[]
[]
["Sub Total C",{"$nulls":7},{"$f":"SUM(I44:I52)","v":{"v":500,"d":"R 500.00"}}]
["TRANSPORT"]
["Item 4","Destinantion",null,null,"No of Trips",null,"KMs","Rate","Amount"]
[1,"Office to Unitenhage Frensic phat and back",null,null,1,null,84.2,{"v":5,"d":"R 5.00"},{"$f":"H56*G56","v":{"v":421,"d":"R 421.00"}}]
[]
["Sub Total D",{"$nulls":7},{"$f":"SUM(I56:I57)","v":{"v":421,"d":"R 421.00"}}]
[]
[{"$nulls":6}," Sub Total (A+B+C+D)",null,{"$f":"I58+I53+I41","v":{"v":2029.49,"d":"R 2,029.49"}}]
[]
[{"$nulls":6},"Sub Total",null,{"$f":"I60+I61","v":{"v":2029.49,"d":"R 2,029.49"}}]

{"sheet":"Dora Ngiza Hospital (70)","index":77,"n_rows":62,"n_cols":13,"rows_kept":62,"hidden":true,"merged":[[8,0,8,4],[8,5,8,6],[8,7,8,8],[9,5,9,6],[9,7,9,8],[10,5,10,6],[10,7,10,8],[11,5,11,6],[11,7,11,8],[12,7,12,8],[13,5,13,6],[13,7,13,8],[14,5,14,6],[14,7,14,8],[15,0,15,8],[16,0,16,8],[17,1,17,3],[18,1,18,3],[19,1,19,3],[20,1,20,3],[21,0,21,7],[22,0,22,8],[23,1,23,5],[24,1,24,5],[25,1,25,5],[26,1,26,5],[27,1,27,5],[28,1,28,5],[29,1,29,5],[30,1,30,5],[31,1,31,5],[32,1,32,5],[33,1,33,5],[34,1,34,5],[35,1,35,5],[36,1,36,5],[37,1,37,5],[38,0,38,7],[39,0,39,7],[40,0,40,7],[41,0,41,8],[42,1,42,3],[42,4,42,5],[43,1,43,3],[43,4,43,5],[44,1,44,3],[44,4,44,5],[45,1,45,3],[45,4,45,5],[46,1,46,3],[46,4,46,5],[47,1,47,3],[47,4,47,5],[48,1,48,3],[48,4,48,5],[49,1,49,3],[50,1,50,3],[51,1,51,3],[52,0,52,7],[53,0,53,8],[54,1,54,3],[54,4,54,5],[55,1,55,3],[55,4,55,5],[56,1,56,3],[56,4,56,5],[57,0,57,7],[59,0,59,1],[59,2,59,4],[59,6,59,7],[60,0,60,1],[60,2,60,4],[61,0,61,1],[61,2,61,4],[61,6,61,7],[62,2,62,5]]}
{"$rows_empty":8}
["QUOTE TO :",{"$nulls":4},"Qoute No           ",null,{"$f":"#REF!","v":{"$error":"#REF!"}}]
["Department of Health",{"$nulls":4},"Date                   ",null,{"$f":"#REF!","v":{"$error":"#REF!"}}]
["717 Dukumbana Building",{"$nulls":4},"Facility              ",null,{"$f":"#REF!","v":{"$error":"#REF!"}}]
["Independent Avenue",{"$nulls":4},"Work Order     ",null,{"$f":"#REF!","v":{"$error":"#REF!"}}]
["Bhisho",{"$nulls":4},"Tender No       ",null,"SCMU3 - 17/18-0303 - HO"]
[{"$nulls":5},"Contract Term ",null,"24 MONTHS",{"$nulls":4}," "]
[{"$nulls":5},"GEN ID",null,"GEN/NMM/DOR/01-04"]
["WORK  REQUEST : 4 x generators batteries to be changed"]
["SCHEDULED WORK"]
["Item 1","Description",null,null,"Unit","Sch No","Quantity","Rate","Amount"]
[{"$nulls":8},{"$f":"SUM(G19*H19)","v":0}]
[{"$nulls":8},{"$f":"SUM(G20*H20)","v":0}]
[{"$nulls":8},0]
["Sub Total A",{"$nulls":7},{"$f":"SUM(I19:I21)","v":0}]
["NON SCHEDULED WORK"]
["Item 2","Description",{"$nulls":4},"Quantity","Rate","Amount"]
[1,"Battery  (695)",{"$nulls":4},2,{"v":3728.09,"d":"R3,728.09"},{"$f":"H25*G25","v":{"v":7456.18,"d":"R 7,456.18"}}]
[2,"Battery  (683)",{"$nulls":4},2,{"v":2439.13,"d":"R2,439.13"},{"$f":"H26*G26","v":{"v":4878.26,"d":"R 4,878.26"}}]
[3,"Battery  (683)",{"$nulls":4},2,{"v":2439.13,"d":"R2,439.13"},{"$f":"H27*G27","v":{"v":4878.26,"d":"R 4,878.26"}}]
[4,"Battery  (683)",{"$nulls":4},2,{"v":2439.13,"d":"R2,439.13"},{"$f":"H28*G28","v":{"v":4878.26,"d":"R 4,878.26"}}]
[5,"scrap value back",{"$nulls":4},8,{"v":-230,"d":"-R230.00"},{"$f":"H29*G29","v":{"v":-1840,"d":"R -1,840.00"}}]
{"$rows_empty":9}
["Sub  Total",{"$nulls":7},{"$f":"SUM(I25:I38)","v":{"v":20250.96,"d":"R 20,250.96"}}]
["Mark - Up 15%",{"$nulls":7},{"$f":"ROUND((I39*0.15),2)","v":{"v":3037.64,"d":"R 3,037.64"}}]
["SUb  Total  B",{"$nulls":7},{"$f":"I39+I40","v":{"v":23288.6,"d":"R 23,288.60"}}]
["LABOUR"]
["Item 3"," (Normal Rate)",null,null,"Unit",null,"Quantity","Rate","Amount"]
[1,"Techinician",null,null,"HRS",null,null,{"v":450,"d":"R450.00"},{"$f":"SUM(G44*H44)","v":0}]
[2," Senior Artisan  ",null,null,"HRS",null,null,{"v":350,"d":"R350.00"},{"$f":"SUM(G45*H45)","v":0}]
[3,"Artisan  (Trade Tested)",null,null,"HRS",null,1.5,{"v":300,"d":"R300.00"},{"v":450,"d":"R 450.00"}]
[4,"Utility Man (Non - Trade Tested)",null,null,"HRS",null,null,{"v":200,"d":"R200.00"},0]
[5,"Artisan  Aid",null,null,"HRS",null,1.5,{"v":200,"d":"R200.00"},{"v":300,"d":"R 300.00"}]
[6,"General Worker   ",null,null,"HRS",null,null,{"v":140,"d":"R140.00"},0]
[]
[]
[]
["Sub Total C",{"$nulls":7},{"$f":"SUM(I44:I52)","v":{"v":750,"d":"R 750.00"}}]
["TRANSPORT"]
["Item 4","Destinantion",null,null,"No of Trips",null,"KMs","Rate","Amount"]
[1,"Office to Dora Ngiza Hospital  and back",null,null,2,null,66.4,{"v":5,"d":"R 5.00"},{"$f":"H56*G56","v":{"v":332,"d":"R 332.00"}}]
[]
["Sub Total D",{"$nulls":7},{"$f":"SUM(I56:I57)","v":{"v":332,"d":"R 332.00"}}]
[]
[{"$nulls":6}," Sub Total (A+B+C+D)",null,{"$f":"I58+I53+I41","v":{"v":24370.6,"d":"R 24,370.60"}}]
[]
[{"$nulls":6},"Sub Total",null,{"$f":"I60+I61","v":{"v":24370.6,"d":"R 24,370.60"}}]

{"sheet":"Jose Pearson Sant (71)","index":78,"n_rows":62,"n_cols":13,"rows_kept":62,"hidden":true,"merged":[[8,0,8,4],[8,5,8,6],[8,7,8,8],[9,5,9,6],[9,7,9,8],[10,5,10,6],[10,7,10,8],[11,5,11,6],[11,7,11,8],[12,7,12,8],[13,5,13,6],[13,7,13,8],[14,5,14,6],[14,7,14,8],[15,0,15,8],[16,0,16,8],[17,1,17,3],[18,1,18,3],[19,1,19,3],[20,1,20,3],[21,0,21,7],[22,0,22,8],[23,1,23,5],[24,1,24,5],[25,1,25,5],[26,1,26,5],[27,1,27,5],[28,1,28,5],[29,1,29,5],[30,1,30,5],[31,1,31,5],[32,1,32,5],[33,1,33,5],[34,1,34,5],[35,1,35,5],[36,1,36,5],[37,1,37,5],[38,0,38,7],[39,0,39,7],[40,0,40,7],[41,0,41,8],[42,1,42,3],[42,4,42,5],[43,1,43,3],[43,4,43,5],[44,1,44,3],[44,4,44,5],[45,1,45,3],[45,4,45,5],[46,1,46,3],[46,4,46,5],[47,1,47,3],[47,4,47,5],[48,1,48,3],[48,4,48,5],[49,1,49,3],[50,1,50,3],[51,1,51,3],[52,0,52,7],[53,0,53,8],[54,1,54,3],[54,4,54,5],[55,1,55,3],[55,4,55,5],[56,1,56,3],[56,4,56,5],[57,0,57,7],[59,0,59,1],[59,2,59,4],[59,6,59,7],[60,0,60,1],[60,2,60,4],[61,0,61,1],[61,2,61,4],[61,6,61,7],[62,2,62,5]]}
{"$rows_empty":8}
["QUOTE TO :",{"$nulls":4},"Qoute No           ",null,71]
["Department of Health",{"$nulls":4},"Date                   ",null,{"$f":"#REF!","v":{"$error":"#REF!"}}]
["717 Dukumbana Building",{"$nulls":4},"Facility              ",null,{"$f":"#REF!","v":{"$error":"#REF!"}}]
["Independent Avenue",{"$nulls":4},"Work Order     ",null,{"$f":"#REF!","v":{"$error":"#REF!"}}]
["Bhisho",{"$nulls":4},"Tender No       ",null,"SCMU3 - 17/18-0303 - HO"]
[{"$nulls":5},"Contract Term ",null,"24 MONTHS",{"$nulls":4}," "]
[{"$nulls":5},"GEN ID",null,"GEN/NMM/JOS/02"]
["WORK  REQUEST : Repair of generator cover & 2 generator batteries are not working."]
["SCHEDULED WORK"]
["Item 1","Description",null,null,"Unit","Sch No","Quantity","Rate","Amount"]
[{"$nulls":8},{"$f":"SUM(G19*H19)","v":0}]
[{"$nulls":8},{"$f":"SUM(G20*H20)","v":0}]
[{"$nulls":8},0]
["Sub Total A",{"$nulls":7},{"$f":"SUM(I19:I21)","v":0}]
["NON SCHEDULED WORK"]
["Item 2","Description",{"$nulls":4},"Quantity","Rate","Amount"]
[1,"Battery (683)",{"$nulls":4},2,{"v":2439.44,"d":"R2,439.44"},{"$f":"H25*G25","v":{"v":4878.88,"d":"R 4,878.88"}}]
[2,"Laser cut & bend",{"$nulls":4},1,{"v":8510,"d":"R8,510.00"},{"$f":"H26*G26","v":{"v":8510,"d":"R 8,510.00"}}]
[3,"Consumables",{"$nulls":4},1,{"v":2546.68,"d":"R2,546.68"},{"$f":"H27*G27","v":{"v":2546.68,"d":"R 2,546.68"}}]
{"$rows_empty":11}
["Sub  Total",{"$nulls":7},{"$f":"SUM(I25:I38)","v":{"v":15935.560000000001,"d":"R 15,935.56"}}]
["Mark - Up 15%",{"$nulls":7},{"$f":"ROUND((I39*0.15),2)","v":{"v":2390.33,"d":"R 2,390.33"}}]
["SUb  Total  B",{"$nulls":7},{"$f":"I39+I40","v":{"v":18325.89,"d":"R 18,325.89"}}]
["LABOUR"]
["Item 3"," (Normal Rate)",null,null,"Unit",null,"Quantity","Rate","Amount"]
[1,"Techinician",null,null,"HRS",null,null,{"v":450,"d":"R450.00"},{"$f":"SUM(G44*H44)","v":0}]
[2," Senior Artisan  ",null,null,"HRS",null,null,{"v":350,"d":"R350.00"},{"$f":"SUM(G45*H45)","v":0}]
[3,"Artisan  (Trade Tested)",null,null,"HRS",null,28,{"v":300,"d":"R300.00"},{"v":8400,"d":"R 8,400.00"}]
[4,"Utility Man (Non - Trade Tested)",null,null,"HRS",null,null,{"v":200,"d":"R200.00"},0]
[5,"Artisan  Aid",null,null,"HRS",null,28,{"v":200,"d":"R200.00"},{"v":5600,"d":"R 5,600.00"}]
[6,"General Worker   ",null,null,"HRS",null,null,{"v":140,"d":"R140.00"},0]
[]
[]
[]
["Sub Total C",{"$nulls":7},{"$f":"SUM(I44:I52)","v":{"v":14000,"d":"R 14,000.00"}}]
["TRANSPORT"]
["Item 4","Destinantion",null,null,"No of Trips",null,"KMs","Rate","Amount"]
[1,"Office to Jose Pearson Sant Hospital  and back",null,null,2,null,113.2,{"v":5,"d":"R 5.00"},{"$f":"H56*G56","v":{"v":566,"d":"R 566.00"}}]
[]
["Sub Total D",{"$nulls":7},{"$f":"SUM(I56:I57)","v":{"v":566,"d":"R 566.00"}}]
[]
[{"$nulls":6}," Sub Total (A+B+C+D)",null,{"$f":"I58+I53+I41","v":{"v":32891.89,"d":"R 32,891.89"}}]
[]
[{"$nulls":6},"Sub Total",null,{"$f":"I60+I61","v":{"v":32891.89,"d":"R 32,891.89"}}]

{"sheet":"Gqebera chc (72)","index":79,"n_rows":62,"n_cols":13,"rows_kept":62,"hidden":true,"merged":[[8,0,8,4],[8,5,8,6],[8,7,8,8],[9,5,9,6],[9,7,9,8],[10,5,10,6],[10,7,10,8],[11,5,11,6],[11,7,11,8],[12,7,12,8],[13,5,13,6],[13,7,13,8],[14,5,14,6],[14,7,14,8],[15,0,15,8],[16,0,16,8],[17,1,17,3],[18,1,18,3],[19,1,19,3],[20,1,20,3],[21,0,21,7],[22,0,22,8],[23,1,23,5],[24,1,24,5],[25,1,25,5],[26,1,26,5],[27,1,27,5],[28,1,28,5],[29,1,29,5],[30,1,30,5],[31,1,31,5],[32,1,32,5],[33,1,33,5],[34,1,34,5],[35,1,35,5],[36,1,36,5],[37,1,37,5],[38,0,38,7],[39,0,39,7],[40,0,40,7],[41,0,41,8],[42,1,42,3],[42,4,42,5],[43,1,43,3],[43,4,43,5],[44,1,44,3],[44,4,44,5],[45,1,45,3],[45,4,45,5],[46,1,46,3],[46,4,46,5],[47,1,47,3],[47,4,47,5],[48,1,48,3],[48,4,48,5],[49,1,49,3],[50,1,50,3],[51,1,51,3],[52,0,52,7],[53,0,53,8],[54,1,54,3],[54,4,54,5],[55,1,55,3],[55,4,55,5],[56,1,56,3],[56,4,56,5],[57,0,57,7],[59,0,59,1],[59,2,59,4],[59,6,59,7],[60,0,60,1],[60,2,60,4],[61,0,61,1],[61,2,61,4],[61,6,61,7],[62,2,62,5]]}
{"$rows_empty":8}
["QUOTE TO :",{"$nulls":4},"Qoute No           ",null,72]
["Department of Health",{"$nulls":4},"Date                   ",null,{"$f":"#REF!","v":{"$error":"#REF!"}}]
["717 Dukumbana Building",{"$nulls":4},"Facility              ",null,{"$f":"#REF!","v":{"$error":"#REF!"}}]
["Independent Avenue",{"$nulls":4},"Work Order     ",null,{"$f":"#REF!","v":{"$error":"#REF!"}}]
["Bhisho",{"$nulls":4},"Tender No       ",null,"SCMU3 - 17/18-0303 - HO"]
[{"$nulls":5},"Contract Term ",null,"24 MONTHS",{"$nulls":4}," "]
[{"$nulls":5},"GEN ID",null,"GEN/NMM/GQE/01"]
["WORK  REQUEST : Generator is faulty."]
["SCHEDULED WORK"]
["Item 1","Description",null,null,"Unit","Sch No","Quantity","Rate","Amount"]
[{"$nulls":8},{"$f":"SUM(G19*H19)","v":0}]
[{"$nulls":8},{"$f":"SUM(G20*H20)","v":0}]
[{"$nulls":8},0]
["Sub Total A",{"$nulls":7},{"$f":"SUM(I19:I21)","v":0}]
["NON SCHEDULED WORK"]
["Item 2","Description",{"$nulls":4},"Quantity","Rate","Amount"]
{"$rows_empty":14}
["Sub  Total",{"$nulls":7},{"$f":"SUM(I25:I38)","v":0}]
["Mark - Up 15%",{"$nulls":7},{"$f":"ROUND((I39*0.15),2)","v":0}]
["SUb  Total  B",{"$nulls":7},{"$f":"I39+I40","v":0}]
["LABOUR"]
["Item 3"," (Normal Rate)",null,null,"Unit",null,"Quantity","Rate","Amount"]
[1,"Techinician",null,null,"HRS",null,null,{"v":450,"d":"R450.00"},{"$f":"SUM(G44*H44)","v":0}]
[2," Senior Artisan  ",null,null,"HRS",null,null,{"v":350,"d":"R350.00"},{"$f":"SUM(G45*H45)","v":0}]
[3,"Artisan  (Trade Tested)",null,null,"HRS",null,2,{"v":300,"d":"R300.00"},{"v":600,"d":"R 600.00"}]
[4,"Utility Man (Non - Trade Tested)",null,null,"HRS",null,null,{"v":200,"d":"R200.00"},0]
[5,"Artisan  Aid",null,null,"HRS",null,2,{"v":200,"d":"R200.00"},{"v":400,"d":"R 400.00"}]
[6,"General Worker   ",null,null,"HRS",null,null,{"v":140,"d":"R140.00"},0]
[]
[]
[]
["Sub Total C",{"$nulls":7},{"$f":"SUM(I44:I52)","v":{"v":1000,"d":"R 1,000.00"}}]
["TRANSPORT"]
["Item 4","Destinantion",null,null,"No of Trips",null,"KMs","Rate","Amount"]
[1,"Office to Gqebera chc  and back",null,null,1,null,10.4,{"v":5,"d":"R 5.00"},{"$f":"H56*G56","v":{"v":52,"d":"R 52.00"}}]
[]
["Sub Total D",{"$nulls":7},{"$f":"SUM(I56:I57)","v":{"v":52,"d":"R 52.00"}}]
[]
[{"$nulls":6}," Sub Total (A+B+C+D)",null,{"$f":"I58+I53+I41","v":{"v":1052,"d":"R 1,052.00"}}]
[]
[{"$nulls":6},"Sub Total",null,{"$f":"I60+I61","v":{"v":1052,"d":"R 1,052.00"}}]

{"sheet":"Dora Ngiza Hospital (73)","index":80,"n_rows":62,"n_cols":13,"rows_kept":62,"hidden":true,"merged":[[8,0,8,4],[8,5,8,6],[8,7,8,8],[9,5,9,6],[9,7,9,8],[10,5,10,6],[10,7,10,8],[11,5,11,6],[11,7,11,8],[12,7,12,8],[13,5,13,6],[13,7,13,8],[14,5,14,6],[14,7,14,8],[15,0,15,8],[16,0,16,8],[17,1,17,3],[18,1,18,3],[19,1,19,3],[20,1,20,3],[21,0,21,7],[22,0,22,8],[23,1,23,5],[24,1,24,5],[25,1,25,5],[26,1,26,5],[27,1,27,5],[28,1,28,5],[29,1,29,5],[30,1,30,5],[31,1,31,5],[32,1,32,5],[33,1,33,5],[34,1,34,5],[35,1,35,5],[36,1,36,5],[37,1,37,5],[38,0,38,7],[39,0,39,7],[40,0,40,7],[41,0,41,8],[42,1,42,3],[42,4,42,5],[43,1,43,3],[43,4,43,5],[44,1,44,3],[44,4,44,5],[45,1,45,3],[45,4,45,5],[46,1,46,3],[46,4,46,5],[47,1,47,3],[47,4,47,5],[48,1,48,3],[48,4,48,5],[49,1,49,3],[50,1,50,3],[51,1,51,3],[52,0,52,7],[53,0,53,8],[54,1,54,3],[54,4,54,5],[55,1,55,3],[55,4,55,5],[56,1,56,3],[56,4,56,5],[57,0,57,7],[59,0,59,1],[59,2,59,4],[59,6,59,7],[60,0,60,1],[60,2,60,4],[61,0,61,1],[61,2,61,4],[61,6,61,7],[62,2,62,5]]}
{"$rows_empty":8}
["QUOTE TO :",{"$nulls":4},"Qoute No           ",null,73]
["Department of Health",{"$nulls":4},"Date                   ",null,{"$f":"#REF!","v":{"$error":"#REF!"}}]
["717 Dukumbana Building",{"$nulls":4},"Facility              ",null,{"$f":"#REF!","v":{"$error":"#REF!"}}]
["Independent Avenue",{"$nulls":4},"Work Order     ",null,{"$f":"#REF!","v":{"$error":"#REF!"}}]
["Bhisho",{"$nulls":4},"Tender No       ",null,"SCMU3 - 17/18-0303 - HO"]
[{"$nulls":5},"Contract Term ",null,"24 MONTHS",{"$nulls":4}," "]
[{"$nulls":5},"GEN ID",null,"GEN/NMM/DOR/03"]
["WORK  REQUEST : Generator leaking diesel at casualty"]
["SCHEDULED WORK"]
["Item 1","Description",null,null,"Unit","Sch No","Quantity","Rate","Amount"]
[{"$nulls":8},{"$f":"SUM(G19*H19)","v":0}]
[{"$nulls":8},{"$f":"SUM(G20*H20)","v":0}]
[{"$nulls":8},0]
["Sub Total A",{"$nulls":7},{"$f":"SUM(I19:I21)","v":0}]
["NON SCHEDULED WORK"]
["Item 2","Description",{"$nulls":4},"Quantity","Rate","Amount"]
{"$rows_empty":14}
["Sub  Total",{"$nulls":7},{"$f":"SUM(I25:I38)","v":0}]
["Mark - Up 15%",{"$nulls":7},{"$f":"ROUND((I39*0.15),2)","v":0}]
["SUb  Total  B",{"$nulls":7},{"$f":"I39+I40","v":0}]
["LABOUR"]
["Item 3"," (Normal Rate)",null,null,"Unit",null,"Quantity","Rate","Amount"]
[1,"Techinician",null,null,"HRS",null,null,{"v":450,"d":"R450.00"},{"$f":"SUM(G44*H44)","v":0}]
[2," Senior Artisan  ",null,null,"HRS",null,null,{"v":350,"d":"R350.00"},{"$f":"SUM(G45*H45)","v":0}]
[3,"Artisan  (Trade Tested)",null,null,"HRS",null,2.5,{"v":300,"d":"R300.00"},{"v":750,"d":"R 750.00"}]
[4,"Utility Man (Non - Trade Tested)",null,null,"HRS",null,null,{"v":200,"d":"R200.00"},0]
[5,"Artisan  Aid",null,null,"HRS",null,2.5,{"v":200,"d":"R200.00"},{"v":500,"d":"R 500.00"}]
[6,"General Worker   ",null,null,"HRS",null,null,{"v":140,"d":"R140.00"},0]
[]
[]
[]
["Sub Total C",{"$nulls":7},{"$f":"SUM(I44:I52)","v":{"v":1250,"d":"R 1,250.00"}}]
["TRANSPORT"]
["Item 4","Destinantion",null,null,"No of Trips",null,"KMs","Rate","Amount"]
[1,"Office to Dora Ngiza Hospital  and back",null,null,1,null,33.2,{"v":5,"d":"R 5.00"},{"$f":"H56*G56","v":{"v":166,"d":"R 166.00"}}]
[]
["Sub Total D",{"$nulls":7},{"$f":"SUM(I56:I57)","v":{"v":166,"d":"R 166.00"}}]
[]
[{"$nulls":6}," Sub Total (A+B+C+D)",null,{"$f":"I58+I53+I41","v":{"v":1416,"d":"R 1,416.00"}}]
[]
[{"$nulls":6},"Sub Total",null,{"$f":"I60+I61","v":{"v":1416,"d":"R 1,416.00"}}]

{"sheet":"Jose Pearson Sant (74)","index":81,"n_rows":62,"n_cols":13,"rows_kept":62,"hidden":true,"merged":[[8,0,8,4],[8,5,8,6],[8,7,8,8],[9,5,9,6],[9,7,9,8],[10,5,10,6],[10,7,10,8],[11,5,11,6],[11,7,11,8],[12,7,12,8],[13,5,13,6],[13,7,13,8],[14,5,14,6],[14,7,14,8],[15,0,15,8],[16,0,16,8],[17,1,17,3],[18,1,18,3],[19,1,19,3],[20,1,20,3],[21,0,21,7],[22,0,22,8],[23,1,23,5],[24,1,24,5],[25,1,25,5],[26,1,26,5],[27,1,27,5],[28,1,28,5],[29,1,29,5],[30,1,30,5],[31,1,31,5],[32,1,32,5],[33,1,33,5],[34,1,34,5],[35,1,35,5],[36,1,36,5],[37,1,37,5],[38,0,38,7],[39,0,39,7],[40,0,40,7],[41,0,41,8],[42,1,42,3],[42,4,42,5],[43,1,43,3],[43,4,43,5],[44,1,44,3],[44,4,44,5],[45,1,45,3],[45,4,45,5],[46,1,46,3],[46,4,46,5],[47,1,47,3],[47,4,47,5],[48,1,48,3],[48,4,48,5],[49,1,49,3],[50,1,50,3],[51,1,51,3],[52,0,52,7],[53,0,53,8],[54,1,54,3],[54,4,54,5],[55,1,55,3],[55,4,55,5],[56,1,56,3],[56,4,56,5],[57,0,57,7],[59,0,59,1],[59,2,59,4],[59,6,59,7],[60,0,60,1],[60,2,60,4],[61,0,61,1],[61,2,61,4],[61,6,61,7],[62,2,62,5]]}
{"$rows_empty":8}
["QUOTE TO :",{"$nulls":4},"Qoute No           ",null,74]
["Department of Health",{"$nulls":4},"Date                   ",null,{"$f":"#REF!","v":{"$error":"#REF!"}}]
["717 Dukumbana Building",{"$nulls":4},"Facility              ",null,{"$f":"#REF!","v":{"$error":"#REF!"}}]
["Independent Avenue",{"$nulls":4},"Work Order     ",null,{"$f":"#REF!","v":{"$error":"#REF!"}}]
["Bhisho",{"$nulls":4},"Tender No       ",null,"SCMU3 - 17/18-0303 - HO"]
[{"$nulls":5},"Contract Term ",null,"24 MONTHS",{"$nulls":4}," "]
[{"$nulls":5},"GEN ID",null,"GEN/NMM/JOS/01"]
["WORK  REQUEST : Standby generator is faulty."]
["SCHEDULED WORK"]
["Item 1","Description",null,null,"Unit","Sch No","Quantity","Rate","Amount"]
[{"$nulls":8},{"$f":"SUM(G19*H19)","v":0}]
[{"$nulls":8},{"$f":"SUM(G20*H20)","v":0}]
[{"$nulls":8},0]
["Sub Total A",{"$nulls":7},{"$f":"SUM(I19:I21)","v":0}]
["NON SCHEDULED WORK"]
["Item 2","Description",{"$nulls":4},"Quantity","Rate","Amount"]
{"$rows_empty":14}
["Sub  Total",{"$nulls":7},{"$f":"SUM(I25:I38)","v":0}]
["Mark - Up 15%",{"$nulls":7},{"$f":"ROUND((I39*0.15),2)","v":0}]
["SUb  Total  B",{"$nulls":7},{"$f":"I39+I40","v":0}]
["LABOUR"]
["Item 3"," (Normal Rate)",null,null,"Unit",null,"Quantity","Rate","Amount"]
[1,"Techinician",null,null,"HRS",null,null,{"v":450,"d":"R450.00"},{"$f":"SUM(G44*H44)","v":0}]
[2," Senior Artisan  ",null,null,"HRS",null,null,{"v":350,"d":"R350.00"},{"$f":"SUM(G45*H45)","v":0}]
[3,"Artisan  (Trade Tested)",null,null,"HRS",null,2,{"v":300,"d":"R300.00"},{"v":600,"d":"R 600.00"}]
[4,"Utility Man (Non - Trade Tested)",null,null,"HRS",null,null,{"v":200,"d":"R200.00"},0]
[5,"Artisan  Aid",null,null,"HRS",null,2,{"v":200,"d":"R200.00"},{"v":400,"d":"R 400.00"}]
[6,"General Worker ",null,null,"HRS",null,null,{"v":140,"d":"R140.00"},0]
[]
[]
[]
["Sub Total C",{"$nulls":7},{"$f":"SUM(I44:I52)","v":{"v":1000,"d":"R 1,000.00"}}]
["TRANSPORT"]
["Item 4","Destinantion",null,null,"No of Trips",null,"KMs","Rate","Amount"]
[1,"Office to Jose Pearson Sant Hospital  and back",null,null,1,null,56.6,{"v":5,"d":"R 5.00"},{"$f":"H56*G56","v":{"v":283,"d":"R 283.00"}}]
[]
["Sub Total D",{"$nulls":7},{"$f":"SUM(I56:I57)","v":{"v":283,"d":"R 283.00"}}]
[]
[{"$nulls":6}," Sub Total (A+B+C+D)",null,{"$f":"I58+I53+I41","v":{"v":1283,"d":"R 1,283.00"}}]
[]
[{"$nulls":6},"Sub Total",null,{"$f":"I60+I61","v":{"v":1283,"d":"R 1,283.00"}}]

{"sheet":"Livingston Hospital (75)","index":82,"n_rows":62,"n_cols":13,"rows_kept":62,"hidden":true,"merged":[[8,0,8,4],[8,5,8,6],[8,7,8,8],[9,5,9,6],[9,7,9,8],[10,5,10,6],[10,7,10,8],[11,5,11,6],[11,7,11,8],[12,7,12,8],[13,5,13,6],[13,7,13,8],[14,5,14,6],[14,7,14,8],[15,0,15,8],[16,0,16,8],[17,1,17,3],[18,1,18,3],[19,1,19,3],[20,1,20,3],[21,0,21,7],[22,0,22,8],[23,1,23,5],[24,1,24,5],[25,1,25,5],[26,1,26,5],[27,1,27,5],[28,1,28,5],[29,1,29,5],[30,1,30,5],[31,1,31,5],[32,1,32,5],[33,1,33,5],[34,1,34,5],[35,1,35,5],[36,1,36,5],[37,1,37,5],[38,0,38,7],[39,0,39,7],[40,0,40,7],[41,0,41,8],[42,1,42,3],[42,4,42,5],[43,1,43,3],[43,4,43,5],[44,1,44,3],[44,4,44,5],[45,1,45,3],[45,4,45,5],[46,1,46,3],[46,4,46,5],[47,1,47,3],[47,4,47,5],[48,1,48,3],[48,4,48,5],[49,1,49,3],[50,1,50,3],[51,1,51,3],[52,0,52,7],[53,0,53,8],[54,1,54,3],[54,4,54,5],[55,1,55,3],[55,4,55,5],[56,1,56,3],[56,4,56,5],[57,0,57,7],[59,0,59,1],[59,2,59,4],[59,6,59,7],[60,0,60,1],[60,2,60,4],[61,0,61,1],[61,2,61,4],[61,6,61,7],[62,2,62,5]]}
{"$rows_empty":8}
["QUOTE TO :",{"$nulls":4},"Qoute No           ",null,75]
["Department of Health",{"$nulls":4},"Date                   ",null,{"$f":"#REF!","v":{"$error":"#REF!"}}]
["717 Dukumbana Building",{"$nulls":4},"Facility              ",null,{"$f":"#REF!","v":{"$error":"#REF!"}}]
["Independent Avenue",{"$nulls":4},"Work Order     ",null,{"$f":"#REF!","v":{"$error":"#REF!"}}]
["Bhisho",{"$nulls":4},"Tender No       ",null,"SCMU3 - 17/18-0303 - HO"]
[{"$nulls":5},"Contract Term ",null,"24 MONTHS",{"$nulls":4}," "]
[{"$nulls":5},"GEN ID",null,"GEN/NMM/LIV/04"]
["WORK  REQUEST : Request -battery for theatre generator"]
["SCHEDULED WORK"]
["Item 1","Description",null,null,"Unit","Sch No","Quantity","Rate","Amount"]
[]
[]
[]
["Sub Total A"]
["NON SCHEDULED WORK"]
["Item 2","Description",{"$nulls":4},"Quantity","Rate","Amount"]
[1,"Battery  683",{"$nulls":4},2,{"v":2304.35,"d":"R2,304.35"},{"$f":"H25*G25","v":{"v":4608.7,"d":"R 4,608.70"}}]
[2,"scrap value back",{"$nulls":4},2,{"v":-230,"d":"-R230.00"},{"$f":"H26*G26","v":{"v":-460,"d":"R -460.00"}}]
{"$rows_empty":12}
["Sub  Total",{"$nulls":7},{"$f":"SUM(I25:I38)","v":{"v":4148.7,"d":"R 4,148.70"}}]
["Mark - Up 15%",{"$nulls":7},{"$f":"ROUND((I39*0.15),2)","v":{"v":622.31,"d":"R 622.31"}}]
["SUb  Total  B",{"$nulls":7},{"$f":"I39+I40","v":{"v":4771.01,"d":"R 4,771.01"}}]
["LABOUR"]
["Item 3"," (Normal Rate)",null,null,"Unit",null,"Quantity","Rate","Amount"]
[1,"Techinician",null,null,"HRS",null,null,{"v":450,"d":"R450.00"},{"$f":"SUM(G44*H44)","v":0}]
[2," Senior Artisan  ",null,null,"HRS",null,null,{"v":350,"d":"R350.00"},{"$f":"SUM(G45*H45)","v":0}]
[3,"Artisan  (Trade Tested)",null,null,"HRS",null,1.5,{"v":300,"d":"R300.00"},{"v":450,"d":"R 450.00"}]
[4,"Utility Man (Non - Trade Tested)",null,null,"HRS",null,null,{"v":200,"d":"R200.00"},0]
[5,"Artisan  Aid",null,null,"HRS",null,1.5,{"v":200,"d":"R200.00"},{"v":300,"d":"R 300.00"}]
[6,"General Worker   (3)",null,null,"HRS",null,null,{"v":140,"d":"R140.00"},0]
[]
[]
[]
["Sub Total C",{"$nulls":7},{"$f":"SUM(I44:I52)","v":{"v":750,"d":"R 750.00"}}]
["TRANSPORT"]
["Item 4","Destinantion",null,null,"No of Trips",null,"KMs","Rate","Amount"]
[1,"Office to Livingston Hospital  and back",null,null,2,null,42.4,{"v":5,"d":"R 5.00"},{"$f":"H56*G56","v":{"v":212,"d":"R 212.00"}}]
[]
["Sub Total D",{"$nulls":7},{"$f":"SUM(I56:I57)","v":{"v":212,"d":"R 212.00"}}]
[]
[{"$nulls":6}," Sub Total (A+B+C+D)",null,{"$f":"I58+I53+I41","v":{"v":5733.01,"d":"R 5,733.01"}}]
[]
[{"$nulls":6},"Sub Total",null,{"$f":"I60+I61","v":{"v":5733.01,"d":"R 5,733.01"}}]

{"sheet":"Leticia Bam Hospital (76)","index":83,"n_rows":62,"n_cols":13,"rows_kept":62,"hidden":true,"merged":[[8,0,8,4],[8,5,8,6],[8,7,8,8],[9,5,9,6],[9,7,9,8],[10,5,10,6],[10,7,10,8],[11,5,11,6],[11,7,11,8],[12,7,12,8],[13,5,13,6],[13,7,13,8],[14,5,14,6],[14,7,14,8],[15,0,15,8],[16,0,16,8],[17,1,17,3],[18,1,18,3],[19,1,19,3],[20,1,20,3],[21,0,21,7],[22,0,22,8],[23,1,23,5],[24,1,24,5],[25,1,25,5],[26,1,26,5],[27,1,27,5],[28,1,28,5],[29,1,29,5],[30,1,30,5],[31,1,31,5],[32,1,32,5],[33,1,33,5],[34,1,34,5],[35,1,35,5],[36,1,36,5],[37,1,37,5],[38,0,38,7],[39,0,39,7],[40,0,40,7],[41,0,41,8],[42,1,42,3],[42,4,42,5],[43,1,43,3],[43,4,43,5],[44,1,44,3],[44,4,44,5],[45,1,45,3],[45,4,45,5],[46,1,46,3],[46,4,46,5],[47,1,47,3],[47,4,47,5],[48,1,48,3],[48,4,48,5],[49,1,49,3],[50,1,50,3],[51,1,51,3],[52,0,52,7],[53,0,53,8],[54,1,54,3],[54,4,54,5],[55,1,55,3],[55,4,55,5],[56,1,56,3],[56,4,56,5],[57,0,57,7],[59,0,59,1],[59,2,59,4],[59,6,59,7],[60,0,60,1],[60,2,60,4],[61,0,61,1],[61,2,61,4],[61,6,61,7],[62,2,62,5]]}
{"$rows_empty":8}
["QUOTE TO :",{"$nulls":4},"Qoute No           ",null,76]
["Department of Health",{"$nulls":4},"Date                   ",null,{"$f":"#REF!","v":{"$error":"#REF!"}}]
["717 Dukumbana Building",{"$nulls":4},"Facility              ",null,{"$f":"#REF!","v":{"$error":"#REF!"}}]
["Independent Avenue",{"$nulls":4},"Work Order     ",null,{"$f":"#REF!","v":{"$error":"#REF!"}}]
["Bhisho",{"$nulls":4},"Tender No       ",null,"SCMU3 - 17/18-0303 - HO"]
[{"$nulls":5},"Contract Term ",null,"24 MONTHS",{"$nulls":4}," "]
[{"$nulls":5},"GEN ID",null,"GEN/NMM/LAE/01"]
["WORK  REQUEST : Generator is faulty."]
["SCHEDULED WORK"]
["Item 1","Description",null,null,"Unit","Sch No","Quantity","Rate","Amount"]
[]
[]
[]
["Sub Total A"]
["NON SCHEDULED WORK"]
["Item 2","Description",{"$nulls":4},"Quantity","Rate","Amount"]
[1,"Battery  683",{"$nulls":4},1,{"v":2304.35,"d":"R2,304.35"},{"$f":"H25*G25","v":{"v":2304.35,"d":"R 2,304.35"}}]
[2,"scrap value back",{"$nulls":4},1,{"v":-230,"d":"-R230.00"},{"$f":"H26*G26","v":{"v":-230,"d":"R -230.00"}}]
{"$rows_empty":12}
["Sub  Total",{"$nulls":7},{"$f":"SUM(I25:I38)","v":{"v":2074.35,"d":"R 2,074.35"}}]
["Mark - Up 15%",{"$nulls":7},{"$f":"ROUND((I39*0.15),2)","v":{"v":311.15,"d":"R 311.15"}}]
["SUb  Total  B",{"$nulls":7},{"$f":"I39+I40","v":{"v":2385.5,"d":"R 2,385.50"}}]
["LABOUR"]
["Item 3"," (Normal Rate)",null,null,"Unit",null,"Quantity","Rate","Amount"]
[1,"Techinician",null,null,"HRS",null,null,{"v":450,"d":"R450.00"},{"$f":"SUM(G44*H44)","v":0}]
[2," Senior Artisan  ",null,null,"HRS",null,null,{"v":350,"d":"R350.00"},{"$f":"SUM(G45*H45)","v":0}]
[3,"Artisan  (Trade Tested)",null,null,"HRS",null,1.5,{"v":300,"d":"R300.00"},{"v":450,"d":"R 450.00"}]
[4,"Utility Man (Non - Trade Tested)",null,null,"HRS",null,null,{"v":200,"d":"R200.00"},0]
[5,"Artisan  Aid",null,null,"HRS",null,1.5,{"v":200,"d":"R200.00"},{"v":300,"d":"R 300.00"}]
[6,"General Worker   (3)",null,null,"HRS",null,null,{"v":140,"d":"R140.00"},0]
[]
[]
[]
["Sub Total C",{"$nulls":7},{"$f":"SUM(I44:I52)","v":{"v":750,"d":"R 750.00"}}]
["TRANSPORT"]
["Item 4","Destinantion",null,null,"No of Trips",null,"KMs","Rate","Amount"]
[1,"Office to Laetia Bam chc and back",null,null,2,null,155.6,{"v":5,"d":"R 5.00"},{"$f":"H56*G56","v":{"v":778,"d":"R 778.00"}}]
[]
["Sub Total D",{"$nulls":7},{"$f":"SUM(I56:I57)","v":{"v":778,"d":"R 778.00"}}]
[]
[{"$nulls":6}," Sub Total (A+B+C+D)",null,{"$f":"I58+I53+I41","v":{"v":3913.5,"d":"R 3,913.50"}}]
[]
[{"$nulls":6},"Sub Total",null,{"$f":"I60+I61","v":{"v":3913.5,"d":"R 3,913.50"}}]

{"sheet":"Unitenhage Pro (69)","index":84,"n_rows":62,"n_cols":13,"rows_kept":62,"hidden":true,"merged":[[8,0,8,4],[8,5,8,6],[8,7,8,8],[9,5,9,6],[9,7,9,8],[10,5,10,6],[10,7,10,8],[11,5,11,6],[11,7,11,8],[12,7,12,8],[13,5,13,6],[13,7,13,8],[14,5,14,6],[14,7,14,8],[15,0,15,8],[16,0,16,8],[17,1,17,3],[18,1,18,3],[19,1,19,3],[20,1,20,3],[21,0,21,7],[22,0,22,8],[23,1,23,5],[24,1,24,5],[25,1,25,5],[26,1,26,5],[27,1,27,5],[28,1,28,5],[29,1,29,5],[30,1,30,5],[31,1,31,5],[32,1,32,5],[33,1,33,5],[34,1,34,5],[35,1,35,5],[36,1,36,5],[37,1,37,5],[38,0,38,7],[39,0,39,7],[40,0,40,7],[41,0,41,8],[42,1,42,3],[42,4,42,5],[43,1,43,3],[43,4,43,5],[44,1,44,3],[44,4,44,5],[45,1,45,3],[45,4,45,5],[46,1,46,3],[46,4,46,5],[47,1,47,3],[47,4,47,5],[48,1,48,3],[48,4,48,5],[49,1,49,3],[50,1,50,3],[51,1,51,3],[52,0,52,7],[53,0,53,8],[54,1,54,3],[54,4,54,5],[55,1,55,3],[55,4,55,5],[56,1,56,3],[56,4,56,5],[57,0,57,7],[59,0,59,1],[59,2,59,4],[59,6,59,7],[60,0,60,1],[60,2,60,4],[61,0,61,1],[61,2,61,4],[61,6,61,7],[62,2,62,5]]}
{"$rows_empty":8}
["QUOTE TO :",{"$nulls":4},"Qoute No           ",null,{"$f":"#REF!","v":{"$error":"#REF!"}}]
["Department of Health",{"$nulls":4},"Date                   ",null,{"$f":"#REF!","v":{"$error":"#REF!"}}]
["717 Dukumbana Building",{"$nulls":4},"Facility              ",null,{"$f":"#REF!","v":{"$error":"#REF!"}}]
["Independent Avenue",{"$nulls":4},"Work Order     ",null,{"$f":"#REF!","v":{"$error":"#REF!"}}]
["Bhisho",{"$nulls":4},"Tender No       ",null,"SCMU3 - 17/18-0303 - HO"]
[{"$nulls":5},"Contract Term ",null,"24 MONTHS",{"$nulls":4}," "]
[{"$nulls":5},"GEN ID",null,"GEN/NMM/UIT/01"]
["WORK  REQUEST : Generator battery is faulty"]
["SCHEDULED WORK"]
["Item 1","Description",null,null,"Unit","Sch No","Quantity","Rate","Amount"]
[{"$nulls":8},{"$f":"SUM(G19*H19)","v":0}]
[{"$nulls":8},{"$f":"SUM(G20*H20)","v":0}]
[{"$nulls":8},0]
["Sub Total A",{"$nulls":7},{"$f":"SUM(I19:I21)","v":0}]
["NON SCHEDULED WORK"]
["Item 2","Description",{"$nulls":4},"Quantity","Rate","Amount"]
[1,"Battery 689",{"$nulls":4},2,{"v":2682.61,"d":"R2,682.61"},{"$f":"H25*G25","v":{"v":5365.22,"d":"R 5,365.22"}}]
{"$rows_empty":13}
["Sub  Total",{"$nulls":7},{"$f":"SUM(I25:I38)","v":{"v":5365.22,"d":"R 5,365.22"}}]
["Mark - Up 15%",{"$nulls":7},{"$f":"ROUND((I39*0.15),2)","v":{"v":804.78,"d":"R 804.78"}}]
["SUb  Total  B",{"$nulls":7},{"$f":"I39+I40","v":{"v":6170,"d":"R 6,170.00"}}]
["LABOUR"]
["Item 3"," (Normal Rate)",null,null,"Unit",null,"Quantity","Rate","Amount"]
[1,"Techinician",null,null,"HRS",null,null,{"v":450,"d":"R450.00"},{"$f":"SUM(G44*H44)","v":0}]
[2," Senior Artisan  ",null,null,"HRS",null,null,{"v":350,"d":"R350.00"},{"$f":"SUM(G45*H45)","v":0}]
[3,"Artisan  (Trade Tested)",null,null,"HRS",null,1,{"v":300,"d":"R300.00"},{"v":300,"d":"R 300.00"}]
[4,"Utility Man (Non - Trade Tested)",null,null,"HRS",null,null,{"v":200,"d":"R200.00"},0]
[5,"Artisan  Aid",null,null,"HRS",null,1,{"v":200,"d":"R200.00"},{"v":200,"d":"R 200.00"}]
[6,"General Worker   (3)",null,null,"HRS",null,null,{"v":140,"d":"R140.00"},0]
[]
[]
[]
["Sub Total C",{"$nulls":7},{"$f":"SUM(I44:I52)","v":{"v":500,"d":"R 500.00"}}]
["TRANSPORT"]
["Item 4","Destinantion",null,null,"No of Trips",null,"KMs","Rate","Amount"]
[1,"Office to Unitenhage Prov Hospital and back",null,null,1,null,84.2,{"v":5,"d":"R 5.00"},{"$f":"H56*G56","v":{"v":421,"d":"R 421.00"}}]
[]
["Sub Total D",{"$nulls":7},{"$f":"SUM(I56:I57)","v":{"v":421,"d":"R 421.00"}}]
[]
[{"$nulls":6}," Sub Total (A+B+C+D)",null,{"$f":"I58+I53+I41","v":{"v":7091,"d":"R 7,091.00"}}]
[]
[{"$nulls":6},"Sub Total",null,{"$f":"I60+I61","v":{"v":7091,"d":"R 7,091.00"}}]

{"sheet":"Gqebera chc (77)","index":85,"n_rows":62,"n_cols":13,"rows_kept":62,"hidden":true,"merged":[[8,0,8,4],[8,5,8,6],[8,7,8,8],[9,5,9,6],[9,7,9,8],[10,5,10,6],[10,7,10,8],[11,5,11,6],[11,7,11,8],[12,7,12,8],[13,5,13,6],[13,7,13,8],[14,5,14,6],[14,7,14,8],[15,0,15,8],[16,0,16,8],[17,1,17,3],[18,1,18,3],[19,1,19,3],[20,1,20,3],[21,0,21,7],[22,0,22,8],[23,1,23,5],[24,1,24,5],[25,1,25,5],[26,1,26,5],[27,1,27,5],[28,1,28,5],[29,1,29,5],[30,1,30,5],[31,1,31,5],[32,1,32,5],[33,1,33,5],[34,1,34,5],[35,1,35,5],[36,1,36,5],[37,1,37,5],[38,0,38,7],[39,0,39,7],[40,0,40,7],[41,0,41,8],[42,1,42,3],[42,4,42,5],[43,1,43,3],[43,4,43,5],[44,1,44,3],[44,4,44,5],[45,1,45,3],[45,4,45,5],[46,1,46,3],[46,4,46,5],[47,1,47,3],[47,4,47,5],[48,1,48,3],[48,4,48,5],[49,1,49,3],[50,1,50,3],[51,1,51,3],[52,0,52,7],[53,0,53,8],[54,1,54,3],[54,4,54,5],[55,1,55,3],[55,4,55,5],[56,1,56,3],[56,4,56,5],[57,0,57,7],[59,0,59,1],[59,2,59,4],[59,6,59,7],[60,0,60,1],[60,2,60,4],[61,0,61,1],[61,2,61,4],[61,6,61,7],[62,2,62,5]]}
{"$rows_empty":8}
["QUOTE TO :",{"$nulls":4},"Qoute No           ",null,77]
["Department of Health",{"$nulls":4},"Date                   ",null,{"$f":"#REF!","v":{"$error":"#REF!"}}]
["717 Dukumbana Building",{"$nulls":4},"Facility              ",null,{"$f":"#REF!","v":{"$error":"#REF!"}}]
["Independent Avenue",{"$nulls":4},"Work Order     ",null,{"$f":"#REF!","v":{"$error":"#REF!"}}]
["Bhisho",{"$nulls":4},"Tender No       ",null,"SCMU3 - 17/18-0303 - HO"]
[{"$nulls":5},"Contract Term ",null,"24 MONTHS",{"$nulls":4}," "]
[{"$nulls":5},"GEN ID",null,"GEN/NMM/GQE/01"]
["WORK  REQUEST : Generator is faulty."]
["SCHEDULED WORK"]
["Item 1","Description",null,null,"Unit","Sch No","Quantity","Rate","Amount"]
[]
[]
[]
["Sub Total A"]
["NON SCHEDULED WORK"]
["Item 2","Description",{"$nulls":4},"Quantity","Rate","Amount"]
{"$rows_empty":14}
["Sub  Total",{"$nulls":7},{"$f":"SUM(I25:I38)","v":0}]
["Mark - Up 15%",{"$nulls":7},{"$f":"ROUND((I39*0.15),2)","v":0}]
["SUb  Total  B",{"$nulls":7},{"$f":"I39+I40","v":0}]
["LABOUR"]
["Item 3"," (Normal Rate)",null,null,"Unit",null,"Quantity","Rate","Amount"]
[1,"Techinician",null,null,"HRS",null,null,{"v":450,"d":"R450.00"},{"$f":"SUM(G44*H44)","v":0}]
[2," Senior Artisan  ",null,null,"HRS",null,null,{"v":350,"d":"R350.00"},{"$f":"SUM(G45*H45)","v":0}]
[3,"Artisan  (Trade Tested)",null,null,"HRS",null,2,{"v":300,"d":"R300.00"},{"v":600,"d":"R 600.00"}]
[4,"Utility Man (Non - Trade Tested)",null,null,"HRS",null,null,{"v":200,"d":"R200.00"},0]
[5,"Artisan  Aid",null,null,"HRS",null,2,{"v":200,"d":"R200.00"},{"v":400,"d":"R 400.00"}]
[6,"General Worker   (3)",null,null,"HRS",null,null,{"v":140,"d":"R140.00"},0]
[]
[]
[]
["Sub Total C",{"$nulls":7},{"$f":"SUM(I44:I52)","v":{"v":1000,"d":"R 1,000.00"}}]
["TRANSPORT"]
["Item 4","Destinantion",null,null,"No of Trips",null,"KMs","Rate","Amount"]
[1,"Office to Gqebera chc and back",null,null,1,null,12.4,{"v":5,"d":"R 5.00"},{"$f":"H56*G56","v":{"v":62,"d":"R 62.00"}}]
[]
["Sub Total D",{"$nulls":7},{"$f":"SUM(I56:I57)","v":{"v":62,"d":"R 62.00"}}]
[]
[{"$nulls":6}," Sub Total (A+B+C+D)",null,{"$f":"I58+I53+I41","v":{"v":1062,"d":"R 1,062.00"}}]
[]
[{"$nulls":6},"Sub Total",null,{"$f":"I60+I61","v":{"v":1062,"d":"R 1,062.00"}}]

{"sheet":"PE Prov (78)","index":86,"n_rows":62,"n_cols":13,"rows_kept":62,"hidden":true,"merged":[[8,0,8,4],[8,5,8,6],[8,7,8,8],[9,5,9,6],[9,7,9,8],[10,5,10,6],[10,7,10,8],[11,5,11,6],[11,7,11,8],[12,7,12,8],[13,5,13,6],[13,7,13,8],[14,5,14,6],[14,7,14,8],[15,0,15,8],[16,0,16,8],[17,1,17,3],[18,1,18,3],[19,1,19,3],[20,1,20,3],[21,0,21,7],[22,0,22,8],[23,1,23,5],[24,1,24,5],[25,1,25,5],[26,1,26,5],[27,1,27,5],[28,1,28,5],[29,1,29,5],[30,1,30,5],[31,1,31,5],[32,1,32,5],[33,1,33,5],[34,1,34,5],[35,1,35,5],[36,1,36,5],[37,1,37,5],[38,0,38,7],[39,0,39,7],[40,0,40,7],[41,0,41,8],[42,1,42,3],[42,4,42,5],[43,1,43,3],[43,4,43,5],[44,1,44,3],[44,4,44,5],[45,1,45,3],[45,4,45,5],[46,1,46,3],[46,4,46,5],[47,1,47,3],[47,4,47,5],[48,1,48,3],[48,4,48,5],[49,1,49,3],[50,1,50,3],[51,1,51,3],[52,0,52,7],[53,0,53,8],[54,1,54,3],[54,4,54,5],[55,1,55,3],[55,4,55,5],[56,1,56,3],[56,4,56,5],[57,0,57,7],[59,0,59,1],[59,2,59,4],[59,6,59,7],[60,0,60,1],[60,2,60,4],[61,0,61,1],[61,2,61,4],[61,6,61,7],[62,2,62,5]]}
{"$rows_empty":8}
["QUOTE TO :",{"$nulls":4},"Qoute No           ",null,78]
["Department of Health",{"$nulls":4},"Date                   ",null,{"$f":"#REF!","v":{"$error":"#REF!"}}]
["717 Dukumbana Building",{"$nulls":4},"Facility              ",null,{"$f":"#REF!","v":{"$error":"#REF!"}}]
["Independent Avenue",{"$nulls":4},"Work Order     ",null,{"$f":"#REF!","v":{"$error":"#REF!"}}]
["Bhisho",{"$nulls":4},"Tender No       ",null,"SCMU3 - 17/18-0303 - HO"]
[{"$nulls":5},"Contract Term ",null,"24 MONTHS",{"$nulls":4}," "]
[{"$nulls":5},"GEN ID",null,"GEN/NMM/PEP/04"]
["WORK  REQUEST : Site side power generator is faulty."]
["SCHEDULED WORK"]
["Item 1","Description",null,null,"Unit","Sch No","Quantity","Rate","Amount"]
[]
[]
[]
["Sub Total A"]
["NON SCHEDULED WORK"]
["Item 2","Description",{"$nulls":4},"Quantity","Rate","Amount"]
[1,"Battery 683",{"$nulls":4},1,{"v":2304.35,"d":"R2,304.35"},{"$f":"H25*G25","v":{"v":2304.35,"d":"R 2,304.35"}}]
[null,"SCRAP",{"$nulls":4},1,{"v":-230,"d":"-R230.00"}]
{"$rows_empty":12}
["Sub  Total",{"$nulls":7},{"$f":"SUM(I25:I38)","v":{"v":2304.35,"d":"R 2,304.35"}}]
["Mark - Up 15%",{"$nulls":7},{"$f":"ROUND((I39*0.15),2)","v":{"v":345.65,"d":"R 345.65"}}]
["SUb  Total  B",{"$nulls":7},{"$f":"I39+I40-230","v":{"v":2420,"d":"R 2,420.00"}}]
["LABOUR"]
["Item 3"," (Normal Rate)",null,null,"Unit",null,"Quantity","Rate","Amount"]
[1,"Techinician",null,null,"HRS",null,null,{"v":450,"d":"R450.00"},{"$f":"SUM(G44*H44)","v":0}]
[2," Senior Artisan  ",null,null,"HRS",null,null,{"v":350,"d":"R350.00"},{"$f":"SUM(G45*H45)","v":0}]
[3,"Artisan  (Trade Tested)",null,null,"HRS",null,1.5,{"v":300,"d":"R300.00"},{"v":450,"d":"R 450.00"}]
[4,"Utility Man (Non - Trade Tested)",null,null,"HRS",null,1.5,{"v":200,"d":"R200.00"},{"v":300,"d":"R 300.00"}]
[5,"Artisan  Aid",null,null,"HRS",null,null,{"v":200,"d":"R200.00"},0]
[6,"General Worker   (3)",null,null,"HRS",null,null,{"v":140,"d":"R140.00"},0]
[]
[]
[]
["Sub Total C",{"$nulls":7},{"$f":"SUM(I44:I52)","v":{"v":750,"d":"R 750.00"}}]
["TRANSPORT"]
["Item 4","Destinantion",null,null,"No of Trips",null,"KMs","Rate","Amount"]
[1,"Office to PE provincial Hospital and back",null,null,1,null,19.4,{"v":5,"d":"R 5.00"},{"$f":"H56*G56","v":{"v":97,"d":"R 97.00"}}]
[]
["Sub Total D",{"$nulls":7},{"$f":"SUM(I56:I57)","v":{"v":97,"d":"R 97.00"}}]
[]
[{"$nulls":6}," Sub Total (A+B+C+D)",null,{"$f":"I58+I53+I41","v":{"v":3267,"d":"R 3,267.00"}}]
[]
[{"$nulls":6},"Sub Total",null,{"$f":"I60+I61","v":{"v":3267,"d":"R 3,267.00"}}]

{"sheet":"Linvingston (79)","index":87,"n_rows":62,"n_cols":13,"rows_kept":62,"hidden":true,"merged":[[8,0,8,4],[8,5,8,6],[8,7,8,8],[9,5,9,6],[9,7,9,8],[10,5,10,6],[10,7,10,8],[11,5,11,6],[11,7,11,8],[12,7,12,8],[13,5,13,6],[13,7,13,8],[14,5,14,6],[14,7,14,8],[15,0,15,8],[16,0,16,8],[17,1,17,3],[18,1,18,3],[19,1,19,3],[20,1,20,3],[21,0,21,7],[22,0,22,8],[23,1,23,5],[24,1,24,5],[25,1,25,5],[26,1,26,5],[27,1,27,5],[28,1,28,5],[29,1,29,5],[30,1,30,5],[31,1,31,5],[32,1,32,5],[33,1,33,5],[34,1,34,5],[35,1,35,5],[36,1,36,5],[37,1,37,5],[38,0,38,7],[39,0,39,7],[40,0,40,7],[41,0,41,8],[42,1,42,3],[42,4,42,5],[43,1,43,3],[43,4,43,5],[44,1,44,3],[44,4,44,5],[45,1,45,3],[45,4,45,5],[46,1,46,3],[46,4,46,5],[47,1,47,3],[47,4,47,5],[48,1,48,3],[48,4,48,5],[49,1,49,3],[50,1,50,3],[51,1,51,3],[52,0,52,7],[53,0,53,8],[54,1,54,3],[54,4,54,5],[55,1,55,3],[55,4,55,5],[56,1,56,3],[56,4,56,5],[57,0,57,7],[59,0,59,1],[59,2,59,4],[59,6,59,7],[60,0,60,1],[60,2,60,4],[61,0,61,1],[61,2,61,4],[61,6,61,7],[62,2,62,5]]}
{"$rows_empty":8}
["QUOTE TO :",{"$nulls":4},"Qoute No           ",null,79]
["Department of Health",{"$nulls":4},"Date                   ",null,{"$f":"#REF!","v":{"$error":"#REF!"}}]
["717 Dukumbana Building",{"$nulls":4},"Facility              ",null,{"$f":"#REF!","v":{"$error":"#REF!"}}]
["Independent Avenue",{"$nulls":4},"Work Order     ",null,{"$f":"#REF!","v":{"$error":"#REF!"}}]
["Bhisho",{"$nulls":4},"Tender No       ",null,"SCMU3 - 17/18-0303 - HO"]
[{"$nulls":5},"Contract Term ",null,"24 MONTHS",{"$nulls":4}," "]
[{"$nulls":5},"GEN ID",null,"GEN/NMM/LIV/05&02"]
["WORK  REQUEST : 2 x generators faulty (ICU +Casualty)"]
["SCHEDULED WORK"]
["Item 1","Description",null,null,"Unit","Sch No","Quantity","Rate","Amount"]
[]
[]
[]
["Sub Total A"]
["NON SCHEDULED WORK"]
["Item 2","Description",{"$nulls":4},"Quantity","Rate","Amount"]
{"$rows_empty":14}
["Sub  Total",{"$nulls":7},{"$f":"SUM(I25:I38)","v":0}]
["Mark - Up 15%",{"$nulls":7},{"$f":"ROUND((I39*0.15),2)","v":0}]
["SUb  Total  B",{"$nulls":7},{"$f":"I39+I40","v":0}]
["LABOUR"]
["Item 3"," (Normal Rate)",null,null,"Unit",null,"Quantity","Rate","Amount"]
[1,"Techinician",null,null,"HRS",null,null,{"v":450,"d":"R450.00"},{"$f":"SUM(G44*H44)","v":0}]
[2," Senior Artisan  ",null,null,"HRS",null,null,{"v":350,"d":"R350.00"},{"$f":"SUM(G45*H45)","v":0}]
[3,"Artisan  (Trade Tested)",null,null,"HRS",null,2.5,{"v":300,"d":"R300.00"},{"v":750,"d":"R 750.00"}]
[4,"Utility Man (Non - Trade Tested)",null,null,"HRS",null,2.5,{"v":200,"d":"R200.00"},{"v":500,"d":"R 500.00"}]
[5,"Artisan  Aid",null,null,"HRS",null,null,{"v":200,"d":"R200.00"},0]
[6,"General Worker   (3)",null,null,"HRS",null,null,{"v":140,"d":"R140.00"},0]
[]
[]
[]
["Sub Total C",{"$nulls":7},{"$f":"SUM(I44:I52)","v":{"v":1250,"d":"R 1,250.00"}}]
["TRANSPORT"]
["Item 4","Destinantion",null,null,"No of Trips",null,"KMs","Rate","Amount"]
[1,"Office to Livingston Hospital and back",null,null,1,null,21.2,{"v":5,"d":"R 5.00"},{"$f":"H56*G56","v":{"v":106,"d":"R 106.00"}}]
[]
["Sub Total D",{"$nulls":7},{"$f":"SUM(I56:I57)","v":{"v":106,"d":"R 106.00"}}]
[]
[{"$nulls":6}," Sub Total (A+B+C+D)",null,{"$f":"I58+I53+I41","v":{"v":1356,"d":"R 1,356.00"}}]
[]
[{"$nulls":6},"Sub Total",null,{"$f":"I60+I61","v":{"v":1356,"d":"R 1,356.00"}}]

{"sheet":"Dora Ngiza (80)","index":88,"n_rows":62,"n_cols":13,"rows_kept":62,"hidden":true,"merged":[[8,0,8,4],[8,5,8,6],[8,7,8,8],[9,5,9,6],[9,7,9,8],[10,5,10,6],[10,7,10,8],[11,5,11,6],[11,7,11,8],[12,7,12,8],[13,5,13,6],[13,7,13,8],[14,5,14,6],[14,7,14,8],[15,0,15,8],[16,0,16,8],[17,1,17,3],[18,1,18,3],[19,1,19,3],[20,1,20,3],[21,0,21,7],[22,0,22,8],[23,1,23,5],[24,1,24,5],[25,1,25,5],[26,1,26,5],[27,1,27,5],[28,1,28,5],[29,1,29,5],[30,1,30,5],[31,1,31,5],[32,1,32,5],[33,1,33,5],[34,1,34,5],[35,1,35,5],[36,1,36,5],[37,1,37,5],[38,0,38,7],[39,0,39,7],[40,0,40,7],[41,0,41,8],[42,1,42,3],[42,4,42,5],[43,1,43,3],[43,4,43,5],[44,1,44,3],[44,4,44,5],[45,1,45,3],[45,4,45,5],[46,1,46,3],[46,4,46,5],[47,1,47,3],[47,4,47,5],[48,1,48,3],[48,4,48,5],[49,1,49,3],[50,1,50,3],[51,1,51,3],[52,0,52,7],[53,0,53,8],[54,1,54,3],[54,4,54,5],[55,1,55,3],[55,4,55,5],[56,1,56,3],[56,4,56,5],[57,0,57,7],[59,0,59,1],[59,2,59,4],[59,6,59,7],[60,0,60,1],[60,2,60,4],[61,0,61,1],[61,2,61,4],[61,6,61,7],[62,2,62,5]]}
{"$rows_empty":8}
["QUOTE TO :",{"$nulls":4},"Qoute No           ",null,{"$f":"#REF!","v":{"$error":"#REF!"}}]
["Department of Health",{"$nulls":4},"Date                   ",null,{"$f":"#REF!","v":{"$error":"#REF!"}}]
["717 Dukumbana Building",{"$nulls":4},"Facility              ",null,{"$f":"#REF!","v":{"$error":"#REF!"}}]
["Independent Avenue",{"$nulls":4},"Work Order     ",null,{"$f":"#REF!","v":{"$error":"#REF!"}}]
["Bhisho",{"$nulls":4},"Tender No       ",null,"SCMU3 - 17/18-0303 - HO"]
[{"$nulls":5},"Contract Term ",null,"24 MONTHS",{"$nulls":4}," "]
[{"$nulls":5},"GEN ID",null,"GEN/NMM/DOR/02"]
["WORK  REQUEST : Power generator in main theatre is  faulty."]
["SCHEDULED WORK"]
["Item 1","Description",null,null,"Unit","Sch No","Quantity","Rate","Amount"]
[]
[]
[]
["Sub Total A"]
["NON SCHEDULED WORK"]
["Item 2","Description",{"$nulls":4},"Quantity","Rate","Amount"]
[1,"Water trap filter",{"$nulls":4},1,{"v":182.7,"d":"R182.70"},{"$f":"H25*G25","v":{"v":182.7,"d":"R 182.70"}}]
{"$rows_empty":13}
["Sub  Total",{"$nulls":7},{"$f":"SUM(I25:I38)","v":{"v":182.7,"d":"R 182.70"}}]
["Mark - Up 15%",{"$nulls":7},{"$f":"ROUND((I39*0.15),2)","v":{"v":27.41,"d":"R 27.41"}}]
["SUb  Total  B",{"$nulls":7},{"$f":"I39+I40","v":{"v":210.10999999999999,"d":"R 210.11"}}]
["LABOUR"]
["Item 3"," (Normal Rate)",null,null,"Unit",null,"Quantity","Rate","Amount"]
[1,"Techinician",null,null,"HRS",null,null,{"v":450,"d":"R450.00"},{"$f":"SUM(G44*H44)","v":0}]
[2," Senior Artisan  ",null,null,"HRS",null,null,{"v":350,"d":"R350.00"},{"$f":"SUM(G45*H45)","v":0}]
[3,"Artisan  (Trade Tested)",null,null,"HRS",null,4,{"v":300,"d":"R300.00"},{"v":1200,"d":"R 1,200.00"}]
[4,"Utility Man (Non - Trade Tested)",null,null,"HRS",null,4,{"v":200,"d":"R200.00"},{"v":800,"d":"R 800.00"}]
[5,"Artisan  Aid",null,null,"HRS",null,null,{"v":200,"d":"R200.00"},0]
[6,"General Worker   (3)",null,null,"HRS",null,null,{"v":140,"d":"R140.00"},0]
[]
[]
[]
["Sub Total C",{"$nulls":7},{"$f":"SUM(I44:I52)","v":{"v":2000,"d":"R 2,000.00"}}]
["TRANSPORT"]
["Item 4","Destinantion",null,null,"No of Trips",null,"KMs","Rate","Amount"]
[1,"Office to Dora Ngiza  Hospital and back",null,null,1,null,33.2,{"v":5,"d":"R 5.00"},{"$f":"H56*G56","v":{"v":166,"d":"R 166.00"}}]
[]
["Sub Total D",{"$nulls":7},{"$f":"SUM(I56:I57)","v":{"v":166,"d":"R 166.00"}}]
[]
[{"$nulls":6}," Sub Total (A+B+C+D)",null,{"$f":"I58+I53+I41","v":{"v":2376.11,"d":"R 2,376.11"}}]
[]
[{"$nulls":6},"Sub Total",null,{"$f":"I60+I61","v":{"v":2376.11,"d":"R 2,376.11"}}]

{"sheet":"Dora Ngiza (81)","index":89,"n_rows":62,"n_cols":13,"rows_kept":62,"hidden":true,"merged":[[8,0,8,4],[8,5,8,6],[8,7,8,8],[9,5,9,6],[9,7,9,8],[10,5,10,6],[10,7,10,8],[11,5,11,6],[11,7,11,8],[12,7,12,8],[13,5,13,6],[13,7,13,8],[14,5,14,6],[14,7,14,8],[15,0,15,8],[16,0,16,8],[17,1,17,3],[18,1,18,3],[19,1,19,3],[20,1,20,3],[21,0,21,7],[22,0,22,8],[23,1,23,5],[24,1,24,5],[25,1,25,5],[26,1,26,5],[27,1,27,5],[28,1,28,5],[29,1,29,5],[30,1,30,5],[31,1,31,5],[32,1,32,5],[33,1,33,5],[34,1,34,5],[35,1,35,5],[36,1,36,5],[37,1,37,5],[38,0,38,7],[39,0,39,7],[40,0,40,7],[41,0,41,8],[42,1,42,3],[42,4,42,5],[43,1,43,3],[43,4,43,5],[44,1,44,3],[44,4,44,5],[45,1,45,3],[45,4,45,5],[46,1,46,3],[46,4,46,5],[47,1,47,3],[47,4,47,5],[48,1,48,3],[48,4,48,5],[49,1,49,3],[50,1,50,3],[51,1,51,3],[52,0,52,7],[53,0,53,8],[54,1,54,3],[54,4,54,5],[55,1,55,3],[55,4,55,5],[56,1,56,3],[56,4,56,5],[57,0,57,7],[59,0,59,1],[59,2,59,4],[59,6,59,7],[60,0,60,1],[60,2,60,4],[61,0,61,1],[61,2,61,4],[61,6,61,7],[62,2,62,5]]}
{"$rows_empty":8}
["QUOTE TO :",{"$nulls":4},"Qoute No           ",null,{"$f":"#REF!","v":{"$error":"#REF!"}}]
["Department of Health",{"$nulls":4},"Date                   ",null,{"$f":"#REF!","v":{"$error":"#REF!"}}]
["717 Dukumbana Building",{"$nulls":4},"Facility              ",null,{"$f":"#REF!","v":{"$error":"#REF!"}}]
["Independent Avenue",{"$nulls":4},"Work Order     ",null,{"$f":"#REF!","v":{"$error":"#REF!"}}]
["Bhisho",{"$nulls":4},"Tender No       ",null,"SCMU3 - 17/18-0303 - HO"]
[{"$nulls":5},"Contract Term ",null,"24 MONTHS",{"$nulls":4}," "]
[{"$nulls":5},"GEN ID",null,"GEN/NMM/DOR/05"]
["WORK  REQUEST : Generator is faulty."]
["SCHEDULED WORK"]
["Item 1","Description",null,null,"Unit","Sch No","Quantity","Rate","Amount"]
[]
[]
[]
["Sub Total A"]
["NON SCHEDULED WORK"]
["Item 2","Description",{"$nulls":4},"Quantity","Rate","Amount"]
[1,"40 A CBI",{"$nulls":4},1,{"v":704.25,"d":"R704.25"},{"$f":"H25*G25","v":{"v":704.25,"d":"R 704.25"}}]
{"$rows_empty":13}
["Sub  Total",{"$nulls":7},{"$f":"SUM(I25:I38)","v":{"v":704.25,"d":"R 704.25"}}]
["Mark - Up 15%",{"$nulls":7},{"$f":"ROUND((I39*0.15),2)","v":{"v":105.64,"d":"R 105.64"}}]
["SUb  Total  B",{"$nulls":7},{"$f":"I39+I40","v":{"v":809.89,"d":"R 809.89"}}]
["LABOUR"]
["Item 3"," (Normal Rate)",null,null,"Unit",null,"Quantity","Rate","Amount"]
[1,"Techinician",null,null,"HRS",null,null,{"v":450,"d":"R450.00"},{"$f":"SUM(G44*H44)","v":0}]
[2," Senior Artisan  ",null,null,"HRS",null,null,{"v":350,"d":"R350.00"},{"$f":"SUM(G45*H45)","v":0}]
[3,"Artisan  (Trade Tested)",null,null,"HRS",null,2.5,{"v":300,"d":"R300.00"},{"v":750,"d":"R 750.00"}]
[4,"Utility Man (Non - Trade Tested)",null,null,"HRS",null,2.5,{"v":200,"d":"R200.00"},{"v":500,"d":"R 500.00"}]
[5,"Artisan  Aid",null,null,"HRS",null,null,{"v":200,"d":"R200.00"},0]
[6,"General Worker   (3)",null,null,"HRS",null,null,{"v":140,"d":"R140.00"},0]
[]
[]
[]
["Sub Total C",{"$nulls":7},{"$f":"SUM(I44:I52)","v":{"v":1250,"d":"R 1,250.00"}}]
["TRANSPORT"]
["Item 4","Destinantion",null,null,"No of Trips",null,"KMs","Rate","Amount"]
[1,"Office to Dora Ngiza  Hospital and back",null,null,1,null,32.2,{"v":5,"d":"R 5.00"},{"$f":"H56*G56","v":{"v":161,"d":"R 161.00"}}]
[]
["Sub Total D",{"$nulls":7},{"$f":"SUM(I56:I57)","v":{"v":161,"d":"R 161.00"}}]
[]
[{"$nulls":6}," Sub Total (A+B+C+D)",null,{"$f":"I58+I53+I41","v":{"v":2220.89,"d":"R 2,220.89"}}]
[]
[{"$nulls":6},"Sub Total",null,{"$f":"I60+I61","v":{"v":2220.89,"d":"R 2,220.89"}}]

{"sheet":"Galvendale Foresic (83)","index":90,"n_rows":62,"n_cols":13,"rows_kept":62,"hidden":true,"merged":[[8,0,8,4],[8,5,8,6],[8,7,8,8],[9,5,9,6],[9,7,9,8],[10,5,10,6],[10,7,10,8],[11,5,11,6],[11,7,11,8],[12,7,12,8],[13,5,13,6],[13,7,13,8],[14,5,14,6],[14,7,14,8],[15,0,15,8],[16,0,16,8],[17,1,17,3],[18,1,18,3],[19,1,19,3],[20,1,20,3],[21,0,21,7],[22,0,22,8],[23,1,23,5],[24,1,24,5],[25,1,25,5],[26,1,26,5],[27,1,27,5],[28,1,28,5],[29,1,29,5],[30,1,30,5],[31,1,31,5],[32,1,32,5],[33,1,33,5],[34,1,34,5],[35,1,35,5],[36,1,36,5],[37,1,37,5],[38,0,38,7],[39,0,39,7],[40,0,40,7],[41,0,41,8],[42,1,42,3],[42,4,42,5],[43,1,43,3],[43,4,43,5],[44,1,44,3],[44,4,44,5],[45,1,45,3],[45,4,45,5],[46,1,46,3],[46,4,46,5],[47,1,47,3],[47,4,47,5],[48,1,48,3],[48,4,48,5],[49,1,49,3],[50,1,50,3],[51,1,51,3],[52,0,52,7],[53,0,53,8],[54,1,54,3],[54,4,54,5],[55,1,55,3],[55,4,55,5],[56,1,56,3],[56,4,56,5],[57,0,57,7],[59,0,59,1],[59,2,59,4],[59,6,59,7],[60,0,60,1],[60,2,60,4],[61,0,61,1],[61,2,61,4],[61,6,61,7],[62,2,62,5]]}
{"$rows_empty":8}
["QUOTE TO :",{"$nulls":4},"Qoute No           ",null,{"$f":"#REF!","v":{"$error":"#REF!"}}]
["Department of Health",{"$nulls":4},"Date                   ",null,{"$f":"#REF!","v":{"$error":"#REF!"}}]
["717 Dukumbana Building",{"$nulls":4},"Facility              ",null,{"$f":"#REF!","v":{"$error":"#REF!"}}]
["Independent Avenue",{"$nulls":4},"Work Order     ",null,{"$f":"#REF!","v":{"$error":"#REF!"}}]
["Bhisho",{"$nulls":4},"Tender No       ",null,"SCMU3 - 17/18-0303 - HO"]
[{"$nulls":5},"Contract Term ",null,"24 MONTHS",{"$nulls":4}," "]
[{"$nulls":5},"GEN ID",null,"GEN/NMM/GEL/01"]
["WORK  REQUEST : Request repairs for generator that is leaking diesel"]
["SCHEDULED WORK"]
["Item 1","Description",null,null,"Unit","Sch No","Quantity","Rate","Amount"]
[]
[]
[]
["Sub Total A"]
["NON SCHEDULED WORK"]
["Item 2","Description",{"$nulls":4},"Quantity","Rate","Amount"]
[1,"Repairs to the tank- welding",{"$nulls":4},1,{"v":2782.61,"d":"R2,782.61"},{"$f":"H25*G25","v":{"v":2782.61,"d":"R 2,782.61"}}]
{"$rows_empty":13}
["Sub  Total",{"$nulls":7},{"$f":"SUM(I25:I38)","v":{"v":2782.61,"d":"R 2,782.61"}}]
["Mark - Up 15%",{"$nulls":7},{"$f":"ROUND((I39*0.15),2)","v":{"v":417.39,"d":"R 417.39"}}]
["SUb  Total  B",{"$nulls":7},{"$f":"I39+I40","v":{"v":3200,"d":"R 3,200.00"}}]
["LABOUR"]
["Item 3"," (Normal Rate)",null,null,"Unit",null,"Quantity","Rate","Amount"]
[1,"Techinician",null,null,"HRS",null,null,{"v":450,"d":"R450.00"},{"$f":"SUM(G44*H44)","v":0}]
[2," Senior Artisan  ",null,null,"HRS",null,null,{"v":350,"d":"R350.00"},{"$f":"SUM(G45*H45)","v":0}]
[3,"Artisan  (Trade Tested)",null,null,"HRS",null,4,{"v":300,"d":"R300.00"},{"v":1200,"d":"R 1,200.00"}]
[4,"Utility Man (Non - Trade Tested)",null,null,"HRS",null,5,{"v":200,"d":"R200.00"},{"v":1000,"d":"R 1,000.00"}]
[5,"Artisan  Aid",null,null,"HRS",null,null,{"v":200,"d":"R200.00"},0]
[6,"General Worker   (3)",null,null,"HRS",null,null,{"v":140,"d":"R140.00"},0]
[]
[]
[]
["Sub Total C",{"$nulls":7},{"$f":"SUM(I44:I52)","v":{"v":2200,"d":"R 2,200.00"}}]
["TRANSPORT"]
["Item 4","Destinantion",null,null,"No of Trips",null,"KMs","Rate","Amount"]
[1,"Office to Galvendale Phathology  and back",null,null,3,null,74.4,{"v":5,"d":"R 5.00"},{"$f":"H56*G56","v":{"v":372,"d":"R 372.00"}}]
[]
["Sub Total D",{"$nulls":7},{"$f":"SUM(I56:I57)","v":{"v":372,"d":"R 372.00"}}]
[]
[{"$nulls":6}," Sub Total (A+B+C+D)",null,{"$f":"I58+I53+I41","v":{"v":5772,"d":"R 5,772.00"}}]
[]
[{"$nulls":6},"Sub Total",null,{"$f":"I60+I61","v":{"v":5772,"d":"R 5,772.00"}}]

{"sheet":"Struandale Depot (84)","index":91,"n_rows":62,"n_cols":13,"rows_kept":62,"hidden":true,"merged":[[8,0,8,4],[8,5,8,6],[8,7,8,8],[9,5,9,6],[9,7,9,8],[10,5,10,6],[10,7,10,8],[11,5,11,6],[11,7,11,8],[12,7,12,8],[13,5,13,6],[13,7,13,8],[14,5,14,6],[14,7,14,8],[15,0,15,8],[16,0,16,8],[17,1,17,3],[18,1,18,3],[19,1,19,3],[20,1,20,3],[21,0,21,7],[22,0,22,8],[23,1,23,5],[24,1,24,5],[25,1,25,5],[26,1,26,5],[27,1,27,5],[28,1,28,5],[29,1,29,5],[30,1,30,5],[31,1,31,5],[32,1,32,5],[33,1,33,5],[34,1,34,5],[35,1,35,5],[36,1,36,5],[37,1,37,5],[38,0,38,7],[39,0,39,7],[40,0,40,7],[41,0,41,8],[42,1,42,3],[42,4,42,5],[43,1,43,3],[43,4,43,5],[44,1,44,3],[44,4,44,5],[45,1,45,3],[45,4,45,5],[46,1,46,3],[46,4,46,5],[47,1,47,3],[47,4,47,5],[48,1,48,3],[48,4,48,5],[49,1,49,3],[50,1,50,3],[51,1,51,3],[52,0,52,7],[53,0,53,8],[54,1,54,3],[54,4,54,5],[55,1,55,3],[55,4,55,5],[56,1,56,3],[56,4,56,5],[57,0,57,7],[59,0,59,1],[59,2,59,4],[59,6,59,7],[60,0,60,1],[60,2,60,4],[61,0,61,1],[61,2,61,4],[61,6,61,7],[62,2,62,5]]}
{"$rows_empty":8}
["QUOTE TO :",{"$nulls":4},"Qoute No           ",null,{"$f":"#REF!","v":{"$error":"#REF!"}}]
["Department of Health",{"$nulls":4},"Date                   ",null,{"$f":"#REF!","v":{"$error":"#REF!"}}]
["717 Dukumbana Building",{"$nulls":4},"Facility              ",null,{"$f":"#REF!","v":{"$error":"#REF!"}}]
["Independent Avenue",{"$nulls":4},"Work Order     ",null,{"$f":"#REF!","v":{"$error":"#REF!"}}]
["Bhisho",{"$nulls":4},"Tender No       ",null,"SCMU3 - 17/18-0303 - HO"]
[{"$nulls":5},"Contract Term ",null,"24 MONTHS",{"$nulls":4}," "]
[{"$nulls":5},"GEN ID",null,"N/A"]
["WORK  REQUEST : Generator needs repairs"]
["SCHEDULED WORK"]
["Item 1","Description",null,null,"Unit","Sch No","Quantity","Rate","Amount"]
[]
[]
[]
["Sub Total A"]
["NON SCHEDULED WORK"]
["Item 2","Description",{"$nulls":4},"Quantity","Rate","Amount"]
{"$rows_empty":14}
["Sub  Total",{"$nulls":7},{"$f":"SUM(I25:I38)","v":0}]
["Mark - Up 15%",{"$nulls":7},{"$f":"ROUND((I39*0.15),2)","v":0}]
["SUb  Total  B",{"$nulls":7},{"$f":"I39+I40","v":0}]
["LABOUR"]
["Item 3"," (Normal Rate)",null,null,"Unit",null,"Quantity","Rate","Amount"]
[1,"Techinician",null,null,"HRS",null,null,{"v":450,"d":"R450.00"},{"$f":"SUM(G44*H44)","v":0}]
[2," Senior Artisan  ",null,null,"HRS",null,null,{"v":350,"d":"R350.00"},{"$f":"SUM(G45*H45)","v":0}]
[3,"Artisan  (Trade Tested)",null,null,"HRS",null,16,{"v":300,"d":"R300.00"},{"v":4800,"d":"R 4,800.00"}]
[4,"Utility Man (Non - Trade Tested)",null,null,"HRS",null,12,{"v":200,"d":"R200.00"},{"v":2400,"d":"R 2,400.00"}]
[5,"Artisan  Aid",null,null,"HRS",null,null,{"v":200,"d":"R200.00"},0]
[6,"General Worker   (3)",null,null,"HRS",null,null,{"v":140,"d":"R140.00"},0]
[]
[]
[]
["Sub Total C",{"$nulls":7},{"$f":"SUM(I44:I52)","v":{"v":7200,"d":"R 7,200.00"}}]
["TRANSPORT"]
["Item 4","Destinantion",null,null,"No of Trips",null,"KMs","Rate","Amount"]
[1,"Office to Struandale Clinic and back",null,null,3,null,80.4,{"v":5,"d":"R 5.00"},{"$f":"H56*G56","v":{"v":402,"d":"R 402.00"}}]
[]
["Sub Total D",{"$nulls":7},{"$f":"SUM(I56:I57)","v":{"v":402,"d":"R 402.00"}}]
[]
[{"$nulls":6}," Sub Total (A+B+C+D)",null,{"$f":"I58+I53+I41","v":{"v":7602,"d":"R 7,602.00"}}]
[]
[{"$nulls":6},"Sub Total",null,{"$f":"I60+I61","v":{"v":7602,"d":"R 7,602.00"}}]

{"sheet":"PE Prov (85)","index":92,"n_rows":62,"n_cols":13,"rows_kept":62,"hidden":true,"merged":[[8,0,8,4],[8,5,8,6],[8,7,8,8],[9,5,9,6],[9,7,9,8],[10,5,10,6],[10,7,10,8],[11,5,11,6],[11,7,11,8],[12,7,12,8],[13,5,13,6],[13,7,13,8],[14,5,14,6],[14,7,14,8],[15,0,15,8],[16,0,16,8],[17,1,17,3],[18,1,18,3],[19,1,19,3],[20,1,20,3],[21,0,21,7],[22,0,22,8],[23,1,23,5],[24,1,24,5],[25,1,25,5],[26,1,26,5],[27,1,27,5],[28,1,28,5],[29,1,29,5],[30,1,30,5],[31,1,31,5],[32,1,32,5],[33,1,33,5],[34,1,34,5],[35,1,35,5],[36,1,36,5],[37,1,37,5],[38,0,38,7],[39,0,39,7],[40,0,40,7],[41,0,41,8],[42,1,42,3],[42,4,42,5],[43,1,43,3],[43,4,43,5],[44,1,44,3],[44,4,44,5],[45,1,45,3],[45,4,45,5],[46,1,46,3],[46,4,46,5],[47,1,47,3],[47,4,47,5],[48,1,48,3],[48,4,48,5],[49,1,49,3],[50,1,50,3],[51,1,51,3],[52,0,52,7],[53,0,53,8],[54,1,54,3],[54,4,54,5],[55,1,55,3],[55,4,55,5],[56,1,56,3],[56,4,56,5],[57,0,57,7],[59,0,59,1],[59,2,59,4],[59,6,59,7],[60,0,60,1],[60,2,60,4],[61,0,61,1],[61,2,61,4],[61,6,61,7],[62,2,62,5]]}
{"$rows_empty":8}
["QUOTE TO :",{"$nulls":4},"Qoute No           ",null,{"$f":"#REF!","v":{"$error":"#REF!"}}]
["Department of Health",{"$nulls":4},"Date                   ",null,{"$f":"#REF!","v":{"$error":"#REF!"}}]
["717 Dukumbana Building",{"$nulls":4},"Facility              ",null,{"$f":"#REF!","v":{"$error":"#REF!"}}]
["Independent Avenue",{"$nulls":4},"Work Order     ",null,{"$f":"#REF!","v":{"$error":"#REF!"}}]
["Bhisho",{"$nulls":4},"Tender No       ",null,"SCMU3 - 17/18-0303 - HO"]
[{"$nulls":5},"Contract Term ",null,"24 MONTHS",{"$nulls":4}," "]
[{"$nulls":5},"GEN ID",null,"GEN/NMM/PEP/02"]
["WORK  REQUEST : Generator diesel is leaking"]
["SCHEDULED WORK"]
["Item 1","Description",null,null,"Unit","Sch No","Quantity","Rate","Amount"]
[]
[]
[]
["Sub Total A"]
["NON SCHEDULED WORK"]
["Item 2","Description",{"$nulls":4},"Quantity","Rate","Amount"]
[1,"Straight rad hose 100mm",{"$nulls":4},1,{"v":324.5,"d":"R324.50"},{"$f":"H25*G25","v":{"v":324.5,"d":"R 324.50"}}]
[2,"Straight rad hose 50mm",{"$nulls":4},1,{"v":160,"d":"R160.00"},{"$f":"H26*G26","v":{"v":160,"d":"R 160.00"}}]
[3,"Straight rad hose 75mm",{"$nulls":4},1,{"v":435,"d":"R435.00"},{"$f":"H27*G27","v":{"v":435,"d":"R 435.00"}}]
[4,"Clamps (95 x131mm)",{"$nulls":4},4,{"v":11,"d":"R11.00"},{"v":44,"d":"R 44.00"}]
[5,"Clamps (51 x76 mm)",{"$nulls":4},2,{"v":21,"d":"R21.00"},{"v":42,"d":"R 42.00"}]
[6,"Clamps (70 x 95 mm)",{"$nulls":4},4,{"v":22,"d":"R22.00"},{"v":88,"d":"R 88.00"}]
[7,"Clamps (76 x 102 mm)",{"$nulls":4},4,{"v":25,"d":"R25.00"},{"v":100,"d":"R 100.00"}]
[8,"Staright rad hose (89mm)",{"$nulls":4},1,{"v":274.5,"d":"R274.50"},{"v":274.5,"d":"R 274.50"}]
[9,"Coolant ",{"$nulls":4},20,{"v":257.38,"d":"R257.38"},{"v":5147.6,"d":"R 5,147.60"}]
[10,"Bio d extra",{"$nulls":4},1,{"v":135,"d":"R135.00"},{"v":135,"d":"R 135.00"}]
[{"$nulls":8},0]
[{"$nulls":8},0]
[{"$nulls":8},0]
[]
["Sub  Total",{"$nulls":7},{"$f":"SUM(I25:I38)","v":{"v":6750.6,"d":"R 6,750.60"}}]
["Mark - Up 15%",{"$nulls":7},{"$f":"ROUND((I39*0.15),2)","v":{"v":1012.59,"d":"R 1,012.59"}}]
["SUb  Total  B",{"$nulls":7},{"$f":"I39+I40","v":{"v":7763.1900000000005,"d":"R 7,763.19"}}]
["LABOUR"]
["Item 3"," (Normal Rate)",null,null,"Unit",null,"Quantity","Rate","Amount"]
[1,"Techinician",null,null,"HRS",null,null,{"v":450,"d":"R450.00"},{"$f":"SUM(G44*H44)","v":0}]
[2," Senior Artisan  ",null,null,"HRS",null,null,{"v":350,"d":"R350.00"},{"$f":"SUM(G45*H45)","v":0}]
[3,"Artisan  (Trade Tested)",null,null,"HRS",null,10,{"v":300,"d":"R300.00"},{"v":3000,"d":"R 3,000.00"}]
[4,"Utility Man (Non - Trade Tested)",null,null,"HRS",null,10,{"v":200,"d":"R200.00"},{"v":2000,"d":"R 2,000.00"}]
[5,"Artisan  Aid",null,null,"HRS",null,null,{"v":200,"d":"R200.00"},0]
[6,"General Worker   (3)",null,null,"HRS",null,null,{"v":140,"d":"R140.00"},0]
[]
[]
[]
["Sub Total C",{"$nulls":7},{"$f":"SUM(I44:I52)","v":{"v":5000,"d":"R 5,000.00"}}]
["TRANSPORT"]
["Item 4","Destinantion",null,null,"No of Trips",null,"KMs","Rate","Amount"]
[1,"Office to PE Pronvicial and back",null,null,2,null,39.2,{"v":5,"d":"R 5.00"},{"$f":"H56*G56","v":{"v":196,"d":"R 196.00"}}]
[]
["Sub Total D",{"$nulls":7},{"$f":"SUM(I56:I57)","v":{"v":196,"d":"R 196.00"}}]
[]
[{"$nulls":6}," Sub Total (A+B+C+D)",null,{"$f":"I58+I53+I41","v":{"v":12959.19,"d":"R 12,959.19"}}]
[]
[{"$nulls":6},"Sub Total",null,{"$f":"I60+I61","v":{"v":12959.19,"d":"R 12,959.19"}}]

{"sheet":"West End (86)","index":93,"n_rows":62,"n_cols":13,"rows_kept":62,"hidden":true,"merged":[[8,0,8,4],[8,5,8,6],[8,7,8,8],[9,5,9,6],[9,7,9,8],[10,5,10,6],[10,7,10,8],[11,5,11,6],[11,7,11,8],[12,7,12,8],[13,5,13,6],[13,7,13,8],[14,5,14,6],[14,7,14,8],[15,0,15,8],[16,0,16,8],[17,1,17,3],[18,1,18,3],[19,1,19,3],[20,1,20,3],[21,0,21,7],[22,0,22,8],[23,1,23,5],[24,1,24,5],[25,1,25,5],[26,1,26,5],[27,1,27,5],[28,1,28,5],[29,1,29,5],[30,1,30,5],[31,1,31,5],[32,1,32,5],[33,1,33,5],[34,1,34,5],[35,1,35,5],[36,1,36,5],[37,1,37,5],[38,0,38,7],[39,0,39,7],[40,0,40,7],[41,0,41,8],[42,1,42,3],[42,4,42,5],[43,1,43,3],[43,4,43,5],[44,1,44,3],[44,4,44,5],[45,1,45,3],[45,4,45,5],[46,1,46,3],[46,4,46,5],[47,1,47,3],[47,4,47,5],[48,1,48,3],[48,4,48,5],[49,1,49,3],[50,1,50,3],[51,1,51,3],[52,0,52,7],[53,0,53,8],[54,1,54,3],[54,4,54,5],[55,1,55,3],[55,4,55,5],[56,1,56,3],[56,4,56,5],[57,0,57,7],[59,0,59,1],[59,2,59,4],[59,6,59,7],[60,0,60,1],[60,2,60,4],[61,0,61,1],[61,2,61,4],[61,6,61,7],[62,2,62,5]]}
{"$rows_empty":8}
["QUOTE TO :",{"$nulls":4},"Qoute No           ",null,{"$f":"#REF!","v":{"$error":"#REF!"}}]
["Department of Health",{"$nulls":4},"Date                   ",null,{"$f":"#REF!","v":{"$error":"#REF!"}}]
["717 Dukumbana Building",{"$nulls":4},"Facility              ",null,{"$f":"#REF!","v":{"$error":"#REF!"}}]
["Independent Avenue",{"$nulls":4},"Work Order     ",null,{"$f":"#REF!","v":{"$error":"#REF!"}}]
["Bhisho",{"$nulls":4},"Tender No       ",null,"SCMU3 - 17/18-0303 - HO"]
[{"$nulls":5},"Contract Term ",null,"24 MONTHS",{"$nulls":4}," "]
[{"$nulls":5},"GEN ID",null,"GEN/NMM/WES/01"]
["WORK  REQUEST : Generator stater is faulty"]
["SCHEDULED WORK"]
["Item 1","Description",null,null,"Unit","Sch No","Quantity","Rate","Amount"]
[]
[]
[]
["Sub Total A"]
["NON SCHEDULED WORK"]
["Item 2","Description",{"$nulls":4},"Quantity","Rate","Amount"]
{"$rows_empty":14}
["Sub  Total",{"$nulls":7},{"$f":"SUM(I25:I38)","v":0}]
["Mark - Up 15%",{"$nulls":7},{"$f":"ROUND((I39*0.15),2)","v":0}]
["SUb  Total  B",{"$nulls":7},{"$f":"I39+I40","v":0}]
["LABOUR"]
["Item 3"," (Normal Rate)",null,null,"Unit",null,"Quantity","Rate","Amount"]
[1,"Techinician",null,null,"HRS",null,null,{"v":450,"d":"R450.00"},{"$f":"SUM(G44*H44)","v":0}]
[2," Senior Artisan  ",null,null,"HRS",null,null,{"v":350,"d":"R350.00"},{"$f":"SUM(G45*H45)","v":0}]
[3,"Artisan  (Trade Tested)",null,null,"HRS",null,2,{"v":300,"d":"R300.00"},{"v":600,"d":"R 600.00"}]
[4,"Utility Man (Non - Trade Tested)",null,null,"HRS",null,2,{"v":200,"d":"R200.00"},{"v":400,"d":"R 400.00"}]
[5,"Artisan  Aid",null,null,"HRS",null,null,{"v":200,"d":"R200.00"},0]
[6,"General Worker   (3)",null,null,"HRS",null,null,{"v":140,"d":"R140.00"},0]
[]
[]
[]
["Sub Total C",{"$nulls":7},{"$f":"SUM(I44:I52)","v":{"v":1000,"d":"R 1,000.00"}}]
["TRANSPORT"]
["Item 4","Destinantion",null,null,"No of Trips",null,"KMs","Rate","Amount"]
[1,"Office to West End and back",null,null,1,null,35,{"v":5,"d":"R 5.00"},{"$f":"H56*G56","v":{"v":175,"d":"R 175.00"}}]
[]
["Sub Total D",{"$nulls":7},{"$f":"SUM(I56:I57)","v":{"v":175,"d":"R 175.00"}}]
[]
[{"$nulls":6}," Sub Total (A+B+C+D)",null,{"$f":"I58+I53+I41","v":{"v":1175,"d":"R 1,175.00"}}]
[]
[{"$nulls":6},"Sub Total",null,{"$f":"I60+I61","v":{"v":1175,"d":"R 1,175.00"}}]

{"sheet":"Livingston Hospital (87)","index":94,"n_rows":62,"n_cols":13,"rows_kept":62,"hidden":true,"merged":[[8,0,8,4],[8,5,8,6],[8,7,8,8],[9,5,9,6],[9,7,9,8],[10,5,10,6],[10,7,10,8],[11,5,11,6],[11,7,11,8],[12,7,12,8],[13,5,13,6],[13,7,13,8],[14,5,14,6],[14,7,14,8],[15,0,15,8],[16,0,16,8],[17,1,17,3],[18,1,18,3],[19,1,19,3],[20,1,20,3],[21,0,21,7],[22,0,22,8],[23,1,23,5],[24,1,24,5],[25,1,25,5],[26,1,26,5],[27,1,27,5],[28,1,28,5],[29,1,29,5],[30,1,30,5],[31,1,31,5],[32,1,32,5],[33,1,33,5],[34,1,34,5],[35,1,35,5],[36,1,36,5],[37,1,37,5],[38,0,38,7],[39,0,39,7],[40,0,40,7],[41,0,41,8],[42,1,42,3],[42,4,42,5],[43,1,43,3],[43,4,43,5],[44,1,44,3],[44,4,44,5],[45,1,45,3],[45,4,45,5],[46,1,46,3],[46,4,46,5],[47,1,47,3],[47,4,47,5],[48,1,48,3],[48,4,48,5],[49,1,49,3],[50,1,50,3],[51,1,51,3],[52,0,52,7],[53,0,53,8],[54,1,54,3],[54,4,54,5],[55,1,55,3],[55,4,55,5],[56,1,56,3],[56,4,56,5],[57,0,57,7],[59,0,59,1],[59,2,59,4],[59,6,59,7],[60,0,60,1],[60,2,60,4],[61,0,61,1],[61,2,61,4],[61,6,61,7],[62,2,62,5]]}
{"$rows_empty":8}
["QUOTE TO :",{"$nulls":4},"Qoute No           ",null,{"$f":"#REF!","v":{"$error":"#REF!"}}]
["Department of Health",{"$nulls":4},"Date                   ",null,{"$f":"#REF!","v":{"$error":"#REF!"}}]
["717 Dukumbana Building",{"$nulls":4},"Facility              ",null,{"$f":"#REF!","v":{"$error":"#REF!"}}]
["Independent Avenue",{"$nulls":4},"Work Order     ",null,{"$f":"#REF!","v":{"$error":"#REF!"}}]
["Bhisho",{"$nulls":4},"Tender No       ",null,"SCMU3 - 17/18-0303 - HO"]
[{"$nulls":5},"Contract Term ",null,"24 MONTHS",{"$nulls":4}," "]
[{"$nulls":5},"GEN ID",null,"GEN/NMM/LIV/02"]
["WORK  REQUEST : Casualty generator is fautly"]
["SCHEDULED WORK"]
["Item 1","Description",null,null,"Unit","Sch No","Quantity","Rate","Amount"]
[]
[]
[]
["Sub Total A"]
["NON SCHEDULED WORK"]
["Item 2","Description",{"$nulls":4},"Quantity","Rate","Amount"]
[1,"Battery 689",{"$nulls":4},4,{"v":2565.22,"d":"R2,565.22"},{"$f":"H25*G25","v":{"v":10260.88,"d":"R 10,260.88"}}]
{"$rows_empty":13}
["Sub  Total",{"$nulls":7},{"$f":"SUM(I25:I38)","v":{"v":10260.88,"d":"R 10,260.88"}}]
["Mark - Up 15%",{"$nulls":7},{"$f":"ROUND((I39*0.15),2)","v":{"v":1539.13,"d":"R 1,539.13"}}]
["SUb  Total  B",{"$nulls":7},{"$f":"I39+I40","v":{"v":11800.009999999998,"d":"R 11,800.01"}}]
["LABOUR"]
["Item 3"," (Normal Rate)",null,null,"Unit",null,"Quantity","Rate","Amount"]
[1,"Techinician",null,null,"HRS",null,null,{"v":450,"d":"R450.00"},{"$f":"SUM(G44*H44)","v":0}]
[2," Senior Artisan  ",null,null,"HRS",null,null,{"v":350,"d":"R350.00"},{"$f":"SUM(G45*H45)","v":0}]
[3,"Artisan  (Trade Tested)",null,null,"HRS",null,2.5,{"v":300,"d":"R300.00"},{"v":750,"d":"R 750.00"}]
[4,"Utility Man (Non - Trade Tested)",null,null,"HRS",null,2.5,{"v":200,"d":"R200.00"},{"v":500,"d":"R 500.00"}]
[5,"Artisan  Aid",null,null,"HRS",null,null,{"v":200,"d":"R200.00"},0]
[6,"General Worker   (3)",null,null,"HRS",null,null,{"v":140,"d":"R140.00"},0]
[]
[]
[]
["Sub Total C",{"$nulls":7},{"$f":"SUM(I44:I52)","v":{"v":1250,"d":"R 1,250.00"}}]
["TRANSPORT"]
["Item 4","Destinantion",null,null,"No of Trips",null,"KMs","Rate","Amount"]
[1,"Office to Livingston Hospital and back",null,null,1,null,21.2,{"v":5,"d":"R 5.00"},{"$f":"H56*G56","v":{"v":106,"d":"R 106.00"}}]
[]
["Sub Total D",{"$nulls":7},{"$f":"SUM(I56:I57)","v":{"v":106,"d":"R 106.00"}}]
[]
[{"$nulls":6}," Sub Total (A+B+C+D)",null,{"$f":"I58+I53+I41","v":{"v":13156.009999999998,"d":"R 13,156.01"}}]
[]
[{"$nulls":6},"Sub Total",null,{"$f":"I60+I61","v":{"v":13156.009999999998,"d":"R 13,156.01"}}]

{"sheet":"Dora Ngiza (88)","index":95,"n_rows":62,"n_cols":13,"rows_kept":62,"hidden":true,"merged":[[8,0,8,4],[8,5,8,6],[8,7,8,8],[9,5,9,6],[9,7,9,8],[10,5,10,6],[10,7,10,8],[11,5,11,6],[11,7,11,8],[12,7,12,8],[13,5,13,6],[13,7,13,8],[14,5,14,6],[14,7,14,8],[15,0,15,8],[16,0,16,8],[17,1,17,3],[18,1,18,3],[19,1,19,3],[20,1,20,3],[21,0,21,7],[22,0,22,8],[23,1,23,5],[24,1,24,5],[25,1,25,5],[26,1,26,5],[27,1,27,5],[28,1,28,5],[29,1,29,5],[30,1,30,5],[31,1,31,5],[32,1,32,5],[33,1,33,5],[34,1,34,5],[35,1,35,5],[36,1,36,5],[37,1,37,5],[38,0,38,7],[39,0,39,7],[40,0,40,7],[41,0,41,8],[42,1,42,3],[42,4,42,5],[43,1,43,3],[43,4,43,5],[44,1,44,3],[44,4,44,5],[45,1,45,3],[45,4,45,5],[46,1,46,3],[46,4,46,5],[47,1,47,3],[47,4,47,5],[48,1,48,3],[48,4,48,5],[49,1,49,3],[50,1,50,3],[51,1,51,3],[52,0,52,7],[53,0,53,8],[54,1,54,3],[54,4,54,5],[55,1,55,3],[55,4,55,5],[56,1,56,3],[56,4,56,5],[57,0,57,7],[59,0,59,1],[59,2,59,4],[59,6,59,7],[60,0,60,1],[60,2,60,4],[61,0,61,1],[61,2,61,4],[61,6,61,7],[62,2,62,5]]}
{"$rows_empty":8}
["QUOTE TO :",{"$nulls":4},"Qoute No           ",null,{"$f":"#REF!","v":{"$error":"#REF!"}}]
["Department of Health",{"$nulls":4},"Date                   ",null,{"$f":"#REF!","v":{"$error":"#REF!"}}]
["717 Dukumbana Building",{"$nulls":4},"Facility              ",null,{"$f":"#REF!","v":{"$error":"#REF!"}}]
["Independent Avenue",{"$nulls":4},"Work Order     ",null,{"$f":"#REF!","v":{"$error":"#REF!"}}]
["Bhisho",{"$nulls":4},"Tender No       ",null,"SCMU3 - 17/18-0303 - HO"]
[{"$nulls":5},"Contract Term ",null,"24 MONTHS",{"$nulls":4}," "]
[{"$nulls":5},"GEN ID",null,"GEN/NMM/DOR/05"]
["WORK  REQUEST : Generator is faulty"]
["SCHEDULED WORK"]
["Item 1","Description",null,null,"Unit","Sch No","Quantity","Rate","Amount"]
[]
[]
[]
["Sub Total A"]
["NON SCHEDULED WORK"]
["Item 2","Description",{"$nulls":4},"Quantity","Rate","Amount"]
[1,"Rimula R4 W40",{"$nulls":4},1,{"v":677.2,"d":"R677.20"},{"$f":"H25*G25","v":{"v":677.2,"d":"R 677.20"}}]
{"$rows_empty":13}
["Sub  Total",{"$nulls":7},{"$f":"SUM(I25:I38)","v":{"v":677.2,"d":"R 677.20"}}]
["Mark - Up 15%",{"$nulls":7},{"$f":"ROUND((I39*0.15),2)","v":{"v":101.58,"d":"R 101.58"}}]
["SUb  Total  B",{"$nulls":7},{"$f":"I39+I40","v":{"v":778.7800000000001,"d":"R 778.78"}}]
["LABOUR"]
["Item 3"," (Normal Rate)",null,null,"Unit",null,"Quantity","Rate","Amount"]
[1,"Techinician",null,null,"HRS",null,null,{"v":450,"d":"R450.00"},{"$f":"SUM(G44*H44)","v":0}]
[2," Senior Artisan  ",null,null,"HRS",null,null,{"v":350,"d":"R350.00"},{"$f":"SUM(G45*H45)","v":0}]
[3,"Artisan  (Trade Tested)",null,null,"HRS",null,2,{"v":300,"d":"R300.00"},{"v":600,"d":"R 600.00"}]
[4,"Utility Man (Non - Trade Tested)",null,null,"HRS",null,2,{"v":200,"d":"R200.00"},{"v":400,"d":"R 400.00"}]
[5,"Artisan  Aid",null,null,"HRS",null,null,{"v":200,"d":"R200.00"},0]
[6,"General Worker   (3)",null,null,"HRS",null,null,{"v":140,"d":"R140.00"},0]
[]
[]
[]
["Sub Total C",{"$nulls":7},{"$f":"SUM(I44:I52)","v":{"v":1000,"d":"R 1,000.00"}}]
["TRANSPORT"]
["Item 4","Destinantion",null,null,"No of Trips",null,"KMs","Rate","Amount"]
[1,"Office to Dora Ngiza Hospital and back",null,null,1,null,33.2,{"v":5,"d":"R 5.00"},{"$f":"H56*G56","v":{"v":166,"d":"R 166.00"}}]
[]
["Sub Total D",{"$nulls":7},{"$f":"SUM(I56:I57)","v":{"v":166,"d":"R 166.00"}}]
[]
[{"$nulls":6}," Sub Total (A+B+C+D)",null,{"$f":"I58+I53+I41","v":{"v":1944.7800000000002,"d":"R 1,944.78"}}]
[]
[{"$nulls":6},"Sub Total",null,{"$f":"I60+I61","v":{"v":1944.7800000000002,"d":"R 1,944.78"}}]

{"sheet":"Mt Road (82)","index":96,"n_rows":62,"n_cols":13,"rows_kept":62,"hidden":true,"merged":[[8,0,8,4],[8,5,8,6],[8,7,8,8],[9,5,9,6],[9,7,9,8],[10,5,10,6],[10,7,10,8],[11,5,11,6],[11,7,11,8],[12,7,12,8],[13,5,13,6],[13,7,13,8],[14,5,14,6],[14,7,14,8],[15,0,15,8],[16,0,16,8],[17,1,17,3],[18,1,18,3],[19,1,19,3],[20,1,20,3],[21,0,21,7],[22,0,22,8],[23,1,23,5],[24,1,24,5],[25,1,25,5],[26,1,26,5],[27,1,27,5],[28,1,28,5],[29,1,29,5],[30,1,30,5],[31,1,31,5],[32,1,32,5],[33,1,33,5],[34,1,34,5],[35,1,35,5],[36,1,36,5],[37,1,37,5],[38,0,38,7],[39,0,39,7],[40,0,40,7],[41,0,41,8],[42,1,42,3],[42,4,42,5],[43,1,43,3],[43,4,43,5],[44,1,44,3],[44,4,44,5],[45,1,45,3],[45,4,45,5],[46,1,46,3],[46,4,46,5],[47,1,47,3],[47,4,47,5],[48,1,48,3],[48,4,48,5],[49,1,49,3],[50,1,50,3],[51,1,51,3],[52,0,52,7],[53,0,53,8],[54,1,54,3],[54,4,54,5],[55,1,55,3],[55,4,55,5],[56,1,56,3],[56,4,56,5],[57,0,57,7],[59,0,59,1],[59,2,59,4],[59,6,59,7],[60,0,60,1],[60,2,60,4],[61,0,61,1],[61,2,61,4],[61,6,61,7],[62,2,62,5]]}
{"$rows_empty":8}
["QUOTE TO :",{"$nulls":4},"Qoute No           ",null,{"$f":"#REF!","v":{"$error":"#REF!"}}]
["Department of Health",{"$nulls":4},"Date                   ",null,{"$f":"#REF!","v":{"$error":"#REF!"}}]
["717 Dukumbana Building",{"$nulls":4},"Facility              ",null,{"$f":"#REF!","v":{"$error":"#REF!"}}]
["Independent Avenue",{"$nulls":4},"Work Order     ",null,{"$f":"#REF!","v":{"$error":"#REF!"}}]
["Bhisho",{"$nulls":4},"Tender No       ",null,"SCMU3 - 17/18-0303 - HO"]
[{"$nulls":5},"Contract Term ",null,"24 MONTHS",{"$nulls":4}," "]
[{"$nulls":5},"GEN ID",null,"GEN/NMM/MOU/01"]
["WORK  REQUEST : Generator is faulty."]
["SCHEDULED WORK"]
["Item 1","Description",null,null,"Unit","Sch No","Quantity","Rate","Amount"]
[]
[]
[]
["Sub Total A"]
["NON SCHEDULED WORK"]
["Item 2","Description",{"$nulls":4},"Quantity","Rate","Amount"]
[1,"Diesel fix",{"$nulls":4},2,{"v":120,"d":"R120.00"},{"$f":"H25*G25","v":{"v":240,"d":"R 240.00"}}]
[2,"Fuel filter ",{"$nulls":4},1,{"v":256.52,"d":"R256.52"},{"$f":"H26*G26","v":{"v":256.52,"d":"R 256.52"}}]
{"$rows_empty":12}
["Sub  Total",{"$nulls":7},{"$f":"SUM(I25:I38)","v":{"v":496.52,"d":"R 496.52"}}]
["Mark - Up 15%",{"$nulls":7},{"$f":"ROUND((I39*0.15),2)","v":{"v":74.48,"d":"R 74.48"}}]
["SUb  Total  B",{"$nulls":7},{"$f":"I39+I40","v":{"v":571,"d":"R 571.00"}}]
["LABOUR"]
["Item 3"," (Normal Rate)",null,null,"Unit",null,"Quantity","Rate","Amount"]
[1,"Techinician",null,null,"HRS",null,null,{"v":450,"d":"R450.00"},{"$f":"SUM(G44*H44)","v":0}]
[2," Senior Artisan  ",null,null,"HRS",null,null,{"v":350,"d":"R350.00"},{"$f":"SUM(G45*H45)","v":0}]
[3,"Artisan  (Trade Tested)",null,null,"HRS",null,3,{"v":300,"d":"R300.00"},{"v":900,"d":"R 900.00"}]
[4,"Utility Man (Non - Trade Tested)",null,null,"HRS",null,3,{"v":200,"d":"R200.00"},{"v":600,"d":"R 600.00"}]
[5,"Artisan  Aid",null,null,"HRS",null,null,{"v":200,"d":"R200.00"},0]
[6,"General Worker   (3)",null,null,"HRS",null,null,{"v":140,"d":"R140.00"},0]
[]
[]
[]
["Sub Total C",{"$nulls":7},{"$f":"SUM(I44:I52)","v":{"v":1500,"d":"R 1,500.00"}}]
["TRANSPORT"]
["Item 4","Destinantion",null,null,"No of Trips",null,"KMs","Rate","Amount"]
[1,"Office toMt Road  Forensic and back",null,null,2,null,50,{"v":5,"d":"R 5.00"},{"$f":"H56*G56","v":{"v":250,"d":"R 250.00"}}]
[]
["Sub Total D",{"$nulls":7},{"$f":"SUM(I56:I57)","v":{"v":250,"d":"R 250.00"}}]
[]
[{"$nulls":6}," Sub Total (A+B+C+D)",null,{"$f":"I58+I53+I41","v":{"v":2321,"d":"R 2,321.00"}}]
[]
[{"$nulls":6},"Sub Total",null,{"$f":"I60+I61","v":{"v":2321,"d":"R 2,321.00"}}]

{"sheet":"West End (89)","index":97,"n_rows":69,"n_cols":13,"rows_kept":69,"hidden":true,"merged":[[8,0,8,4],[8,5,8,6],[8,7,8,8],[9,5,9,6],[9,7,9,8],[10,5,10,6],[10,7,10,8],[11,5,11,6],[11,7,11,8],[12,7,12,8],[13,5,13,6],[13,7,13,8],[14,5,14,6],[14,7,14,8],[15,0,15,8],[16,0,16,8],[17,1,17,3],[18,1,18,3],[19,1,19,3],[20,1,20,3],[21,0,21,7],[22,0,22,8],[23,1,23,5],[24,1,24,5],[25,1,25,5],[26,1,26,5],[27,1,27,5],[28,1,28,5],[29,1,29,5],[30,1,30,5],[31,1,31,5],[32,1,32,5],[33,1,33,5],[34,1,34,5],[35,1,35,5],[36,1,36,5],[37,1,37,5],[38,1,38,5],[39,1,39,5],[40,1,40,5],[41,1,41,5],[42,1,42,5],[43,1,43,5],[44,1,44,5],[45,0,45,7],[46,0,46,7],[47,0,47,7],[48,0,48,8],[49,1,49,3],[49,4,49,5],[50,1,50,3],[50,4,50,5],[51,1,51,3],[51,4,51,5],[52,1,52,3],[52,4,52,5],[53,1,53,3],[53,4,53,5],[54,1,54,3],[54,4,54,5],[55,1,55,3],[55,4,55,5],[56,1,56,3],[57,1,57,3],[58,1,58,3],[59,0,59,7],[60,0,60,8],[61,1,61,3],[61,4,61,5],[62,1,62,3],[62,4,62,5],[63,1,63,3],[63,4,63,5],[64,0,64,7],[66,0,66,1],[66,2,66,4],[66,6,66,7],[67,0,67,1],[67,2,67,4],[68,0,68,1],[68,2,68,4],[68,6,68,7],[69,2,69,5]]}
{"$rows_empty":8}
["QUOTE TO :",{"$nulls":4},"Qoute No           ",null,{"$f":"#REF!","v":{"$error":"#REF!"}}]
["Department of Health",{"$nulls":4},"Date                   ",null,{"$f":"#REF!","v":{"$error":"#REF!"}}]
["717 Dukumbana Building",{"$nulls":4},"Facility              ",null,{"$f":"#REF!","v":{"$error":"#REF!"}}]
["Independent Avenue",{"$nulls":4},"Work Order     ",null,{"$f":"#REF!","v":{"$error":"#REF!"}}]
["Bhisho",{"$nulls":4},"Tender No       ",null,"SCMU3 - 17/18-0303 - HO"]
[{"$nulls":5},"Contract Term ",null,"24 MONTHS",{"$nulls":4}," "]
[{"$nulls":5},"GEN ID",null,"GEN/NMM/WES/01"]
["WORK  REQUEST : Generator is faulty."]
["SCHEDULED WORK"]
["Item 1","Description",null,null,"Unit","Sch No","Quantity","Rate","Amount"]
[]
[]
[]
["Sub Total A"]
["NON SCHEDULED WORK"]
["Item 2","Description",{"$nulls":4},"Quantity","Rate","Amount"]
[1,"3 KW barrel fan",{"$nulls":4},1,{"v":2550,"d":"R2,550.00"},{"$f":"H25*G25","v":{"v":2550,"d":"R 2,550.00"}}]
[2,"Ducting",{"$nulls":4},1,{"v":1200,"d":"R1,200.00"},{"$f":"H26*G26","v":{"v":1200,"d":"R 1,200.00"}}]
[3,"Laser cut & bend",{"$nulls":4},2,{"v":1445.56,"d":"R1,445.56"},{"$f":"H27*G27","v":{"v":2891.12,"d":"R 2,891.12"}}]
[4,"Jointer",{"$nulls":4},1,{"v":38.22,"d":"R38.22"},{"v":38.22,"d":"R 38.22"}]
[5,"Set screw",{"$nulls":4},3,{"v":8.93,"d":"R8.93"},{"v":26.79,"d":"R 26.79"}]
[6,"Cement (25Kg)",{"$nulls":4},1,{"v":44.94,"d":"R44.94"},{"v":44.94,"d":"R 44.94"}]
[7,"Bolts nuts & washers",{"$nulls":4},10,{"v":10.82,"d":"R10.82"},{"$f":"H31*G31","v":{"v":108.2,"d":"R 108.20"}}]
[8,"Stud & nut",{"$nulls":4},2,{"v":27.8,"d":"R27.80"},{"v":55.6,"d":"R 55.60"}]
[9,"Fan belt",{"$nulls":4},2,{"v":147.19,"d":"R147.19"},{"v":294.38,"d":"R 294.38"}]
[10,"Grun",{"$nulls":4},1,{"v":22.6,"d":"R22.60"},{"v":22.6,"d":"R 22.60"}]
[11,"Spiral bing",{"$nulls":4},5,{"v":26,"d":"R26.00"},{"v":130,"d":"R 130.00"}]
[12,"Flex conduict",{"$nulls":4},5,{"v":14,"d":"R14.00"},{"v":70,"d":"R 70.00"}]
[13,"3/8 Fuel hose",{"$nulls":4},15,{"v":91.05,"d":"R91.05"},{"$f":"H37*G37","v":{"v":1365.75,"d":"R 1,365.75"}}]
[14,"8 mm  fuel hose",{"$nulls":4},10,{"v":83.84,"d":"R83.84"},{"v":838.4000000000001,"d":"R 838.40"}]
[15,"Clamps",{"$nulls":4},4,{"v":8.12,"d":"R8.12"},{"v":32.48,"d":"R 32.48"}]
[16,"Alternator",{"$nulls":4},1,{"v":2197,"d":"R2,197.00"},{"v":2197,"d":"R 2,197.00"}]
[17,"Degreaser",{"$nulls":4},2,{"v":268.15,"d":"R268.15"},{"v":536.3,"d":"R 536.30"}]
[]
[]
[]
[]
["Sub  Total",{"$nulls":7},{"$f":"SUM(I25:I45)","v":{"v":12401.779999999999,"d":"R 12,401.78"}}]
["Mark - Up 15%",{"$nulls":7},{"$f":"ROUND((I46*0.15),2)","v":{"v":1860.27,"d":"R 1,860.27"}}]
["SUb  Total  B",{"$nulls":7},{"$f":"I46+I47","v":{"v":14262.05,"d":"R 14,262.05"}}]
["LABOUR"]
["Item 3"," (Normal Rate)",null,null,"Unit",null,"Quantity","Rate","Amount"]
[1,"Techinician",null,null,"HRS",null,null,{"v":450,"d":"R450.00"},{"$f":"SUM(G51*H51)","v":0}]
[2," Senior Artisan  ",null,null,"HRS",null,null,{"v":350,"d":"R350.00"},{"$f":"SUM(G52*H52)","v":0}]
[3,"Artisan  (Trade Tested)",null,null,"HRS",null,64,{"v":300,"d":"R300.00"},{"v":19200,"d":"R 19,200.00"}]
[4,"Utility Man (Non - Trade Tested)",null,null,"HRS",null,null,{"v":200,"d":"R200.00"},0]
[5,"Artisan  Aid (2)",null,null,"HRS",null,48,{"v":200,"d":"R200.00"},{"v":9600,"d":"R 9,600.00"}]
[6,"General Worker   ",null,null,"HRS",null,null,{"v":140,"d":"R140.00"},0]
[]
[]
[]
["Sub Total C",{"$nulls":7},{"$f":"SUM(I51:I59)","v":{"v":28800,"d":"R 28,800.00"}}]
["TRANSPORT"]
["Item 4","Destinantion",null,null,"No of Trips",null,"KMs","Rate","Amount"]
[1,"Office to West End  and back",null,null,7,null,245,{"v":5,"d":"R 5.00"},{"$f":"H63*G63","v":{"v":1225,"d":"R 1,225.00"}}]
[]
["Sub Total D",{"$nulls":7},{"$f":"SUM(I63:I64)","v":{"v":1225,"d":"R 1,225.00"}}]
[]
[{"$nulls":6}," Sub Total (A+B+C+D)",null,{"$f":"I65+I60+I48","v":{"v":44287.05,"d":"R 44,287.05"}}]
[]
[{"$nulls":6},"Sub Total",null,{"$f":"I67+I68","v":{"v":44287.05,"d":"R 44,287.05"}}]

{"sheet":"Walton Conyng (90)","index":98,"n_rows":145,"n_cols":13,"rows_kept":145,"hidden":true,"merged":[[8,0,8,4],[8,5,8,6],[8,7,8,8],[9,5,9,6],[9,7,9,8],[10,5,10,6],[10,7,10,8],[11,5,11,6],[11,7,11,8],[12,7,12,8],[13,5,13,6],[13,7,13,8],[14,5,14,6],[14,7,14,8],[15,0,15,8],[16,0,16,8],[17,1,17,3],[18,1,18,3],[19,1,19,3],[20,1,20,3],[21,0,21,7],[22,0,22,8],[23,1,23,5],[24,1,24,5],[25,1,25,5],[26,1,26,5],[27,1,27,5],[28,1,28,5],[29,1,29,5],[30,1,30,5],[31,1,31,5],[32,1,32,5],[33,1,33,5],[34,1,34,5],[35,1,35,5],[36,1,36,5],[37,1,37,5],[38,1,38,5],[39,1,39,5],[40,1,40,5],[41,1,41,5],[42,1,42,5],[43,1,43,5],[44,1,44,5],[45,1,45,5],[46,1,46,5],[47,1,47,5],[48,1,48,5],[49,1,49,5],[50,1,50,5],[51,1,51,5],[52,1,52,5],[53,1,53,5],[54,1,54,5],[55,1,55,5],[56,1,56,5],[57,1,57,5],[58,1,58,5],[59,1,59,5],[60,1,60,5],[61,1,61,5],[62,1,62,5],[63,1,63,5],[64,1,64,5],[65,1,65,5],[66,1,66,5],[67,1,67,5],[68,1,68,5],[69,1,69,5],[70,1,70,5],[71,1,71,5],[72,1,72,5],[73,1,73,5],[74,1,74,5],[75,1,75,5],[76,1,76,5],[77,1,77,5],[78,1,78,5],[79,1,79,5],[80,1,80,5],[81,1,81,5],[82,1,82,5],[83,1,83,5],[84,1,84,5],[85,1,85,5],[86,1,86,5],[87,1,87,5],[88,1,88,5],[89,1,89,5],[90,1,90,5],[91,1,91,5],[92,1,92,5],[93,1,93,5],[94,1,94,5],[95,1,95,5],[96,1,96,5],[97,1,97,5],[98,1,98,5],[99,1,99,5],[100,1,100,5],[101,1,101,5],[102,1,102,5],[103,1,103,5],[104,1,104,5],[105,1,105,5],[106,1,106,5],[107,1,107,5],[108,1,108,5],[109,1,109,5],[110,1,110,5],[111,1,111,5],[112,1,112,5],[113,1,113,5],[114,1,114,5],[115,1,115,5],[116,1,116,5],[117,1,117,5],[118,1,118,5],[119,1,119,5],[120,1,120,5],[121,0,121,7],[122,0,122,7],[123,0,123,7],[124,0,124,8],[125,1,125,3],[125,4,125,5],[126,1,126,3],[126,4,126,5],[127,1,127,3],[127,4,127,5],[128,1,128,3],[128,4,128,5],[129,1,129,3],[129,4,129,5],[130,1,130,3],[130,4,130,5],[131,1,131,3],[131,4,131,5],[132,1,132,3],[133,1,133,3],[134,1,134,3],[135,0,135,7],[136,0,136,8],[137,1,137,3],[137,4,137,5],[138,1,138,3],[138,4,138,5],[139,1,139,3],[139,4,139,5],[140,0,140,7],[142,0,142,1],[142,2,142,4],[142,6,142,7],[143,0,143,1],[143,2,143,4],[144,0,144,1],[144,2,144,4],[144,6,144,7],[145,2,145,5]]}
{"$rows_empty":8}
["QUOTE TO :",{"$nulls":4},"Qoute No           ",null,{"$f":"#REF!","v":{"$error":"#REF!"}}]
["Department of Health",{"$nulls":4},"Date                   ",null,{"$f":"#REF!","v":{"$error":"#REF!"}}]
["717 Dukumbana Building",{"$nulls":4},"Facility              ",null,{"$f":"#REF!","v":{"$error":"#REF!"}}]
["Independent Avenue",{"$nulls":4},"Work Order     ",null,{"$f":"#REF!","v":{"$error":"#REF!"}}]
["Bhisho",{"$nulls":4},"Tender No       ",null,"SCMU3 - 17/18-0303 - HO"]
[{"$nulls":5},"Contract Term ",null,"24 MONTHS",{"$nulls":4}," "]
[{"$nulls":5},"GEN ID",null,"GEN/NMM/"]
["WORK  REQUEST : Collection of generator from PE Medical stores to Walton Building Plus service"]
["SCHEDULED WORK"]
["Item 1","Description",{"$nulls":4},"Quantity","Rate","Amount"]
[1,"Major service  0 - 200KVA"]
[]
[]
["Sub Total A"]
["NON SCHEDULED WORK"]
["Item 2","Description",{"$nulls":4},"Quantity","Rate","Amount"]
[1,"Hose (19mm)",{"$nulls":4},1,{"v":445.26,"d":"R445.26"},{"$f":"H25*G25","v":{"v":445.26,"d":"R 445.26"}}]
[2,"Clamps hose",{"$nulls":4},10,{"v":10.96,"d":"R10.96"},{"$f":"H26*G26","v":{"v":109.60000000000001,"d":"R 109.60"}}]
[3,"Crane hire",{"$nulls":4},1,{"v":5500,"d":"R5,500.00"},{"$f":"H27*G27","v":{"v":5500,"d":"R 5,500.00"}}]
[4,"Cable tie",{"$nulls":4},1,{"v":88.86,"d":"R88.86"},{"$f":"H28*G28","v":{"v":88.86,"d":"R 88.86"}}]
[5,"Repairs to alternator",{"$nulls":4},1,{"v":8820,"d":"R8,820.00"},{"$f":"H29*G29","v":{"v":8820,"d":"R 8,820.00"}}]
[6,"Tape 48 mm",{"$nulls":4},1,{"v":38.72,"d":"R38.72"},{"v":38.72,"d":"R 38.72"}]
[7,"Tape 18 x 40m",{"$nulls":4},1,{"v":18.07,"d":"R18.07"},{"v":18.07,"d":"R 18.07"}]
[8,"Dulux 600ml",{"$nulls":4},1,{"v":113.34,"d":"R113.34"},{"v":113.34,"d":"R 113.34"}]
[9,"Car gun bandage",{"$nulls":4},1,{"v":57.78,"d":"R57.78"},{"v":57.78,"d":"R 57.78"}]
[10,"Lug 35 x 10",{"$nulls":4},2,{"v":8.7,"d":"R8.70"},{"v":17.4,"d":"R 17.40"}]
[11,"Battery bax",{"$nulls":4},1,{"v":182.61,"d":"R182.61"},{"v":182.61,"d":"R 182.61"}]
[12,"H/Clamp",{"$nulls":4},2,{"v":5.31,"d":"R5.31"},{"v":10.62,"d":"R 10.62"}]
[13,"H/Clamp (16 -32)",{"$nulls":4},6,{"v":8.14,"d":"R8.14"},{"v":48.84,"d":"R 48.84"}]
[14,"Sleeve 16mm",{"$nulls":4},5,{"v":8.7,"d":"R8.70"},{"v":43.5,"d":"R 43.50"}]
[15,"Repair sil + clamp",{"$nulls":4},1,{"v":150,"d":"R150.00"},{"v":150,"d":"R 150.00"}]
[16,"Channel (76 x 38)",{"$nulls":4},7,{"v":719.55,"d":"R719.55"},{"v":5036.849999999999,"d":"R 5,036.85"}]
[17,"Lapp olflex classic",{"$nulls":4},10,{"v":100.6,"d":"R100.60"},{"v":1006,"d":"R 1,006.00"}]
[18,"Fuse ( 2x 58w)",{"$nulls":4},1,{"v":216,"d":"R216.00"},{"$f":"H42*G42","v":{"v":216,"d":"R 216.00"}}]
[19,"Led glass",{"$nulls":4},2,{"v":85,"d":"R85.00"},{"v":170,"d":"R 170.00"}]
[20,"Gland",{"$nulls":4},1,{"v":7.92,"d":"R7.92"},{"v":7.92,"d":"R 7.92"}]
[21,"Lock nut",{"$nulls":4},1,{"v":1.69,"d":"R1.69"},{"v":1.69,"d":"R 1.69"}]
[22,"Flat twin earth 2,5 x 2",{"$nulls":4},20,{"v":16.108,"d":"R16.11"},{"v":322.16,"d":"R 322.16"}]
[23,"Gland nr 0",{"$nulls":4},2,{"v":1.9,"d":"R1.90"},{"v":3.8,"d":"R 3.80"}]
[24,"Enclouser (380x 600 x210)",{"$nulls":4},1,{"v":2016.63,"d":"R2,016.63"},{"v":2016.63,"d":"R 2,016.63"}]
[25,"Lug (25x8)",{"$nulls":4},10,{"v":4.0357,"d":"R4.04"},{"v":40.357,"d":"R 40.36"}]
[26,"MCB 100A",{"$nulls":4},1,{"v":2395,"d":"R2,395.00"},{"v":2395,"d":"R 2,395.00"}]
[27,"Panel Enclouser(3,5 x 3,5 x 2,4 m)",{"$nulls":4},1,{"v":27643,"d":"R27,643.00"},{"v":27643,"d":"R 27,643.00"}]
[28,"Galv 300mm",{"$nulls":4},2,{"v":1538.26,"d":"R1,538.26"},{"v":3076.52,"d":"R 3,076.52"}]
[29,"Shutterply pine ",{"$nulls":4},5,{"v":339.12,"d":"R339.12"},{"v":1695.6,"d":"R 1,695.60"}]
[30,"Repairs to batteyr charger alternator",{"$nulls":4},1,{"v":1284.4,"d":"R1,284.40"},{"v":1284.4,"d":"R 1,284.40"}]
[31,"Belt",{"$nulls":4},1,{"v":188.7,"d":"R188.70"},{"v":188.7,"d":"R 188.70"}]
[32,"Screw set & nut",{"$nulls":4},3,{"v":8.93,"d":"R8.93"},{"v":26.79,"d":"R 26.79"}]
[33,"Cement (25kg)",{"$nulls":4},1,{"v":44.94,"d":"R44.94"},{"v":44.94,"d":"R 44.94"}]
[34,"Tico Pad",{"$nulls":4},1,{"v":770,"d":"R770.00"},{"v":770,"d":"R 770.00"}]
[35,"MCB 10A",{"$nulls":4},1,{"v":195.7,"d":"R195.70"},{"v":195.7,"d":"R 195.70"}]
[36,"MCB 6A",{"$nulls":4},6,{"v":187.27,"d":"R187.27"},{"v":1123.6200000000001,"d":"R 1,123.62"}]
[37,"MCB 20A",{"$nulls":4},1,{"v":187.27,"d":"R187.27"},{"v":187.27,"d":"R 187.27"}]
[38,"Motor Change Over Switch (160A)",{"$nulls":4},1,{"v":12880,"d":"R12,880.00"},{"v":12880,"d":"R 12,880.00"}]
[39,"3p terminal shroud ",{"$nulls":4},3,{"v":418,"d":"R418.00"},{"v":1254,"d":"R 1,254.00"}]
[40,"3P Bridge bar ",{"$nulls":4},1,{"v":871,"d":"R871.00"},{"v":871,"d":"R 871.00"}]
[41,"Control module 7320",{"$nulls":4},1,{"v":9075,"d":"R9,075.00"},{"v":9075,"d":"R 9,075.00"}]
[42,"Vdo sensor ",{"$nulls":4},1,{"v":1826,"d":"R1,826.00"},{"v":1826,"d":"R 1,826.00"}]
[43,"Vdo sensor TEMP",{"$nulls":4},1,{"v":1164,"d":"R1,164.00"},{"v":1164,"d":"R 1,164.00"}]
[44,"Gland nr. 3",{"$nulls":4},4,{"v":81.27,"d":"R81.27"},{"v":325.08,"d":"R 325.08"}]
[45,"Shroud no.3",{"$nulls":4},4,{"v":9,"d":"R9.00"},{"v":36,"d":"R 36.00"}]
[46,"Lugs (25x 12)",{"$nulls":4},16,{"v":6.9901,"d":"R6.99"},{"v":111.8416,"d":"R 111.84"}]
[47,"Cable (16mm)",{"$nulls":4},25,{"v":28.9634,"d":"R28.96"},{"v":724.085,"d":"R 724.09"}]
[48,"Classic box (4x2) 1 way",{"$nulls":4},1,{"v":22.45,"d":"R22.45"},{"v":22.45,"d":"R 22.45"}]
[49,"Classic box (4x2) cover",{"$nulls":4},1,{"v":9.33,"d":"R9.33"},{"v":9.33,"d":"R 9.33"}]
[50,"Extension box (4x2)",{"$nulls":4},1,{"v":12.2,"d":"R12.20"},{"$f":"H74*G74","v":{"v":12.2,"d":"R 12.20"}}]
[51,"Extension box (4x4)",{"$nulls":4},1,{"v":13.35,"d":"R13.35"},{"$f":"H75*G75","v":{"v":13.35,"d":"R 13.35"}}]
[52,"Conduit 20mm",{"$nulls":4},12,{"v":4.28,"d":"R4.28"},{"v":51.36,"d":"R 51.36"}]
[53,"Holesaw 20mm",{"$nulls":4},1,{"v":43.07,"d":"R43.07"},{"v":43.07,"d":"R 43.07"}]
[54,"Saddle 20mm",{"$nulls":4},20,{"v":0.71,"d":"R0.71"},{"v":14.2,"d":"R 14.20"}]
[55,"Adaptor male",{"$nulls":4},8,{"v":0.8,"d":"R0.80"},{"v":6.4,"d":"R 6.40"}]
[56,"Onesto 63A",{"$nulls":4},1,{"v":217.49,"d":"R217.49"},{"v":217.49,"d":"R 217.49"}]
[57,"Plate splice ",{"$nulls":4},1,{"v":38,"d":"R38.00"},{"v":38,"d":"R 38.00"}]
[58,"MCB 32A",{"$nulls":4},1,{"v":300,"d":"R300.00"},{"v":300,"d":"R 300.00"}]
[59,"Relay base 11 pin",{"$nulls":4},4,{"v":80,"d":"R80.00"},{"v":320,"d":"R 320.00"}]
[60,"MCB 100A",{"$nulls":4},1,{"v":841,"d":"R841.00"},{"v":841,"d":"R 841.00"}]
[61,"Cable (25x4)",{"$nulls":4},50,{"v":278,"d":"R278.00"},{"v":13900,"d":"R 13,900.00"}]
[62,"Flange (100mm)",{"$nulls":4},9,{"v":302.44,"d":"R302.44"},{"v":2721.96,"d":"R 2,721.96"}]
[63,"Flange (100mm) bend",{"$nulls":4},2,{"v":140,"d":"R140.00"},{"v":280,"d":"R 280.00"}]
[64,"Flange stright coupler",{"$nulls":4},4,{"v":9.8,"d":"R9.80"},{"v":39.2,"d":"R 39.20"}]
[65,"Gutterbolt + nut",{"$nulls":4},19,{"v":0.69,"d":"R0.69"},{"v":13.11,"d":"R 13.11"}]
[66,"Relay  11 pin",{"$nulls":4},4,{"v":110,"d":"R110.00"},{"v":440,"d":"R 440.00"}]
[67,"Fuel filter ",{"$nulls":4},1,{"v":91.99,"d":"R91.99"},{"v":91.99,"d":"R 91.99"}]
[68,"Lube filter ",{"$nulls":4},1,{"v":170.75,"d":"R170.75"},{"v":170.75,"d":"R 170.75"}]
[69,"Air filter ",{"$nulls":4},1,{"v":306.9,"d":"R306.90"},{"v":306.9,"d":"R 306.90"}]
[70,"Sand paper Z20",{"$nulls":4},10,{"v":12.84,"d":"R12.84"},{"v":128.4,"d":"R 128.40"}]
[71,"Sand paper 400 GRIT",{"$nulls":4},10,{"v":14.06,"d":"R14.06"},{"v":140.6,"d":"R 140.60"}]
[72,"Spray blue",{"$nulls":4},10,{"v":119.58,"d":"R119.58"},{"v":1195.8,"d":"R 1,195.80"}]
[73,"Recondition to radiator",{"$nulls":4},1,{"v":7200,"d":"R7,200.00"},{"v":7200,"d":"R 7,200.00"}]
[74,"Washer (M 8 X 22mm)",{"$nulls":4},3,{"v":7.65,"d":"R7.65"},{"v":22.950000000000003,"d":"R 22.95"}]
[75,"Screw   ",{"$nulls":4},1,{"v":14.83,"d":"R14.83"},{"v":14.83,"d":"R 14.83"}]
[76,"Paint wood",{"$nulls":4},1,{"v":341.44,"d":"R341.44"},{"v":341.44,"d":"R 341.44"}]
[77,"Bio extra",{"$nulls":4},1,{"v":135,"d":"R135.00"},{"v":135,"d":"R 135.00"}]
[78,"Crane truck to reposition the gen set",{"$nulls":4},1,{"v":1500,"d":"R1,500.00"},{"v":1500,"d":"R 1,500.00"}]
[79,"Manufacture of louvers",{"$nulls":4},1,{"v":8800,"d":"R8,800.00"},{"v":8800,"d":"R 8,800.00"}]
[80,"Tinting (5L)",{"$nulls":4},1,{"v":60.87,"d":"R60.87"},{"v":60.87,"d":"R 60.87"}]
[81,"Paint (5L)",{"$nulls":4},1,{"v":368,"d":"R368.00"},{"v":368,"d":"R 368.00"}]
[82,"Prim Paint (5L)",{"$nulls":4},1,{"v":523.09,"d":"R523.09"},{"v":523.09,"d":"R 523.09"}]
[83,"Prim Paint (5L)",{"$nulls":4},1,{"v":561.55,"d":"R561.55"},{"v":561.55,"d":"R 561.55"}]
[84,"Paint wood primer (5L)",{"$nulls":4},2,{"v":91.43,"d":"R91.43"},{"v":182.86,"d":"R 182.86"}]
[85,"Screw self ",{"$nulls":4},2,{"v":14.83,"d":"R14.83"},{"v":29.66,"d":"R 29.66"}]
[86,"Paint mate",{"$nulls":4},3,{"v":53.14,"d":"R53.14"},{"v":159.42000000000002,"d":"R 159.42"}]
[87,"Sparay paint",{"$nulls":4},3,{"v":37.8,"d":"R37.80"},{"v":113.39999999999999,"d":"R 113.40"}]
[88,"Hole saw (25mm)",{"$nulls":4},1,{"v":89,"d":"R89.00"},{"v":89,"d":"R 89.00"}]
[89,"Hole saw (32mm)",{"$nulls":4},1,{"v":127.37,"d":"R127.37"},{"v":127.37,"d":"R 127.37"}]
[90,"Gland 32",{"$nulls":4},2,{"v":16.7,"d":"R16.70"},{"v":33.4,"d":"R 33.40"}]
[91,"Lock nut",{"$nulls":4},2,{"v":2.88,"d":"R2.88"},{"v":5.76,"d":"R 5.76"}]
[92,"Gland seal",{"$nulls":4},2,{"v":8.5,"d":"R8.50"},{"$f":"H116*G116","v":{"v":17,"d":"R 17.00"}}]
[93,"Lock nut",{"$nulls":4},2,{"v":1.8,"d":"R1.80"},{"v":3.6,"d":"R 3.60"}]
[94,"Tape insulation",{"$nulls":4},1,{"v":16,"d":"R16.00"},{"v":16,"d":"R 16.00"}]
[95,"Lug insulation",{"$nulls":4},12,{"v":28.7079,"d":"R28.71"},{"v":344.4948,"d":"R 344.49"}]
[96,"Silicon (260ml)",{"$nulls":4},1,{"v":356.4,"d":"R356.40"},{"v":356.4,"d":"R 356.40"}]
[]
["Sub  Total",{"$nulls":7},{"$f":"SUM(I25:I121)","v":{"v":133688.20839999997,"d":"R 133,688.21"}}]
["Mark - Up 15%",{"$nulls":7},{"$f":"ROUND((I122*0.15),2)","v":{"v":20053.23,"d":"R 20,053.23"}}]
["SUb  Total  B",{"$nulls":7},{"$f":"I122+I123","v":{"v":153741.43839999998,"d":"R 153,741.44"}}]
["LABOUR"]
["Item 3"," (Normal Rate)",null,null,"Unit",null,"Quantity","Rate","Amount"]
[1,"Techinician",null,null,"HRS",null,null,{"v":450,"d":"R450.00"},{"$f":"SUM(G127*H127)","v":0}]
[2," Senior Artisan  ",null,null,"HRS",null,null,{"v":350,"d":"R350.00"},{"$f":"SUM(G128*H128)","v":0}]
[3,"Artisan  (Trade Tested)",null,null,"HRS",null,151.5,{"v":300,"d":"R300.00"},{"v":45450,"d":"R 45,450.00"}]
[4,"Utility Man (Non - Trade Tested)",null,null,"HRS",null,null,{"v":200,"d":"R200.00"},0]
[5,"Artisan  Aid",null,null,"HRS",null,151.5,{"v":200,"d":"R200.00"},{"v":30300,"d":"R 30,300.00"}]
[6,"General Worker   ",null,null,"HRS",null,61.5,{"v":140,"d":"R140.00"},{"v":8610,"d":"R 8,610.00"}]
[]
[]
[]
["Sub Total C",{"$nulls":7},{"$f":"SUM(I127:I135)","v":{"v":84360,"d":"R 84,360.00"}}]
["TRANSPORT"]
["Item 4","Destinantion",null,null,"No of Trips",null,"KMs","Rate","Amount"]
[1,"Office to Walton Conyngham & Back",null,null,18,null,374.4,{"v":5,"d":"R 5.00"},{"$f":"H139*G139","v":{"v":1872,"d":"R 1,872.00"}}]
[]
["Sub Total D",{"$nulls":7},{"$f":"SUM(I139:I140)","v":{"v":1872,"d":"R 1,872.00"}}]
[]
[{"$nulls":6}," Sub Total (A+B+C+D)",null,{"$f":"I141+I136+I124+I22","v":{"v":239973.43839999998,"d":"R 239,973.44"}}]
[]
[{"$nulls":6},"Sub Total",null,{"$f":"I143+I144","v":{"v":239973.43839999998,"d":"R 239,973.44"}}]

{"sheet":"Uitenhage Hospital  (91)","index":99,"n_rows":69,"n_cols":13,"rows_kept":69,"hidden":true,"merged":[[8,0,8,4],[8,5,8,6],[8,7,8,8],[9,5,9,6],[9,7,9,8],[10,5,10,6],[10,7,10,8],[11,5,11,6],[11,7,11,8],[12,7,12,8],[13,5,13,6],[13,7,13,8],[14,5,14,6],[14,7,14,8],[15,0,15,8],[16,0,16,8],[17,1,17,3],[18,1,18,3],[19,1,19,3],[20,1,20,3],[21,0,21,7],[22,0,22,8],[23,1,23,5],[24,1,24,5],[25,1,25,5],[26,1,26,5],[27,1,27,5],[28,1,28,5],[29,1,29,5],[30,1,30,5],[31,1,31,5],[32,1,32,5],[33,1,33,5],[34,1,34,5],[35,1,35,5],[36,1,36,5],[37,1,37,5],[38,1,38,5],[39,1,39,5],[40,1,40,5],[41,1,41,5],[42,1,42,5],[43,1,43,5],[44,1,44,5],[45,0,45,7],[46,0,46,7],[47,0,47,7],[48,0,48,8],[49,1,49,3],[49,4,49,5],[50,1,50,3],[50,4,50,5],[51,1,51,3],[51,4,51,5],[52,1,52,3],[52,4,52,5],[53,1,53,3],[53,4,53,5],[54,1,54,3],[54,4,54,5],[55,1,55,3],[55,4,55,5],[56,1,56,3],[57,1,57,3],[58,1,58,3],[59,0,59,7],[60,0,60,8],[61,1,61,3],[61,4,61,5],[62,1,62,3],[62,4,62,5],[63,1,63,3],[63,4,63,5],[64,0,64,7],[66,0,66,1],[66,2,66,4],[66,6,66,7],[67,0,67,1],[67,2,67,4],[68,0,68,1],[68,2,68,4],[68,6,68,7],[69,2,69,5]]}
{"$rows_empty":8}
["QUOTE TO :",{"$nulls":4},"Qoute No           ",null,{"$f":"#REF!","v":{"$error":"#REF!"}}]
["Department of Health",{"$nulls":4},"Date                   ",null,{"$f":"#REF!","v":{"$error":"#REF!"}}]
["717 Dukumbana Building",{"$nulls":4},"Facility              ",null,{"$f":"#REF!","v":{"$error":"#REF!"}}]
["Independent Avenue",{"$nulls":4},"Work Order     ",null,{"$f":"#REF!","v":{"$error":"#REF!"}}]
["Bhisho",{"$nulls":4},"Tender No       ",null,"SCMU3 - 17/18-0303 - HO"]
[{"$nulls":5},"Contract Term ",null,"24 MONTHS",{"$nulls":4}," "]
[{"$nulls":5},"GEN ID",null,"GEN/NMM/UIT/01"]
["WORK  REQUEST : Power generator is faulty"]
["SCHEDULED WORK"]
["Item 1","Description",null,null,"Unit","Sch No","Quantity","Rate","Amount"]
[]
[]
[]
["Sub Total A"]
["NON SCHEDULED WORK"]
["Item 2","Description",{"$nulls":4},"Quantity","Rate","Amount"]
{"$rows_empty":21}
["Sub  Total",{"$nulls":7},{"$f":"SUM(I25:I45)","v":0}]
["Mark - Up 15%",{"$nulls":7},{"$f":"ROUND((I46*0.15),2)","v":0}]
["SUb  Total  B",{"$nulls":7},{"$f":"I46+I47","v":0}]
["LABOUR"]
["Item 3"," (Normal Rate)",null,null,"Unit",null,"Quantity","Rate","Amount"]
[1,"Techinician",null,null,"HRS",null,null,{"v":450,"d":"R450.00"},{"$f":"SUM(G51*H51)","v":0}]
[2," Senior Artisan  ",null,null,"HRS",null,null,{"v":350,"d":"R350.00"},{"$f":"SUM(G52*H52)","v":0}]
[3,"Artisan  (Trade Tested)",null,null,"HRS",null,3,{"v":300,"d":"R300.00"},{"v":900,"d":"R 900.00"}]
[4,"Utility Man (Non - Trade Tested)",null,null,"HRS",null,null,{"v":200,"d":"R200.00"},0]
[5,"Artisan  Aid",null,null,"HRS",null,3,{"v":200,"d":"R200.00"},{"v":600,"d":"R 600.00"}]
[6,"General Worker   (3)",null,null,"HRS",null,null,{"v":140,"d":"R140.00"},0]
[]
[]
[]
["Sub Total C",{"$nulls":7},{"$f":"SUM(I51:I59)","v":{"v":1500,"d":"R 1,500.00"}}]
["TRANSPORT"]
["Item 4","Destinantion",null,null,"No of Trips",null,"KMs","Rate","Amount"]
[1,"Office to Uitenhage Hospital  and back",null,null,1,null,83.6,{"v":5,"d":"R 5.00"},{"$f":"H63*G63","v":{"v":418,"d":"R 418.00"}}]
[]
["Sub Total D",{"$nulls":7},{"$f":"SUM(I63:I64)","v":{"v":418,"d":"R 418.00"}}]
[]
[{"$nulls":6}," Sub Total (A+B+C+D)",null,{"$f":"I65+I60+I48","v":{"v":1918,"d":"R 1,918.00"}}]
[]
[{"$nulls":6},"Sub Total",null,{"$f":"I67+I68","v":{"v":1918,"d":"R 1,918.00"}}]

{"sheet":"Jose Pearson Hospital (92)","index":100,"n_rows":69,"n_cols":13,"rows_kept":69,"hidden":true,"merged":[[8,0,8,4],[8,5,8,6],[8,7,8,8],[9,5,9,6],[9,7,9,8],[10,5,10,6],[10,7,10,8],[11,5,11,6],[11,7,11,8],[12,7,12,8],[13,5,13,6],[13,7,13,8],[14,5,14,6],[14,7,14,8],[15,0,15,8],[16,0,16,8],[17,1,17,3],[18,1,18,3],[19,1,19,3],[20,1,20,3],[21,0,21,7],[22,0,22,8],[23,1,23,5],[24,1,24,5],[25,1,25,5],[26,1,26,5],[27,1,27,5],[28,1,28,5],[29,1,29,5],[30,1,30,5],[31,1,31,5],[32,1,32,5],[33,1,33,5],[34,1,34,5],[35,1,35,5],[36,1,36,5],[37,1,37,5],[38,1,38,5],[39,1,39,5],[40,1,40,5],[41,1,41,5],[42,1,42,5],[43,1,43,5],[44,1,44,5],[45,0,45,7],[46,0,46,7],[47,0,47,7],[48,0,48,8],[49,1,49,3],[49,4,49,5],[50,1,50,3],[50,4,50,5],[51,1,51,3],[51,4,51,5],[52,1,52,3],[52,4,52,5],[53,1,53,3],[53,4,53,5],[54,1,54,3],[54,4,54,5],[55,1,55,3],[55,4,55,5],[56,1,56,3],[57,1,57,3],[58,1,58,3],[59,0,59,7],[60,0,60,8],[61,1,61,3],[61,4,61,5],[62,1,62,3],[62,4,62,5],[63,1,63,3],[63,4,63,5],[64,0,64,7],[66,0,66,1],[66,2,66,4],[66,6,66,7],[67,0,67,1],[67,2,67,4],[68,0,68,1],[68,2,68,4],[68,6,68,7],[69,2,69,5]]}
{"$rows_empty":8}
["QUOTE TO :",{"$nulls":4},"Qoute No           ",null,{"$f":"#REF!","v":{"$error":"#REF!"}}]
["Department of Health",{"$nulls":4},"Date                   ",null,{"$f":"#REF!","v":{"$error":"#REF!"}}]
["717 Dukumbana Building",{"$nulls":4},"Facility              ",null,{"$f":"#REF!","v":{"$error":"#REF!"}}]
["Independent Avenue",{"$nulls":4},"Work Order     ",null,{"$f":"#REF!","v":{"$error":"#REF!"}}]
["Bhisho",{"$nulls":4},"Tender No       ",null,"SCMU3 - 17/18-0303 - HO"]
[{"$nulls":5},"Contract Term ",null,"24 MONTHS",{"$nulls":4}," "]
[{"$nulls":5},"GEN ID",null,"GEN/NMM/JOS/01"]
["WORK  REQUEST : Power generator is faulty."]
["SCHEDULED WORK"]
["Item 1","Description",null,null,"Unit","Sch No","Quantity","Rate","Amount"]
[]
[]
[]
["Sub Total A"]
["NON SCHEDULED WORK"]
["Item 2","Description",{"$nulls":4},"Quantity","Rate","Amount"]
[1,"Fuse 10A",{"$nulls":4},6,{"v":12.4,"d":"R12.40"},{"$f":"H25*G25","v":{"v":74.4,"d":"R 74.40"}}]
[2,"Relay 11 pin",{"$nulls":4},1,{"v":119,"d":"R119.00"},{"$f":"H26*G26","v":{"v":119,"d":"R 119.00"}}]
{"$rows_empty":19}
["Sub  Total",{"$nulls":7},{"$f":"SUM(I25:I45)","v":{"v":193.4,"d":"R 193.40"}}]
["Mark - Up 15%",{"$nulls":7},{"$f":"ROUND((I46*0.15),2)","v":{"v":29.01,"d":"R 29.01"}}]
["SUb  Total  B",{"$nulls":7},{"$f":"I46+I47","v":{"v":222.41,"d":"R 222.41"}}]
["LABOUR"]
["Item 3"," (Normal Rate)",null,null,"Unit",null,"Quantity","Rate","Amount"]
[1,"Techinician",null,null,"HRS",null,null,{"v":450,"d":"R450.00"},{"$f":"SUM(G51*H51)","v":0}]
[2," Senior Artisan  ",null,null,"HRS",null,null,{"v":350,"d":"R350.00"},{"$f":"SUM(G52*H52)","v":0}]
[3,"Artisan  (Trade Tested)",null,null,"HRS",null,6,{"v":300,"d":"R300.00"},{"v":1800,"d":"R 1,800.00"}]
[4,"Utility Man (Non - Trade Tested)",null,null,"HRS",null,null,{"v":200,"d":"R200.00"},0]
[5,"Artisan  Aid",null,null,"HRS",null,6,{"v":200,"d":"R200.00"},{"v":1200,"d":"R 1,200.00"}]
[6,"General Worker   ",null,null,"HRS",null,null,{"v":140,"d":"R140.00"},0]
[]
[]
[]
["Sub Total C",{"$nulls":7},{"$f":"SUM(I51:I59)","v":{"v":3000,"d":"R 3,000.00"}}]
["TRANSPORT"]
["Item 4","Destinantion",null,null,"No of Trips",null,"KMs","Rate","Amount"]
[1,"Office to Jose Pearson Hospital and back",null,null,2,null,113.2,{"v":5,"d":"R 5.00"},{"$f":"H63*G63","v":{"v":566,"d":"R 566.00"}}]
[]
["Sub Total D",{"$nulls":7},{"$f":"SUM(I63:I64)","v":{"v":566,"d":"R 566.00"}}]
[]
[{"$nulls":6}," Sub Total (A+B+C+D)",null,{"$f":"I65+I60+I48","v":{"v":3788.41,"d":"R 3,788.41"}}]
[]
[{"$nulls":6},"Sub Total",null,{"$f":"I67+I68","v":{"v":3788.41,"d":"R 3,788.41"}}]

{"sheet":"Motherwell Hospital (93)","index":101,"n_rows":69,"n_cols":13,"rows_kept":69,"hidden":true,"merged":[[8,0,8,4],[8,5,8,6],[8,7,8,8],[9,5,9,6],[9,7,9,8],[10,5,10,6],[10,7,10,8],[11,5,11,6],[11,7,11,8],[12,7,12,8],[13,5,13,6],[13,7,13,8],[14,5,14,6],[14,7,14,8],[15,0,15,8],[16,0,16,8],[17,1,17,3],[18,1,18,3],[19,1,19,3],[20,1,20,3],[21,0,21,7],[22,0,22,8],[23,1,23,5],[24,1,24,5],[25,1,25,5],[26,1,26,5],[27,1,27,5],[28,1,28,5],[29,1,29,5],[30,1,30,5],[31,1,31,5],[32,1,32,5],[33,1,33,5],[34,1,34,5],[35,1,35,5],[36,1,36,5],[37,1,37,5],[38,1,38,5],[39,1,39,5],[40,1,40,5],[41,1,41,5],[42,1,42,5],[43,1,43,5],[44,1,44,5],[45,0,45,7],[46,0,46,7],[47,0,47,7],[48,0,48,8],[49,1,49,3],[49,4,49,5],[50,1,50,3],[50,4,50,5],[51,1,51,3],[51,4,51,5],[52,1,52,3],[52,4,52,5],[53,1,53,3],[53,4,53,5],[54,1,54,3],[54,4,54,5],[55,1,55,3],[55,4,55,5],[56,1,56,3],[57,1,57,3],[58,1,58,3],[59,0,59,7],[60,0,60,8],[61,1,61,3],[61,4,61,5],[62,1,62,3],[62,4,62,5],[63,1,63,3],[63,4,63,5],[64,0,64,7],[66,0,66,1],[66,2,66,4],[66,6,66,7],[67,0,67,1],[67,2,67,4],[68,0,68,1],[68,2,68,4],[68,6,68,7],[69,2,69,5]]}
{"$rows_empty":8}
["QUOTE TO :",{"$nulls":4},"Qoute No           ",null,{"$f":"#REF!","v":{"$error":"#REF!"}}]
["Department of Health",{"$nulls":4},"Date                   ",null,{"$f":"#REF!","v":{"$error":"#REF!"}}]
["717 Dukumbana Building",{"$nulls":4},"Facility              ",null,{"$f":"#REF!","v":{"$error":"#REF!"}}]
["Independent Avenue",{"$nulls":4},"Work Order     ",null,{"$f":"#REF!","v":{"$error":"#REF!"}}]
["Bhisho",{"$nulls":4},"Tender No       ",null,"SCMU3 - 17/18-0303 - HO"]
[{"$nulls":5},"Contract Term ",null,"24 MONTHS",{"$nulls":4}," "]
[{"$nulls":5},"GEN ID",null,"GEN/NMM/JOS/01"]
["WORK  REQUEST : Generator is faulty."]
["SCHEDULED WORK"]
["Item 1","Description",null,null,"Unit","Sch No","Quantity","Rate","Amount"]
[]
[]
[]
["Sub Total A"]
["NON SCHEDULED WORK"]
["Item 2","Description",{"$nulls":4},"Quantity","Rate","Amount"]
[1,"Pump",{"$nulls":4},1,{"v":1100,"d":"R1,100.00"},{"$f":"H25*G25","v":{"v":1100,"d":"R 1,100.00"}}]
{"$rows_empty":20}
["Sub  Total",{"$nulls":7},{"$f":"SUM(I25:I45)","v":{"v":1100,"d":"R 1,100.00"}}]
["Mark - Up 15%",{"$nulls":7},{"$f":"ROUND((I46*0.15),2)","v":{"v":165,"d":"R 165.00"}}]
["SUb  Total  B",{"$nulls":7},{"$f":"I46+I47","v":{"v":1265,"d":"R 1,265.00"}}]
["LABOUR"]
["Item 3"," (Normal Rate)",null,null,"Unit",null,"Quantity","Rate","Amount"]
[1,"Techinician",null,null,"HRS",null,null,{"v":450,"d":"R450.00"},{"$f":"SUM(G51*H51)","v":0}]
[2," Senior Artisan  ",null,null,"HRS",null,null,{"v":350,"d":"R350.00"},{"$f":"SUM(G52*H52)","v":0}]
[3,"Artisan  (Trade Tested)",null,null,"HRS",null,6,{"v":300,"d":"R300.00"},{"v":1800,"d":"R 1,800.00"}]
[4,"Utility Man (Non - Trade Tested)",null,null,"HRS",null,null,{"v":200,"d":"R200.00"},0]
[5,"Artisan  Aid",null,null,"HRS",null,6,{"v":200,"d":"R200.00"},{"v":1200,"d":"R 1,200.00"}]
[6,"General Worker   (3)",null,null,"HRS",null,null,{"v":140,"d":"R140.00"},0]
[]
[]
[]
["Sub Total C",{"$nulls":7},{"$f":"SUM(I51:I59)","v":{"v":3000,"d":"R 3,000.00"}}]
["TRANSPORT"]
["Item 4","Destinantion",null,null,"No of Trips",null,"KMs","Rate","Amount"]
[1,"Office to Motherwell Hospital and back",null,null,2,null,130,{"v":5,"d":"R 5.00"},{"$f":"H63*G63","v":{"v":650,"d":"R 650.00"}}]
[]
["Sub Total D",{"$nulls":7},{"$f":"SUM(I63:I64)","v":{"v":650,"d":"R 650.00"}}]
[]
[{"$nulls":6}," Sub Total (A+B+C+D)",null,{"$f":"I65+I60+I48","v":{"v":4915,"d":"R 4,915.00"}}]
[]
[{"$nulls":6},"Sub Total",null,{"$f":"I67+I68","v":{"v":4915,"d":"R 4,915.00"}}]

{"sheet":"West End chc (94)","index":102,"n_rows":69,"n_cols":13,"rows_kept":69,"hidden":true,"merged":[[8,0,8,4],[8,5,8,6],[8,7,8,8],[9,5,9,6],[9,7,9,8],[10,5,10,6],[10,7,10,8],[11,5,11,6],[11,7,11,8],[12,7,12,8],[13,5,13,6],[13,7,13,8],[14,5,14,6],[14,7,14,8],[15,0,15,8],[16,0,16,8],[17,1,17,3],[18,1,18,3],[19,1,19,3],[20,1,20,3],[21,0,21,7],[22,0,22,8],[23,1,23,5],[24,1,24,5],[25,1,25,5],[26,1,26,5],[27,1,27,5],[28,1,28,5],[29,1,29,5],[30,1,30,5],[31,1,31,5],[32,1,32,5],[33,1,33,5],[34,1,34,5],[35,1,35,5],[36,1,36,5],[37,1,37,5],[38,1,38,5],[39,1,39,5],[40,1,40,5],[41,1,41,5],[42,1,42,5],[43,1,43,5],[44,1,44,5],[45,0,45,7],[46,0,46,7],[47,0,47,7],[48,0,48,8],[49,1,49,3],[49,4,49,5],[50,1,50,3],[50,4,50,5],[51,1,51,3],[51,4,51,5],[52,1,52,3],[52,4,52,5],[53,1,53,3],[53,4,53,5],[54,1,54,3],[54,4,54,5],[55,1,55,3],[55,4,55,5],[56,1,56,3],[57,1,57,3],[58,1,58,3],[59,0,59,7],[60,0,60,8],[61,1,61,3],[61,4,61,5],[62,1,62,3],[62,4,62,5],[63,1,63,3],[63,4,63,5],[64,0,64,7],[66,0,66,1],[66,2,66,4],[66,6,66,7],[67,0,67,1],[67,2,67,4],[68,0,68,1],[68,2,68,4],[68,6,68,7],[69,2,69,5]]}
{"$rows_empty":8}
["QUOTE TO :",{"$nulls":4},"Qoute No           ",null,{"$f":"#REF!","v":{"$error":"#REF!"}}]
["Department of Health",{"$nulls":4},"Date                   ",null,{"$f":"#REF!","v":{"$error":"#REF!"}}]
["717 Dukumbana Building",{"$nulls":4},"Facility              ",null,{"$f":"#REF!","v":{"$error":"#REF!"}}]
["Independent Avenue",{"$nulls":4},"Work Order     ",null,{"$f":"#REF!","v":{"$error":"#REF!"}}]
["Bhisho",{"$nulls":4},"Tender No       ",null,"SCMU3 - 17/18-0303 - HO"]
[{"$nulls":5},"Contract Term ",null,"24 MONTHS",{"$nulls":4}," "]
[{"$nulls":5},"GEN ID",null,"GEN/NMM/WES/01"]
["WORK  REQUEST : Faulty generator"]
["SCHEDULED WORK"]
["Item 1","Description",null,null,"Unit","Sch No","Quantity","Rate","Amount"]
[]
[]
[]
["Sub Total A"]
["NON SCHEDULED WORK"]
["Item 2","Description",{"$nulls":4},"Quantity","Rate","Amount"]
[1,"Relay",{"$nulls":4},2,{"v":32.4,"d":"R32.40"},{"$f":"H25*G25","v":{"v":64.8,"d":"R 64.80"}}]
[2,"Blue piggy",{"$nulls":4},2,{"v":13.41,"d":"R13.41"},{"$f":"H26*G26","v":{"v":26.82,"d":"R 26.82"}}]
{"$rows_empty":19}
["Sub  Total",{"$nulls":7},{"$f":"SUM(I25:I45)","v":{"v":91.62,"d":"R 91.62"}}]
["Mark - Up 15%",{"$nulls":7},{"$f":"ROUND((I46*0.15),2)","v":{"v":13.74,"d":"R 13.74"}}]
["SUb  Total  B",{"$nulls":7},{"$f":"I46+I47","v":{"v":105.36,"d":"R 105.36"}}]
["LABOUR"]
["Item 3"," (Normal Rate)",null,null,"Unit",null,"Quantity","Rate","Amount"]
[1,"Techinician",null,null,"HRS",null,null,{"v":450,"d":"R450.00"},{"$f":"SUM(G51*H51)","v":0}]
[2," Senior Artisan  ",null,null,"HRS",null,null,{"v":350,"d":"R350.00"},{"$f":"SUM(G52*H52)","v":0}]
[3,"Artisan  (Trade Tested)",null,null,"HRS",null,2,{"v":300,"d":"R300.00"},{"v":600,"d":"R 600.00"}]
[4,"Utility Man (Non - Trade Tested)",null,null,"HRS",null,null,{"v":200,"d":"R200.00"},0]
[5,"Artisan  Aid",null,null,"HRS",null,2,{"v":200,"d":"R200.00"},{"v":400,"d":"R 400.00"}]
[6,"General Worker   ",null,null,"HRS",null,null,{"v":140,"d":"R140.00"},0]
[]
[]
[]
["Sub Total C",{"$nulls":7},{"$f":"SUM(I51:I59)","v":{"v":1000,"d":"R 1,000.00"}}]
["TRANSPORT"]
["Item 4","Destinantion",null,null,"No of Trips",null,"KMs","Rate","Amount"]
[1,"Office to West End chc and back",null,null,1,null,35,{"v":5,"d":"R 5.00"},{"$f":"H63*G63","v":{"v":175,"d":"R 175.00"}}]
[]
["Sub Total D",{"$nulls":7},{"$f":"SUM(I63:I64)","v":{"v":175,"d":"R 175.00"}}]
[]
[{"$nulls":6}," Sub Total (A+B+C+D)",null,{"$f":"I65+I60+I48","v":{"v":1280.36,"d":"R 1,280.36"}}]
[]
[{"$nulls":6},"Sub Total",null,{"$f":"I67+I68","v":{"v":1280.36,"d":"R 1,280.36"}}]

{"sheet":"Qoutation ","index":103,"n_rows":75,"n_cols":18,"rows_kept":75,"hidden":true,"merged":[[8,0,8,4],[8,5,8,6],[8,7,8,8],[9,5,9,6],[9,7,9,8],[10,5,10,6],[10,7,10,8],[11,5,11,6],[11,7,11,8],[12,7,12,8],[13,5,13,6],[13,7,13,8],[14,5,14,6],[14,7,14,8],[15,0,15,8],[16,0,16,8],[17,1,17,3],[18,1,18,3],[19,1,19,3],[20,0,20,7],[21,0,21,8],[22,1,22,5],[23,1,23,5],[24,1,24,5],[25,1,25,5],[26,1,26,5],[27,1,27,5],[28,1,28,5],[29,1,29,5],[30,1,30,5],[31,1,31,5],[32,1,32,5],[33,1,33,5],[34,1,34,5],[35,1,35,5],[36,1,36,5],[37,1,37,5],[38,1,38,5],[39,0,39,7],[40,0,40,7],[41,0,41,7],[42,0,42,8],[43,1,43,3],[43,4,43,5],[44,1,44,3],[44,4,44,5],[45,1,45,3],[45,4,45,5],[46,1,46,3],[46,4,46,5],[47,1,47,3],[47,4,47,5],[48,1,48,3],[48,4,48,5],[49,1,49,3],[49,4,49,5],[50,1,50,7],[51,1,51,3],[51,4,51,5],[52,1,52,3],[52,4,52,5],[53,1,53,3],[53,4,53,5],[54,1,54,3],[54,4,54,5],[55,1,55,3],[55,4,55,5],[56,1,56,3],[56,4,56,5],[57,1,57,7],[58,1,58,3],[58,4,58,5],[59,1,59,3],[59,4,59,5],[60,1,60,3],[60,4,60,5],[61,1,61,3],[61,4,61,5],[62,1,62,3],[62,4,62,5],[63,1,63,3],[63,4,63,5],[64,1,64,6],[65,0,65,7],[66,0,66,8],[67,1,67,3],[67,4,67,5],[68,1,68,3],[68,4,68,5],[69,1,69,3],[69,4,69,5],[70,0,70,7],[72,0,72,1],[72,2,72,4],[72,6,72,7],[73,0,73,1],[73,2,73,4],[74,0,74,1],[74,2,74,4],[74,6,74,7],[75,2,75,5]]}
{"$rows_empty":8}
["QUOTE TO :",{"$nulls":4},"Qoute No           ",null,96]
["Department of Health",{"$nulls":4},"Date                   ",null,"2021-08-01"]
["717 Dukumbana Building",{"$nulls":4},"Facility              ",null,{"$f":"#REF!","v":{"$error":"#REF!"}}]
["Independent Avenue",{"$nulls":4},"Work Order     ",null,"ECDOH   "]
["Bhisho",{"$nulls":4},"Tender No       ",null,"SCMU3 - 17/18-0303 - HO"]
[{"$nulls":5},"Contract Term ",null,"24 MONTHS",{"$nulls":4}," "]
[{"$nulls":5},"GEN ID",null,"GEN/NMM/UIT/01"]
["WORK  REQUEST : Coolant is leaking from the generator"]
["SCHEDULED WORK"]
["Item 1","Description",null,null,"Unit","Sch No","Quantity","Rate","Amount"]
[]
[]
["Sub Total A"]
["NON SCHEDULED WORK"]
["Item 2","Description",{"$nulls":4},"Quantity","Rate","Amount"]
[1,"NO.6 COOLER",{"$nulls":4},1,{"v":925,"d":"R925.00"},{"$f":"H24*G24","v":{"v":925,"d":"R 925.00"}}]
[2,"MANIFOLD",{"$nulls":4},1,{"v":155,"d":"R155.00"},{"$f":"H25*G25","v":{"v":155,"d":"R 155.00"}}]
[3,"NO.2 TURBO",{"$nulls":4},4,{"v":155,"d":"R155.00"},{"$f":"H26*G26","v":{"v":620,"d":"R 620.00"}}]
[4,"NO.24 TURBO",{"$nulls":4},2,{"v":210,"d":"R210.00"},{"v":420,"d":"R 420.00"}]
[5,"NO.29 TURBO",{"$nulls":4},2,{"v":185,"d":"R185.00"},{"v":370,"d":"R 370.00"}]
[6,"NO.2 GASKET INTAKE TURBO ",{"$nulls":4},4,{"v":165,"d":"R165.00"},{"v":660,"d":"R 660.00"}]
[7,"NO.3 STUD INTAKE",{"$nulls":4},2,{"v":155,"d":"R155.00"},{"v":310,"d":"R 310.00"}]
[8,"NO.13 EXHAUST GASKET",{"$nulls":4},1,{"v":155,"d":"R155.00"},{"v":155,"d":"R 155.00"}]
[9,"NO.7 FLANGE NUT",{"$nulls":4},4,{"v":395,"d":"R395.00"},{"v":1580,"d":"R 1,580.00"}]
[10,"NO11 SEALING KIT",{"$nulls":4},2,{"v":845,"d":"R845.00"},{"v":1690,"d":"R 1,690.00"}]
[11,"NO.12 SEALING RING",{"$nulls":4},2,{"v":285,"d":"R285.00"},{"v":570,"d":"R 570.00"}]
[12,"NO.14 MANIFOLD GASKET",{"$nulls":4},6,{"v":235,"d":"R235.00"},{"v":1410,"d":"R 1,410.00"}]
[13,"NO.15 MANIFOLD SPACER",{"$nulls":4},24,{"v":101,"d":"R101.00"},{"v":2424,"d":"R 2,424.00"}]
[14,"NO.16 MANIFOLD STUD",{"$nulls":4},24,{"v":75,"d":"R75.00"},{"$f":"H37*G37","v":{"v":1800,"d":"R 1,800.00"}},{"$nulls":5}," ",null,null," "]
[15,"ANTIFREEZE 20L",{"$nulls":4},1,{"v":983.4,"d":"R983.40"},{"$f":"H38*G38","v":{"v":983.4,"d":"R 983.40"}}]
[]
["Sub  Total",{"$nulls":7},{"$f":"SUM(I24:I39)","v":{"v":14072.4,"d":"R 14,072.40"}}]
["Mark - Up 15%",{"$nulls":7},{"$f":"ROUND((I40*0.15),2)","v":{"v":2110.86,"d":"R 2,110.86"}}]
["SUb  Total  B",{"$nulls":7},{"$f":"I40+I41","v":{"v":16183.26,"d":"R 16,183.26"}}]
["LABOUR"]
["Item 3"," (Normal Rate)",null,null,"Unit",null,"Quantity","Rate","Amount"]
[1,"Techinician",null,null,"HRS",null,10,{"v":450,"d":"R450.00"},{"$f":"SUM(G45*H45)","v":{"v":4500,"d":"R 4,500.00"}}]
[2," Senior Artisan  ",null,null,"HRS",null,null,{"v":350,"d":"R350.00"},{"$f":"SUM(G46*H46)","v":0}]
[3,"Artisan  (Trade Tested)",null,null,"HRS",null,null,{"v":300,"d":"R300.00"},0]
[4,"Utility Man (Non - Trade Tested)",null,null,"HRS",null,null,{"v":200,"d":"R200.00"},0]
[5,"Artisan  Aid",null,null,"HRS",null,10,{"v":200,"d":"R200.00"},{"v":2000,"d":"R 2,000.00"}]
[6,"General Worker   ",null,null,"HRS",null,null,{"v":140,"d":"R140.00"},0]
[null,"(Overtime 1.5)",{"$nulls":6},{"$f":"SUM(I45:I50)","v":{"v":6500,"d":"R 6,500.00"}}]
[1,"Techinician",null,null,"HRS",null,null,{"v":675,"d":"R675.00"},{"$f":"SUM(G52*H52)","v":0}]
[2," Senior Artisan  ",null,null,"HRS",null,null,{"v":525,"d":"R525.00"},{"$f":"SUM(G53*H53)","v":0}]
[3,"Artisan  (Trade Tested)",null,null,"HRS",null,null,{"v":450,"d":"R450.00"},0]
[4,"Utility Man (Non - Trade Tested)",null,null,"HRS",null,null,{"v":300,"d":"R300.00"},0]
[5,"Artisan  Aid",null,null,"HRS",null,null,{"v":300,"d":"R300.00"},0]
[6,"General Worker   (3)",null,null,"HRS",null,null,{"v":210,"d":"R210.00"},0]
[null,"(Overtime 2)",{"$nulls":6},{"$f":"SUM(I52:I57)","v":0}]
[1,"Techinician",null,null,"HRS",null,null,{"v":900,"d":"R900.00"},{"$f":"SUM(G59*H59)","v":0}]
[2," Senior Artisan  ",null,null,"HRS",null,null,{"v":700,"d":"R700.00"},{"$f":"SUM(G60*H60)","v":0}]
[3,"Artisan  (Trade Tested)",null,null,"HRS",null,null,{"v":600,"d":"R600.00"},0]
[4,"Utility Man (Non - Trade Tested)",null,null,"HRS",null,null,{"v":400,"d":"R400.00"},0]
[5,"Artisan  Aid",null,null,"HRS",null,null,{"v":400,"d":"R400.00"},0]
[6,"General Worker   (3)",null,null,"HRS",null,null,{"v":280,"d":"R280.00"},0]
[{"$nulls":8},{"$f":"SUM(I59:I64)","v":0}]
["Sub Total C"]
["TRANSPORT"]
["Item 4","Destinantion",null,null,"No of Trips",null,"KMs","Rate","Amount"]
[1,"Office to Uitenhage Hospital  and back",null,null,3,null,250.8,{"v":5,"d":"R 5.00"},{"$f":"H69*G69","v":{"v":1254,"d":"R 1,254.00"}}]
[]
["Sub Total D",{"$nulls":7},{"$f":"SUM(I69:I70)","v":{"v":1254,"d":"R 1,254.00"}}]
[]
[{"$nulls":6}," Sub Total (A+B+C+D)",null,{"$f":"I71+I65+I58+I51+I42+I21","v":{"v":23937.260000000002,"d":"R 23,937.26"}}]
[]
[{"$nulls":6},"Sub Total",null,{"$f":"I73+I74","v":{"v":23937.260000000002,"d":"R 23,937.26"}}]

{"sheet":"Jose Pearson Hospital (95)","index":104,"n_rows":69,"n_cols":13,"rows_kept":69,"hidden":true,"merged":[[8,0,8,4],[8,5,8,6],[8,7,8,8],[9,5,9,6],[9,7,9,8],[10,5,10,6],[10,7,10,8],[11,5,11,6],[11,7,11,8],[12,7,12,8],[13,5,13,6],[13,7,13,8],[14,5,14,6],[14,7,14,8],[15,0,15,8],[16,0,16,8],[17,1,17,3],[18,1,18,3],[19,1,19,3],[20,1,20,3],[21,0,21,7],[22,0,22,8],[23,1,23,5],[24,1,24,5],[25,1,25,5],[26,1,26,5],[27,1,27,5],[28,1,28,5],[29,1,29,5],[30,1,30,5],[31,1,31,5],[32,1,32,5],[33,1,33,5],[34,1,34,5],[35,1,35,5],[36,1,36,5],[37,1,37,5],[38,1,38,5],[39,1,39,5],[40,1,40,5],[41,1,41,5],[42,1,42,5],[43,1,43,5],[44,1,44,5],[45,0,45,7],[46,0,46,7],[47,0,47,7],[48,0,48,8],[49,1,49,3],[49,4,49,5],[50,1,50,3],[50,4,50,5],[51,1,51,3],[51,4,51,5],[52,1,52,3],[52,4,52,5],[53,1,53,3],[53,4,53,5],[54,1,54,3],[54,4,54,5],[55,1,55,3],[55,4,55,5],[56,1,56,3],[57,1,57,3],[58,1,58,3],[59,0,59,7],[60,0,60,8],[61,1,61,3],[61,4,61,5],[62,1,62,3],[62,4,62,5],[63,1,63,3],[63,4,63,5],[64,0,64,7],[66,0,66,1],[66,2,66,4],[66,6,66,7],[67,0,67,1],[67,2,67,4],[68,0,68,1],[68,2,68,4],[68,6,68,7],[69,2,69,5]]}
{"$rows_empty":8}
["QUOTE TO :",{"$nulls":4},"Qoute No           ",null,{"$f":"#REF!","v":{"$error":"#REF!"}}]
["Department of Health",{"$nulls":4},"Date                   ",null,{"$f":"#REF!","v":{"$error":"#REF!"}}]
["717 Dukumbana Building",{"$nulls":4},"Facility              ",null,{"$f":"#REF!","v":{"$error":"#REF!"}}]
["Independent Avenue",{"$nulls":4},"Work Order     ",null,{"$f":"#REF!","v":{"$error":"#REF!"}}]
["Bhisho",{"$nulls":4},"Tender No       ",null,"SCMU3 - 17/18-0303 - HO"]
[{"$nulls":5},"Contract Term ",null,"24 MONTHS",{"$nulls":4}," "]
[{"$nulls":5},"GEN ID",null,"GEN/NMM/JOS/01"]
["WORK  REQUEST : Generator is faulty."]
["SCHEDULED WORK"]
["Item 1","Description",null,null,"Unit","Sch No","Quantity","Rate","Amount"]
[]
[]
[]
["Sub Total A"]
["NON SCHEDULED WORK"]
["Item 2","Description",{"$nulls":4},"Quantity","Rate","Amount"]
{"$rows_empty":21}
["Sub  Total",{"$nulls":7},{"$f":"SUM(I25:I45)","v":0}]
["Mark - Up 15%",{"$nulls":7},{"$f":"ROUND((I46*0.15),2)","v":0}]
["SUb  Total  B",{"$nulls":7},{"$f":"I46+I47","v":0}]
["LABOUR"]
["Item 3"," (Normal Rate)",null,null,"Unit",null,"Quantity","Rate","Amount"]
[1,"Techinician",null,null,"HRS",null,null,{"v":450,"d":"R450.00"},{"$f":"SUM(G51*H51)","v":0}]
[2," Senior Artisan  ",null,null,"HRS",null,null,{"v":350,"d":"R350.00"},{"$f":"SUM(G52*H52)","v":0}]
[3,"Artisan  (Trade Tested)",null,null,"HRS",null,1,{"v":300,"d":"R300.00"},{"v":300,"d":"R 300.00"}]
[4,"Utility Man (Non - Trade Tested)",null,null,"HRS",null,null,{"v":200,"d":"R200.00"},0]
[5,"Artisan  Aid",null,null,"HRS",null,1,{"v":200,"d":"R200.00"},{"v":200,"d":"R 200.00"}]
[6,"General Worker   ",null,null,"HRS",null,null,{"v":140,"d":"R140.00"},0]
[]
[]
[]
["Sub Total C",{"$nulls":7},{"$f":"SUM(I51:I59)","v":{"v":500,"d":"R 500.00"}}]
["TRANSPORT"]
["Item 4","Destinantion",null,null,"No of Trips",null,"KMs","Rate","Amount"]
[1,"Office to Jose Pearson Hospital and back",null,null,1,null,56.6,{"v":5,"d":"R 5.00"},{"$f":"H63*G63","v":{"v":283,"d":"R 283.00"}}]
[]
["Sub Total D",{"$nulls":7},{"$f":"SUM(I63:I64)","v":{"v":283,"d":"R 283.00"}}]
[]
[{"$nulls":6}," Sub Total (A+B+C+D)",null,{"$f":"I65+I60+I48","v":{"v":783,"d":"R 783.00"}}]
[]
[{"$nulls":6},"Sub Total",null,{"$f":"I67+I68","v":{"v":783,"d":"R 783.00"}}]

{"sheet":"Qoutation Jose Pearson","index":105,"n_rows":81,"n_cols":14,"rows_kept":81,"hidden":true,"merged":[[8,0,8,4],[8,5,8,6],[8,7,8,8],[9,5,9,6],[9,7,9,8],[10,5,10,6],[10,7,10,8],[11,5,11,6],[11,7,11,8],[12,7,12,8],[13,5,13,6],[13,7,13,8],[14,5,14,6],[14,7,14,8],[15,0,15,8],[16,0,16,8],[17,1,17,3],[18,1,18,3],[19,1,19,3],[20,1,20,3],[21,0,21,7],[22,0,22,8],[23,1,23,5],[24,1,24,5],[25,1,25,5],[26,1,26,5],[27,1,27,5],[28,1,28,5],[29,1,29,5],[30,1,30,5],[31,1,31,5],[32,1,32,5],[33,1,33,5],[34,1,34,5],[35,1,35,5],[36,1,36,5],[37,1,37,5],[38,1,38,5],[39,1,39,5],[40,1,40,5],[41,1,41,5],[42,1,42,5],[43,1,43,5],[44,1,44,5],[45,0,45,7],[46,0,46,7],[47,0,47,7],[48,0,48,8],[49,1,49,3],[49,4,49,5],[50,1,50,3],[50,4,50,5],[51,1,51,3],[51,4,51,5],[52,1,52,3],[52,4,52,5],[53,1,53,3],[53,4,53,5],[54,1,54,3],[54,4,54,5],[55,1,55,3],[55,4,55,5],[56,1,56,7],[57,1,57,3],[57,4,57,5],[58,1,58,3],[58,4,58,5],[59,1,59,3],[59,4,59,5],[60,1,60,3],[60,4,60,5],[61,1,61,3],[61,4,61,5],[62,1,62,3],[62,4,62,5],[63,1,63,7],[64,1,64,3],[64,4,64,5],[65,1,65,3],[65,4,65,5],[66,1,66,3],[66,4,66,5],[67,1,67,3],[67,4,67,5],[68,1,68,3],[68,4,68,5],[69,1,69,3],[69,4,69,5],[70,1,70,6],[71,0,71,7],[72,0,72,8],[73,1,73,3],[73,4,73,5],[74,1,74,3],[74,4,74,5],[75,1,75,3],[75,4,75,5],[76,0,76,7],[78,0,78,1],[78,2,78,4],[78,6,78,7],[79,0,79,1],[79,2,79,4],[80,0,80,1],[80,2,80,4],[80,6,80,7],[81,2,81,5]]}
{"$rows_empty":8}
["QUOTE TO :",{"$nulls":4},"Qoute No           ",null,{"$f":"#REF!","v":{"$error":"#REF!"}}]
["Department of Health",{"$nulls":4},"Date                   ",null,"2021-09-10"]
["717 Dukumbana Building",{"$nulls":4},"Facility              ",null,{"$f":"#REF!","v":{"$error":"#REF!"}}]
["Independent Avenue",{"$nulls":4},"Work Order     ",null,"ECDOH  027760"]
["Bhisho",{"$nulls":4},"Tender No       ",null,"SCMU3 - 17/18-0303 - HO"]
[{"$nulls":5},"Contract Term ",null,"24 MONTHS",{"$nulls":4}," "]
[{"$nulls":5},"GEN ID",null,"GEN/NMM/JOS/01"]
["WORK  REQUEST : Faulty generator cuts off ,hospital has no electricity"]
["SCHEDULED WORK"]
["Item 1","Description",null,null,"Unit","Sch No","Quantity","Rate","Amount"]
[]
[]
[]
["Sub Total A"]
["NON SCHEDULED WORK"]
["Item 2","Description",{"$nulls":4},"Quantity","Rate","Amount"]
[1,"Fuel regulater",{"$nulls":4},1,{"v":28000,"d":"R28,000.00"},{"$f":"H25*G25","v":{"v":28000,"d":"R 28,000.00"}}]
[2,"AVR SX 440",{"$nulls":4},1,{"v":1950,"d":"R1,950.00"},{"$f":"H26*G26","v":{"v":1950,"d":"R 1,950.00"}}]
[3]
[]
[]
[]
[]
[]
[]
[{"$nulls":13}," "]
{"$rows_empty":11}
["Sub  Total",{"$nulls":7},{"$f":"SUM(I25:I45)","v":{"v":29950,"d":"R 29,950.00"}}]
["Mark - Up 15%",{"$nulls":7},{"$f":"ROUND((I46*0.15),2)","v":{"v":4492.5,"d":"R 4,492.50"}}]
["SUb  Total  B",{"$nulls":7},{"$f":"I46+I47","v":{"v":34442.5,"d":"R 34,442.50"}}]
["LABOUR"]
["Item 3"," (Normal Rate)",null,null,"Unit",null,"Quantity","Rate","Amount"]
[1,"Techinician",null,null,"HRS",null,10,{"v":450,"d":"R450.00"},{"$f":"SUM(G51*H51)","v":{"v":4500,"d":"R 4,500.00"}}]
[2," Senior Artisan  ",null,null,"HRS",null,null,{"v":350,"d":"R350.00"},{"$f":"SUM(G52*H52)","v":0}]
[3,"Artisan  (Trade Tested)",null,null,"HRS",null,null,{"v":300,"d":"R300.00"},0,{"$nulls":4}," "]
[4,"Utility Man (Non - Trade Tested)",null,null,"HRS",null,null,{"v":200,"d":"R200.00"},0]
[5,"Artisan  Aid",null,null,"HRS",null,10,{"v":200,"d":"R200.00"},{"v":2000,"d":"R 2,000.00"}]
[6,"General Worker   ",null,null,"HRS",null,null,{"v":140,"d":"R140.00"},0]
[null,"(Overtime 1.5)",{"$nulls":6},{"$f":"SUM(I51:I56)","v":{"v":6500,"d":"R 6,500.00"}}]
[1,"Techinician",null,null,"HRS",null,null,{"v":675,"d":"R675.00"},{"$f":"SUM(G58*H58)","v":0}]
[2," Senior Artisan  ",null,null,"HRS",null,null,{"v":525,"d":"R525.00"},{"$f":"SUM(G59*H59)","v":0}]
[3,"Artisan  (Trade Tested)",null,null,"HRS",null,null,{"v":450,"d":"R450.00"},0]
[4,"Utility Man (Non - Trade Tested)",null,null,"HRS",null,null,{"v":300,"d":"R300.00"},0]
[5,"Artisan  Aid",null,null,"HRS",null,null,{"v":300,"d":"R300.00"},0]
[6,"General Worker   (3)",null,null,"HRS",null,null,{"v":210,"d":"R210.00"},0]
[null,"(Overtime 2)",{"$nulls":6},{"$f":"SUM(I58:I63)","v":0}]
[1,"Techinician",null,null,"HRS",null,null,{"v":900,"d":"R900.00"},{"$f":"SUM(G65*H65)","v":0}]
[2," Senior Artisan  ",null,null,"HRS",null,null,{"v":700,"d":"R700.00"},{"$f":"SUM(G66*H66)","v":0}]
[3,"Artisan  (Trade Tested)",null,null,"HRS",null,null,{"v":600,"d":"R600.00"},0]
[4,"Utility Man (Non - Trade Tested)",null,null,"HRS",null,null,{"v":400,"d":"R400.00"},0]
[5,"Artisan  Aid",null,null,"HRS",null,null,{"v":400,"d":"R400.00"},0]
[6,"General Worker   (3)",null,null,"HRS",null,null,{"v":280,"d":"R280.00"},0]
[{"$nulls":8},{"$f":"SUM(I65:I70)","v":0}]
["Sub Total C"]
["TRANSPORT"]
["Item 4","Destinantion",null,null,"No of Trips",null,"KMs","Rate","Amount"]
[1,"Office to Jose Pearson Hospital and back",null,null,3,null,169.8,{"v":5,"d":"R 5.00"},{"$f":"H75*G75","v":{"v":849,"d":"R 849.00"}}]
[]
["Sub Total D",{"$nulls":7},{"$f":"SUM(I75:I76)","v":{"v":849,"d":"R 849.00"}}]
[]
[{"$nulls":6}," Sub Total (A+B+C+D)",null,{"$f":"I77+I71+I64+I57+I48+I27","v":{"v":41791.5,"d":"R 41,791.50"}}]
[]
[{"$nulls":6},"Sub Total",null,{"$f":"I79+I80","v":{"v":41791.5,"d":"R 41,791.50"}}]

{"sheet":"Jose Pearson","index":106,"n_rows":70,"n_cols":14,"rows_kept":70,"hidden":true,"merged":[[8,0,8,4],[8,5,8,6],[8,7,8,8],[9,5,9,6],[9,7,9,8],[10,5,10,6],[10,7,10,8],[11,5,11,6],[11,7,11,8],[12,7,12,8],[13,5,13,6],[13,7,13,8],[14,5,14,6],[14,7,14,8],[15,0,15,8],[16,0,16,8],[17,1,17,3],[18,1,18,3],[19,1,19,3],[20,1,20,3],[21,0,21,7],[22,0,22,8],[23,1,23,5],[24,1,24,5],[25,1,25,5],[26,1,26,5],[27,1,27,5],[28,1,28,5],[29,1,29,5],[30,1,30,5],[31,1,31,5],[32,1,32,5],[33,1,33,5],[34,0,34,7],[35,0,35,7],[36,0,36,7],[37,0,37,8],[38,1,38,3],[38,4,38,5],[39,1,39,3],[39,4,39,5],[40,1,40,3],[40,4,40,5],[41,1,41,3],[41,4,41,5],[42,1,42,3],[42,4,42,5],[43,1,43,3],[43,4,43,5],[44,1,44,3],[44,4,44,5],[45,1,45,7],[46,1,46,3],[46,4,46,5],[47,1,47,3],[47,4,47,5],[48,1,48,3],[48,4,48,5],[49,1,49,3],[49,4,49,5],[50,1,50,3],[50,4,50,5],[51,1,51,3],[51,4,51,5],[52,1,52,7],[53,1,53,3],[53,4,53,5],[54,1,54,3],[54,4,54,5],[55,1,55,3],[55,4,55,5],[56,1,56,3],[56,4,56,5],[57,1,57,3],[57,4,57,5],[58,1,58,3],[58,4,58,5],[59,1,59,6],[60,0,60,7],[61,0,61,8],[62,1,62,3],[62,4,62,5],[63,1,63,3],[63,4,63,5],[64,1,64,3],[64,4,64,5],[65,0,65,7],[67,0,67,1],[67,2,67,4],[67,6,67,7],[68,0,68,1],[68,2,68,4],[69,0,69,1],[69,2,69,4],[69,6,69,7],[70,2,70,5]]}
{"$rows_empty":8}
["QUOTE TO :",{"$nulls":4},"Qoute No           ",null,{"$f":"#REF!","v":{"$error":"#REF!"}}]
["Department of Health",{"$nulls":4},"Date                   ",null,"2021-10-13"]
["717 Dukumbana Building",{"$nulls":4},"Facility              ",null,{"$f":"#REF!","v":{"$error":"#REF!"}}]
["Independent Avenue",{"$nulls":4},"Work Order     ",null,"ECDOH  029047"]
["Bhisho",{"$nulls":4},"Tender No       ",null,"SCMU3 - 17/18-0303 - HO"]
[{"$nulls":5},"Contract Term ",null,"24 MONTHS",{"$nulls":4}," "]
[{"$nulls":5},"GEN ID",null,"GEN/NMM/JOS/01"]
["WORK  REQUEST : Standby generator is faulty."]
["SCHEDULED WORK"]
["Item 1","Description",null,null,"Unit","Sch No","Quantity","Rate","Amount"]
[]
[]
[]
["Sub Total A"]
["NON SCHEDULED WORK"]
["Item 2","Description",{"$nulls":4},"Quantity","Rate","Amount"]
[1,"Motorised change over switch 400A",{"$nulls":4},1,{"v":39726.25,"d":"R39,726.25"},{"$f":"H25*G25","v":{"v":39726.25,"d":"R 39,726.25"}}]
{"$rows_empty":9}
["Sub  Total",{"$nulls":7},{"$f":"SUM(I25:I34)","v":{"v":39726.25,"d":"R 39,726.25"}}]
["Mark - Up 15%",{"$nulls":7},{"$f":"ROUND((I35*0.15),2)","v":{"v":5958.94,"d":"R 5,958.94"}}]
["SUb  Total  B",{"$nulls":7},{"$f":"I35+I36","v":{"v":45685.19,"d":"R 45,685.19"}}]
["LABOUR"]
["Item 3"," (Normal Rate)",null,null,"Unit",null,"Quantity","Rate","Amount"]
[1,"Techinician",null,null,"HRS",null,6,{"v":450,"d":"R450.00"},{"$f":"SUM(G40*H40)","v":{"v":2700,"d":"R 2,700.00"}}]
[2," Senior Artisan  ",null,null,"HRS",null,null,{"v":350,"d":"R350.00"},{"$f":"SUM(G41*H41)","v":0}]
[3,"Artisan  (Trade Tested)",null,null,"HRS",null,null,{"v":300,"d":"R300.00"},0,{"$nulls":4}," "]
[4,"Utility Man (Non - Trade Tested)",null,null,"HRS",null,6,{"v":200,"d":"R200.00"},{"v":1200,"d":"R 1,200.00"}]
[5,"Artisan  Aid",null,null,"HRS",null,null,{"v":200,"d":"R200.00"},0]
[6,"General Worker   ",null,null,"HRS",null,null,{"v":140,"d":"R140.00"},0]
[null,"(Overtime 1.5)",{"$nulls":6},{"$f":"SUM(I40:I45)","v":{"v":3900,"d":"R 3,900.00"}}]
[1,"Techinician",null,null,"HRS",null,null,{"v":675,"d":"R675.00"},{"$f":"SUM(G47*H47)","v":0}]
[2," Senior Artisan  ",null,null,"HRS",null,null,{"v":525,"d":"R525.00"},{"$f":"SUM(G48*H48)","v":0}]
[3,"Artisan  (Trade Tested)",null,null,"HRS",null,null,{"v":450,"d":"R450.00"},0]
[4,"Utility Man (Non - Trade Tested)",null,null,"HRS",null,null,{"v":300,"d":"R300.00"},0]
[5,"Artisan  Aid",null,null,"HRS",null,null,{"v":300,"d":"R300.00"},0]
[6,"General Worker   (3)",null,null,"HRS",null,null,{"v":210,"d":"R210.00"},0]
[null,"(Overtime 2)",{"$nulls":6},{"$f":"SUM(I47:I52)","v":0}]
[1,"Techinician",null,null,"HRS",null,null,{"v":900,"d":"R900.00"},{"$f":"SUM(G54*H54)","v":0}]
[2," Senior Artisan  ",null,null,"HRS",null,null,{"v":700,"d":"R700.00"},{"$f":"SUM(G55*H55)","v":0}]
[3,"Artisan  (Trade Tested)",null,null,"HRS",null,null,{"v":600,"d":"R600.00"},0]
[4,"Utility Man (Non - Trade Tested)",null,null,"HRS",null,null,{"v":400,"d":"R400.00"},0]
[5,"Artisan  Aid",null,null,"HRS",null,null,{"v":400,"d":"R400.00"},0]
[6,"General Worker   (3)",null,null,"HRS",null,null,{"v":280,"d":"R280.00"},0]
[{"$nulls":8},{"$f":"SUM(I54:I59)","v":0}]
["Sub Total C"]
["TRANSPORT"]
["Item 4","Destinantion",null,null,"No of Trips",null,"KMs","Rate","Amount"]
[1,"Office to Jose Pearson Hospital and back",null,null,2,null,113.2,{"v":5,"d":"R 5.00"},{"$f":"H64*G64","v":{"v":566,"d":"R 566.00"}}]
[]
["Sub Total D",{"$nulls":7},{"$f":"SUM(I64:I65)","v":{"v":566,"d":"R 566.00"}}]
[]
[{"$nulls":6}," Sub Total (A+B+C+D)",null,{"$f":"I66+I60+I53+I46+I37+I27","v":{"v":50151.19,"d":"R 50,151.19"}}]
[]
[{"$nulls":6},"Sub Total",null,{"$f":"I68+I69","v":{"v":50151.19,"d":"R 50,151.19"}}]

{"sheet":"Dora Ngiza (96)","index":107,"n_rows":70,"n_cols":14,"rows_kept":70,"hidden":true,"merged":[[8,0,8,4],[8,5,8,6],[8,7,8,8],[9,5,9,6],[9,7,9,8],[10,5,10,6],[10,7,10,8],[11,5,11,6],[11,7,11,8],[12,7,12,8],[13,5,13,6],[13,7,13,8],[14,5,14,6],[14,7,14,8],[15,0,15,8],[16,0,16,8],[17,1,17,3],[18,1,18,3],[19,1,19,3],[20,1,20,3],[21,0,21,7],[22,0,22,8],[23,1,23,5],[24,1,24,5],[25,1,25,5],[26,1,26,5],[27,1,27,5],[28,1,28,5],[29,1,29,5],[30,1,30,5],[31,1,31,5],[32,1,32,5],[33,1,33,5],[34,0,34,7],[35,0,35,7],[36,0,36,7],[37,0,37,8],[38,1,38,3],[38,4,38,5],[39,1,39,3],[39,4,39,5],[40,1,40,3],[40,4,40,5],[41,1,41,3],[41,4,41,5],[42,1,42,3],[42,4,42,5],[43,1,43,3],[43,4,43,5],[44,1,44,3],[44,4,44,5],[45,1,45,7],[46,1,46,3],[46,4,46,5],[47,1,47,3],[47,4,47,5],[48,1,48,3],[48,4,48,5],[49,1,49,3],[49,4,49,5],[50,1,50,3],[50,4,50,5],[51,1,51,3],[51,4,51,5],[52,1,52,7],[53,1,53,3],[53,4,53,5],[54,1,54,3],[54,4,54,5],[55,1,55,3],[55,4,55,5],[56,1,56,3],[56,4,56,5],[57,1,57,3],[57,4,57,5],[58,1,58,3],[58,4,58,5],[59,1,59,6],[60,0,60,7],[61,0,61,8],[62,1,62,3],[62,4,62,5],[63,1,63,3],[63,4,63,5],[64,1,64,3],[64,4,64,5],[65,0,65,7],[67,0,67,1],[67,2,67,4],[67,6,67,7],[68,0,68,1],[68,2,68,4],[69,0,69,1],[69,2,69,4],[69,6,69,7],[70,2,70,5]]}
{"$rows_empty":8}
["QUOTE TO :",{"$nulls":4},"Quote No           ",null,{"$f":"#REF!","v":{"$error":"#REF!"}}]
["Department of Health",{"$nulls":4},"Date                   ",null,{"$f":"#REF!","v":{"$error":"#REF!"}}]
["717 Dukumbana Building",{"$nulls":4},"Facility              ",null,{"$f":"#REF!","v":{"$error":"#REF!"}}]
["Independent Avenue",{"$nulls":4},"Work Order     ",null,"ECDOH  024023"]
["Bhisho",{"$nulls":4},"Tender No       ",null,"SCMU3 - 17/18-0303 - HO"]
[{"$nulls":5},"Contract Term ",null,"24 MONTHS",{"$nulls":4}," "]
[{"$nulls":5},"GEN ID",null,"GEN/NMM/DON/05"]
["WORK  REQUEST : Generator is  faulty (auto change over)"]
["SCHEDULED WORK"]
["Item 1","Description",null,null,"Unit","Sch No","Quantity","Rate","Amount"]
[]
[]
[]
["Sub Total A"]
["NON SCHEDULED WORK"]
["Item 2","Description",{"$nulls":4},"Quantity","Rate","Amount"]
[1,"Motorised change over switch ",{"$nulls":4},1,{"v":73115,"d":"R73,115.00"},{"$f":"H25*G25","v":{"v":73115,"d":"R 73,115.00"}}]
{"$rows_empty":9}
["Sub  Total",{"$nulls":7},{"$f":"SUM(I25:I34)","v":{"v":73115,"d":"R 73,115.00"}}]
["Mark - Up 15%",{"$nulls":7},{"$f":"ROUND((I35*0.15),2)","v":{"v":10967.25,"d":"R 10,967.25"}}]
["SUb  Total  B",{"$nulls":7},{"$f":"I35+I36","v":{"v":84082.25,"d":"R 84,082.25"}}]
["LABOUR"]
["Item 3"," (Normal Rate)",null,null,"Unit",null,"Quantity","Rate","Amount"]
[1,"Techinician",null,null,"HRS",null,11,{"v":450,"d":"R450.00"},{"$f":"SUM(G40*H40)","v":{"v":4950,"d":"R 4,950.00"}}]
[2," Senior Artisan  ",null,null,"HRS",null,null,{"v":350,"d":"R350.00"},{"$f":"SUM(G41*H41)","v":0}]
[3,"Artisan  (Trade Tested)",null,null,"HRS",null,null,{"v":300,"d":"R300.00"},0,{"$nulls":4}," "]
[4,"Utility Man (Non - Trade Tested)",null,null,"HRS",null,11,{"v":200,"d":"R200.00"},{"v":2200,"d":"R 2,200.00"}]
[5,"Artisan  Aid",null,null,"HRS",null,null,{"v":200,"d":"R200.00"},0]
[6,"General Worker   ",null,null,"HRS",null,null,{"v":140,"d":"R140.00"},0]
[null,"(Overtime 1.5)",{"$nulls":6},{"$f":"SUM(I40:I45)","v":{"v":7150,"d":"R 7,150.00"}}]
[1,"Techinician",null,null,"HRS",null,null,{"v":675,"d":"R675.00"},{"$f":"SUM(G47*H47)","v":0}]
[2," Senior Artisan  ",null,null,"HRS",null,null,{"v":525,"d":"R525.00"},{"$f":"SUM(G48*H48)","v":0}]
[3,"Artisan  (Trade Tested)",null,null,"HRS",null,null,{"v":450,"d":"R450.00"},0]
[4,"Utility Man (Non - Trade Tested)",null,null,"HRS",null,null,{"v":300,"d":"R300.00"},0]
[5,"Artisan  Aid",null,null,"HRS",null,null,{"v":300,"d":"R300.00"},0]
[6,"General Worker  ",null,null,"HRS",null,null,{"v":210,"d":"R210.00"},0]
[null,"(Overtime 2)",{"$nulls":6},{"$f":"SUM(I47:I52)","v":0}]
[1,"Techinician",null,null,"HRS",null,null,{"v":900,"d":"R900.00"},{"$f":"SUM(G54*H54)","v":0}]
[2," Senior Artisan  ",null,null,"HRS",null,null,{"v":700,"d":"R700.00"},{"$f":"SUM(G55*H55)","v":0}]
[3,"Artisan  (Trade Tested)",null,null,"HRS",null,null,{"v":600,"d":"R600.00"},0]
[4,"Utility Man (Non - Trade Tested)",null,null,"HRS",null,null,{"v":400,"d":"R400.00"},0]
[5,"Artisan  Aid",null,null,"HRS",null,null,{"v":400,"d":"R400.00"},0]
[6,"General Worker   ",null,null,"HRS",null,null,{"v":280,"d":"R280.00"},0]
[{"$nulls":8},{"$f":"SUM(I54:I59)","v":0}]
["Sub Total C"]
["TRANSPORT"]
["Item 4","Destinantion",null,null,"No of Trips",null,"KMs","Rate","Amount"]
[1,"Office to Dora Ngiza Hospital and back",null,null,2,null,66.4,{"v":5,"d":"R 5.00"},{"$f":"H64*G64","v":{"v":332,"d":"R 332.00"}}]
[]
["Sub Total D",{"$nulls":7},{"$f":"SUM(I64:I65)","v":{"v":332,"d":"R 332.00"}}]
[]
[{"$nulls":6}," Sub Total (A+B+C+D)",null,{"$f":"I66+I60+I53+I46+I37+I27","v":{"v":91564.25,"d":"R 91,564.25"}}]
[]
[{"$nulls":6},"Sub Total",null,{"$f":"I68+I69","v":{"v":91564.25,"d":"R 91,564.25"}}]

{"sheet":"Uitenhage Pro (97)","index":108,"n_rows":65,"n_cols":13,"rows_kept":65,"hidden":true,"merged":[[8,0,8,4],[8,5,8,6],[8,7,8,8],[9,5,9,6],[9,7,9,8],[10,5,10,6],[10,7,10,8],[11,5,11,6],[11,7,11,8],[12,7,12,8],[13,5,13,6],[13,7,13,8],[14,5,14,6],[14,7,14,8],[15,0,15,8],[16,0,16,8],[17,1,17,3],[18,1,18,3],[19,1,19,3],[20,0,20,7],[21,0,21,8],[22,1,22,5],[23,1,23,5],[24,1,24,5],[25,1,25,5],[26,1,26,5],[28,1,28,5],[29,0,29,7],[30,0,30,7],[31,0,31,7],[32,0,32,8],[33,1,33,3],[33,4,33,5],[34,1,34,3],[34,4,34,5],[35,1,35,3],[35,4,35,5],[36,1,36,3],[36,4,36,5],[37,1,37,3],[37,4,37,5],[38,1,38,3],[38,4,38,5],[39,1,39,3],[39,4,39,5],[40,1,40,7],[41,1,41,3],[41,4,41,5],[42,1,42,3],[42,4,42,5],[43,1,43,3],[43,4,43,5],[44,1,44,3],[44,4,44,5],[45,1,45,3],[45,4,45,5],[46,1,46,3],[46,4,46,5],[47,1,47,7],[48,1,48,3],[48,4,48,5],[49,1,49,3],[49,4,49,5],[50,1,50,3],[50,4,50,5],[51,1,51,3],[51,4,51,5],[52,1,52,3],[52,4,52,5],[53,1,53,3],[53,4,53,5],[54,1,54,6],[55,0,55,7],[56,0,56,8],[57,1,57,3],[57,4,57,5],[58,1,58,3],[58,4,58,5],[59,1,59,3],[59,4,59,5],[60,0,60,7],[61,0,61,4],[62,0,62,1],[62,2,62,4],[62,6,62,7],[63,0,63,1],[63,2,63,4],[64,0,64,1],[64,2,64,4],[64,6,64,7],[65,2,65,5]]}
{"$rows_empty":8}
["QUOTE TO :",{"$nulls":4},"Quote No           ",null,{"$f":"#REF!","v":{"$error":"#REF!"}}]
["Department of Health",{"$nulls":4},"Date                   ",null,{"$f":"#REF!","v":{"$error":"#REF!"}}]
["717 Dukumbana Building",{"$nulls":4},"Facility              ",null,{"$f":"#REF!","v":{"$error":"#REF!"}}]
["Independent Avenue",{"$nulls":4},"Work Order     ",null,"ECDOH 24700"]
["Bhisho",{"$nulls":4},"Tender No       ",null,"SCMU3 - 17/18-0303 - HO"]
[{"$nulls":5},"Contract Term ",null,"24 MONTHS",{"$nulls":4}," "]
[{"$nulls":5},"GEN ID",null,"GEN/NMM/UIT/01"]
["WORK  REQUEST : Coolant is leaking from the generator"]
["SCHEDULED WORK"]
["Item 1","Description",null,null,"Unit","Sch No","Quantity","Rate","Amount"]
[]
[]
["Sub Total A"]
["NON SCHEDULED WORK"]
["Item 2","Description",{"$nulls":4},"Quantity","Rate","Amount"]
[1,"Antifreeze (20)",{"$nulls":4},1,{"v":983.4,"d":"R983.40"},{"$f":"H24*G24","v":{"v":983.4,"d":"R 983.40"}}]
[2,"Gaskets",{"$nulls":4},1,{"v":2490,"d":"R2,490.00"},{"$f":"H25*G25","v":{"v":2490,"d":"R 2,490.00"}}]
[3,"Spares from Deutz",{"$nulls":4},1,{"v":10599,"d":"R10,599.00"},{"$f":"H26*G26","v":{"v":10599,"d":"R 10,599.00"}}]
[]
[]
[]
["Sub  Total",{"$nulls":7},{"$f":"SUM(I24:I29)","v":{"v":14072.4,"d":"R 14,072.40"}}]
["Mark - Up 15%",{"$nulls":7},{"$f":"ROUND((I30*0.15),2)","v":{"v":2110.86,"d":"R 2,110.86"}}]
["SUb  Total  B",{"$nulls":7},{"$f":"I30+I31","v":{"v":16183.26,"d":"R 16,183.26"}}]
["LABOUR"]
["Item 3"," (Normal Rate)",null,null,"Unit",null,"Quantity","Rate","Amount"]
[1,"Techinician",null,null,"HRS",null,10,{"v":450,"d":"R450.00"},{"$f":"SUM(G35*H35)","v":{"v":4500,"d":"R 4,500.00"}}]
[2," Senior Artisan  ",null,null,"HRS",null,null,{"v":350,"d":"R350.00"},{"$f":"SUM(G36*H36)","v":0}]
[3,"Artisan  (Trade Tested)",null,null,"HRS",null,null,{"v":300,"d":"R300.00"},0]
[4,"Utility Man (Non - Trade Tested)",null,null,"HRS",null,10,{"v":200,"d":"R200.00"},{"v":2000,"d":"R 2,000.00"}]
[5,"Artisan  Aid",null,null,"HRS",null,null,{"v":200,"d":"R200.00"},0]
[6,"General Worker   ",null,null,"HRS",null,null,{"v":140,"d":"R140.00"},0]
[null,"(Overtime 1.5)",{"$nulls":6},{"$f":"SUM(I35:I40)","v":{"v":6500,"d":"R 6,500.00"}}]
[1,"Techinician",null,null,"HRS",null,null,{"v":675,"d":"R675.00"},{"$f":"SUM(G42*H42)","v":0}]
[2," Senior Artisan  ",null,null,"HRS",null,null,{"v":525,"d":"R525.00"},{"$f":"SUM(G43*H43)","v":0}]
[3,"Artisan  (Trade Tested)",null,null,"HRS",null,null,{"v":450,"d":"R450.00"},0]
[4,"Utility Man (Non - Trade Tested)",null,null,"HRS",null,null,{"v":300,"d":"R300.00"},0]
[5,"Artisan  Aid",null,null,"HRS",null,null,{"v":300,"d":"R300.00"},0]
[6,"General Worker   ",null,null,"HRS",null,null,{"v":210,"d":"R210.00"},0]
[null,"(Overtime 2)",{"$nulls":6},{"$f":"SUM(I42:I47)","v":0}]
[1,"Techinician",null,null,"HRS",null,null,{"v":900,"d":"R900.00"},{"$f":"SUM(G49*H49)","v":0}]
[2," Senior Artisan  ",null,null,"HRS",null,null,{"v":700,"d":"R700.00"},{"$f":"SUM(G50*H50)","v":0}]
[3,"Artisan  (Trade Tested)",null,null,"HRS",null,null,{"v":600,"d":"R600.00"},0]
[4,"Utility Man (Non - Trade Tested)",null,null,"HRS",null,null,{"v":400,"d":"R400.00"},0]
[5,"Artisan  Aid",null,null,"HRS",null,null,{"v":400,"d":"R400.00"},0]
[6,"General Worker   ",null,null,"HRS",null,null,{"v":280,"d":"R280.00"},0]
[{"$nulls":8},{"$f":"SUM(I49:I54)","v":0}]
["Sub Total C"]
["TRANSPORT"]
["Item 4","Destinantion",null,null,"No of Trips",null,"KMs","Rate","Amount"]
[1,"Office to Uitenhage Hospital  and back",null,null,3,null,250.8,{"v":5,"d":"R 5.00"},{"$f":"H59*G59","v":{"v":1254,"d":"R 1,254.00"}}]
[]
["Sub Total D",{"$nulls":7},{"$f":"SUM(I59:I60)","v":{"v":1254,"d":"R 1,254.00"}}]
[]
[{"$nulls":6}," Sub Total (A+B+C+D)",null,{"$f":"I61+I55+I48+I41+I32+I21","v":{"v":23937.260000000002,"d":"R 23,937.26"}}]
[]
[{"$nulls":6},"Sub Total",null,{"$f":"I63+I64","v":{"v":23937.260000000002,"d":"R 23,937.26"}}]

{"sheet":"Jose Pearson (98)","index":109,"n_rows":65,"n_cols":13,"rows_kept":65,"hidden":true,"merged":[[8,0,8,4],[8,5,8,6],[8,7,8,8],[9,5,9,6],[9,7,9,8],[10,5,10,6],[10,7,10,8],[11,5,11,6],[11,7,11,8],[12,7,12,8],[13,5,13,6],[13,7,13,8],[14,5,14,6],[14,7,14,8],[15,0,15,8],[16,0,16,8],[17,1,17,3],[18,1,18,3],[19,1,19,3],[20,0,20,7],[21,0,21,8],[22,1,22,5],[23,1,23,5],[24,1,24,5],[25,1,25,5],[26,1,26,5],[27,1,27,5],[28,1,28,5],[29,0,29,7],[30,0,30,7],[31,0,31,7],[32,0,32,8],[33,1,33,3],[33,4,33,5],[34,1,34,3],[34,4,34,5],[35,1,35,3],[35,4,35,5],[36,1,36,3],[36,4,36,5],[37,1,37,3],[37,4,37,5],[38,1,38,3],[38,4,38,5],[39,1,39,3],[39,4,39,5],[40,1,40,7],[41,1,41,3],[41,4,41,5],[42,1,42,3],[42,4,42,5],[43,1,43,3],[43,4,43,5],[44,1,44,3],[44,4,44,5],[45,1,45,3],[45,4,45,5],[46,1,46,3],[46,4,46,5],[47,1,47,7],[48,1,48,3],[48,4,48,5],[49,1,49,3],[49,4,49,5],[50,1,50,3],[50,4,50,5],[51,1,51,3],[51,4,51,5],[52,1,52,3],[52,4,52,5],[53,1,53,3],[53,4,53,5],[54,1,54,6],[55,0,55,7],[56,0,56,8],[57,1,57,3],[57,4,57,5],[58,1,58,3],[58,4,58,5],[59,1,59,3],[59,4,59,5],[60,0,60,7],[61,0,61,4],[62,0,62,1],[62,2,62,4],[62,6,62,7],[63,0,63,1],[63,2,63,4],[64,0,64,1],[64,2,64,4],[64,6,64,7],[65,2,65,5]]}
{"$rows_empty":8}
["QUOTE TO :",{"$nulls":4},"Quote No           ",null,{"$f":"#REF!","v":{"$error":"#REF!"}}]
["Department of Health",{"$nulls":4},"Date                   ",null,{"$f":"#REF!","v":{"$error":"#REF!"}}]
["717 Dukumbana Building",{"$nulls":4},"Facility              ",null,{"$f":"#REF!","v":{"$error":"#REF!"}}]
["Independent Avenue",{"$nulls":4},"Work Order     ",null,{"$f":"#REF!","v":{"$error":"#REF!"}}]
["Bhisho",{"$nulls":4},"Tender No       ",null,"SCMU3 - 17/18-0303 - HO"]
[{"$nulls":5},"Contract Term ",null,"24 MONTHS",{"$nulls":4}," "]
[{"$nulls":5},"GEN ID",null,"GEN/NMM/JOS/01"]
["WORK  REQUEST : Power generator is not starting."]
["SCHEDULED WORK"]
["Item 1","Description",null,null,"Unit","Sch No","Quantity","Rate","Amount"]
[]
[]
["Sub Total A"]
["NON SCHEDULED WORK"]
["Item 2","Description",{"$nulls":4},"Quantity","Rate","Amount"]
[1,"Powder bond kit",{"$nulls":4},1,{"v":83.48,"d":"R83.48"},{"$f":"H24*G24","v":{"v":83.48,"d":"R 83.48"}}]
[2,"Filter and cover seals",{"$nulls":4},1,{"v":1730,"d":"R1,730.00"},{"$f":"H25*G25","v":{"v":1730,"d":"R 1,730.00"}}]
[]
[]
[]
[]
["Sub  Total",{"$nulls":7},{"$f":"SUM(I24:I29)","v":{"v":1813.48,"d":"R 1,813.48"}}]
["Mark - Up 15%",{"$nulls":7},{"$f":"ROUND((I30*0.15),2)","v":{"v":272.02,"d":"R 272.02"}}]
["SUb  Total  B",{"$nulls":7},{"$f":"I30+I31","v":{"v":2085.5,"d":"R 2,085.50"}}]
["LABOUR"]
["Item 3"," (Normal Rate)",null,null,"Unit",null,"Quantity","Rate","Amount"]
[1,"Techinician",null,null,"HRS",null,null,{"v":450,"d":"R450.00"},{"$f":"SUM(G35*H35)","v":0}]
[2," Senior Artisan  ",null,null,"HRS",null,null,{"v":350,"d":"R350.00"},{"$f":"SUM(G36*H36)","v":0}]
[3,"Artisan  (Trade Tested)",null,null,"HRS",null,5,{"v":300,"d":"R300.00"},{"v":1500,"d":"R 1,500.00"}]
[4,"Utility Man (Non - Trade Tested)",null,null,"HRS",null,5,{"v":200,"d":"R200.00"},{"v":1000,"d":"R 1,000.00"}]
[5,"Artisan  Aid",null,null,"HRS",null,null,{"v":200,"d":"R200.00"},0]
[6,"General Worker   ",null,null,"HRS",null,null,{"v":140,"d":"R140.00"},0]
[null,"(Overtime 1.5)",{"$nulls":6},{"$f":"SUM(I35:I40)","v":{"v":2500,"d":"R 2,500.00"}}]
[1,"Techinician",null,null,"HRS",null,null,{"v":675,"d":"R675.00"},{"$f":"SUM(G42*H42)","v":0}]
[2," Senior Artisan  ",null,null,"HRS",null,null,{"v":525,"d":"R525.00"},{"$f":"SUM(G43*H43)","v":0}]
[3,"Artisan  (Trade Tested)",null,null,"HRS",null,null,{"v":450,"d":"R450.00"},0]
[4,"Utility Man (Non - Trade Tested)",null,null,"HRS",null,null,{"v":300,"d":"R300.00"},0]
[5,"Artisan  Aid",null,null,"HRS",null,null,{"v":300,"d":"R300.00"},0]
[6,"General Worker   ",null,null,"HRS",null,null,{"v":210,"d":"R210.00"},0]
[null,"(Overtime 2)",{"$nulls":6},{"$f":"SUM(I42:I47)","v":0}]
[1,"Techinician",null,null,"HRS",null,null,{"v":900,"d":"R900.00"},{"$f":"SUM(G49*H49)","v":0}]
[2," Senior Artisan  ",null,null,"HRS",null,null,{"v":700,"d":"R700.00"},{"$f":"SUM(G50*H50)","v":0}]
[3,"Artisan  (Trade Tested)",null,null,"HRS",null,null,{"v":600,"d":"R600.00"},0]
[4,"Utility Man (Non - Trade Tested)",null,null,"HRS",null,null,{"v":400,"d":"R400.00"},0]
[5,"Artisan  Aid",null,null,"HRS",null,null,{"v":400,"d":"R400.00"},0]
[6,"General Worker   ",null,null,"HRS",null,null,{"v":280,"d":"R280.00"},0]
[{"$nulls":8},{"$f":"SUM(I49:I54)","v":0}]
["Sub Total C"]
["TRANSPORT"]
["Item 4","Destinantion",null,null,"No of Trips",null,"KMs","Rate","Amount"]
[1,"Office to Jose Pearson Hospital  and back",null,null,3,null,169.8,{"v":5,"d":"R 5.00"},{"$f":"H59*G59","v":{"v":849,"d":"R 849.00"}}]
[]
["Sub Total D",{"$nulls":7},{"$f":"SUM(I59:I60)","v":{"v":849,"d":"R 849.00"}}]
[]
[{"$nulls":6}," Sub Total (A+B+C+D)",null,{"$f":"I61+I55+I48+I41+I32+I21","v":{"v":5434.5,"d":"R 5,434.50"}}]
[]
[{"$nulls":6},"Sub Total",null,{"$f":"I63+I64","v":{"v":5434.5,"d":"R 5,434.50"}}]

{"sheet":"Dora Ngiza (99)","index":110,"n_rows":65,"n_cols":13,"rows_kept":65,"hidden":true,"merged":[[8,0,8,4],[8,5,8,6],[8,7,8,8],[9,5,9,6],[9,7,9,8],[10,5,10,6],[10,7,10,8],[11,5,11,6],[11,7,11,8],[12,7,12,8],[13,5,13,6],[13,7,13,8],[14,5,14,6],[14,7,14,8],[15,0,15,8],[16,0,16,8],[17,1,17,3],[18,1,18,3],[19,1,19,3],[20,0,20,7],[21,0,21,8],[22,1,22,5],[23,1,23,5],[24,1,24,5],[25,1,25,5],[26,1,26,5],[27,1,27,5],[28,1,28,5],[29,0,29,7],[30,0,30,7],[31,0,31,7],[32,0,32,8],[33,1,33,3],[33,4,33,5],[34,1,34,3],[34,4,34,5],[35,1,35,3],[35,4,35,5],[36,1,36,3],[36,4,36,5],[37,1,37,3],[37,4,37,5],[38,1,38,3],[38,4,38,5],[39,1,39,3],[39,4,39,5],[40,1,40,7],[41,1,41,3],[41,4,41,5],[42,1,42,3],[42,4,42,5],[43,1,43,3],[43,4,43,5],[44,1,44,3],[44,4,44,5],[45,1,45,3],[45,4,45,5],[46,1,46,3],[46,4,46,5],[47,1,47,7],[48,1,48,3],[48,4,48,5],[49,1,49,3],[49,4,49,5],[50,1,50,3],[50,4,50,5],[51,1,51,3],[51,4,51,5],[52,1,52,3],[52,4,52,5],[53,1,53,3],[53,4,53,5],[54,1,54,6],[55,0,55,7],[56,0,56,8],[57,1,57,3],[57,4,57,5],[58,1,58,3],[58,4,58,5],[59,1,59,3],[59,4,59,5],[60,0,60,7],[61,0,61,4],[62,0,62,1],[62,2,62,4],[62,6,62,7],[63,0,63,1],[63,2,63,4],[64,0,64,1],[64,2,64,4],[64,6,64,7],[65,2,65,5]]}
{"$rows_empty":8}
["QUOTE TO :",{"$nulls":4},"Quote No           ",null,{"$f":"#REF!","v":{"$error":"#REF!"}}]
["Department of Health",{"$nulls":4},"Date                   ",null,{"$f":"#REF!","v":{"$error":"#REF!"}}]
["717 Dukumbana Building",{"$nulls":4},"Facility              ",null,{"$f":"#REF!","v":{"$error":"#REF!"}}]
["Independent Avenue",{"$nulls":4},"Work Order     ",null,{"$f":"#REF!","v":{"$error":"#REF!"}}]
["Bhisho",{"$nulls":4},"Tender No       ",null,"SCMU3 - 17/18-0303 - HO"]
[{"$nulls":5},"Contract Term ",null,"24 MONTHS",{"$nulls":4}," "]
[{"$nulls":5},"GEN ID",null,"GEN/NMM/DOR/01"]
["WORK  REQUEST : Faulty generator ( High temperature reading)"]
["SCHEDULED WORK"]
["Item 1","Description",null,null,"Unit","Sch No","Quantity","Rate","Amount"]
[]
[]
["Sub Total A"]
["NON SCHEDULED WORK"]
["Item 2","Description",{"$nulls":4},"Quantity","Rate","Amount"]
[]
[]
[]
[]
[]
[]
["Sub  Total",{"$nulls":7},{"$f":"SUM(I24:I29)","v":0}]
["Mark - Up 15%",{"$nulls":7},{"$f":"ROUND((I30*0.15),2)","v":0}]
["SUb  Total  B",{"$nulls":7},{"$f":"I30+I31","v":0}]
["LABOUR"]
["Item 3"," (Normal Rate)",null,null,"Unit",null,"Quantity","Rate","Amount"]
[1,"Techinician",null,null,"HRS",null,null,{"v":450,"d":"R450.00"},{"$f":"SUM(G35*H35)","v":0}]
[2," Senior Artisan  ",null,null,"HRS",null,null,{"v":350,"d":"R350.00"},{"$f":"SUM(G36*H36)","v":0}]
[3,"Artisan  (Trade Tested)",null,null,"HRS",null,1.5,{"v":300,"d":"R300.00"},{"v":450,"d":"R 450.00"}]
[4,"Utility Man (Non - Trade Tested)",null,null,"HRS",null,1.5,{"v":200,"d":"R200.00"},{"v":300,"d":"R 300.00"}]
[5,"Artisan  Aid",null,null,"HRS",null,null,{"v":200,"d":"R200.00"},0]
[6,"General Worker   ",null,null,"HRS",null,null,{"v":140,"d":"R140.00"},0]
[null,"(Overtime 1.5)",{"$nulls":6},{"$f":"SUM(I35:I40)","v":{"v":750,"d":"R 750.00"}}]
[1,"Techinician",null,null,"HRS",null,null,{"v":675,"d":"R675.00"},{"$f":"SUM(G42*H42)","v":0}]
[2," Senior Artisan  ",null,null,"HRS",null,null,{"v":525,"d":"R525.00"},{"$f":"SUM(G43*H43)","v":0}]
[3,"Artisan  (Trade Tested)",null,null,"HRS",null,null,{"v":450,"d":"R450.00"},0]
[4,"Utility Man (Non - Trade Tested)",null,null,"HRS",null,null,{"v":300,"d":"R300.00"},0]
[5,"Artisan  Aid",null,null,"HRS",null,null,{"v":300,"d":"R300.00"},0]
[6,"General Worker   ",null,null,"HRS",null,null,{"v":210,"d":"R210.00"},0]
[null,"(Overtime 2)",{"$nulls":6},{"$f":"SUM(I42:I47)","v":0}]
[1,"Techinician",null,null,"HRS",null,null,{"v":900,"d":"R900.00"},{"$f":"SUM(G49*H49)","v":0}]
[2," Senior Artisan  ",null,null,"HRS",null,null,{"v":700,"d":"R700.00"},{"$f":"SUM(G50*H50)","v":0}]
[3,"Artisan  (Trade Tested)",null,null,"HRS",null,null,{"v":600,"d":"R600.00"},0]
[4,"Utility Man (Non - Trade Tested)",null,null,"HRS",null,null,{"v":400,"d":"R400.00"},0]
[5,"Artisan  Aid",null,null,"HRS",null,null,{"v":400,"d":"R400.00"},0]
[6,"General Worker   ",null,null,"HRS",null,null,{"v":280,"d":"R280.00"},0]
[{"$nulls":8},{"$f":"SUM(I49:I54)","v":0}]
["Sub Total C"]
["TRANSPORT"]
["Item 4","Destinantion",null,null,"No of Trips",null,"KMs","Rate","Amount"]
[1,"Office to Dora Ngiza Hospital  and back",null,null,1,null,33.2,{"v":5,"d":"R 5.00"},{"$f":"H59*G59","v":{"v":166,"d":"R 166.00"}}]
[]
["Sub Total D",{"$nulls":7},{"$f":"SUM(I59:I60)","v":{"v":166,"d":"R 166.00"}}]
[]
[{"$nulls":6}," Sub Total (A+B+C+D)",null,{"$f":"I61+I55+I48+I41+I32+I21","v":{"v":916,"d":"R 916.00"}}]
[]
[{"$nulls":6},"Sub Total",null,{"$f":"I63+I64","v":{"v":916,"d":"R 916.00"}}]

{"sheet":"Gqebera chc (100)","index":111,"n_rows":65,"n_cols":13,"rows_kept":65,"hidden":true,"merged":[[8,0,8,4],[8,5,8,6],[8,7,8,8],[9,5,9,6],[9,7,9,8],[10,5,10,6],[10,7,10,8],[11,5,11,6],[11,7,11,8],[12,7,12,8],[13,5,13,6],[13,7,13,8],[14,5,14,6],[14,7,14,8],[15,0,15,8],[16,0,16,8],[17,1,17,3],[18,1,18,3],[19,1,19,3],[20,0,20,7],[21,0,21,8],[22,1,22,5],[23,1,23,5],[24,1,24,5],[25,1,25,5],[26,1,26,5],[27,1,27,5],[28,1,28,5],[29,0,29,7],[30,0,30,7],[31,0,31,7],[32,0,32,8],[33,1,33,3],[33,4,33,5],[34,1,34,3],[34,4,34,5],[35,1,35,3],[35,4,35,5],[36,1,36,3],[36,4,36,5],[37,1,37,3],[37,4,37,5],[38,1,38,3],[38,4,38,5],[39,1,39,3],[39,4,39,5],[40,1,40,7],[41,1,41,3],[41,4,41,5],[42,1,42,3],[42,4,42,5],[43,1,43,3],[43,4,43,5],[44,1,44,3],[44,4,44,5],[45,1,45,3],[45,4,45,5],[46,1,46,3],[46,4,46,5],[47,1,47,7],[48,1,48,3],[48,4,48,5],[49,1,49,3],[49,4,49,5],[50,1,50,3],[50,4,50,5],[51,1,51,3],[51,4,51,5],[52,1,52,3],[52,4,52,5],[53,1,53,3],[53,4,53,5],[54,1,54,6],[55,0,55,7],[56,0,56,8],[57,1,57,3],[57,4,57,5],[58,1,58,3],[58,4,58,5],[59,1,59,3],[59,4,59,5],[60,0,60,7],[61,0,61,4],[62,0,62,1],[62,2,62,4],[62,6,62,7],[63,0,63,1],[63,2,63,4],[64,0,64,1],[64,2,64,4],[64,6,64,7],[65,2,65,5]]}
{"$rows_empty":8}
["QUOTE TO :",{"$nulls":4},"Quote No           ",null,{"$f":"#REF!","v":{"$error":"#REF!"}}]
["Department of Health",{"$nulls":4},"Date                   ",null,{"$f":"#REF!","v":{"$error":"#REF!"}}]
["717 Dukumbana Building",{"$nulls":4},"Facility              ",null,{"$f":"#REF!","v":{"$error":"#REF!"}}]
["Independent Avenue",{"$nulls":4},"Work Order     ",null,{"$f":"#REF!","v":{"$error":"#REF!"}}]
["Bhisho",{"$nulls":4},"Tender No       ",null,"SCMU3 - 17/18-0303 - HO"]
[{"$nulls":5},"Contract Term ",null,"24 MONTHS",{"$nulls":4}," "]
[{"$nulls":5},"GEN ID",null,"GEN/NMM/QGE/01"]
["WORK  REQUEST : Generator is faulty."]
["SCHEDULED WORK"]
["Item 1","Description",null,null,"Unit","Sch No","Quantity","Rate","Amount"]
[]
[]
["Sub Total A"]
["NON SCHEDULED WORK"]
["Item 2","Description",{"$nulls":4},"Quantity","Rate","Amount"]
[1,"Vdo senser",{"$nulls":4},1,{"v":1872,"d":"R1,872.00"},{"$f":"H24*G24","v":{"v":1872,"d":"R 1,872.00"}}]
[]
[]
[]
[]
[]
["Sub  Total",{"$nulls":7},{"$f":"SUM(I24:I29)","v":{"v":1872,"d":"R 1,872.00"}}]
["Mark - Up 15%",{"$nulls":7},{"$f":"ROUND((I30*0.15),2)","v":{"v":280.8,"d":"R 280.80"}}]
["SUb  Total  B",{"$nulls":7},{"$f":"I30+I31","v":{"v":2152.8,"d":"R 2,152.80"}}]
["LABOUR"]
["Item 3"," (Normal Rate)",null,null,"Unit",null,"Quantity","Rate","Amount"]
[1,"Techinician",null,null,"HRS",null,null,{"v":450,"d":"R450.00"},{"$f":"SUM(G35*H35)","v":0}]
[2," Senior Artisan  ",null,null,"HRS",null,null,{"v":350,"d":"R350.00"},{"$f":"SUM(G36*H36)","v":0}]
[3,"Artisan  (Trade Tested)",null,null,"HRS",null,1,{"v":300,"d":"R300.00"},{"v":300,"d":"R 300.00"}]
[4,"Utility Man (Non - Trade Tested)",null,null,"HRS",null,1,{"v":200,"d":"R200.00"},{"v":200,"d":"R 200.00"}]
[5,"Artisan  Aid",null,null,"HRS",null,null,{"v":200,"d":"R200.00"},0]
[6,"General Worker   ",null,null,"HRS",null,null,{"v":140,"d":"R140.00"},0]
[null,"(Overtime 1.5)",{"$nulls":6},{"$f":"SUM(I35:I40)","v":{"v":500,"d":"R 500.00"}}]
[1,"Techinician",null,null,"HRS",null,null,{"v":675,"d":"R675.00"},{"$f":"SUM(G42*H42)","v":0}]
[2," Senior Artisan  ",null,null,"HRS",null,null,{"v":525,"d":"R525.00"},{"$f":"SUM(G43*H43)","v":0}]
[3,"Artisan  (Trade Tested)",null,null,"HRS",null,null,{"v":450,"d":"R450.00"},0]
[4,"Utility Man (Non - Trade Tested)",null,null,"HRS",null,null,{"v":300,"d":"R300.00"},0]
[5,"Artisan  Aid",null,null,"HRS",null,null,{"v":300,"d":"R300.00"},0]
[6,"General Worker   ",null,null,"HRS",null,null,{"v":210,"d":"R210.00"},0]
[null,"(Overtime 2)",{"$nulls":6},{"$f":"SUM(I42:I47)","v":0}]
[1,"Techinician",null,null,"HRS",null,null,{"v":900,"d":"R900.00"},{"$f":"SUM(G49*H49)","v":0}]
[2," Senior Artisan  ",null,null,"HRS",null,null,{"v":700,"d":"R700.00"},{"$f":"SUM(G50*H50)","v":0}]
[3,"Artisan  (Trade Tested)",null,null,"HRS",null,null,{"v":600,"d":"R600.00"},0]
[4,"Utility Man (Non - Trade Tested)",null,null,"HRS",null,null,{"v":400,"d":"R400.00"},0]
[5,"Artisan  Aid",null,null,"HRS",null,null,{"v":400,"d":"R400.00"},0]
[6,"General Worker   ",null,null,"HRS",null,null,{"v":280,"d":"R280.00"},0]
[{"$nulls":8},{"$f":"SUM(I49:I54)","v":0}]
["Sub Total C"]
["TRANSPORT"]
["Item 4","Destinantion",null,null,"No of Trips",null,"KMs","Rate","Amount"]
[1,"Office to Gqebera CHC  and back",null,null,1,null,11.8,{"v":5,"d":"R 5.00"},{"$f":"H59*G59","v":{"v":59,"d":"R 59.00"}}]
[]
["Sub Total D",{"$nulls":7},{"$f":"SUM(I59:I60)","v":{"v":59,"d":"R 59.00"}}]
[]
[{"$nulls":6}," Sub Total (A+B+C+D)",null,{"$f":"I61+I55+I48+I41+I32+I21","v":{"v":2711.8,"d":"R 2,711.80"}}]
[]
[{"$nulls":6},"Sub Total",null,{"$f":"I63+I64","v":{"v":2711.8,"d":"R 2,711.80"}}]

{"sheet":"Jose Pearson (101)","index":112,"n_rows":65,"n_cols":13,"rows_kept":65,"hidden":true,"merged":[[8,0,8,4],[8,5,8,6],[8,7,8,8],[9,5,9,6],[9,7,9,8],[10,5,10,6],[10,7,10,8],[11,5,11,6],[11,7,11,8],[12,7,12,8],[13,5,13,6],[13,7,13,8],[14,5,14,6],[14,7,14,8],[15,0,15,8],[16,0,16,8],[17,1,17,3],[18,1,18,3],[19,1,19,3],[20,0,20,7],[21,0,21,8],[22,1,22,5],[23,1,23,5],[24,1,24,5],[25,1,25,5],[26,1,26,5],[27,1,27,5],[28,1,28,5],[29,0,29,7],[30,0,30,7],[31,0,31,7],[32,0,32,8],[33,1,33,3],[33,4,33,5],[34,1,34,3],[34,4,34,5],[35,1,35,3],[35,4,35,5],[36,1,36,3],[36,4,36,5],[37,1,37,3],[37,4,37,5],[38,1,38,3],[38,4,38,5],[39,1,39,3],[39,4,39,5],[40,1,40,7],[41,1,41,3],[41,4,41,5],[42,1,42,3],[42,4,42,5],[43,1,43,3],[43,4,43,5],[44,1,44,3],[44,4,44,5],[45,1,45,3],[45,4,45,5],[46,1,46,3],[46,4,46,5],[47,1,47,7],[48,1,48,3],[48,4,48,5],[49,1,49,3],[49,4,49,5],[50,1,50,3],[50,4,50,5],[51,1,51,3],[51,4,51,5],[52,1,52,3],[52,4,52,5],[53,1,53,3],[53,4,53,5],[54,1,54,6],[55,0,55,7],[56,0,56,8],[57,1,57,3],[57,4,57,5],[58,1,58,3],[58,4,58,5],[59,1,59,3],[59,4,59,5],[60,0,60,7],[61,0,61,4],[62,0,62,1],[62,2,62,4],[62,6,62,7],[63,0,63,1],[63,2,63,4],[64,0,64,1],[64,2,64,4],[64,6,64,7],[65,2,65,5]]}
{"$rows_empty":8}
["QUOTE TO :",{"$nulls":4},"Quote No           ",null,{"$f":"#REF!","v":{"$error":"#REF!"}}]
["Department of Health",{"$nulls":4},"Date                   ",null,{"$f":"#REF!","v":{"$error":"#REF!"}}]
["717 Dukumbana Building",{"$nulls":4},"Facility              ",null,{"$f":"#REF!","v":{"$error":"#REF!"}}]
["Independent Avenue",{"$nulls":4},"Work Order     ",null,{"$f":"#REF!","v":{"$error":"#REF!"}}]
["Bhisho",{"$nulls":4},"Tender No       ",null,"SCMU3 - 17/18-0303 - HO"]
[{"$nulls":5},"Contract Term ",null,"24 MONTHS",{"$nulls":4}," "]
[{"$nulls":5},"GEN ID",null,"GEN/NMM/JOS/01"]
["WORK  REQUEST :Faulty generator - cuts off ,hospital has no electricity "]
["SCHEDULED WORK"]
["Item 1","Description",null,null,"Unit","Sch No","Quantity","Rate","Amount"]
[]
[]
["Sub Total A"]
["NON SCHEDULED WORK"]
["Item 2","Description",{"$nulls":4},"Quantity","Rate","Amount"]
[1,"Fuel Regulator",{"$nulls":4},1,{"v":28800,"d":"R28,800.00"},{"$f":"H24*G24","v":{"v":28800,"d":"R 28,800.00"}}]
[2,"AVR SX440",{"$nulls":4},1,{"v":1700,"d":"R1,700.00"},{"$f":"H25*G25","v":{"v":1700,"d":"R 1,700.00"}}]
[3,"Courer",{"$nulls":4},1,{"v":250,"d":"R250.00"},{"$f":"H26*G26","v":{"v":250,"d":"R 250.00"}}]
[]
[]
[]
["Sub  Total",{"$nulls":7},{"$f":"SUM(I24:I29)","v":{"v":30750,"d":"R 30,750.00"}}]
["Mark - Up 15%",{"$nulls":7},{"$f":"ROUND((I30*0.15),2)","v":{"v":4612.5,"d":"R 4,612.50"}}]
["SUb  Total  B",{"$nulls":7},{"$f":"I30+I31","v":{"v":35362.5,"d":"R 35,362.50"}}]
["LABOUR"]
["Item 3"," (Normal Rate)",null,null,"Unit",null,"Quantity","Rate","Amount"]
[1,"Techinician",null,null,"HRS",null,10,{"v":450,"d":"R450.00"},{"$f":"SUM(G35*H35)","v":{"v":4500,"d":"R 4,500.00"}}]
[2," Senior Artisan  ",null,null,"HRS",null,null,{"v":350,"d":"R350.00"},{"$f":"SUM(G36*H36)","v":0}]
[3,"Artisan  (Trade Tested)",null,null,"HRS",null,null,{"v":300,"d":"R300.00"},0]
[4,"Utility Man (Non - Trade Tested)",null,null,"HRS",null,10,{"v":200,"d":"R200.00"},{"v":2000,"d":"R 2,000.00"}]
[5,"Artisan  Aid",null,null,"HRS",null,null,{"v":200,"d":"R200.00"},0]
[6,"General Worker   ",null,null,"HRS",null,null,{"v":140,"d":"R140.00"},0]
[null,"(Overtime 1.5)",{"$nulls":6},{"$f":"SUM(I35:I40)","v":{"v":6500,"d":"R 6,500.00"}}]
[1,"Techinician",null,null,"HRS",null,null,{"v":675,"d":"R675.00"},{"$f":"SUM(G42*H42)","v":0}]
[2," Senior Artisan  ",null,null,"HRS",null,null,{"v":525,"d":"R525.00"},{"$f":"SUM(G43*H43)","v":0}]
[3,"Artisan  (Trade Tested)",null,null,"HRS",null,null,{"v":450,"d":"R450.00"},0]
[4,"Utility Man (Non - Trade Tested)",null,null,"HRS",null,null,{"v":300,"d":"R300.00"},0]
[5,"Artisan  Aid",null,null,"HRS",null,null,{"v":300,"d":"R300.00"},0]
[6,"General Worker   ",null,null,"HRS",null,null,{"v":210,"d":"R210.00"},0]
[null,"(Overtime 2)",{"$nulls":6},{"$f":"SUM(I42:I47)","v":0}]
[1,"Techinician",null,null,"HRS",null,null,{"v":900,"d":"R900.00"},{"$f":"SUM(G49*H49)","v":0}]
[2," Senior Artisan  ",null,null,"HRS",null,null,{"v":700,"d":"R700.00"},{"$f":"SUM(G50*H50)","v":0}]
[3,"Artisan  (Trade Tested)",null,null,"HRS",null,null,{"v":600,"d":"R600.00"},0]
[4,"Utility Man (Non - Trade Tested)",null,null,"HRS",null,null,{"v":400,"d":"R400.00"},0]
[5,"Artisan  Aid",null,null,"HRS",null,null,{"v":400,"d":"R400.00"},0]
[6,"General Worker   ",null,null,"HRS",null,null,{"v":280,"d":"R280.00"},0]
[{"$nulls":8},{"$f":"SUM(I49:I54)","v":0}]
["Sub Total C"]
["TRANSPORT"]
["Item 4","Destinantion",null,null,"No of Trips",null,"KMs","Rate","Amount"]
[1,"Office to Jose Pearson  and back",null,null,3,null,169.8,{"v":5,"d":"R 5.00"},{"$f":"H59*G59","v":{"v":849,"d":"R 849.00"}}]
[]
["Sub Total D",{"$nulls":7},{"$f":"SUM(I59:I60)","v":{"v":849,"d":"R 849.00"}}]
[]
[{"$nulls":6}," Sub Total (A+B+C+D)",null,{"$f":"I61+I55+I48+I41+I32+I21","v":{"v":42711.5,"d":"R 42,711.50"}}]
[]
[{"$nulls":6},"Sub Total",null,{"$f":"I63+I64","v":{"v":42711.5,"d":"R 42,711.50"}}]

{"sheet":"Dora Ngiza (102)","index":113,"n_rows":65,"n_cols":13,"rows_kept":65,"hidden":true,"merged":[[8,0,8,4],[8,5,8,6],[8,7,8,8],[9,5,9,6],[9,7,9,8],[10,5,10,6],[10,7,10,8],[11,5,11,6],[11,7,11,8],[12,7,12,8],[13,5,13,6],[13,7,13,8],[14,5,14,6],[14,7,14,8],[15,0,15,8],[16,0,16,8],[17,1,17,3],[18,1,18,3],[19,1,19,3],[20,0,20,7],[21,0,21,8],[22,1,22,5],[23,1,23,5],[24,1,24,5],[25,1,25,5],[26,1,26,5],[27,1,27,5],[28,1,28,5],[29,0,29,7],[30,0,30,7],[31,0,31,7],[32,0,32,8],[33,1,33,3],[33,4,33,5],[34,1,34,3],[34,4,34,5],[35,1,35,3],[35,4,35,5],[36,1,36,3],[36,4,36,5],[37,1,37,3],[37,4,37,5],[38,1,38,3],[38,4,38,5],[39,1,39,3],[39,4,39,5],[40,1,40,7],[41,1,41,3],[41,4,41,5],[42,1,42,3],[42,4,42,5],[43,1,43,3],[43,4,43,5],[44,1,44,3],[44,4,44,5],[45,1,45,3],[45,4,45,5],[46,1,46,3],[46,4,46,5],[47,1,47,7],[48,1,48,3],[48,4,48,5],[49,1,49,3],[49,4,49,5],[50,1,50,3],[50,4,50,5],[51,1,51,3],[51,4,51,5],[52,1,52,3],[52,4,52,5],[53,1,53,3],[53,4,53,5],[54,1,54,6],[55,0,55,7],[56,0,56,8],[57,1,57,3],[57,4,57,5],[58,1,58,3],[58,4,58,5],[59,1,59,3],[59,4,59,5],[60,0,60,7],[61,0,61,4],[62,0,62,1],[62,2,62,4],[62,6,62,7],[63,0,63,1],[63,2,63,4],[64,0,64,1],[64,2,64,4],[64,6,64,7],[65,2,65,5]]}
{"$rows_empty":8}
["QUOTE TO :",{"$nulls":4},"Quote No           ",null,{"$f":"#REF!","v":{"$error":"#REF!"}}]
["Department of Health",{"$nulls":4},"Date                   ",null,{"$f":"#REF!","v":{"$error":"#REF!"}}]
["717 Dukumbana Building",{"$nulls":4},"Facility              ",null,{"$f":"#REF!","v":{"$error":"#REF!"}}]
["Independent Avenue",{"$nulls":4},"Work Order     ",null,{"$f":"#REF!","v":{"$error":"#REF!"}}]
["Bhisho",{"$nulls":4},"Tender No       ",null,"SCMU3 - 17/18-0303 - HO"]
[{"$nulls":5},"Contract Term ",null,"24 MONTHS",{"$nulls":4}," "]
[{"$nulls":5},"GEN ID",null,"GEN/NMM/DOR/01"]
["WORK  REQUEST : Faulty generator"]
["SCHEDULED WORK"]
["Item 1","Description",null,null,"Unit","Sch No","Quantity","Rate","Amount"]
[]
[]
["Sub Total A"]
["NON SCHEDULED WORK"]
["Item 2","Description",{"$nulls":4},"Quantity","Rate","Amount"]
[]
[]
[]
[]
[]
[]
["Sub  Total",{"$nulls":7},{"$f":"SUM(I24:I29)","v":0}]
["Mark - Up 15%",{"$nulls":7},{"$f":"ROUND((I30*0.15),2)","v":0}]
["SUb  Total  B",{"$nulls":7},{"$f":"I30+I31","v":0}]
["LABOUR"]
["Item 3"," (Normal Rate)",null,null,"Unit",null,"Quantity","Rate","Amount"]
[1,"Techinician",null,null,"HRS",null,null,{"v":450,"d":"R450.00"},{"$f":"SUM(G35*H35)","v":0}]
[2," Senior Artisan  ",null,null,"HRS",null,null,{"v":350,"d":"R350.00"},{"$f":"SUM(G36*H36)","v":0}]
[3,"Artisan  (Trade Tested)",null,null,"HRS",null,1.5,{"v":300,"d":"R300.00"},{"v":450,"d":"R 450.00"}]
[4,"Utility Man (Non - Trade Tested)",null,null,"HRS",null,1.5,{"v":200,"d":"R200.00"},{"v":300,"d":"R 300.00"}]
[5,"Artisan  Aid",null,null,"HRS",null,null,{"v":200,"d":"R200.00"},0]
[6,"General Worker   ",null,null,"HRS",null,null,{"v":140,"d":"R140.00"},0]
[null,"(Overtime 1.5)",{"$nulls":6},{"$f":"SUM(I35:I40)","v":{"v":750,"d":"R 750.00"}}]
[1,"Techinician",null,null,"HRS",null,null,{"v":675,"d":"R675.00"},{"$f":"SUM(G42*H42)","v":0}]
[2," Senior Artisan  ",null,null,"HRS",null,null,{"v":525,"d":"R525.00"},{"$f":"SUM(G43*H43)","v":0}]
[3,"Artisan  (Trade Tested)",null,null,"HRS",null,null,{"v":450,"d":"R450.00"},0]
[4,"Utility Man (Non - Trade Tested)",null,null,"HRS",null,null,{"v":300,"d":"R300.00"},0]
[5,"Artisan  Aid",null,null,"HRS",null,null,{"v":300,"d":"R300.00"},0]
[6,"General Worker   ",null,null,"HRS",null,null,{"v":210,"d":"R210.00"},0]
[null,"(Overtime 2)",{"$nulls":6},{"$f":"SUM(I42:I47)","v":0}]
[1,"Techinician",null,null,"HRS",null,null,{"v":900,"d":"R900.00"},{"$f":"SUM(G49*H49)","v":0}]
[2," Senior Artisan  ",null,null,"HRS",null,null,{"v":700,"d":"R700.00"},{"$f":"SUM(G50*H50)","v":0}]
[3,"Artisan  (Trade Tested)",null,null,"HRS",null,null,{"v":600,"d":"R600.00"},0]
[4,"Utility Man (Non - Trade Tested)",null,null,"HRS",null,null,{"v":400,"d":"R400.00"},0]
[5,"Artisan  Aid",null,null,"HRS",null,null,{"v":400,"d":"R400.00"},0]
[6,"General Worker   ",null,null,"HRS",null,null,{"v":280,"d":"R280.00"},0]
[{"$nulls":8},{"$f":"SUM(I49:I54)","v":0}]
["Sub Total C"]
["TRANSPORT"]
["Item 4","Destinantion",null,null,"No of Trips",null,"KMs","Rate","Amount"]
[1,"Office to Dora Ngiza Hospital  and back",null,null,1,null,33.2,{"v":5,"d":"R 5.00"},{"$f":"H59*G59","v":{"v":166,"d":"R 166.00"}}]
[]
["Sub Total D",{"$nulls":7},{"$f":"SUM(I59:I60)","v":{"v":166,"d":"R 166.00"}}]
[]
[{"$nulls":6}," Sub Total (A+B+C+D)",null,{"$f":"I61+I55+I48+I41+I32+I21","v":{"v":916,"d":"R 916.00"}}]
[]
[{"$nulls":6},"Sub Total",null,{"$f":"I63+I64","v":{"v":916,"d":"R 916.00"}}]

{"sheet":"PE PRO. (103)","index":114,"n_rows":65,"n_cols":13,"rows_kept":65,"hidden":true,"merged":[[8,0,8,4],[8,5,8,6],[8,7,8,8],[9,5,9,6],[9,7,9,8],[10,5,10,6],[10,7,10,8],[11,5,11,6],[11,7,11,8],[12,7,12,8],[13,5,13,6],[13,7,13,8],[14,5,14,6],[14,7,14,8],[15,0,15,8],[16,0,16,8],[17,1,17,3],[18,1,18,3],[19,1,19,3],[20,0,20,7],[21,0,21,8],[22,1,22,5],[23,1,23,5],[24,1,24,5],[25,1,25,5],[26,1,26,5],[27,1,27,5],[28,1,28,5],[29,0,29,7],[30,0,30,7],[31,0,31,7],[32,0,32,8],[33,1,33,3],[33,4,33,5],[34,1,34,3],[34,4,34,5],[35,1,35,3],[35,4,35,5],[36,1,36,3],[36,4,36,5],[37,1,37,3],[37,4,37,5],[38,1,38,3],[38,4,38,5],[39,1,39,3],[39,4,39,5],[40,1,40,7],[41,1,41,3],[41,4,41,5],[42,1,42,3],[42,4,42,5],[43,1,43,3],[43,4,43,5],[44,1,44,3],[44,4,44,5],[45,1,45,3],[45,4,45,5],[46,1,46,3],[46,4,46,5],[47,1,47,7],[48,1,48,3],[48,4,48,5],[49,1,49,3],[49,4,49,5],[50,1,50,3],[50,4,50,5],[51,1,51,3],[51,4,51,5],[52,1,52,3],[52,4,52,5],[53,1,53,3],[53,4,53,5],[54,1,54,6],[55,0,55,7],[56,0,56,8],[57,1,57,3],[57,4,57,5],[58,1,58,3],[58,4,58,5],[59,1,59,3],[59,4,59,5],[60,0,60,7],[61,0,61,4],[62,0,62,1],[62,2,62,4],[62,6,62,7],[63,0,63,1],[63,2,63,4],[64,0,64,1],[64,2,64,4],[64,6,64,7],[65,2,65,5]]}
{"$rows_empty":8}
["QUOTE TO :",{"$nulls":4},"Quote No           ",null,{"$f":"#REF!","v":{"$error":"#REF!"}}]
["Department of Health",{"$nulls":4},"Date                   ",null,{"$f":"#REF!","v":{"$error":"#REF!"}}]
["717 Dukumbana Building",{"$nulls":4},"Facility              ",null,{"$f":"#REF!","v":{"$error":"#REF!"}}]
["Independent Avenue",{"$nulls":4},"Work Order     ",null,{"$f":"#REF!","v":{"$error":"#REF!"}}]
["Bhisho",{"$nulls":4},"Tender No       ",null,"SCMU3 - 17/18-0303 - HO"]
[{"$nulls":5},"Contract Term ",null,"24 MONTHS",{"$nulls":4}," "]
[{"$nulls":5},"GEN ID",null,"GEN/NMM/PEP/01"]
["WORK  REQUEST : Faulty generator"]
["SCHEDULED WORK"]
["Item 1","Description",null,null,"Unit","Sch No","Quantity","Rate","Amount"]
[]
[]
["Sub Total A"]
["NON SCHEDULED WORK"]
["Item 2","Description",{"$nulls":4},"Quantity","Rate","Amount"]
[]
[]
[]
[]
[]
[]
["Sub  Total",{"$nulls":7},{"$f":"SUM(I24:I29)","v":0}]
["Mark - Up 15%",{"$nulls":7},{"$f":"ROUND((I30*0.15),2)","v":0}]
["SUb  Total  B",{"$nulls":7},{"$f":"I30+I31","v":0}]
["LABOUR"]
["Item 3"," (Normal Rate)",null,null,"Unit",null,"Quantity","Rate","Amount"]
[1,"Techinician",null,null,"HRS",null,null,{"v":450,"d":"R450.00"},{"$f":"SUM(G35*H35)","v":0}]
[2," Senior Artisan  ",null,null,"HRS",null,null,{"v":350,"d":"R350.00"},{"$f":"SUM(G36*H36)","v":0}]
[3,"Artisan  (Trade Tested)",null,null,"HRS",null,3,{"v":300,"d":"R300.00"},{"v":900,"d":"R 900.00"}]
[4,"Utility Man (Non - Trade Tested)",null,null,"HRS",null,3,{"v":200,"d":"R200.00"},{"v":600,"d":"R 600.00"}]
[5,"Artisan  Aid",null,null,"HRS",null,null,{"v":200,"d":"R200.00"},0]
[6,"General Worker   ",null,null,"HRS",null,null,{"v":140,"d":"R140.00"},0]
[null,"(Overtime 1.5)",{"$nulls":6},{"$f":"SUM(I35:I40)","v":{"v":1500,"d":"R 1,500.00"}}]
[1,"Techinician",null,null,"HRS",null,null,{"v":675,"d":"R675.00"},{"$f":"SUM(G42*H42)","v":0}]
[2," Senior Artisan  ",null,null,"HRS",null,null,{"v":525,"d":"R525.00"},{"$f":"SUM(G43*H43)","v":0}]
[3,"Artisan  (Trade Tested)",null,null,"HRS",null,null,{"v":450,"d":"R450.00"},0]
[4,"Utility Man (Non - Trade Tested)",null,null,"HRS",null,null,{"v":300,"d":"R300.00"},0]
[5,"Artisan  Aid",null,null,"HRS",null,null,{"v":300,"d":"R300.00"},0]
[6,"General Worker   ",null,null,"HRS",null,null,{"v":210,"d":"R210.00"},0]
[null,"(Overtime 2)",{"$nulls":6},{"$f":"SUM(I42:I47)","v":0}]
[1,"Techinician",null,null,"HRS",null,null,{"v":900,"d":"R900.00"},{"$f":"SUM(G49*H49)","v":0}]
[2," Senior Artisan  ",null,null,"HRS",null,null,{"v":700,"d":"R700.00"},{"$f":"SUM(G50*H50)","v":0}]
[3,"Artisan  (Trade Tested)",null,null,"HRS",null,null,{"v":600,"d":"R600.00"},0]
[4,"Utility Man (Non - Trade Tested)",null,null,"HRS",null,null,{"v":400,"d":"R400.00"},0]
[5,"Artisan  Aid",null,null,"HRS",null,null,{"v":400,"d":"R400.00"},0]
[6,"General Worker   ",null,null,"HRS",null,null,{"v":280,"d":"R280.00"},0]
[{"$nulls":8},{"$f":"SUM(I49:I54)","v":0}]
["Sub Total C"]
["TRANSPORT"]
["Item 4","Destinantion",null,null,"No of Trips",null,"KMs","Rate","Amount"]
[1,"Office to PE Provincial Hospital  and back",null,null,1,null,19.4,{"v":5,"d":"R 5.00"},{"$f":"H59*G59","v":{"v":97,"d":"R 97.00"}}]
[]
["Sub Total D",{"$nulls":7},{"$f":"SUM(I59:I60)","v":{"v":97,"d":"R 97.00"}}]
[]
[{"$nulls":6}," Sub Total (A+B+C+D)",null,{"$f":"I61+I55+I48+I41+I32+I21","v":{"v":1597,"d":"R 1,597.00"}}]
[]
[{"$nulls":6},"Sub Total",null,{"$f":"I63+I64","v":{"v":1597,"d":"R 1,597.00"}}]

{"sheet":"West End (104)","index":115,"n_rows":65,"n_cols":13,"rows_kept":65,"hidden":true,"merged":[[8,0,8,4],[8,5,8,6],[8,7,8,8],[9,5,9,6],[9,7,9,8],[10,5,10,6],[10,7,10,8],[11,5,11,6],[11,7,11,8],[12,7,12,8],[13,5,13,6],[13,7,13,8],[14,5,14,6],[14,7,14,8],[15,0,15,8],[16,0,16,8],[17,1,17,3],[18,1,18,3],[19,1,19,3],[20,0,20,7],[21,0,21,8],[22,1,22,5],[23,1,23,5],[24,1,24,5],[25,1,25,5],[26,1,26,5],[27,1,27,5],[28,1,28,5],[29,0,29,7],[30,0,30,7],[31,0,31,7],[32,0,32,8],[33,1,33,3],[33,4,33,5],[34,1,34,3],[34,4,34,5],[35,1,35,3],[35,4,35,5],[36,1,36,3],[36,4,36,5],[37,1,37,3],[37,4,37,5],[38,1,38,3],[38,4,38,5],[39,1,39,3],[39,4,39,5],[40,1,40,7],[41,1,41,3],[41,4,41,5],[42,1,42,3],[42,4,42,5],[43,1,43,3],[43,4,43,5],[44,1,44,3],[44,4,44,5],[45,1,45,3],[45,4,45,5],[46,1,46,3],[46,4,46,5],[47,1,47,7],[48,1,48,3],[48,4,48,5],[49,1,49,3],[49,4,49,5],[50,1,50,3],[50,4,50,5],[51,1,51,3],[51,4,51,5],[52,1,52,3],[52,4,52,5],[53,1,53,3],[53,4,53,5],[54,1,54,6],[55,0,55,7],[56,0,56,8],[57,1,57,3],[57,4,57,5],[58,1,58,3],[58,4,58,5],[59,1,59,3],[59,4,59,5],[60,0,60,7],[61,0,61,4],[62,0,62,1],[62,2,62,4],[62,6,62,7],[63,0,63,1],[63,2,63,4],[64,0,64,1],[64,2,64,4],[64,6,64,7],[65,2,65,5]]}
{"$rows_empty":8}
["QUOTE TO :",{"$nulls":4},"Quote No           ",null,{"$f":"#REF!","v":{"$error":"#REF!"}}]
["Department of Health",{"$nulls":4},"Date                   ",null,{"$f":"#REF!","v":{"$error":"#REF!"}}]
["717 Dukumbana Building",{"$nulls":4},"Facility              ",null,{"$f":"#REF!","v":{"$error":"#REF!"}}]
["Independent Avenue",{"$nulls":4},"Work Order     ",null,{"$f":"#REF!","v":{"$error":"#REF!"}}]
["Bhisho",{"$nulls":4},"Tender No       ",null,"SCMU3 - 17/18-0303 - HO"]
[{"$nulls":5},"Contract Term ",null,"24 MONTHS",{"$nulls":4}," "]
[{"$nulls":5},"GEN ID",null,"GEN/NMM/WES/01"]
["WORK  REQUEST : Faulty generator ( not starting)"]
["SCHEDULED WORK"]
["Item 1","Description",null,null,"Unit","Sch No","Quantity","Rate","Amount"]
[]
[]
["Sub Total A"]
["NON SCHEDULED WORK"]
["Item 2","Description",{"$nulls":4},"Quantity","Rate","Amount"]
[]
[]
[]
[]
[]
[]
["Sub  Total",{"$nulls":7},{"$f":"SUM(I24:I29)","v":0}]
["Mark - Up 15%",{"$nulls":7},{"$f":"ROUND((I30*0.15),2)","v":0}]
["SUb  Total  B",{"$nulls":7},{"$f":"I30+I31","v":0}]
["LABOUR"]
["Item 3"," (Normal Rate)",null,null,"Unit",null,"Quantity","Rate","Amount"]
[1,"Techinician",null,null,"HRS",null,null,{"v":450,"d":"R450.00"},{"$f":"SUM(G35*H35)","v":0}]
[2," Senior Artisan  ",null,null,"HRS",null,null,{"v":350,"d":"R350.00"},{"$f":"SUM(G36*H36)","v":0}]
[3,"Artisan  (Trade Tested)",null,null,"HRS",null,3,{"v":300,"d":"R300.00"},{"v":900,"d":"R 900.00"}]
[4,"Utility Man (Non - Trade Tested)",null,null,"HRS",null,3,{"v":200,"d":"R200.00"},{"v":600,"d":"R 600.00"}]
[5,"Artisan  Aid",null,null,"HRS",null,null,{"v":200,"d":"R200.00"},0]
[6,"General Worker   ",null,null,"HRS",null,null,{"v":140,"d":"R140.00"},0]
[null,"(Overtime 1.5)",{"$nulls":6},{"$f":"SUM(I35:I40)","v":{"v":1500,"d":"R 1,500.00"}}]
[1,"Techinician",null,null,"HRS",null,null,{"v":675,"d":"R675.00"},{"$f":"SUM(G42*H42)","v":0}]
[2," Senior Artisan  ",null,null,"HRS",null,null,{"v":525,"d":"R525.00"},{"$f":"SUM(G43*H43)","v":0}]
[3,"Artisan  (Trade Tested)",null,null,"HRS",null,null,{"v":450,"d":"R450.00"},0]
[4,"Utility Man (Non - Trade Tested)",null,null,"HRS",null,null,{"v":300,"d":"R300.00"},0]
[5,"Artisan  Aid",null,null,"HRS",null,null,{"v":300,"d":"R300.00"},0]
[6,"General Worker   ",null,null,"HRS",null,null,{"v":210,"d":"R210.00"},0]
[null,"(Overtime 2)",{"$nulls":6},{"$f":"SUM(I42:I47)","v":0}]
[1,"Techinician",null,null,"HRS",null,null,{"v":900,"d":"R900.00"},{"$f":"SUM(G49*H49)","v":0}]
[2," Senior Artisan  ",null,null,"HRS",null,null,{"v":700,"d":"R700.00"},{"$f":"SUM(G50*H50)","v":0}]
[3,"Artisan  (Trade Tested)",null,null,"HRS",null,null,{"v":600,"d":"R600.00"},0]
[4,"Utility Man (Non - Trade Tested)",null,null,"HRS",null,null,{"v":400,"d":"R400.00"},0]
[5,"Artisan  Aid",null,null,"HRS",null,null,{"v":400,"d":"R400.00"},0]
[6,"General Worker   ",null,null,"HRS",null,null,{"v":280,"d":"R280.00"},0]
[{"$nulls":8},{"$f":"SUM(I49:I54)","v":0}]
["Sub Total C"]
["TRANSPORT"]
["Item 4","Destinantion",null,null,"No of Trips",null,"KMs","Rate","Amount"]
[1,"Office to West End  and back",null,null,1,null,35,{"v":5,"d":"R 5.00"},{"$f":"H59*G59","v":{"v":175,"d":"R 175.00"}}]
[]
["Sub Total D",{"$nulls":7},{"$f":"SUM(I59:I60)","v":{"v":175,"d":"R 175.00"}}]
[]
[{"$nulls":6}," Sub Total (A+B+C+D)",null,{"$f":"I61+I55+I48+I41+I32+I21","v":{"v":1675,"d":"R 1,675.00"}}]
[]
[{"$nulls":6},"Sub Total",null,{"$f":"I63+I64","v":{"v":1675,"d":"R 1,675.00"}}]